{"text_format":"1","workbook":"xlsx","n_sheets":11,"sheets":["Hinweise","Bilder","A Teildreieck rechts","A Teildreieck links","B Keil","A Dreieck klein","B Keil klein","Dreieck leer","Keil leer","Einzelmuster","leer"],"not_rendered":{"charts":0,"images":2,"macros":1,"external_links":0,"defined_names":6,"comments":0,"pivot_tables":0},"unopened":[],"bounds":{"document_bytes":16777216,"sheet_cells":100000,"rows_first":2000,"rows_last":500,"rows_between":2000,"halvings":0,"cell_chars":16384,"cell_head_chars":4096},"cells_cut":0,"cells_raw":0,"read":"whole","date_system":"1900"}

{"sheet":"Hinweise","index":0,"n_rows":66,"n_cols":1,"rows_kept":66,"cut":false,"hidden":false,"merged":[]}
["Faroeseschal"]
[]
["Allgemeines:"]
["Der Faroeseschal ist ein traditionelles Kleidungsstück der Faroer-Inseln. Die Besonderheit dieser "]
["Shawls ist das Schulter-Shaping, das verhindert, dass der Schal von den Schultern rutscht."]
["Klassischerweise bestehen diese Tücher aus 2 Dreiecken und dem Mittelkeil."]
[]
["zu diesem Schal:"]
["Es gibt 2 Varianten des Schals, eine grosse und eine kleine"]
["Je nach gewünschter Grösse, Garnstärke und Nadelstärke kann zwischen den beiden Grössen"]
["gewählt werden."]
[]
["Die grosse Variante besteht aus \"A Teildreieck rechts\" und \"A Teildreieck links\" und \"B Keil\""]
["Teildreieck rechts und links sind eine Strickschrift und müssen nach dem Ausdruck "]
["zusammengeklebt werden, weil Excel nicht genügend Zellen für die gesamte Strickschrift bietet."]
["Um den Ausdruck zu erleichtern wurden Druckbereiche eingerichtet."]
[]
["Die kleine Variante besteht aus \"A Dreieck klein\" und \"Keil klein\""]
[]
["Der Schal besteht aus 3 Teilen in folgender Reihenfolge: Dreieck, Keil, Dreieck"]
[]
["Der Schal ist so konstruiert, dass alle Hinreihen rechts und alle Rückreihen links gestrickt "]
["werden, ausgenommen der Rand, der im Perlmuster gearbeitet wird."]
["Alle Lochmuster, ausser dem Blütenmotiv werden in den Rückreihen nicht gemustert."]
["Das Blütenmotiv wird in der Strickschrift als Platzhalter dargestellt, weil bei diesem Motiv"]
[" auch in den Rückreihen gemustert wird. Deshalb empfiehlt es sich das Blütenmotiv"]
["mit Maschenmarkierern zu kennzeichnen"]
[]
["Lesen der Strickschrift:"]
["Die Legende zu den Symbolen ist auf der Strickschrift angegeben"]
["Grau und Rot dargestellte Maschen werden gestrickt"]
["Gelb dargestellte Maschen werden nicht gestrickt"]
["Die Rückreihen sind in der Strickschrift nicht dargestellt."]
[]
["Anschlag:"]
["40 M anschlagen im Perlmuster zurückstricken"]
["dann in jeder Reihe (auch bei den Rückreihen) rechts und links 1 Masche zunehmen "]
["bis 48 Maschen erreicht sind"]
[]
["Diese 48 Maschen wie folgt (am besten mit Maschenmarkierern) einteilen "]
[]
["6 Maschen = Rand (Perlmuster)"]
["3 Maschen = Dreieck (Strickschrift A)"]
["30 Maschen = Keil (Strickschrift B)"]
["3 Maschen = Dreieck (Strickschrift A)"]
["6 Maschen = Rand (Perlmuster)"]
[]
["Danach nach den Strickschriften arbeiten und in der 284. Bzw. in der 226. Reihe abketten."]
[]
["Wünsche:"]
["Für alle die Spass daran haben einen eigenen Schal zu entwerfen habe ich die Tabellenblätter"]
["\"Dreieck leer\" und \"Keil leer\" hinzugefügt. Ich würde mich sehr freuen, wenn ich diese Entwürfe"]
["sowohl als Strickschrift und/oder Foto vom Schal zugeschickt bekomme."]
["Alle die den Schal nach meinem Entwurf stricken bitte ich auch um ein Foto des fertigen Stücks. "]
[]
["Dieser Schal ist mein eigener Entwurf und damit steht es mir frei, ihn jedermann für nicht "]
["kommerzielle Zwecke zur Verfügung zu stellen. "]
["Die Einzelmotive stammen aus verschiedenen Quellen und wurden an diesen Entwurf angepasst."]
[]
["Viel Spass beim Stricken und Entwerfen"]
["Dagmar Lutz"]
[]
["isis@firerider.de"]
[]
["Übrigends:"]
["Diese Schals besitzen Suchtpotential"]

{"sheet":"Bilder","index":1,"n_rows":0,"n_cols":0,"rows_kept":0,"cut":false,"hidden":false,"merged":[]}

{"sheet":"A Teildreieck rechts","index":2,"n_rows":148,"n_cols":169,"rows_kept":148,"cut":false,"hidden":false,"merged":[]}
[null,null,null,null,null,null,null,null,null,null,null,null,null,null,null,null,null,null,null,1,2,3,4,5,6,7,8,9,10,11,12,13,14,15,16,17,18,19,20,21,22,23,24,25,26,27,28,29,30,31,32,33,34,35,36,37,38,39,40,41,42,43,44,45,46,47,48,49,50,51,52,53,54,55,56,57,58,59,60,61,62,63,64,65,66,67,68,69,70,71,72,73,74,75,76,77,78,79,80,81,82,83,84,85,86,87,88,89,90,91,92,93,94,95,96,97,98,99,100,101,102,103,104,105,106,107,108,109,110,111,112,113,114,115,116,117,118,119,120,121,122,123,124,125,126,127,128,129,130,131,132,133,134,135,136,137,138,139,140,141,142,143,144,145,146,147,148,149,150]
[]
[]
[]
[]
[283,null,null,"o","\\","o","@","o","/","o","/","o","/","o","/","o","/","o","/","\\","o","\\","o","\\","o","\\","o","\\","o","\\","o","@","o","/","o","/","o","/","o","/","o","/","o","/","\\","o","\\","o","\\","o","\\","o","\\","o","\\","o","@","o","/","o","/","o","/","o","/","o","/","o","/","\\","o","\\","o","\\","o","\\","o","\\","o","\\","o","@","o","/","o","/","o","/","o","/","o","/","o","/","\\","o","\\","o","\\","o","\\","o","\\","o","\\","o","@","o","/","o","/","o","/","o","/","o","/","o","/","\\","o","\\","o","\\","o","\\","o","\\","o","\\","o","@","o","/","o","/","o","/","o","/","o","/","o","/","\\","o","\\","o","\\","o","\\","o","\\","o","\\","o","@","o","/","o","/","o","/","o","/","o","/","o","/"]
[281,null,null,"\\","o",null,null,null,"o","/","o","/","o","/","o","/","o","/",null,null,"\\","o","\\","o","\\","o","\\","o","\\","o",null,null,null,"o","/","o","/","o","/","o","/","o","/",null,null,"\\","o","\\","o","\\","o","\\","o","\\","o",null,null,null,"o","/","o","/","o","/","o","/","o","/",null,null,"\\","o","\\","o","\\","o","\\","o","\\","o",null,null,null,"o","/","o","/","o","/","o","/","o","/",null,null,"\\","o","\\","o","\\","o","\\","o","\\","o",null,null,null,"o","/","o","/","o","/","o","/","o","/",null,null,"\\","o","\\","o","\\","o","\\","o","\\","o",null,null,null,"o","/","o","/","o","/","o","/","o","/",null,null,"\\","o","\\","o","\\","o","\\","o","\\","o",null,null,null,"o","/","o","/","o","/","o","/","o","/"]
[279,null,null,"o","\\","o","@","o","/","o","/","o","/","o","/","o","/",null,null,null,null,"\\","o","\\","o","\\","o","\\","o","\\","o","@","o","/","o","/","o","/","o","/","o","/",null,null,null,null,"\\","o","\\","o","\\","o","\\","o","\\","o","@","o","/","o","/","o","/","o","/","o","/",null,null,null,null,"\\","o","\\","o","\\","o","\\","o","\\","o","@","o","/","o","/","o","/","o","/","o","/",null,null,null,null,"\\","o","\\","o","\\","o","\\","o","\\","o","@","o","/","o","/","o","/","o","/","o","/",null,null,null,null,"\\","o","\\","o","\\","o","\\","o","\\","o","@","o","/","o","/","o","/","o","/","o","/",null,null,null,null,"\\","o","\\","o","\\","o","\\","o","\\","o","@","o","/","o","/","o","/","o","/","o","/"]
[277,null,null,"\\","o",null,null,null,"o","/","o","/","o","/","o","/",null,null,null,null,null,null,"\\","o","\\","o","\\","o","\\","o",null,null,null,"o","/","o","/","o","/","o","/",null,null,null,null,null,null,"\\","o","\\","o","\\","o","\\","o",null,null,null,"o","/","o","/","o","/","o","/",null,null,null,null,null,null,"\\","o","\\","o","\\","o","\\","o",null,null,null,"o","/","o","/","o","/","o","/",null,null,null,null,null,null,"\\","o","\\","o","\\","o","\\","o",null,null,null,"o","/","o","/","o","/","o","/",null,null,null,null,null,null,"\\","o","\\","o","\\","o","\\","o",null,null,null,"o","/","o","/","o","/","o","/",null,null,null,null,null,null,"\\","o","\\","o","\\","o","\\","o",null,null,null,"o","/","o","/","o","/","o","/"]
[275,null,null,"o","\\","o","@","o","/","o","/","o","/","o","/",null,null,null,null,null,null,null,null,"\\","o","\\","o","\\","o","\\","o","@","o","/","o","/","o","/","o","/",null,null,null,null,null,null,null,null,"\\","o","\\","o","\\","o","\\","o","@","o","/","o","/","o","/","o","/",null,null,null,null,null,null,null,null,"\\","o","\\","o","\\","o","\\","o","@","o","/","o","/","o","/","o","/",null,null,null,null,null,null,null,null,"\\","o","\\","o","\\","o","\\","o","@","o","/","o","/","o","/","o","/",null,null,null,null,null,null,null,null,"\\","o","\\","o","\\","o","\\","o","@","o","/","o","/","o","/","o","/",null,null,null,null,null,null,null,null,"\\","o","\\","o","\\","o","\\","o","@","o","/","o","/","o","/","o","/"]
[273,null,null,"\\","o",null,null,null,"o","/","o","/","o","/",null,null,null,null,null,null,null,null,null,null,"\\","o","\\","o","\\","o",null,null,null,"o","/","o","/","o","/",null,null,null,null,null,null,null,null,null,null,"\\","o","\\","o","\\","o",null,null,null,"o","/","o","/","o","/",null,null,null,null,null,null,null,null,null,null,"\\","o","\\","o","\\","o",null,null,null,"o","/","o","/","o","/",null,null,null,null,null,null,null,null,null,null,"\\","o","\\","o","\\","o",null,null,null,"o","/","o","/","o","/",null,null,null,null,null,null,null,null,null,null,"\\","o","\\","o","\\","o",null,null,null,"o","/","o","/","o","/",null,null,null,null,null,null,null,null,null,null,"\\","o","\\","o","\\","o",null,null,null,"o","/","o","/","o","/"]
[271,null,null,"o","\\","o","@","o","/","o","/","o","/",null,null,null,null,null,null,null,null,null,null,null,null,"\\","o","\\","o","\\","o","@","o","/","o","/","o","/",null,null,null,null,null,null,null,null,null,null,null,null,"\\","o","\\","o","\\","o","@","o","/","o","/","o","/",null,null,null,null,null,null,null,null,null,null,null,null,"\\","o","\\","o","\\","o","@","o","/","o","/","o","/",null,null,null,null,null,null,null,null,null,null,null,null,"\\","o","\\","o","\\","o","@","o","/","o","/","o","/",null,null,null,null,null,null,null,null,null,null,null,null,"\\","o","\\","o","\\","o","@","o","/","o","/","o","/",null,null,null,null,null,null,null,null,null,null,null,null,"\\","o","\\","o","\\","o","@","o","/","o","/","o","/"]
[269,null,null,"\\","o",null,null,null,"o","/","o","/",null,null,null,null,null,null,null,null,null,null,null,null,null,null,"\\","o","\\","o",null,null,null,"o","/","o","/",null,null,null,null,null,null,null,null,null,null,null,null,null,null,"\\","o","\\","o",null,null,null,"o","/","o","/",null,null,null,null,null,null,null,null,null,null,null,null,null,null,"\\","o","\\","o",null,null,null,"o","/","o","/",null,null,null,null,null,null,null,null,null,null,null,null,null,null,"\\","o","\\","o",null,null,null,"o","/","o","/",null,null,null,null,null,null,null,null,null,null,null,null,null,null,"\\","o","\\","o",null,null,null,"o","/","o","/",null,null,null,null,null,null,null,null,null,null,null,null,null,null,"\\","o","\\","o",null,null,null,"o","/","o","/"]
[267,null,null,"o","\\","o","@","o","/","o","/",null,null,null,null,null,null,null,null,null,null,null,null,null,null,null,null,"\\","o","\\","o","@","o","/","o","/",null,null,null,null,null,null,null,null,null,null,null,null,null,null,null,null,"\\","o","\\","o","@","o","/","o","/",null,null,null,null,null,null,null,null,null,null,null,null,null,null,null,null,"\\","o","\\","o","@","o","/","o","/",null,null,null,null,null,null,null,null,null,null,null,null,null,null,null,null,"\\","o","\\","o","@","o","/","o","/",null,null,null,null,null,null,null,null,null,null,null,null,null,null,null,null,"\\","o","\\","o","@","o","/","o","/",null,null,null,null,null,null,null,null,null,null,null,null,null,null,null,null,"\\","o","\\","o","@","o","/","o","/"]
[265,null,null,"\\","o",null,null,null,"o","/",null,null,null,null,null,null,null,null,null,null,null,null,null,null,null,null,null,null,"\\","o",null,null,null,"o","/",null,null,null,null,null,null,null,null,null,null,null,null,null,null,null,null,null,null,"\\","o",null,null,null,"o","/",null,null,null,null,null,null,null,null,null,null,null,null,null,null,null,null,null,null,"\\","o",null,null,null,"o","/",null,null,null,null,null,null,null,null,null,null,null,null,null,null,null,null,null,null,"\\","o",null,null,null,"o","/",null,null,null,null,null,null,null,null,null,null,null,null,null,null,null,null,null,null,"\\","o",null,null,null,"o","/",null,null,null,null,null,null,null,null,null,null,null,null,null,null,null,null,null,null,"\\","o",null,null,null,"o","/"]
[263,null,null,null,"\\","o","@","o","/",null,null,null,null,null,null,null,null,null,null,null,null,null,null,null,null,null,null,null,null,"\\","o","@","o","/",null,null,null,null,null,null,null,null,null,null,null,null,null,null,null,null,null,null,null,null,"\\","o","@","o","/",null,null,null,null,null,null,null,null,null,null,null,null,null,null,null,null,null,null,null,null,"\\","o","@","o","/",null,null,null,null,null,null,null,null,null,null,null,null,null,null,null,null,null,null,null,null,"\\","o","@","o","/",null,null,null,null,null,null,null,null,null,null,null,null,null,null,null,null,null,null,null,null,"\\","o","@","o","/",null,null,null,null,null,null,null,null,null,null,null,null,null,null,null,null,null,null,null,null,"\\","o","@","o","/"]
[261]
[259,null,null,"\\","o","\\","o","m","o","\\","o","\\","o",null,"o","\\","o","\\","o","m","o","\\","o","\\","o",null,"o","\\","o","\\","o","m","o","\\","o","\\","o",null,"o","\\","o","\\","o","m","o","\\","o","\\","o",null,"o","\\","o","\\","o","m","o","\\","o","\\","o",null,"o","\\","o","\\","o","m","o","\\","o","\\","o",null,"o","\\","o","\\","o","m","o","\\","o","\\","o",null,"o","\\","o","\\","o","\\"]
[257,null,null,"o","\\","o",null,"m",null,"o","\\","o",null,null,null,"o","\\","o",null,"m",null,"o","\\","o",null,null,null,"o","\\","o",null,"m",null,"o","\\","o",null,null,null,"o","\\","o",null,"m",null,"o","\\","o",null,null,null,"o","\\","o",null,"m",null,"o","\\","o",null,null,null,"o","\\","o",null,"m",null,"o","\\","o",null,null,null,"o","\\","o",null,"m",null,"o","\\","o",null,null,null,"o","\\","o",null,"\\",null,null,null,27,null,null,null,null,null,null,null,null,null,null,null,null,null,null,null,null,null,null,"\\","o","\\","o",null,null,null,"o","/","o","/",null,null,null,"\\","o","\\","o",null,null,null,"o","/","o","/",null,null,null,"\\","o","\\","o",null,null,null,"o","/","o","/",null,null,null,"\\","o","\\","o",null,null,null,"o","/","o","/"]
[255,null,null,"\\","o",null,null,"m",null,null,"o","\\","o",null,"o","\\","o",null,null,"m",null,null,"o","\\","o",null,"o","\\","o",null,null,"m",null,null,"o","\\","o",null,"o","\\","o",null,null,"m",null,null,"o","\\","o",null,"o","\\","o",null,null,"m",null,null,"o","\\","o",null,"o","\\","o",null,null,"m",null,null,"o","\\","o",null,"o","\\","o",null,null,"m",null,null,"o","\\","o",null,"o","\\","o",null,null,"\\",null,null,null,25,null,null,null,null,null,null,null,null,null,null,null,null,null,null,null,null,null,null,null,"\\","o",null,"o","m","o",null,"o","/",null,null,null,null,null,"\\","o",null,"o","m","o",null,"o","/",null,null,null,null,null,"\\","o",null,"o","m","o",null,"o","/",null,null,null,null,null,"\\","o",null,"o","m","o",null,"o","/"]
[253,null,null,"o",null,null,null,"m",null,null,null,"o",null,null,null,"o",null,null,null,"m",null,null,null,"o",null,null,null,"o",null,null,null,"m",null,null,null,"o",null,null,null,"o",null,null,null,"m",null,null,null,"o",null,null,null,"o",null,null,null,"m",null,null,null,"o",null,null,null,"o",null,null,null,"m",null,null,null,"o",null,null,null,"o",null,null,null,"m",null,null,null,"o",null,null,null,"o",null,null,null,"\\",null,null,null,23,null,null,null,null,null,null,null,null,null,null,null,null,null,null,null,null,null,null,null,null,"\\","o",null,null,null,"o","/",null,null,null,null,null,null,null,"\\","o",null,null,null,"o","/",null,null,null,null,null,null,null,"\\","o",null,null,null,"o","/",null,null,null,null,null,null,null,"\\","o",null,null,null,"o","/",null,null,null,"o"]
[251,null,null,null,null,null,null,"m",null,null,null,null,"o",null,"o",null,null,null,null,"m",null,null,null,null,"o",null,"o",null,null,null,null,"m",null,null,null,null,"o",null,"o",null,null,null,null,"m",null,null,null,null,"o",null,"o",null,null,null,null,"m",null,null,null,null,"o",null,"o",null,null,null,null,"m",null,null,null,null,"o",null,"o",null,null,null,null,"m",null,null,null,null,"o",null,"o",null,null,null,null,"\\",null,null,null,21,null,null,null,null,null,null,null,null,null,null,null,null,null,null,null,null,null,null,null,null,null,"\\","o",null,"o","/",null,null,null,null,null,null,null,null,null,"\\","o",null,"o","/",null,null,null,null,null,null,null,null,null,"\\","o",null,"o","/",null,null,null,null,null,null,null,null,null,"\\","o",null,"o","/",null,null,null,"o"]
[249,null,null,"\\","o","\\","o","m","o","\\","o","\\","o",null,"o","\\","o","\\","o","m","o","\\","o","\\","o",null,"o","\\","o","\\","o","m","o","\\","o","\\","o",null,"o","\\","o","\\","o","m","o","\\","o","\\","o",null,"o","\\","o","\\","o","m","o","\\","o","\\","o",null,"o","\\","o","\\","o","m","o","\\","o","\\","o",null,"o","\\","o","\\","o","m","o","\\","o","\\","o",null,"o","\\","o","\\","o","\\",null,null,null,19,null,null,null,null,null,null,null,null,null,null,null,null,null,null,null,null,null,null,null,null,null,null,null,"o","/",null,null,null,null,null,null,null,null,null,null,null,null,"o","/",null,null,null,null,null,null,null,null,null,null,null,null,"o","/",null,null,null,null,null,null,null,null,null,null,null,null,"o","/",null,null,null,"o"]
[247,null,null,"o","\\","o",null,"m",null,"o","\\","o",null,null,null,"o","\\","o",null,"m",null,"o","\\","o",null,null,null,"o","\\","o",null,"m",null,"o","\\","o",null,null,null,"o","\\","o",null,"m",null,"o","\\","o",null,null,null,"o","\\","o",null,"m",null,"o","\\","o",null,null,null,"o","\\","o",null,"m",null,"o","\\","o",null,null,null,"o","\\","o",null,"m",null,"o","\\","o",null,null,null,"o","\\","o",null,"\\",null,null,null,17,null,null,null,null,null,null,null,null,null,null,null,null,null,null,null,null,null,null,null,null,null,null,null,null,null,null,null,null,null,null,null,null,null,null,null,null,null,null,null,null,null,null,null,null,null,null,null,null,null,null,null,null,null,null,null,null,null,null,null,null,null,null,null,null,null,null,null,null,null,"o"]
[245,null,null,"\\","o",null,null,"m",null,null,"o","\\","o",null,"o","\\","o",null,null,"m",null,null,"o","\\","o",null,"o","\\","o",null,null,"m",null,null,"o","\\","o",null,"o","\\","o",null,null,"m",null,null,"o","\\","o",null,"o","\\","o",null,null,"m",null,null,"o","\\","o",null,"o","\\","o",null,null,"m",null,null,"o","\\","o",null,"o","\\","o",null,null,"m",null,null,"o","\\","o",null,"o","\\","o",null,null,"\\",null,null,null,15,null,null,null,null,null,null,null,null,null,null,null,null,null,null,null,null,null,null,null,null,null,null,null,null,null,null,null,null,null,null,null,null,null,null,null,null,null,null,null,null,null,null,null,null,null,null,null,null,null,null,null,null,null,null,null,null,null,null,null,null,null,null,null,null,null,null,null,null,"o"]
[243,null,null,"o",null,null,null,"m",null,null,null,"o",null,null,null,"o",null,null,null,"m",null,null,null,"o",null,null,null,"o",null,null,null,"m",null,null,null,"o",null,null,null,"o",null,null,null,"m",null,null,null,"o",null,null,null,"o",null,null,null,"m",null,null,null,"o",null,null,null,"o",null,null,null,"m",null,null,null,"o",null,null,null,"o",null,null,null,"m",null,null,null,"o",null,null,null,"o",null,null,null,"\\",null,null,null,13,null,null,null,null,null,null,null,null,null,null,null,null,null,null,null,null,null,null,null,null,null,null,null,null,null,"\\","o","\\","o",null,null,null,"o","/","o","/",null,null,null,"\\","o","\\","o",null,null,null,"o","/","o","/",null,null,null,"\\","o","\\","o",null,null,null,"o","/","o","/",null,null,null,"o"]
[241,null,null,null,null,null,null,"m",null,null,null,null,"o",null,"o",null,null,null,null,"m",null,null,null,null,"o",null,"o",null,null,null,null,"m",null,null,null,null,"o",null,"o",null,null,null,null,"m",null,null,null,null,"o",null,"o",null,null,null,null,"m",null,null,null,null,"o",null,"o",null,null,null,null,"m",null,null,null,null,"o",null,"o",null,null,null,null,"m",null,null,null,null,"o",null,"o",null,null,null,null,"\\",null,null,null,11,null,null,null,null,null,null,null,null,null,null,null,null,null,null,null,null,null,null,null,null,null,null,null,null,null,null,"\\","o",null,"o","m","o",null,"o","/",null,null,null,null,null,"\\","o",null,"o","m","o",null,"o","/",null,null,null,null,null,"\\","o",null,"o","m","o",null,"o","/",null,null,null,"o"]
[239,null,null,"\\","o","\\","o","m","o","\\","o","\\","o",null,"o","\\","o","\\","o","m","o","\\","o","\\","o",null,"o","\\","o","\\","o","m","o","\\","o","\\","o",null,"o","\\","o","\\","o","m","o","\\","o","\\","o",null,"o","\\","o","\\","o","m","o","\\","o","\\","o",null,"o","\\","o","\\","o","m","o","\\","o","\\","o",null,"o","\\","o","\\","o","m","o","\\","o","\\","o",null,"o","\\","o","\\","o","\\",null,null,null,9,null,null,null,null,null,null,null,null,null,null,null,null,null,null,null,null,null,null,null,null,null,null,null,null,null,null,null,"\\","o",null,null,null,"o","/",null,null,null,null,null,null,null,"\\","o",null,null,null,"o","/",null,null,null,null,null,null,null,"\\","o",null,null,null,"o","/",null,null,null,"o"]
[237,null,null,"o","\\","o",null,"m",null,"o","\\","o",null,null,null,"o","\\","o",null,"m",null,"o","\\","o",null,null,null,"o","\\","o",null,"m",null,"o","\\","o",null,null,null,"o","\\","o",null,"m",null,"o","\\","o",null,null,null,"o","\\","o",null,"m",null,"o","\\","o",null,null,null,"o","\\","o",null,"m",null,"o","\\","o",null,null,null,"o","\\","o",null,"m",null,"o","\\","o",null,null,null,"o","\\","o",null,"\\",null,null,null,7,null,null,null,null,null,null,null,null,null,null,null,null,null,null,null,null,null,null,null,null,null,null,null,null,null,null,null,null,"\\","o",null,"o","/",null,null,null,null,null,null,null,null,null,"\\","o",null,"o","/",null,null,null,null,null,null,null,null,null,"\\","o",null,"o","/",null,null,null,"o"]
[235,null,null,"\\","o",null,null,"m",null,null,"o","\\","o",null,"o","\\","o",null,null,"m",null,null,"o","\\","o",null,"o","\\","o",null,null,"m",null,null,"o","\\","o",null,"o","\\","o",null,null,"m",null,null,"o","\\","o",null,"o","\\","o",null,null,"m",null,null,"o","\\","o",null,"o","\\","o",null,null,"m",null,null,"o","\\","o",null,"o","\\","o",null,null,"m",null,null,"o","\\","o",null,"o","\\","o",null,null,"\\",null,null,null,5,null,null,null,null,null,null,null,null,null,null,null,null,null,null,null,null,null,null,null,null,null,null,null,null,null,null,null,null,null,null,"o","/",null,null,null,null,null,null,null,null,null,null,null,null,"o","/",null,null,null,null,null,null,null,null,null,null,null,null,"o","/",null,null,null,"o"]
[233,null,null,"o",null,null,null,"m",null,null,null,"o",null,null,null,"o",null,null,null,"m",null,null,null,"o",null,null,null,"o",null,null,null,"m",null,null,null,"o",null,null,null,"o",null,null,null,"m",null,null,null,"o",null,null,null,"o",null,null,null,"m",null,null,null,"o",null,null,null,"o",null,null,null,"m",null,null,null,"o",null,null,null,"o",null,null,null,"m",null,null,null,"o",null,null,null,"o",null,null,null,"\\",null,null,null,3,null,null,null,null,null,null,null,null,null,null,null,null,null,null,null,null,null,null,null,null,null,null,null,null,null,null,null,null,null,null,null,null,null,null,null,null,null,null,null,null,null,null,null,null,null,null,null,null,null,null,null,null,null,null,null,null,null,null,null,null,null,null,"o"]
[231,null,null,null,null,null,null,"m",null,null,null,null,"o",null,"o",null,null,null,null,"m",null,null,null,null,"o",null,"o",null,null,null,null,"m",null,null,null,null,"o",null,"o",null,null,null,null,"m",null,null,null,null,"o",null,"o",null,null,null,null,"m",null,null,null,null,"o",null,"o",null,null,null,null,"m",null,null,null,null,"o",null,"o",null,null,null,null,"m",null,null,null,null,"o",null,"o",null,null,null,null,"\\",null,null,null,1,2,3,4,5,6,7,8,9,null,11,12,13,14,15,16,17,18,null,null,null,null,null,null,null,null,null,null,null,null,null,null,null,null,null,null,null,null,null,null,null,null,null,null,null,null,null,null,null,null,null,null,null,null,null,null,null,null,null,null,null,null,"o"]
[229,null,null,"\\","o","\\","o","m","o","\\","o","\\","o",null,"o","\\","o","\\","o","m","o","\\","o","\\","o",null,"o","\\","o","\\","o","m","o","\\","o","\\","o",null,"o","\\","o","\\","o","m","o","\\","o","\\","o",null,"o","\\","o","\\","o","m","o","\\","o","\\","o",null,"o","\\","o","\\","o","m","o","\\","o","\\","o",null,"o","\\","o","\\","o","\\",null,null,null,null,null,null,null,null,null,null,null,null,null,null,null,null,null,null,null,null,null,null,null,null,null,null,null,null,null,null,null,null,null,null,"\\","o","\\","o",null,null,null,"o","/","o","/",null,null,null,"\\","o","\\","o",null,null,null,"o","/","o","/",null,null,null,"\\","o","\\","o",null,null,null,"o","/","o","/",null,null,null,"o"]
[227,null,null,"o","\\","o",null,"m",null,"o","\\","o",null,null,null,"o","\\","o",null,"m",null,"o","\\","o",null,null,null,"o","\\","o",null,"m",null,"o","\\","o",null,null,null,"o","\\","o",null,"m",null,"o","\\","o",null,null,null,"o","\\","o",null,"m",null,"o","\\","o",null,null,null,"o","\\","o",null,"m",null,"o","\\","o",null,null,null,"o","\\","o",null,"\\",null,27,null,null,null,null,null,null,null,null,null,null,null,null,null,null,null,null,null,null,null,null,null,null,null,null,null,null,null,null,null,null,null,null,null,"\\","o",null,"o","m","o",null,"o","/",null,null,null,null,null,"\\","o",null,"o","m","o",null,"o","/",null,null,null,null,null,"\\","o",null,"o","m","o",null,"o","/",null,null,null,"o"]
[225,null,null,"\\","o",null,null,"m",null,null,"o","\\","o",null,"o","\\","o",null,null,"m",null,null,"o","\\","o",null,"o","\\","o",null,null,"m",null,null,"o","\\","o",null,"o","\\","o",null,null,"m",null,null,"o","\\","o",null,"o","\\","o",null,null,"m",null,null,"o","\\","o",null,"o","\\","o",null,null,"m",null,null,"o","\\","o",null,"o","\\","o",null,null,"\\",null,25,null,null,null,null,null,null,null,null,null,null,null,null,null,null,null,null,null,null,null,null,null,null,null,null,null,null,null,null,null,null,null,null,null,null,"\\","o",null,null,null,"o","/",null,null,null,null,null,null,null,"\\","o",null,null,null,"o","/",null,null,null,null,null,null,null,"\\","o",null,null,null,"o","/",null,null,null,"o"]
[223,null,null,"o",null,null,null,"m",null,null,null,"o",null,null,null,"o",null,null,null,"m",null,null,null,"o",null,null,null,"o",null,null,null,"m",null,null,null,"o",null,null,null,"o",null,null,null,"m",null,null,null,"o",null,null,null,"o",null,null,null,"m",null,null,null,"o",null,null,null,"o",null,null,null,"m",null,null,null,"o",null,null,null,"o",null,null,null,"\\",null,23,null,null,null,null,null,null,null,null,null,null,null,null,null,null,null,null,null,null,null,null,null,null,null,null,null,null,null,null,null,null,null,null,null,null,null,"\\","o",null,"o","/",null,null,null,null,null,null,null,null,null,"\\","o",null,"o","/",null,null,null,null,null,null,null,null,null,"\\","o",null,"o","/",null,null,null,"o"]
[221,null,null,null,null,null,null,"m",null,null,null,null,"o",null,"o",null,null,null,null,"m",null,null,null,null,"o",null,"o",null,null,null,null,"m",null,null,null,null,"o",null,"o",null,null,null,null,"m",null,null,null,null,"o",null,"o",null,null,null,null,"m",null,null,null,null,"o",null,"o",null,null,null,null,"m",null,null,null,null,"o",null,"o",null,null,null,null,"\\",null,21,null,null,null,null,null,null,null,null,null,null,null,null,null,null,null,null,null,null,null,null,null,null,null,null,null,null,null,null,null,null,null,null,null,null,null,null,null,"o","/",null,null,null,null,null,null,null,null,null,null,null,null,"o","/",null,null,null,null,null,null,null,null,null,null,null,null,"o","/",null,null,null,"o"]
[219,null,null,"\\","o","\\","o","m","o","\\","o","\\","o",null,"o","\\","o","\\","o","m","o","\\","o","\\","o",null,"o","\\","o","\\","o","m","o","\\","o","\\","o",null,"o","\\","o","\\","o","m","o","\\","o","\\","o",null,"o","\\","o","\\","o","m","o","\\","o","\\","o",null,"o","\\","o","\\","o","m","o","\\","o","\\","o",null,"o","\\","o","\\","o","\\",null,19,null,null,null,null,null,null,null,null,null,null,null,null,null,null,null,null,null,null,null,null,null,null,null,null,null,null,null,null,null,null,null,null,null,null,null,null,null,null,null,null,null,null,null,null,null,null,null,null,null,null,null,null,null,null,null,null,null,null,null,null,null,null,null,null,null,null,null,null,null,"o"]
[217,null,null,"o","\\","o",null,"m",null,"o","\\","o",null,null,null,"o","\\","o",null,"m",null,"o","\\","o",null,null,null,"o","\\","o",null,"m",null,"o","\\","o",null,null,null,"o","\\","o",null,"m",null,"o","\\","o",null,null,null,"o","\\","o",null,"m",null,"o","\\","o",null,null,null,"o","\\","o",null,"m",null,"o","\\","o",null,null,null,"o","\\","o",null,"\\",null,17,null,null,null,null,null,null,null,null,null,null,null,null,null,null,null,null,null,null,null,null,null,null,null,null,null,null,null,null,null,null,null,null,null,null,null,null,null,null,null,null,null,null,null,null,null,null,null,null,null,null,null,null,null,null,null,null,null,null,null,null,null,null,null,null,null,null,null,null,"o"]
[215,null,null,"\\","o",null,null,"m",null,null,"o","\\","o",null,"o","\\","o",null,null,"m",null,null,"o","\\","o",null,"o","\\","o",null,null,"m",null,null,"o","\\","o",null,"o","\\","o",null,null,"m",null,null,"o","\\","o",null,"o","\\","o",null,null,"m",null,null,"o","\\","o",null,"o","\\","o",null,null,"m",null,null,"o","\\","o",null,"o","\\","o",null,null,"\\",null,15,null,null,null,null,null,null,null,null,null,null,null,null,null,null,null,null,null,null,null,null,null,null,null,null,null,"\\","o","\\","o",null,null,null,"o","/","o","/",null,null,null,"\\","o","\\","o",null,null,null,"o","/","o","/",null,null,null,"\\","o","\\","o",null,null,null,"o","/","o","/",null,null,null,"o"]
[213,null,null,"o",null,null,null,"m",null,null,null,"o",null,null,null,"o",null,null,null,"m",null,null,null,"o",null,null,null,"o",null,null,null,"m",null,null,null,"o",null,null,null,"o",null,null,null,"m",null,null,null,"o",null,null,null,"o",null,null,null,"m",null,null,null,"o",null,null,null,"o",null,null,null,"m",null,null,null,"o",null,null,null,"o",null,null,null,"\\",null,13,null,null,null,null,null,null,null,null,null,null,null,null,null,null,null,null,null,null,null,null,null,null,null,null,null,null,"\\","o",null,"o","m","o",null,"o","/",null,null,null,null,null,"\\","o",null,"o","m","o",null,"o","/",null,null,null,null,null,"\\","o",null,"o","m","o",null,"o","/",null,null,null,"o"]
[211,null,null,null,null,null,null,"m",null,null,null,null,"o",null,"o",null,null,null,null,"m",null,null,null,null,"o",null,"o",null,null,null,null,"m",null,null,null,null,"o",null,"o",null,null,null,null,"m",null,null,null,null,"o",null,"o",null,null,null,null,"m",null,null,null,null,"o",null,"o",null,null,null,null,"m",null,null,null,null,"o",null,"o",null,null,null,null,"\\",null,11,null,null,null,null,null,null,null,null,null,null,null,null,null,null,null,null,null,null,null,null,null,null,null,null,null,null,null,"\\","o",null,null,null,"o","/",null,null,null,null,null,null,null,"\\","o",null,null,null,"o","/",null,null,null,null,null,null,null,"\\","o",null,null,null,"o","/",null,null,null,"o"]
[209,null,null,"\\","o","\\","o","m","o","\\","o","\\","o",null,"o","\\","o","\\","o","m","o","\\","o","\\","o",null,"o","\\","o","\\","o","m","o","\\","o","\\","o",null,"o","\\","o","\\","o","m","o","\\","o","\\","o",null,"o","\\","o","\\","o","m","o","\\","o","\\","o",null,"o","\\","o","\\","o","m","o","\\","o","\\","o",null,"o","\\","o","\\","o","\\",null,9,null,null,null,null,null,null,null,null,null,null,null,null,null,null,null,null,null,null,null,null,null,null,null,null,null,null,null,null,"\\","o",null,"o","/",null,null,null,null,null,null,null,null,null,"\\","o",null,"o","/",null,null,null,null,null,null,null,null,null,"\\","o",null,"o","/",null,null,null,"o"]
[207,null,null,"o","\\","o",null,"m",null,"o","\\","o",null,null,null,"o","\\","o",null,"m",null,"o","\\","o",null,null,null,"o","\\","o",null,"m",null,"o","\\","o",null,null,null,"o","\\","o",null,"m",null,"o","\\","o",null,null,null,"o","\\","o",null,"m",null,"o","\\","o",null,null,null,"o","\\","o",null,"m",null,"o","\\","o",null,null,null,"o","\\","o",null,"\\",null,7,null,null,null,null,null,null,null,null,null,null,null,null,null,null,null,null,null,null,null,null,null,null,null,null,null,null,null,null,null,null,"o","/",null,null,null,null,null,null,null,null,null,null,null,null,"o","/",null,null,null,null,null,null,null,null,null,null,null,null,"o","/",null,null,null,"o"]
[205,null,null,"\\","o",null,null,"m",null,null,"o","\\","o",null,"o","\\","o",null,null,"m",null,null,"o","\\","o",null,"o","\\","o",null,null,"m",null,null,"o","\\","o",null,"o","\\","o",null,null,"m",null,null,"o","\\","o",null,"o","\\","o",null,null,"m",null,null,"o","\\","o",null,"o","\\","o",null,null,"m",null,null,"o","\\","o",null,"o","\\","o",null,null,"\\",null,5,null,null,null,null,null,null,null,null,null,null,null,null,null,null,null,null,null,null,null,null,null,null,null,null,null,null,null,null,null,null,null,null,null,null,null,null,null,null,null,null,null,null,null,null,null,null,null,null,null,null,null,null,null,null,null,null,null,null,null,null,null,null,"o"]
[203,null,null,"o",null,null,null,"m",null,null,null,"o",null,null,null,"o",null,null,null,"m",null,null,null,"o",null,null,null,"o",null,null,null,"m",null,null,null,"o",null,null,null,"o",null,null,null,"m",null,null,null,"o",null,null,null,"o",null,null,null,"m",null,null,null,"o",null,null,null,"o",null,null,null,"m",null,null,null,"o",null,null,null,"o",null,null,null,"\\",null,3,null,null,null,null,null,null,null,null,null,null,null,null,null,null,null,null,null,null,null,null,null,null,null,null,null,null,null,null,null,null,null,null,null,null,null,null,null,null,null,null,null,null,null,null,null,null,null,null,null,null,null,null,null,null,null,null,null,null,null,null,null,"o"]
[201,null,null,null,null,null,null,"m",null,null,null,null,"o",null,"o",null,null,null,null,"m",null,null,null,null,"o",null,"o",null,null,null,null,"m",null,null,null,null,"o",null,"o",null,null,null,null,"m",null,null,null,null,"o",null,"o",null,null,null,null,"m",null,null,null,null,"o",null,"o",null,null,null,null,"m",null,null,null,null,"o",null,"o",null,null,null,null,"\\",null,1,2,3,4,5,6,7,8,9,null,11,12,13,14,15,16,17,18,null,"\\","o","\\","o",null,null,null,"o","/","o","/",null,null,null,"\\","o","\\","o",null,null,null,"o","/","o","/",null,null,null,"\\","o","\\","o",null,null,null,"o","/","o","/",null,null,null,"o"]
[199,null,null,"\\","o","\\","o","m","o","\\","o","\\","o",null,"o","\\","o","\\","o","m","o","\\","o","\\","o",null,"o","\\","o","\\","o","m","o","\\","o","\\","o",null,"o","\\","o","\\","o","m","o","\\","o","\\","o",null,"o","\\","o","\\","o","m","o","\\","o","\\","o",null,null,null,null,null,null,null,null,null,null,null,null,null,null,null,null,null,null,null,null,null,null,null,null,null,null,null,null,null,null,null,null,null,null,null,null,null,null,null,null,"\\","o",null,"o","m","o",null,"o","/",null,null,null,null,null,"\\","o",null,"o","m","o",null,"o","/",null,null,null,null,null,"\\","o",null,"o","m","o",null,"o","/",null,null,null,"o"]
[197,null,null,"o","\\","o",null,"m",null,"o","\\","o",null,null,null,"o","\\","o",null,"m",null,"o","\\","o",null,null,null,"o","\\","o",null,"m",null,"o","\\","o",null,null,null,"o","\\","o",null,"m",null,"o","\\","o",null,null,null,"o","\\","o",null,"m",null,"o","\\","o",null,null,null,null,null,null,null,27,null,null,null,null,null,null,null,null,null,null,null,null,null,null,null,null,null,null,null,null,null,null,null,null,null,null,null,null,null,null,null,null,null,null,"\\","o",null,null,null,"o","/",null,null,null,null,null,null,null,"\\","o",null,null,null,"o","/",null,null,null,null,null,null,null,"\\","o",null,null,null,"o","/",null,null,null,"o"]
[195,null,null,"\\","o",null,null,"m",null,null,"o","\\","o",null,"o","\\","o",null,null,"m",null,null,"o","\\","o",null,"o","\\","o",null,null,"m",null,null,"o","\\","o",null,"o","\\","o",null,null,"m",null,null,"o","\\","o",null,"o","\\","o",null,null,"m",null,null,"o","\\","o",null,null,null,null,null,null,25,null,null,null,null,null,null,null,null,null,null,null,null,null,null,null,null,null,null,null,null,null,null,null,null,null,null,null,null,null,null,null,null,null,null,null,"\\","o",null,"o","/",null,null,null,null,null,null,null,null,null,"\\","o",null,"o","/",null,null,null,null,null,null,null,null,null,"\\","o",null,"o","/",null,null,null,"o"]
[193,null,null,"o",null,null,null,"m",null,null,null,"o",null,null,null,"o",null,null,null,"m",null,null,null,"o",null,null,null,"o",null,null,null,"m",null,null,null,"o",null,null,null,"o",null,null,null,"m",null,null,null,"o",null,null,null,"o",null,null,null,"m",null,null,null,"o",null,null,null,null,null,null,null,23,null,null,null,null,null,null,null,null,null,null,null,null,null,null,null,null,null,null,null,null,null,null,null,null,null,null,null,null,null,null,null,null,null,null,null,null,null,"o","/",null,null,null,null,null,null,null,null,null,null,null,null,"o","/",null,null,null,null,null,null,null,null,null,null,null,null,"o","/",null,null,null,"o"]
[191,null,null,null,null,null,null,"m",null,null,null,null,"o",null,"o",null,null,null,null,"m",null,null,null,null,"o",null,"o",null,null,null,null,"m",null,null,null,null,"o",null,"o",null,null,null,null,"m",null,null,null,null,"o",null,"o",null,null,null,null,"m",null,null,null,null,"o",null,null,null,null,null,null,21,null,null,null,null,null,null,null,null,null,null,null,null,null,null,null,null,null,null,null,null,null,null,null,null,null,null,null,null,null,null,null,null,null,null,null,null,null,null,null,null,null,null,null,null,null,null,null,null,null,null,null,null,null,null,null,null,null,null,null,null,null,null,null,null,null,null,null,null,null,"o"]
[189,null,null,"\\","o","\\","o","m","o","\\","o","\\","o",null,"o","\\","o","\\","o","m","o","\\","o","\\","o",null,"o","\\","o","\\","o","m","o","\\","o","\\","o",null,"o","\\","o","\\","o","m","o","\\","o","\\","o",null,"o","\\","o","\\","o","m","o","\\","o","\\","o",null,null,null,null,null,null,19,null,null,null,null,null,null,null,null,null,null,null,null,null,null,null,null,null,null,null,null,null,null,null,null,null,null,null,null,null,null,null,null,null,null,null,null,null,null,null,null,null,null,null,null,null,null,null,null,null,null,null,null,null,null,null,null,null,null,null,null,null,null,null,null,null,null,null,null,"o"]
[187,null,null,"o","\\","o",null,"m",null,"o","\\","o",null,null,null,"o","\\","o",null,"m",null,"o","\\","o",null,null,null,"o","\\","o",null,"m",null,"o","\\","o",null,null,null,"o","\\","o",null,"m",null,"o","\\","o",null,null,null,"o","\\","o",null,"m",null,"o","\\","o",null,null,null,null,null,null,null,17,null,null,null,null,null,null,null,null,null,null,null,null,null,null,null,null,null,null,null,null,null,null,null,null,null,"\\","o","\\","o",null,null,null,"o","/","o","/",null,null,null,"\\","o","\\","o",null,null,null,"o","/","o","/",null,null,null,"\\","o","\\","o",null,null,null,"o","/","o","/",null,null,null,"o"]
[185,null,null,"\\","o",null,null,"m",null,null,"o","\\","o",null,"o","\\","o",null,null,"m",null,null,"o","\\","o",null,"o","\\","o",null,null,"m",null,null,"o","\\","o",null,"o","\\","o",null,null,"m",null,null,"o","\\","o",null,"o","\\","o",null,null,"m",null,null,"o","\\","o",null,null,null,null,null,null,15,null,null,null,null,null,null,null,null,null,null,null,null,null,null,null,null,null,null,null,null,null,null,null,null,null,null,"\\","o",null,"o","m","o",null,"o","/",null,null,null,null,null,"\\","o",null,"o","m","o",null,"o","/",null,null,null,null,null,"\\","o",null,"o","m","o",null,"o","/",null,null,null,"o"]
[183,null,null,"o",null,null,null,"m",null,null,null,"o",null,null,null,"o",null,null,null,"m",null,null,null,"o",null,null,null,"o",null,null,null,"m",null,null,null,"o",null,null,null,"o",null,null,null,"m",null,null,null,"o",null,null,null,"o",null,null,null,"m",null,null,null,"o",null,null,null,null,null,null,null,13,null,null,null,null,null,null,null,null,null,null,null,null,null,null,null,null,null,null,null,null,null,null,null,null,null,null,null,"\\","o",null,null,null,"o","/",null,null,null,null,null,null,null,"\\","o",null,null,null,"o","/",null,null,null,null,null,null,null,"\\","o",null,null,null,"o","/",null,null,null,"o"]
[181,null,null,null,null,null,null,"m",null,null,null,null,"o",null,"o",null,null,null,null,"m",null,null,null,null,"o",null,"o",null,null,null,null,"m",null,null,null,null,"o",null,"o",null,null,null,null,"m",null,null,null,null,"o",null,"o",null,null,null,null,"m",null,null,null,null,"o",null,null,null,null,null,null,11,null,null,null,null,null,null,null,null,null,null,null,null,null,null,null,null,null,null,null,null,null,null,null,null,null,null,null,null,"\\","o",null,"o","/",null,null,null,null,null,null,null,null,null,"\\","o",null,"o","/",null,null,null,null,null,null,null,null,null,"\\","o",null,"o","/",null,null,null,"o"]
[179,null,null,"\\","o","\\","o","m","o","\\","o","\\","o",null,"o","\\","o","\\","o","m","o","\\","o","\\","o",null,"o","\\","o","\\","o","m","o","\\","o","\\","o",null,"o","\\","o","\\","o","m","o","\\","o","\\","o",null,"o","\\","o","\\","o","m","o","\\","o","\\","o",null,null,null,null,null,null,9,null,null,null,null,null,null,null,null,null,null,null,null,null,null,null,null,null,null,null,null,null,null,null,null,null,null,null,null,null,null,"o","/",null,null,null,null,null,null,null,null,null,null,null,null,"o","/",null,null,null,null,null,null,null,null,null,null,null,null,"o","/",null,null,null,"o"]
[177,null,null,"o","\\","o",null,"m",null,"o","\\","o",null,null,null,"o","\\","o",null,"m",null,"o","\\","o",null,null,null,"o","\\","o",null,"m",null,"o","\\","o",null,null,null,"o","\\","o",null,"m",null,"o","\\","o",null,null,null,"o","\\","o",null,"m",null,"o","\\","o",null,null,null,null,null,null,null,7,null,null,null,null,null,null,null,null,null,null,null,null,null,null,null,null,null,null,null,null,null,null,null,null,null,null,null,null,null,null,null,null,null,null,null,null,null,null,null,null,null,null,null,null,null,null,null,null,null,null,null,null,null,null,null,null,null,null,null,null,null,null,"o"]
[175,null,null,"\\","o",null,null,"m",null,null,"o","\\","o",null,"o","\\","o",null,null,"m",null,null,"o","\\","o",null,"o","\\","o",null,null,"m",null,null,"o","\\","o",null,"o","\\","o",null,null,"m",null,null,"o","\\","o",null,"o","\\","o",null,null,"m",null,null,"o","\\","o",null,null,null,null,null,null,5,null,null,null,null,null,null,null,null,null,null,null,null,null,null,null,null,null,null,null,null,null,null,null,null,null,null,null,null,null,null,null,null,null,null,null,null,null,null,null,null,null,null,null,null,null,null,null,null,null,null,null,null,null,null,null,null,null,null,null,null,null,"o"]
[173,null,null,"o",null,null,null,"m",null,null,null,"o",null,null,null,"o",null,null,null,"m",null,null,null,"o",null,null,null,"o",null,null,null,"m",null,null,null,"o",null,null,null,"o",null,null,null,"m",null,null,null,"o",null,null,null,"o",null,null,null,"m",null,null,null,"o",null,null,null,null,null,null,null,3,null,null,null,null,null,null,null,null,null,null,null,null,null,null,null,null,null,null,"\\","o","\\","o",null,null,null,"o","/","o","/",null,null,null,"\\","o","\\","o",null,null,null,"o","/","o","/",null,null,null,"\\","o","\\","o",null,null,null,"o","/","o","/",null,null,null,"o"]
[171,null,null,null,null,null,null,"m",null,null,null,null,"o",null,"o",null,null,null,null,"m",null,null,null,null,"o",null,"o",null,null,null,null,"m",null,null,null,null,"o",null,"o",null,null,null,null,"m",null,null,null,null,"o",null,"o",null,null,null,null,"m",null,null,null,null,"o",null,null,null,null,null,null,1,2,3,4,5,6,7,8,9,null,11,12,13,14,15,16,17,18,null,null,"\\","o",null,"o","m","o",null,"o","/",null,null,null,null,null,"\\","o",null,"o","m","o",null,"o","/",null,null,null,null,null,"\\","o",null,"o","m","o",null,"o","/",null,null,null,"o"]
[169,null,null,"\\","o","\\","o","m","o","\\","o","\\","o",null,"o","\\","o","\\","o","m","o","\\","o","\\","o",null,"o","\\","o","\\","o","m","o","\\","o","\\","o",null,"o","\\","o","\\","o","m","o","\\","o","\\","o",null,null,null,null,null,null,null,null,null,null,null,null,null,null,null,null,null,null,null,null,null,null,null,null,null,null,null,null,null,null,null,null,null,null,null,null,null,null,null,"\\","o",null,null,null,"o","/",null,null,null,null,null,null,null,"\\","o",null,null,null,"o","/",null,null,null,null,null,null,null,"\\","o",null,null,null,"o","/",null,null,null,"o"]
[167,null,null,"o","\\","o",null,"m",null,"o","\\","o",null,null,null,"o","\\","o",null,"m",null,"o","\\","o",null,null,null,"o","\\","o",null,"m",null,"o","\\","o",null,null,null,"o","\\","o",null,"m",null,"o","\\","o",null,null,null,null,null,27,null,null,null,null,null,null,null,null,null,null,null,null,null,null,null,null,null,null,null,null,null,null,null,null,null,null,null,null,null,null,null,null,null,null,null,"\\","o",null,"o","/",null,null,null,null,null,null,null,null,null,"\\","o",null,"o","/",null,null,null,null,null,null,null,null,null,"\\","o",null,"o","/",null,null,null,"o"]
[165,null,null,"\\","o",null,null,"m",null,null,"o","\\","o",null,"o","\\","o",null,null,"m",null,null,"o","\\","o",null,"o","\\","o",null,null,"m",null,null,"o","\\","o",null,"o","\\","o",null,null,"m",null,null,"o","\\","o",null,null,null,null,25,null,null,null,null,null,null,null,null,null,null,null,null,null,null,null,null,null,null,null,null,null,null,null,null,null,null,null,null,null,null,null,null,null,null,null,null,null,"o","/",null,null,null,null,null,null,null,null,null,null,null,null,"o","/",null,null,null,null,null,null,null,null,null,null,null,null,"o","/",null,null,null,"o"]
[163,null,null,"o",null,null,null,"m",null,null,null,"o",null,null,null,"o",null,null,null,"m",null,null,null,"o",null,null,null,"o",null,null,null,"m",null,null,null,"o",null,null,null,"o",null,null,null,"m",null,null,null,"o",null,null,null,null,null,23,null,null,null,null,null,null,null,null,null,null,null,null,null,null,null,null,null,null,null,null,null,null,null,null,null,null,null,null,null,null,null,null,null,null,null,null,null,null,null,null,null,null,null,null,null,null,null,null,null,null,null,null,null,null,null,null,null,null,null,null,null,null,null,null,null,null,null,null,null,"o"]
[161,null,null,null,null,null,null,"m",null,null,null,null,"o",null,"o",null,null,null,null,"m",null,null,null,null,"o",null,"o",null,null,null,null,"m",null,null,null,null,"o",null,"o",null,null,null,null,"m",null,null,null,null,"o",null,null,null,null,21,null,null,null,null,null,null,null,null,null,null,null,null,null,null,null,null,null,null,null,null,null,null,null,null,null,null,null,null,null,null,null,null,null,null,null,null,null,null,null,null,null,null,null,null,null,null,null,null,null,null,null,null,null,null,null,null,null,null,null,null,null,null,null,null,null,null,null,null,"o"]
[159,null,null,"\\","o","\\","o","m","o","\\","o","\\","o",null,"o","\\","o","\\","o","m","o","\\","o","\\","o",null,"o","\\","o","\\","o","m","o","\\","o","\\","o",null,"o","\\","o","\\","o","m","o","\\","o","\\","o",null,null,null,null,19,null,null,null,null,null,null,null,null,null,null,null,null,null,null,null,null,null,null,null,null,null,null,null,null,null,"\\","o","\\","o",null,null,null,"o","/","o","/",null,null,null,"\\","o","\\","o",null,null,null,"o","/","o","/",null,null,null,"\\","o","\\","o",null,null,null,"o","/","o","/",null,null,null,"o"]
[157,null,null,"o","\\","o",null,"m",null,"o","\\","o",null,null,null,"o","\\","o",null,"m",null,"o","\\","o",null,null,null,"o","\\","o",null,"m",null,"o","\\","o",null,null,null,"o","\\","o",null,"m",null,"o","\\","o",null,null,null,null,null,17,null,null,null,null,null,null,null,null,null,null,null,null,null,null,null,null,null,null,null,null,null,null,null,null,null,null,"\\","o",null,"o","m","o",null,"o","/",null,null,null,null,null,"\\","o",null,"o","m","o",null,"o","/",null,null,null,null,null,"\\","o",null,"o","m","o",null,"o","/",null,null,null,"o"]
[155,null,null,"\\","o",null,null,"m",null,null,"o","\\","o",null,"o","\\","o",null,null,"m",null,null,"o","\\","o",null,"o","\\","o",null,null,"m",null,null,"o","\\","o",null,"o","\\","o",null,null,"m",null,null,"o","\\","o",null,null,null,null,15,null,null,null,null,null,null,null,null,null,null,null,null,null,null,null,null,null,null,null,null,null,null,null,null,null,null,null,"\\","o",null,null,null,"o","/",null,null,null,null,null,null,null,"\\","o",null,null,null,"o","/",null,null,null,null,null,null,null,"\\","o",null,null,null,"o","/",null,null,null,"o"]
[153,null,null,"o",null,null,null,"m",null,null,null,"o",null,null,null,"o",null,null,null,"m",null,null,null,"o",null,null,null,"o",null,null,null,"m",null,null,null,"o",null,null,null,"o",null,null,null,"m",null,null,null,"o",null,null,null,null,null,13,null,null,null,null,null,null,null,null,null,null,null,null,null,null,null,null,null,null,null,null,null,null,null,null,null,null,null,null,"\\","o",null,"o","/",null,null,null,null,null,null,null,null,null,"\\","o",null,"o","/",null,null,null,null,null,null,null,null,null,"\\","o",null,"o","/",null,null,null,"o"]
[151,null,null,null,null,null,null,"m",null,null,null,null,"o",null,"o",null,null,null,null,"m",null,null,null,null,"o",null,"o",null,null,null,null,"m",null,null,null,null,"o",null,"o",null,null,null,null,"m",null,null,null,null,"o",null,null,null,null,11,null,null,null,null,null,null,null,null,null,null,null,null,null,null,null,null,null,null,null,null,null,null,null,null,null,null,null,null,null,null,"o","/",null,null,null,null,null,null,null,null,null,null,null,null,"o","/",null,null,null,null,null,null,null,null,null,null,null,null,"o","/",null,null,null,"o"]
[149,null,null,"\\","o","\\","o","m","o","\\","o","\\","o",null,"o","\\","o","\\","o","m","o","\\","o","\\","o",null,"o","\\","o","\\","o","m","o","\\","o","\\","o",null,"o","\\","o","\\","o","m","o","\\","o","\\","o",null,null,null,null,9,null,null,null,null,null,null,null,null,null,null,null,null,null,null,null,null,null,null,null,null,null,null,null,null,null,null,null,null,null,null,null,null,null,null,null,null,null,null,null,null,null,null,null,null,null,null,null,null,null,null,null,null,null,null,null,null,null,null,null,null,null,null,"o"]
[147,null,null,"o","\\","o",null,"m",null,"o","\\","o",null,null,null,"o","\\","o",null,"m",null,"o","\\","o",null,null,null,"o","\\","o",null,"m",null,"o","\\","o",null,null,null,"o","\\","o",null,"m",null,"o","\\","o",null,null,null,null,null,7,null,null,null,null,null,null,null,null,null,null,null,null,null,null,null,null,null,null,null,null,null,null,null,null,null,null,null,null,null,null,null,null,null,null,null,null,null,null,null,null,null,null,null,null,null,null,null,null,null,null,null,null,null,null,null,null,null,null,null,null,null,"o"]
[145,null,null,"\\","o",null,null,"m",null,null,"o","\\","o",null,"o","\\","o",null,null,"m",null,null,"o","\\","o",null,"o","\\","o",null,null,"m",null,null,"o","\\","o",null,"o","\\","o",null,null,"m",null,null,"o","\\","o",null,null,null,null,5,null,null,null,null,null,null,null,null,null,null,null,null,null,null,null,null,null,null,"\\","o","\\","o",null,null,null,"o","/","o","/",null,null,null,"\\","o","\\","o",null,null,null,"o","/","o","/",null,null,null,"\\","o","\\","o",null,null,null,"o","/","o","/",null,null,null,"o"]
[143,null,null,"o",null,null,null,"m",null,null,null,"o",null,null,null,"o",null,null,null,"m",null,null,null,"o",null,null,null,"o",null,null,null,"m",null,null,null,"o",null,null,null,"o",null,null,null,"m",null,null,null,"o",null,null,null,null,null,3,null,null,null,null,null,null,null,null,null,null,null,null,null,null,null,null,null,null,null,"\\","o",null,"o","m","o",null,"o","/",null,null,null,null,null,"\\","o",null,"o","m","o",null,"o","/",null,null,null,null,null,"\\","o",null,"o","m","o",null,"o","/",null,null,null,"o"]
[141,null,null,null,null,null,null,"m",null,null,null,null,"o",null,"o",null,null,null,null,"m",null,null,null,null,"o",null,"o",null,null,null,null,"m",null,null,null,null,"o",null,"o",null,null,null,null,"m",null,null,null,null,"o",null,null,null,null,1,2,3,4,5,6,7,8,9,10,11,12,13,14,15,16,17,18,null,null,null,"\\","o",null,null,null,"o","/",null,null,null,null,null,null,null,"\\","o",null,null,null,"o","/",null,null,null,null,null,null,null,"\\","o",null,null,null,"o","/",null,null,null,"o"]
[139,null,null,"\\","o","\\","o","m","o","\\","o","\\","o",null,"o","\\","o","\\","o","m","o","\\","o","\\","o",null,"o","\\","o","\\","o","m","o","\\","o","\\","o",null,null,null,null,null,null,null,null,null,null,null,null,null,null,null,null,null,null,null,null,null,null,null,null,null,null,null,null,null,null,null,null,null,null,null,null,null,null,"\\","o",null,"o","/",null,null,null,null,null,null,null,null,null,"\\","o",null,"o","/",null,null,null,null,null,null,null,null,null,"\\","o",null,"o","/",null,null,null,"o"]
[137,null,null,"o","\\","o",null,"m",null,"o","\\","o",null,null,null,"o","\\","o",null,"m",null,"o","\\","o",null,null,null,"o","\\","o",null,"m",null,"o","\\","o",null,null,null,27,null,null,null,null,null,null,null,null,null,null,null,null,null,null,null,null,null,null,null,null,null,null,null,null,null,null,null,null,null,null,null,null,null,null,null,null,null,"o","/",null,null,null,null,null,null,null,null,null,null,null,null,"o","/",null,null,null,null,null,null,null,null,null,null,null,null,"o","/",null,null,null,"o"]
[135,null,null,"\\","o",null,null,"m",null,null,"o","\\","o",null,"o","\\","o",null,null,"m",null,null,"o","\\","o",null,"o","\\","o",null,null,"m",null,null,"o","\\","o",null,null,25,null,null,null,null,null,null,null,null,null,null,null,null,null,null,null,null,null,null,null,null,null,null,null,null,null,null,null,null,null,null,null,null,null,null,null,null,null,null,null,null,null,null,null,null,null,null,null,null,null,null,null,null,null,null,null,null,null,null,null,null,null,null,null,null,null,null,null,null,null,"o"]
[133,null,null,"o",null,null,null,"m",null,null,null,"o",null,null,null,"o",null,null,null,"m",null,null,null,"o",null,null,null,"o",null,null,null,"m",null,null,null,"o",null,null,null,23,null,null,null,null,null,null,null,null,null,null,null,null,null,null,null,null,null,null,null,null,null,null,null,null,null,null,null,null,null,null,null,null,null,null,null,null,null,null,null,null,null,null,null,null,null,null,null,null,null,null,null,null,null,null,null,null,null,null,null,null,null,null,null,null,null,null,null,null,"o"]
[131,null,null,null,null,null,null,"m",null,null,null,null,"o",null,"o",null,null,null,null,"m",null,null,null,null,"o",null,"o",null,null,null,null,"m",null,null,null,null,"o",null,null,21,null,null,null,null,null,null,null,null,null,null,null,null,null,null,null,null,null,null,null,null,null,null,null,null,null,"\\","o","\\","o",null,null,null,"o","/","o","/",null,null,null,"\\","o","\\","o",null,null,null,"o","/","o","/",null,null,null,"\\","o","\\","o",null,null,null,"o","/","o","/",null,null,null,"o"]
[129,null,null,"\\","o","\\","o","m","o","\\","o","\\","o",null,"o","\\","o","\\","o","m","o","\\","o","\\","o",null,"o","\\","o","\\","o","m","o","\\","o","\\","o",null,null,19,null,null,null,null,null,null,null,null,null,null,null,null,null,null,null,null,null,null,null,null,null,null,null,null,null,null,"\\","o",null,"o","m","o",null,"o","/",null,null,null,null,null,"\\","o",null,"o","m","o",null,"o","/",null,null,null,null,null,"\\","o",null,"o","m","o",null,"o","/",null,null,null,"o"]
[127,null,null,"o","\\","o",null,"m",null,"o","\\","o",null,null,null,"o","\\","o",null,"m",null,"o","\\","o",null,null,null,"o","\\","o",null,"m",null,"o","\\","o",null,null,null,17,null,null,null,null,null,null,null,null,null,null,null,null,null,null,null,null,null,null,null,null,null,null,null,null,null,null,null,"\\","o",null,null,null,"o","/",null,null,null,null,null,null,null,"\\","o",null,null,null,"o","/",null,null,null,null,null,null,null,"\\","o",null,null,null,"o","/",null,null,null,"o"]
[125,null,null,"\\","o",null,null,"m",null,null,"o","\\","o",null,"o","\\","o",null,null,"m",null,null,"o","\\","o",null,"o","\\","o",null,null,"m",null,null,"o","\\","o",null,null,15,null,null,null,null,null,null,null,null,null,null,null,null,null,null,null,null,null,null,null,null,null,null,null,null,null,null,null,null,"\\","o",null,"o","/",null,null,null,null,null,null,null,null,null,"\\","o",null,"o","/",null,null,null,null,null,null,null,null,null,"\\","o",null,"o","/",null,null,null,"o"]
[123,null,null,"o",null,null,null,"m",null,null,null,"o",null,null,null,"o",null,null,null,"m",null,null,null,"o",null,null,null,"o",null,null,null,"m",null,null,null,"o",null,null,null,13,null,null,null,null,null,null,null,null,null,null,null,null,null,null,null,null,null,null,null,null,null,null,null,null,null,null,null,null,null,null,"o","/",null,null,null,null,null,null,null,null,null,null,null,null,"o","/",null,null,null,null,null,null,null,null,null,null,null,null,"o","/",null,null,null,"o"]
[121,null,null,null,null,null,null,"m",null,null,null,null,"o",null,"o",null,null,null,null,"m",null,null,null,null,"o",null,"o",null,null,null,null,"m",null,null,null,null,"o",null,null,11,null,null,null,null,null,null,null,null,null,null,null,null,null,null,null,null,null,null,null,null,null,null,null,null,null,null,null,null,null,null,null,null,null,null,null,null,null,null,null,null,null,null,null,null,null,null,null,null,null,null,null,null,null,null,null,null,null,null,null,null,null,null,"o"]
[119,null,null,"\\","o","\\","o","m","o","\\","o","\\","o",null,"o","\\","o","\\","o","m","o","\\","o","\\","o",null,"o","\\","o","\\","o","m","o","\\","o","\\","o",null,null,9,null,null,null,null,null,null,null,null,null,null,null,null,null,null,null,null,null,null,null,null,null,null,null,null,null,null,null,null,null,null,null,null,null,null,null,null,null,null,null,null,null,null,null,null,null,null,null,null,null,null,null,null,null,null,null,null,null,null,null,null,null,"o"]
[117,null,null,"o","\\","o",null,"m",null,"o","\\","o",null,null,null,"o","\\","o",null,"m",null,"o","\\","o",null,null,null,"o","\\","o",null,"m",null,"o","\\","o",null,null,null,7,null,null,null,null,null,null,null,null,null,null,null,null,null,null,null,null,null,null,"\\","o","\\","o",null,null,null,"o","/","o","/",null,null,null,"\\","o","\\","o",null,null,null,"o","/","o","/",null,null,null,"\\","o","\\","o",null,null,null,"o","/","o","/",null,null,null,"o"]
[115,null,null,"\\","o",null,null,"m",null,null,"o","\\","o",null,"o","\\","o",null,null,"m",null,null,"o","\\","o",null,"o","\\","o",null,null,"m",null,null,"o","\\","o",null,null,5,null,null,null,null,null,null,null,null,null,null,null,null,null,null,null,null,null,null,null,"\\","o",null,"o","m","o",null,"o","/",null,null,null,null,null,"\\","o",null,"o","m","o",null,"o","/",null,null,null,null,null,"\\","o",null,"o","m","o",null,"o","/",null,null,null,"o"]
[113,null,null,"o",null,null,null,"m",null,null,null,"o",null,null,null,"o",null,null,null,"m",null,null,null,"o",null,null,null,"o",null,null,null,"m",null,null,null,"o",null,null,null,3,null,null,null,null,null,null,null,null,null,null,null,null,null,null,null,null,null,null,null,null,"\\","o",null,null,null,"o","/",null,null,null,null,null,null,null,"\\","o",null,null,null,"o","/",null,null,null,null,null,null,null,"\\","o",null,null,null,"o","/",null,null,null,"o"]
[111,null,null,null,null,null,null,"m",null,null,null,null,"o",null,"o",null,null,null,null,"m",null,null,null,null,"o",null,"o",null,null,null,null,"m",null,null,null,null,"o",null,null,1,2,3,4,5,6,7,8,9,null,11,12,13,14,15,16,17,18,null,null,null,null,"\\","o",null,"o","/",null,null,null,null,null,null,null,null,null,"\\","o",null,"o","/",null,null,null,null,null,null,null,null,null,"\\","o",null,"o","/",null,null,null,"o"]
[109,null,null,null,null,null,null,null,null,null,null,null,null,null,"o","\\","o","\\","o","m","o","\\","o","\\","o",null,null,null,null,null,null,null,null,null,null,null,null,null,null,null,null,null,null,null,null,null,null,null,null,null,null,null,null,null,null,null,null,null,null,null,null,null,null,"o","/",null,null,null,null,null,null,null,null,null,null,null,null,"o","/",null,null,null,null,null,null,null,null,null,null,null,null,"o","/",null,null,null,"o"]
[107,null,null,null,null,null,null,null,null,null,null,null,null,null,null,"o","\\","o",null,"m",null,"o","\\","o",null,null,27,null,null,null,null,null,null,null,null,null,null,null,null,null,null,null,null,null,null,null,null,null,null,null,null,null,null,null,null,null,null,null,null,null,null,null,null,null,null,null,null,null,null,null,null,null,null,null,null,null,null,null,null,null,null,null,null,null,null,null,null,null,null,null,null,null,null,null,null,"o"]
[105,null,null,null,null,null,null,null,null,null,null,null,null,null,"o","\\","o",null,null,"m",null,null,"o","\\","o",null,25,null,null,null,null,null,null,null,null,null,null,null,null,null,null,null,null,null,null,null,null,null,null,null,null,null,null,null,null,null,null,null,null,null,null,null,null,null,null,null,null,null,null,null,null,null,null,null,null,null,null,null,null,null,null,null,null,null,null,null,null,null,null,null,null,null,null,null,"o"]
[103,null,null,null,null,null,null,null,null,null,null,null,null,null,null,"o",null,null,null,"m",null,null,null,"o",null,null,23,null,null,null,null,null,null,null,null,null,null,null,null,null,null,null,null,null,null,null,null,null,null,null,null,"\\","o","\\","o",null,null,null,"o","/","o","/",null,null,null,"\\","o","\\","o",null,null,null,"o","/","o","/",null,null,null,"\\","o","\\","o",null,null,null,"o","/","o","/",null,null,null,"o"]
[101,null,null,null,null,null,null,null,null,null,null,null,null,null,"o",null,null,null,null,"m",null,null,null,null,"o",null,21,null,null,null,null,null,null,null,null,null,null,null,null,null,null,null,null,null,null,null,null,null,null,null,null,null,"\\","o",null,"o","m","o",null,"o","/",null,null,null,null,null,"\\","o",null,"o","m","o",null,"o","/",null,null,null,null,null,"\\","o",null,"o","m","o",null,"o","/",null,null,null,"o"]
[99,null,null,null,null,null,null,null,null,null,null,null,null,null,"o","\\","o","\\","o","m","o","\\","o","\\","o",null,19,null,null,null,null,null,null,null,null,null,null,null,null,null,null,null,null,null,null,null,null,null,null,null,null,null,null,"\\","o",null,null,null,"o","/",null,null,null,null,null,null,null,"\\","o",null,null,null,"o","/",null,null,null,null,null,null,null,"\\","o",null,null,null,"o","/",null,null,null,"o"]
[97,null,null,null,null,null,null,null,null,null,null,null,null,null,null,"o","\\","o",null,"m",null,"o","\\","o",null,null,17,null,null,null,null,null,null,null,null,null,null,null,null,null,null,null,null,null,null,null,null,null,null,null,null,null,null,null,"\\","o",null,"o","/",null,null,null,null,null,null,null,null,null,"\\","o",null,"o","/",null,null,null,null,null,null,null,null,null,"\\","o",null,"o","/",null,null,null,"o"]
[95,null,null,null,null,null,null,null,null,null,null,null,null,null,"o","\\","o",null,null,"m",null,null,"o","\\","o",null,15,null,null,null,null,null,null,null,null,null,null,null,null,null,null,null,null,null,null,null,null,null,null,null,null,null,null,null,null,null,"o","/",null,null,null,null,null,null,null,null,null,null,null,null,"o","/",null,null,null,null,null,null,null,null,null,null,null,null,"o","/",null,null,null,"o"]
[93,null,null,null,null,null,null,null,null,null,null,null,null,null,null,"o",null,null,null,"m",null,null,null,"o",null,null,13,null,null,null,null,null,null,null,null,null,null,null,null,null,null,null,null,null,null,null,null,null,null,null,null,null,null,null,null,null,null,null,null,null,null,null,null,null,null,null,null,null,null,null,null,null,null,null,null,null,null,null,null,null,null,null,null,null,null,null,null,null,"o"]
[91,null,null,null,null,null,null,null,null,null,null,null,null,null,"o",null,null,null,null,"m",null,null,null,null,"o",null,11,null,null,null,null,null,null,null,null,null,null,null,null,null,null,null,null,null,null,null,null,null,null,null,null,null,null,null,null,null,null,null,null,null,null,null,null,null,null,null,null,null,null,null,null,null,null,null,null,null,null,null,null,null,null,null,null,null,null,null,null,"o"]
[89,null,null,null,null,null,null,null,null,null,null,null,null,null,"o","\\","o","\\","o","m","o","\\","o","\\","o",null,9,null,null,null,null,null,null,null,null,null,null,null,null,null,null,null,null,null,"\\","o","\\","o",null,null,null,"o","/","o","/",null,null,null,"\\","o","\\","o",null,null,null,"o","/","o","/",null,null,null,"\\","o","\\","o",null,null,null,"o","/","o","/",null,null,null,"o"]
[87,null,null,null,null,null,null,null,null,null,null,null,null,null,null,"o","\\","o",null,"m",null,"o","\\","o",null,null,7,null,null,null,null,null,null,null,null,null,null,null,null,null,null,null,null,null,null,"\\","o",null,"o","m","o",null,"o","/",null,null,null,null,null,"\\","o",null,"o","m","o",null,"o","/",null,null,null,null,null,"\\","o",null,"o","m","o",null,"o","/",null,null,null,"o"]
[85,null,null,null,null,null,null,null,null,null,null,null,null,null,"o","\\","o",null,null,"m",null,null,"o","\\","o",null,5,null,null,null,null,null,null,null,null,null,null,null,null,null,null,null,null,null,null,null,"\\","o",null,null,null,"o","/",null,null,null,null,null,null,null,"\\","o",null,null,null,"o","/",null,null,null,null,null,null,null,"\\","o",null,null,null,"o","/",null,null,null,"o"]
[83,null,null,null,null,null,null,null,null,null,null,null,null,null,null,"o",null,null,null,"m",null,null,null,"o",null,null,3,null,null,null,null,null,null,null,null,null,null,null,null,null,null,null,null,null,null,null,null,"\\","o",null,"o","/",null,null,null,null,null,null,null,null,null,"\\","o",null,"o","/",null,null,null,null,null,null,null,null,null,"\\","o",null,"o","/",null,null,null,"o"]
[81,null,null,8,9,null,11,12,13,14,15,16,17,18,"o",null,null,null,null,"m",null,null,null,null,"o",null,1,2,3,4,5,6,7,8,9,10,11,12,13,14,15,16,17,18,null,null,null,null,null,"o","/",null,null,null,null,null,null,null,null,null,null,null,null,"o","/",null,null,null,null,null,null,null,null,null,null,null,null,"o","/",null,null,null,"o"]
[79,null,null,null,null,null,null,null,null,null,null,null,null,null,null,null,null,null,null,null,null,null,null,null,null,null,null,null,null,null,null,null,null,null,null,null,null,null,null,null,null,null,null,null,null,null,null,null,null,null,null,null,null,null,null,null,null,null,null,null,null,null,null,null,null,null,null,null,null,null,null,null,null,null,null,null,null,null,null,null,null,"o"]
[77,null,null,null,null,null,null,null,null,null,27,null,null,null,null,null,null,null,null,null,null,null,null,null,null,null,null,null,null,null,null,null,null,null,null,null,null,null,null,null,null,null,null,null,null,null,null,null,null,null,null,null,null,null,null,null,null,null,null,null,null,null,null,null,null,null,null,null,null,null,null,null,null,null,null,null,null,null,null,null,"o"]
[75,null,null,null,null,null,null,null,null,null,25,null,null,null,null,null,null,null,null,null,null,null,null,null,null,null,null,null,null,null,null,null,null,null,null,null,null,"\\","o","\\","o",null,null,null,"o","/","o","/",null,null,null,"\\","o","\\","o",null,null,null,"o","/","o","/",null,null,null,"\\","o","\\","o",null,null,null,"o","/","o","/",null,null,null,"o"]
[73,null,null,null,null,null,null,null,null,null,23,null,null,null,null,null,null,null,null,null,null,null,null,null,null,null,null,null,null,null,null,null,null,null,null,null,null,null,"\\","o",null,"o","m","o",null,"o","/",null,null,null,null,null,"\\","o",null,"o","m","o",null,"o","/",null,null,null,null,null,"\\","o",null,"o","m","o",null,"o","/",null,null,null,"o"]
[71,null,null,null,null,null,null,null,null,null,21,null,null,null,null,null,null,null,null,null,null,null,null,null,null,null,null,null,null,null,null,null,null,null,null,null,null,null,null,"\\","o",null,null,null,"o","/",null,null,null,null,null,null,null,"\\","o",null,null,null,"o","/",null,null,null,null,null,null,null,"\\","o",null,null,null,"o","/",null,null,null,"o"]
[69,null,null,null,null,null,null,null,null,null,19,null,null,null,null,null,null,null,null,null,null,null,null,null,null,null,null,null,null,null,null,null,null,null,null,null,null,null,null,null,"\\","o",null,"o","/",null,null,null,null,null,null,null,null,null,"\\","o",null,"o","/",null,null,null,null,null,null,null,null,null,"\\","o",null,"o","/",null,null,null,"o"]
[67,null,null,null,null,null,null,null,null,null,17,null,null,null,null,null,null,null,null,null,null,null,null,null,null,null,null,null,null,null,null,null,null,null,null,null,null,null,null,null,null,null,"o","/",null,null,null,null,null,null,null,null,null,null,null,null,"o","/",null,null,null,null,null,null,null,null,null,null,null,null,"o","/",null,null,null,"o"]
[65,null,null,null,null,null,null,null,null,null,15,null,null,null,null,null,null,null,null,null,null,null,null,null,null,null,null,null,null,null,null,null,null,null,null,null,null,null,null,null,null,null,null,null,null,null,null,null,null,null,null,null,null,null,null,null,null,null,null,null,null,null,null,null,null,null,null,null,null,null,null,null,null,null,"o"]
[63,null,null,null,null,null,null,null,null,null,13,null,null,null,null,null,null,null,null,null,null,null,null,null,null,null,null,null,null,null,null,null,null,null,null,null,null,null,null,null,null,null,null,null,null,null,null,null,null,null,null,null,null,null,null,null,null,null,null,null,null,null,null,null,null,null,null,null,null,null,null,null,null,"o"]
[61,null,null,null,null,"o","/","o","/",null,11,null,null,null,null,null,null,null,null,null,null,null,null,null,null,null,null,null,null,null,"\\","o","\\","o",null,null,null,"o","/","o","/",null,null,null,"\\","o","\\","o",null,null,null,"o","/","o","/",null,null,null,"\\","o","\\","o",null,null,null,"o","/","o","/",null,null,null,"o"]
[59,null,null,"m","o",null,"o","/",null,null,9,null,null,null,null,null,null,null,null,null,null,null,null,null,null,null,null,null,null,null,null,"\\","o",null,"o","m","o",null,"o","/",null,null,null,null,null,"\\","o",null,"o","m","o",null,"o","/",null,null,null,null,null,"\\","o",null,"o","m","o",null,"o","/",null,null,null,"o"]
[57,null,null,null,null,"o","/",null,null,null,7,null,null,null,null,null,null,null,null,null,null,null,null,null,null,null,null,null,null,null,null,null,"\\","o",null,null,null,"o","/",null,null,null,null,null,null,null,"\\","o",null,null,null,"o","/",null,null,null,null,null,null,null,"\\","o",null,null,null,"o","/",null,null,null,"o"]
[55,null,null,null,"o","/",null,null,null,null,5,null,null,null,null,null,null,null,null,null,null,null,null,null,null,null,null,null,null,null,null,null,null,"\\","o",null,"o","/",null,null,null,null,null,null,null,null,null,"\\","o",null,"o","/",null,null,null,null,null,null,null,null,null,"\\","o",null,"o","/",null,null,null,"o"]
[53,null,null,"o","/",null,null,null,null,null,3,null,null,null,null,null,null,null,null,null,null,null,null,null,null,null,null,null,null,null,null,null,null,null,null,"o","/",null,null,null,null,null,null,null,null,null,null,null,null,"o","/",null,null,null,null,null,null,null,null,null,null,null,null,"o","/",null,null,null,"o"]
[51,null,null,null,null,null,null,null,null,null,1,2,3,4,5,6,7,8,9,null,11,12,13,14,15,16,17,18,null,null,null,null,null,null,null,null,null,null,null,null,null,null,null,null,null,null,null,null,null,null,null,null,null,null,null,null,null,null,null,null,null,null,null,null,null,null,null,"o"]
[49,null,null,null,null,null,null,null,null,null,null,null,null,null,null,null,null,null,null,null,null,null,null,null,null,null,null,null,null,null,null,null,null,null,null,null,null,null,null,null,null,null,null,null,null,null,null,null,null,null,null,null,null,null,null,null,null,null,null,null,null,null,null,null,null,null,"o"]
[47,null,null,null,null,"\\","o","\\","o",null,null,null,"o","/","o","/",null,null,null,null,null,null,null,"\\","o","\\","o",null,null,null,"o","/","o","/",null,null,null,"\\","o","\\","o",null,null,null,"o","/","o","/",null,null,null,"\\","o","\\","o",null,null,null,"o","/","o","/",null,null,null,"o"]
[45,null,null,null,null,null,"\\","o",null,"o","m","o",null,"o","/",null,null,null,"o",null,"o",null,null,null,"\\","o",null,"o","m","o",null,"o","/",null,null,null,null,null,"\\","o",null,"o","m","o",null,"o","/",null,null,null,null,null,"\\","o",null,"o","m","o",null,"o","/",null,null,null,"o"]
[43,null,null,null,null,null,null,"\\","o",null,null,null,"o","/",null,null,null,"o",null,null,null,"o",null,null,null,"\\","o",null,null,null,"o","/",null,null,null,null,null,null,null,"\\","o",null,null,null,"o","/",null,null,null,null,null,null,null,"\\","o",null,null,null,"o","/",null,null,null,"o"]
[41,null,null,null,null,null,null,null,"\\","o",null,"o","/",null,null,null,"o",null,null,null,null,null,"o",null,null,null,"\\","o",null,"o","/",null,null,null,null,null,null,null,null,null,"\\","o",null,"o","/",null,null,null,null,null,null,null,null,null,"\\","o",null,"o","/",null,null,null,"o"]
[39,null,null,null,null,null,null,null,null,null,"o","/",null,null,null,"o",null,null,null,null,null,null,null,"o",null,null,null,null,"o","/",null,null,null,null,null,null,null,null,null,null,null,null,"o","/",null,null,null,null,null,null,null,null,null,null,null,null,"o","/",null,null,null,"o"]
[37,null,null,null,null,null,null,null,null,null,null,null,null,null,"o",null,null,null,null,null,null,null,null,null,"o",null,null,null,null,null,null,null,null,null,null,null,null,null,null,null,null,null,null,null,null,null,null,null,null,null,null,null,null,null,null,null,null,null,null,null,"o"]
[35,null,null,null,null,null,null,null,null,null,null,null,null,"o",null,null,null,null,null,null,null,null,null,null,null,"o",null,null,null,null,null,null,null,null,null,null,null,null,null,null,null,null,null,null,null,null,null,null,null,null,null,null,null,null,null,null,null,null,null,"o"]
[33,null,null,null,null,"o","/","o","/",null,null,null,"o",null,null,null,null,null,null,null,null,null,null,null,null,null,"o",null,null,null,"\\","o","\\","o",null,null,null,"o","/","o","/",null,null,null,"\\","o","\\","o",null,null,null,"o","/","o","/",null,null,null,"o"]
[31,null,null,"m","o",null,"o","/",null,null,null,"o",null,null,null,null,null,null,null,null,null,null,null,null,null,null,null,"o",null,null,null,"\\","o",null,"o","m","o",null,"o","/",null,null,null,null,null,"\\","o",null,"o","m","o",null,"o","/",null,null,null,"o"]
[29,null,null,null,null,"o","/",null,null,null,"o",null,null,null,null,null,null,null,null,null,null,null,null,null,null,null,null,null,"o",null,null,null,"\\","o",null,null,null,"o","/",null,null,null,null,null,null,null,"\\","o",null,null,null,"o","/",null,null,null,"o"]
[27,null,null,null,"o","/",null,null,null,"o",null,null,null,null,null,null,null,null,null,null,null,null,null,null,null,null,null,null,null,"o",null,null,null,"\\","o",null,"o","/",null,null,null,null,null,null,null,null,null,"\\","o",null,"o","/",null,null,null,"o"]
[25,null,null,"o","/",null,null,null,"o",null,null,null,null,null,null,null,null,null,null,null,null,null,null,null,null,null,null,null,null,null,"o",null,null,null,null,"o","/",null,null,null,null,null,null,null,null,null,null,null,null,"o","/",null,null,null,"o"]
[23,null,null,null,null,null,null,"o",null,null,null,null,null,null,null,null,null,null,null,null,null,null,null,null,null,null,null,null,null,null,null,"o",null,null,null,null,null,null,null,null,null,null,null,null,null,null,null,null,null,null,null,null,null,"o"]
[21,null,null,null,null,null,"o",null,null,null,null,null,null,null,null,null,null,null,null,null,null,null,null,null,null,null,null,null,null,null,null,null,"o",null,null,null,null,null,null,null,null,null,null,null,null,null,null,null,null,null,null,null,"o"]
[19,null,null,null,null,"o",null,null,null,null,null,null,null,null,null,null,null,null,null,null,null,null,null,null,null,null,null,null,null,null,null,null,null,"o",null,null,null,"\\","o","\\","o",null,null,null,"o","/","o","/",null,null,null,"o"]
[17,null,null,null,"o",null,null,null,null,null,null,null,null,null,null,null,null,null,null,null,null,null,null,null,null,null,null,null,null,null,null,null,null,null,"o",null,null,null,"\\","o",null,"o","m","o",null,"o","/",null,null,null,"o"]
[15,null,null,"o",null,null,null,null,null,null,null,null,null,null,null,null,null,null,null,null,null,null,null,null,null,null,null,null,null,null,null,null,null,null,null,"o",null,null,null,"\\","o",null,null,null,"o","/",null,null,null,"o"]
[13,null,null,null,null,null,null,null,null,null,null,null,null,null,null,null,null,null,null,null,null,null,null,null,null,null,null,null,null,null,null,null,null,null,null,null,"o",null,null,null,"\\","o",null,"o","/",null,null,null,"o"]
[11,null,null,null,null,null,null,null,null,null,null,null,null,null,null,null,null,null,null,null,null,null,null,null,null,null,null,null,null,null,null,null,null,null,null,null,null,"o",null,null,null,null,"o","/",null,null,null,"o"]
[9,null,null,null,null,null,null,null,null,null,null,null,null,null,null,null,null,null,null,null,null,null,null,null,null,null,null,null,null,null,null,null,null,null,null,null,null,null,"o",null,null,null,null,null,null,null,"o"]
[7,null,null,null,null,null,null,null,null,null,null,null,null,null,null,null,null,null,null,null,null,null,null,null,null,null,null,null,null,null,null,null,null,null,null,null,null,null,null,"o",null,null,null,null,null,"o"]
[5,null,null,null,null,null,null,null,null,null,null,null,null,null,null,null,null,null,null,null,null,null,null,null,null,null,null,null,null,null,null,null,null,null,null,null,null,null,null,null,"o",null,null,null,"o"]
[3,null,null,null,null,null,null,null,null,null,null,null,null,null,null,null,null,null,null,null,null,null,null,null,null,null,null,null,null,null,null,null,null,null,null,null,null,null,null,null,null,"o",null,"o"]
[1]
[null,null,null,16,15,14,13,12,11,10,9,8,7,6,5,4,3,2,1,null,1,2,3,4,5,6,7,8,9,10,11,12,13,14,15,16,17,18,19,20,21,22,23,24,25,26,27,28,29,30,31,32,33,34,35,36,37,38,39,40,41,42,43,44,45,46,47,48,49,50,51,52,53,54,55,56,57,58,59,60,61,62,63,64,65,66,67,68,69,70,71,72,73,74,75,76,77,78,79,80,81,82,83,84,85,86,87,88,89,90,91,92,93,94,95,96,97,98,99,100,101,102,103,104,105,106,107,108]

{"sheet":"A Teildreieck links","index":3,"n_rows":148,"n_cols":157,"rows_kept":148,"cut":false,"hidden":false,"merged":[]}
[null,null,null,null,150,149,148,147,146,145,144,143,142,141,140,139,138,137,136,135,134,133,132,131,130,129,128,127,126,125,124,123,122,121,120,119,118,117,116,115,114,113,112,111,110,109,108,107,106,105,104,103,102,101,100,99,98,97,96,95,94,93,92,91,90,89,88,87,86,85,84,83,82,81,80,79,78,77,76,75,74,73,72,71,70,69,68,67,66,65,64,63,62,61,60,59,58,57,56,55,54,53,52,51,50,49,48,47,46,45,44,43,42,41,40,39,38,37,36,35,34,33,32,31,30,29,28,27,26,25,24,23,22,21,20,19,18,17,16,15,14,13,12,11,10,9,8,7,6,5,4,3,2,1]
[291]
[289]
[287]
[285]
[283,null,null,null,"\\","o","\\","o","\\","o","\\","o","\\","o","\\","o","@","o","/","o","/","o","/","o","/","o","/","o","/","\\","o","\\","o","\\","o","\\","o","\\","o","\\","o","@","o","/","o","/","o","/","o","/","o","/","o","/","\\","o","\\","o","\\","o","\\","o","\\","o","\\","o","@","o","/","o","/","o","/","o","/","o","/","o","/","\\","o","\\","o","\\","o","\\","o","\\","o","\\","o","@","o","/","o","/","o","/","o","/","o","/","o","/","\\","o","\\","o","\\","o","\\","o","\\","o","\\","o","@","o","/","o","/","o","/","o","/","o","/","o","/","\\","o","\\","o","\\","o","\\","o","\\","o","\\","o","@","o","/","o","/","o","/","o","/","o","/","o","/","\\","o","\\"]
[281,null,null,null,null,"\\","o","\\","o","\\","o","\\","o","\\","o",null,null,null,"o","/","o","/","o","/","o","/","o","/",null,null,"\\","o","\\","o","\\","o","\\","o","\\","o",null,null,null,"o","/","o","/","o","/","o","/","o","/",null,null,"\\","o","\\","o","\\","o","\\","o","\\","o",null,null,null,"o","/","o","/","o","/","o","/","o","/",null,null,"\\","o","\\","o","\\","o","\\","o","\\","o",null,null,null,"o","/","o","/","o","/","o","/","o","/",null,null,"\\","o","\\","o","\\","o","\\","o","\\","o",null,null,null,"o","/","o","/","o","/","o","/","o","/",null,null,"\\","o","\\","o","\\","o","\\","o","\\","o",null,null,null,"o","/","o","/","o","/","o","/","o","/",null,null,"\\","o"]
[279,null,null,null,null,null,"\\","o","\\","o","\\","o","\\","o","\\","o","@","o","/","o","/","o","/","o","/","o","/",null,null,null,null,"\\","o","\\","o","\\","o","\\","o","\\","o","@","o","/","o","/","o","/","o","/","o","/",null,null,null,null,"\\","o","\\","o","\\","o","\\","o","\\","o","@","o","/","o","/","o","/","o","/","o","/",null,null,null,null,"\\","o","\\","o","\\","o","\\","o","\\","o","@","o","/","o","/","o","/","o","/","o","/",null,null,null,null,"\\","o","\\","o","\\","o","\\","o","\\","o","@","o","/","o","/","o","/","o","/","o","/",null,null,null,null,"\\","o","\\","o","\\","o","\\","o","\\","o","@","o","/","o","/","o","/","o","/","o","/",null,null,null,null,"\\"]
[277,null,null,null,null,null,null,"\\","o","\\","o","\\","o","\\","o",null,null,null,"o","/","o","/","o","/","o","/",null,null,null,null,null,null,"\\","o","\\","o","\\","o","\\","o",null,null,null,"o","/","o","/","o","/","o","/",null,null,null,null,null,null,"\\","o","\\","o","\\","o","\\","o",null,null,null,"o","/","o","/","o","/","o","/",null,null,null,null,null,null,"\\","o","\\","o","\\","o","\\","o",null,null,null,"o","/","o","/","o","/","o","/",null,null,null,null,null,null,"\\","o","\\","o","\\","o","\\","o",null,null,null,"o","/","o","/","o","/","o","/",null,null,null,null,null,null,"\\","o","\\","o","\\","o","\\","o",null,null,null,"o","/","o","/","o","/","o","/"]
[275,null,null,null,null,null,null,null,"\\","o","\\","o","\\","o","\\","o","@","o","/","o","/","o","/","o","/",null,null,null,null,null,null,null,null,"\\","o","\\","o","\\","o","\\","o","@","o","/","o","/","o","/","o","/",null,null,null,null,null,null,null,null,"\\","o","\\","o","\\","o","\\","o","@","o","/","o","/","o","/","o","/",null,null,null,null,null,null,null,null,"\\","o","\\","o","\\","o","\\","o","@","o","/","o","/","o","/","o","/",null,null,null,null,null,null,null,null,"\\","o","\\","o","\\","o","\\","o","@","o","/","o","/","o","/","o","/",null,null,null,null,null,null,null,null,"\\","o","\\","o","\\","o","\\","o","@","o","/","o","/","o","/","o","/"]
[273,null,null,null,null,null,null,null,null,"\\","o","\\","o","\\","o",null,null,null,"o","/","o","/","o","/",null,null,null,null,null,null,null,null,null,null,"\\","o","\\","o","\\","o",null,null,null,"o","/","o","/","o","/",null,null,null,null,null,null,null,null,null,null,"\\","o","\\","o","\\","o",null,null,null,"o","/","o","/","o","/",null,null,null,null,null,null,null,null,null,null,"\\","o","\\","o","\\","o",null,null,null,"o","/","o","/","o","/",null,null,null,null,null,null,null,null,null,null,"\\","o","\\","o","\\","o",null,null,null,"o","/","o","/","o","/",null,null,null,null,null,null,null,null,null,null,"\\","o","\\","o","\\","o",null,null,null,"o","/","o","/","o","/"]
[271,null,null,null,null,null,null,null,null,null,"\\","o","\\","o","\\","o","@","o","/","o","/","o","/",null,null,null,null,null,null,null,null,null,null,null,null,"\\","o","\\","o","\\","o","@","o","/","o","/","o","/",null,null,null,null,null,null,null,null,null,null,null,null,"\\","o","\\","o","\\","o","@","o","/","o","/","o","/",null,null,null,null,null,null,null,null,null,null,null,null,"\\","o","\\","o","\\","o","@","o","/","o","/","o","/",null,null,null,null,null,null,null,null,null,null,null,null,"\\","o","\\","o","\\","o","@","o","/","o","/","o","/",null,null,null,null,null,null,null,null,null,null,null,null,"\\","o","\\","o","\\","o","@","o","/","o","/","o","/"]
[269,null,null,null,null,null,null,null,null,null,null,"\\","o","\\","o",null,null,null,"o","/","o","/",null,null,null,null,null,null,null,null,null,null,null,null,null,null,"\\","o","\\","o",null,null,null,"o","/","o","/",null,null,null,null,null,null,null,null,null,null,null,null,null,null,"\\","o","\\","o",null,null,null,"o","/","o","/",null,null,null,null,null,null,null,null,null,null,null,null,null,null,"\\","o","\\","o",null,null,null,"o","/","o","/",null,null,null,null,null,null,null,null,null,null,null,null,null,null,"\\","o","\\","o",null,null,null,"o","/","o","/",null,null,null,null,null,null,null,null,null,null,null,null,null,null,"\\","o","\\","o",null,null,null,"o","/","o","/"]
[267,null,null,null,null,null,null,null,null,null,null,null,"\\","o","\\","o","@","o","/","o","/",null,null,null,null,null,null,null,null,null,null,null,null,null,null,null,null,"\\","o","\\","o","@","o","/","o","/",null,null,null,null,null,null,null,null,null,null,null,null,null,null,null,null,"\\","o","\\","o","@","o","/","o","/",null,null,null,null,null,null,null,null,null,null,null,null,null,null,null,null,"\\","o","\\","o","@","o","/","o","/",null,null,null,null,null,null,null,null,null,null,null,null,null,null,null,null,"\\","o","\\","o","@","o","/","o","/",null,null,null,null,null,null,null,null,null,null,null,null,null,null,null,null,"\\","o","\\","o","@","o","/","o","/"]
[265,null,null,null,null,null,null,null,null,null,null,null,null,"\\","o",null,null,null,"o","/",null,null,null,null,null,null,null,null,null,null,null,null,null,null,null,null,null,null,"\\","o",null,null,null,"o","/",null,null,null,null,null,null,null,null,null,null,null,null,null,null,null,null,null,null,"\\","o",null,null,null,"o","/",null,null,null,null,null,null,null,null,null,null,null,null,null,null,null,null,null,null,"\\","o",null,null,null,"o","/",null,null,null,null,null,null,null,null,null,null,null,null,null,null,null,null,null,null,"\\","o",null,null,null,"o","/",null,null,null,null,null,null,null,null,null,null,null,null,null,null,null,null,null,null,"\\","o",null,null,null,"o","/"]
[263,null,null,null,null,null,null,null,null,null,null,null,null,null,"\\","o","@","o","/",null,null,null,null,null,null,null,null,null,null,null,null,null,null,null,null,null,null,null,null,"\\","o","@","o","/",null,null,null,null,null,null,null,null,null,null,null,null,null,null,null,null,null,null,null,null,"\\","o","@","o","/",null,null,null,null,null,null,null,null,null,null,null,null,null,null,null,null,null,null,null,null,"\\","o","@","o","/",null,null,null,null,null,null,null,null,null,null,null,null,null,null,null,null,null,null,null,null,"\\","o","@","o","/",null,null,null,null,null,null,null,null,null,null,null,null,null,null,null,null,null,null,null,null,"\\","o","@","o","/"]
[261]
[259,null,null,null,null,null,null,null,null,null,null,null,null,null,null,null,null,null,null,null,null,null,null,null,null,null,null,null,null,null,null,null,null,null,null,null,null,null,null,null,null,null,null,null,null,null,null,null,null,null,null,null,null,null,null,null,null,null,null,null,null,null,null,null,null,null,null,null,null,null,null,null,null,null,null,null,null,null,null,null,null,null,"/","o","\\","o","\\","o",null,"o","\\","o","\\","o","m","o","\\","o","\\","o",null,"o","\\","o","\\","o","m","o","\\","o","\\","o",null,"o","\\","o","\\","o","m","o","\\","o","\\","o",null,"o","\\","o","\\","o","m","o","\\","o","\\","o",null,"o","\\","o","\\","o","m","o","\\","o","\\","o",null,"o","\\","o","\\","o","m","o","\\"]
[257,null,null,null,null,null,null,"\\","o","\\","o",null,null,null,"o","/","o","/",null,null,null,"\\","o","\\","o",null,null,null,"o","/","o","/",null,null,null,"\\","o","\\","o",null,null,null,"o","/","o","/",null,null,null,"\\","o","\\","o",null,null,null,"o","/","o","/",null,27,null,null,null,null,null,null,null,null,null,null,null,null,null,null,null,null,null,null,null,null,"/",null,"o","\\","o",null,null,null,"o","\\","o",null,"m",null,"o","\\","o",null,null,null,"o","\\","o",null,"m",null,"o","\\","o",null,null,null,"o","\\","o",null,"m",null,"o","\\","o",null,null,null,"o","\\","o",null,"m",null,"o","\\","o",null,null,null,"o","\\","o",null,"m",null,"o","\\","o",null,null,null,"o","\\","o",null,"m",null,"o"]
[255,null,null,null,"o",null,null,null,"\\","o",null,"o","m","o",null,"o","/",null,null,null,null,null,"\\","o",null,"o","m","o",null,"o","/",null,null,null,null,null,"\\","o",null,"o","m","o",null,"o","/",null,null,null,null,null,"\\","o",null,"o","m","o",null,"o","/",null,null,25,null,null,null,null,null,null,null,null,null,null,null,null,null,null,null,null,null,null,null,null,"/",null,null,"o","\\","o",null,"o","\\","o",null,null,"m",null,null,"o","\\","o",null,"o","\\","o",null,null,"m",null,null,"o","\\","o",null,"o","\\","o",null,null,"m",null,null,"o","\\","o",null,"o","\\","o",null,null,"m",null,null,"o","\\","o",null,"o","\\","o",null,null,"m",null,null,"o","\\","o",null,"o","\\","o",null,null,"m"]
[253,null,null,null,null,"o",null,null,null,"\\","o",null,null,null,"o","/",null,null,null,null,null,null,null,"\\","o",null,null,null,"o","/",null,null,null,null,null,null,null,"\\","o",null,null,null,"o","/",null,null,null,null,null,null,null,"\\","o",null,null,null,"o","/",null,null,null,23,null,null,null,null,null,null,null,null,null,null,null,null,null,null,null,null,null,null,null,null,"/",null,null,null,"o",null,null,null,"o",null,null,null,"m",null,null,null,"o",null,null,null,"o",null,null,null,"m",null,null,null,"o",null,null,null,"o",null,null,null,"m",null,null,null,"o",null,null,null,"o",null,null,null,"m",null,null,null,"o",null,null,null,"o",null,null,null,"m",null,null,null,"o",null,null,null,"o",null,null,null,"m"]
[251,null,null,null,null,null,"o",null,null,null,"\\","o",null,"o","/",null,null,null,null,null,null,null,null,null,"\\","o",null,"o","/",null,null,null,null,null,null,null,null,null,"\\","o",null,"o","/",null,null,null,null,null,null,null,null,null,"\\","o",null,"o","/",null,null,null,null,21,null,null,null,null,null,null,null,null,null,null,null,null,null,null,null,null,null,null,null,null,"/",null,null,null,null,"o",null,"o",null,null,null,null,"m",null,null,null,null,"o",null,"o",null,null,null,null,"m",null,null,null,null,"o",null,"o",null,null,null,null,"m",null,null,null,null,"o",null,"o",null,null,null,null,"m",null,null,null,null,"o",null,"o",null,null,null,null,"m",null,null,null,null,"o",null,"o",null,null,null,null,"m"]
[249,null,null,null,null,null,null,"o",null,null,null,null,"o","/",null,null,null,null,null,null,null,null,null,null,null,null,"o","/",null,null,null,null,null,null,null,null,null,null,null,null,"o","/",null,null,null,null,null,null,null,null,null,null,null,null,"o","/",null,null,null,null,null,19,null,null,null,null,null,null,null,null,null,null,null,null,null,null,null,null,null,null,null,null,"/","o","\\","o","\\","o",null,"o","\\","o","\\","o","m","o","\\","o","\\","o",null,"o","\\","o","\\","o","m","o","\\","o","\\","o",null,"o","\\","o","\\","o","m","o","\\","o","\\","o",null,"o","\\","o","\\","o","m","o","\\","o","\\","o",null,"o","\\","o","\\","o","m","o","\\","o","\\","o",null,"o","\\","o","\\","o","m","o","\\"]
[247,null,null,null,null,null,null,null,"o",null,null,null,null,null,null,null,null,null,null,null,null,null,null,null,null,null,null,null,null,null,null,null,null,null,null,null,null,null,null,null,null,null,null,null,null,null,null,null,null,null,null,null,null,null,null,null,null,null,null,null,null,17,null,null,null,null,null,null,null,null,null,null,null,null,null,null,null,null,null,null,null,null,"/",null,"o","\\","o",null,null,null,"o","\\","o",null,"m",null,"o","\\","o",null,null,null,"o","\\","o",null,"m",null,"o","\\","o",null,null,null,"o","\\","o",null,"m",null,"o","\\","o",null,null,null,"o","\\","o",null,"m",null,"o","\\","o",null,null,null,"o","\\","o",null,"m",null,"o","\\","o",null,null,null,"o","\\","o",null,"m",null,"o"]
[245,null,null,null,null,null,null,null,null,"o",null,null,null,null,null,null,null,null,null,null,null,null,null,null,null,null,null,null,null,null,null,null,null,null,null,null,null,null,null,null,null,null,null,null,null,null,null,null,null,null,null,null,null,null,null,null,null,null,null,null,null,15,null,null,null,null,null,null,null,null,null,null,null,null,null,null,null,null,null,null,null,null,"/",null,null,"o","\\","o",null,"o","\\","o",null,null,"m",null,null,"o","\\","o",null,"o","\\","o",null,null,"m",null,null,"o","\\","o",null,"o","\\","o",null,null,"m",null,null,"o","\\","o",null,"o","\\","o",null,null,"m",null,null,"o","\\","o",null,"o","\\","o",null,null,"m",null,null,"o","\\","o",null,"o","\\","o",null,null,"m"]
[243,null,null,null,null,null,null,null,null,null,"o",null,null,null,"\\","o","\\","o",null,null,null,"o","/","o","/",null,null,null,"\\","o","\\","o",null,null,null,"o","/","o","/",null,null,null,"\\","o","\\","o",null,null,null,"o","/","o","/",null,null,null,null,null,null,null,null,13,null,null,null,null,null,null,null,null,null,null,null,null,null,null,null,null,null,null,null,null,"/",null,null,null,"o",null,null,null,"o",null,null,null,"m",null,null,null,"o",null,null,null,"o",null,null,null,"m",null,null,null,"o",null,null,null,"o",null,null,null,"m",null,null,null,"o",null,null,null,"o",null,null,null,"m",null,null,null,"o",null,null,null,"o",null,null,null,"m",null,null,null,"o",null,null,null,"o",null,null,null,"m"]
[241,null,null,null,null,null,null,null,null,null,null,"o",null,null,null,"\\","o",null,"o","m","o",null,"o","/",null,null,null,null,null,"\\","o",null,"o","m","o",null,"o","/",null,null,null,null,null,"\\","o",null,"o","m","o",null,"o","/",null,null,null,null,null,null,null,null,null,11,null,null,null,null,null,null,null,null,null,null,null,null,null,null,null,null,null,null,null,null,"/",null,null,null,null,"o",null,"o",null,null,null,null,"m",null,null,null,null,"o",null,"o",null,null,null,null,"m",null,null,null,null,"o",null,"o",null,null,null,null,"m",null,null,null,null,"o",null,"o",null,null,null,null,"m",null,null,null,null,"o",null,"o",null,null,null,null,"m",null,null,null,null,"o",null,"o",null,null,null,null,"m"]
[239,null,null,null,null,null,null,null,null,null,null,null,"o",null,null,null,"\\","o",null,null,null,"o","/",null,null,null,null,null,null,null,"\\","o",null,null,null,"o","/",null,null,null,null,null,null,null,"\\","o",null,null,null,"o","/",null,null,null,null,null,null,null,null,null,null,9,null,null,null,null,null,null,null,null,null,null,null,null,null,null,null,null,null,null,null,null,"/","o","\\","o","\\","o",null,"o","\\","o","\\","o","m","o","\\","o","\\","o",null,"o","\\","o","\\","o","m","o","\\","o","\\","o",null,"o","\\","o","\\","o","m","o","\\","o","\\","o",null,"o","\\","o","\\","o","m","o","\\","o","\\","o",null,"o","\\","o","\\","o","m","o","\\","o","\\","o",null,"o","\\","o","\\","o","m","o","\\"]
[237,null,null,null,null,null,null,null,null,null,null,null,null,"o",null,null,null,"\\","o",null,"o","/",null,null,null,null,null,null,null,null,null,"\\","o",null,"o","/",null,null,null,null,null,null,null,null,null,"\\","o",null,"o","/",null,null,null,null,null,null,null,null,null,null,null,7,null,null,null,null,null,null,null,null,null,null,null,null,null,null,null,null,null,null,null,null,"/",null,"o","\\","o",null,null,null,"o","\\","o",null,"m",null,"o","\\","o",null,null,null,"o","\\","o",null,"m",null,"o","\\","o",null,null,null,"o","\\","o",null,"m",null,"o","\\","o",null,null,null,"o","\\","o",null,"m",null,"o","\\","o",null,null,null,"o","\\","o",null,"m",null,"o","\\","o",null,null,null,"o","\\","o",null,"m",null,"o"]
[235,null,null,null,null,null,null,null,null,null,null,null,null,null,"o",null,null,null,null,"o","/",null,null,null,null,null,null,null,null,null,null,null,null,"o","/",null,null,null,null,null,null,null,null,null,null,null,null,"o","/",null,null,null,null,null,null,null,null,null,null,null,null,5,null,null,null,null,null,null,null,null,null,null,null,null,null,null,null,null,null,null,null,null,"/",null,null,"o","\\","o",null,"o","\\","o",null,null,"m",null,null,"o","\\","o",null,"o","\\","o",null,null,"m",null,null,"o","\\","o",null,"o","\\","o",null,null,"m",null,null,"o","\\","o",null,"o","\\","o",null,null,"m",null,null,"o","\\","o",null,"o","\\","o",null,null,"m",null,null,"o","\\","o",null,"o","\\","o",null,null,"m"]
[233,null,null,null,null,null,null,null,null,null,null,null,null,null,null,"o",null,null,null,null,null,null,null,null,null,null,null,null,null,null,null,null,null,null,null,null,null,null,null,null,null,null,null,null,null,null,null,null,null,null,null,null,null,null,null,null,null,null,null,null,null,3,null,null,null,null,null,null,null,null,null,null,null,null,null,null,null,null,null,null,null,null,"/",null,null,null,"o",null,null,null,"o",null,null,null,"m",null,null,null,"o",null,null,null,"o",null,null,null,"m",null,null,null,"o",null,null,null,"o",null,null,null,"m",null,null,null,"o",null,null,null,"o",null,null,null,"m",null,null,null,"o",null,null,null,"o",null,null,null,"m",null,null,null,"o",null,null,null,"o",null,null,null,"m"]
[231,null,null,null,null,null,null,null,null,null,null,null,null,null,null,null,"o",null,null,null,null,null,null,null,null,null,null,null,null,null,null,null,null,null,null,null,null,null,null,null,null,null,null,null,null,null,null,null,null,null,null,null,null,null,null,null,null,null,null,null,null,1,2,3,4,5,6,7,8,9,null,11,12,13,14,15,16,17,18,null,null,null,"/",null,null,null,null,"o",null,"o",null,null,null,null,"m",null,null,null,null,"o",null,"o",null,null,null,null,"m",null,null,null,null,"o",null,"o",null,null,null,null,"m",null,null,null,null,"o",null,"o",null,null,null,null,"m",null,null,null,null,"o",null,"o",null,null,null,null,"m",null,null,null,null,"o",null,"o",null,null,null,null,"m"]
[229,null,null,null,null,null,null,null,null,null,null,null,null,null,null,null,null,"o",null,null,null,"\\","o","\\","o",null,null,null,"o","/","o","/",null,null,null,"\\","o","\\","o",null,null,null,"o","/","o","/",null,null,null,"\\","o","\\","o",null,null,null,"o","/","o","/",null,null,null,null,null,null,null,null,null,null,null,null,null,null,null,null,null,null,null,null,null,null,null,null,null,null,null,null,null,null,null,null,null,null,"/","o","\\","o","\\","o",null,"o","\\","o","\\","o","m","o","\\","o","\\","o",null,"o","\\","o","\\","o","m","o","\\","o","\\","o",null,"o","\\","o","\\","o","m","o","\\","o","\\","o",null,"o","\\","o","\\","o","m","o","\\","o","\\","o",null,"o","\\","o","\\","o","m","o","\\"]
[227,null,null,null,null,null,null,null,null,null,null,null,null,null,null,null,null,null,"o",null,null,null,"\\","o",null,"o","m","o",null,"o","/",null,null,null,null,null,"\\","o",null,"o","m","o",null,"o","/",null,null,null,null,null,"\\","o",null,"o","m","o",null,"o","/",null,null,null,null,null,null,null,null,null,null,null,null,null,null,null,null,27,null,null,null,null,null,null,null,null,null,null,null,null,null,null,null,null,null,null,"/",null,"o","\\","o",null,null,null,"o","\\","o",null,"m",null,"o","\\","o",null,null,null,"o","\\","o",null,"m",null,"o","\\","o",null,null,null,"o","\\","o",null,"m",null,"o","\\","o",null,null,null,"o","\\","o",null,"m",null,"o","\\","o",null,null,null,"o","\\","o",null,"m",null,"o"]
[225,null,null,null,null,null,null,null,null,null,null,null,null,null,null,null,null,null,null,"o",null,null,null,"\\","o",null,null,null,"o","/",null,null,null,null,null,null,null,"\\","o",null,null,null,"o","/",null,null,null,null,null,null,null,"\\","o",null,null,null,"o","/",null,null,null,null,null,null,null,null,null,null,null,null,null,null,null,null,null,25,null,null,null,null,null,null,null,null,null,null,null,null,null,null,null,null,null,null,"/",null,null,"o","\\","o",null,"o","\\","o",null,null,"m",null,null,"o","\\","o",null,"o","\\","o",null,null,"m",null,null,"o","\\","o",null,"o","\\","o",null,null,"m",null,null,"o","\\","o",null,"o","\\","o",null,null,"m",null,null,"o","\\","o",null,"o","\\","o",null,null,"m"]
[223,null,null,null,null,null,null,null,null,null,null,null,null,null,null,null,null,null,null,null,"o",null,null,null,"\\","o",null,"o","/",null,null,null,null,null,null,null,null,null,"\\","o",null,"o","/",null,null,null,null,null,null,null,null,null,"\\","o",null,"o","/",null,null,null,null,null,null,null,null,null,null,null,null,null,null,null,null,null,null,23,null,null,null,null,null,null,null,null,null,null,null,null,null,null,null,null,null,null,"/",null,null,null,"o",null,null,null,"o",null,null,null,"m",null,null,null,"o",null,null,null,"o",null,null,null,"m",null,null,null,"o",null,null,null,"o",null,null,null,"m",null,null,null,"o",null,null,null,"o",null,null,null,"m",null,null,null,"o",null,null,null,"o",null,null,null,"m"]
[221,null,null,null,null,null,null,null,null,null,null,null,null,null,null,null,null,null,null,null,null,"o",null,null,null,null,"o","/",null,null,null,null,null,null,null,null,null,null,null,null,"o","/",null,null,null,null,null,null,null,null,null,null,null,null,"o","/",null,null,null,null,null,null,null,null,null,null,null,null,null,null,null,null,null,null,null,21,null,null,null,null,null,null,null,null,null,null,null,null,null,null,null,null,null,null,"/",null,null,null,null,"o",null,"o",null,null,null,null,"m",null,null,null,null,"o",null,"o",null,null,null,null,"m",null,null,null,null,"o",null,"o",null,null,null,null,"m",null,null,null,null,"o",null,"o",null,null,null,null,"m",null,null,null,null,"o",null,"o",null,null,null,null,"m"]
[219,null,null,null,null,null,null,null,null,null,null,null,null,null,null,null,null,null,null,null,null,null,"o",null,null,null,null,null,null,null,null,null,null,null,null,null,null,null,null,null,null,null,null,null,null,null,null,null,null,null,null,null,null,null,null,null,null,null,null,null,null,null,null,null,null,null,null,null,null,null,null,null,null,null,null,19,null,null,null,null,null,null,null,null,null,null,null,null,null,null,null,null,null,null,"/","o","\\","o","\\","o",null,"o","\\","o","\\","o","m","o","\\","o","\\","o",null,"o","\\","o","\\","o","m","o","\\","o","\\","o",null,"o","\\","o","\\","o","m","o","\\","o","\\","o",null,"o","\\","o","\\","o","m","o","\\","o","\\","o",null,"o","\\","o","\\","o","m","o","\\"]
[217,null,null,null,null,null,null,null,null,null,null,null,null,null,null,null,null,null,null,null,null,null,null,"o",null,null,null,null,null,null,null,null,null,null,null,null,null,null,null,null,null,null,null,null,null,null,null,null,null,null,null,null,null,null,null,null,null,null,null,null,null,null,null,null,null,null,null,null,null,null,null,null,null,null,null,17,null,null,null,null,null,null,null,null,null,null,null,null,null,null,null,null,null,null,"/",null,"o","\\","o",null,null,null,"o","\\","o",null,"m",null,"o","\\","o",null,null,null,"o","\\","o",null,"m",null,"o","\\","o",null,null,null,"o","\\","o",null,"m",null,"o","\\","o",null,null,null,"o","\\","o",null,"m",null,"o","\\","o",null,null,null,"o","\\","o",null,"m",null,"o"]
[215,null,null,null,null,null,null,null,null,null,null,null,null,null,null,null,null,null,null,null,null,null,null,null,"o",null,null,null,"\\","o","\\","o",null,null,null,"o","/","o","/",null,null,null,"\\","o","\\","o",null,null,null,"o","/","o","/",null,null,null,"\\","o","\\","o",null,null,null,"o","/","o","/",null,null,null,null,null,null,null,null,15,null,null,null,null,null,null,null,null,null,null,null,null,null,null,null,null,null,null,"/",null,null,"o","\\","o",null,"o","\\","o",null,null,"m",null,null,"o","\\","o",null,"o","\\","o",null,null,"m",null,null,"o","\\","o",null,"o","\\","o",null,null,"m",null,null,"o","\\","o",null,"o","\\","o",null,null,"m",null,null,"o","\\","o",null,"o","\\","o",null,null,"m"]
[213,null,null,null,null,null,null,null,null,null,null,null,null,null,null,null,null,null,null,null,null,null,null,null,null,"o",null,null,null,"\\","o",null,"o","m","o",null,"o","/",null,null,null,null,null,"\\","o",null,"o","m","o",null,"o","/",null,null,null,null,null,"\\","o",null,"o","m","o",null,"o","/",null,null,null,null,null,null,null,null,null,13,null,null,null,null,null,null,null,null,null,null,null,null,null,null,null,null,null,null,"/",null,null,null,"o",null,null,null,"o",null,null,null,"m",null,null,null,"o",null,null,null,"o",null,null,null,"m",null,null,null,"o",null,null,null,"o",null,null,null,"m",null,null,null,"o",null,null,null,"o",null,null,null,"m",null,null,null,"o",null,null,null,"o",null,null,null,"m"]
[211,null,null,null,null,null,null,null,null,null,null,null,null,null,null,null,null,null,null,null,null,null,null,null,null,null,"o",null,null,null,"\\","o",null,null,null,"o","/",null,null,null,null,null,null,null,"\\","o",null,null,null,"o","/",null,null,null,null,null,null,null,"\\","o",null,null,null,"o","/",null,null,null,null,null,null,null,null,null,null,11,null,null,null,null,null,null,null,null,null,null,null,null,null,null,null,null,null,null,"/",null,null,null,null,"o",null,"o",null,null,null,null,"m",null,null,null,null,"o",null,"o",null,null,null,null,"m",null,null,null,null,"o",null,"o",null,null,null,null,"m",null,null,null,null,"o",null,"o",null,null,null,null,"m",null,null,null,null,"o",null,"o",null,null,null,null,"m"]
[209,null,null,null,null,null,null,null,null,null,null,null,null,null,null,null,null,null,null,null,null,null,null,null,null,null,null,"o",null,null,null,"\\","o",null,"o","/",null,null,null,null,null,null,null,null,null,"\\","o",null,"o","/",null,null,null,null,null,null,null,null,null,"\\","o",null,"o","/",null,null,null,null,null,null,null,null,null,null,null,9,null,null,null,null,null,null,null,null,null,null,null,null,null,null,null,null,null,null,"/","o","\\","o","\\","o",null,"o","\\","o","\\","o","m","o","\\","o","\\","o",null,"o","\\","o","\\","o","m","o","\\","o","\\","o",null,"o","\\","o","\\","o","m","o","\\","o","\\","o",null,"o","\\","o","\\","o","m","o","\\","o","\\","o",null,"o","\\","o","\\","o","m","o","\\"]
[207,null,null,null,null,null,null,null,null,null,null,null,null,null,null,null,null,null,null,null,null,null,null,null,null,null,null,null,"o",null,null,null,null,"o","/",null,null,null,null,null,null,null,null,null,null,null,null,"o","/",null,null,null,null,null,null,null,null,null,null,null,null,"o","/",null,null,null,null,null,null,null,null,null,null,null,null,7,null,null,null,null,null,null,null,null,null,null,null,null,null,null,null,null,null,null,"/",null,"o","\\","o",null,null,null,"o","\\","o",null,"m",null,"o","\\","o",null,null,null,"o","\\","o",null,"m",null,"o","\\","o",null,null,null,"o","\\","o",null,"m",null,"o","\\","o",null,null,null,"o","\\","o",null,"m",null,"o","\\","o",null,null,null,"o","\\","o",null,"m",null,"o"]
[205,null,null,null,null,null,null,null,null,null,null,null,null,null,null,null,null,null,null,null,null,null,null,null,null,null,null,null,null,"o",null,null,null,null,null,null,null,null,null,null,null,null,null,null,null,null,null,null,null,null,null,null,null,null,null,null,null,null,null,null,null,null,null,null,null,null,null,null,null,null,null,null,null,null,null,5,null,null,null,null,null,null,null,null,null,null,null,null,null,null,null,null,null,null,"/",null,null,"o","\\","o",null,"o","\\","o",null,null,"m",null,null,"o","\\","o",null,"o","\\","o",null,null,"m",null,null,"o","\\","o",null,"o","\\","o",null,null,"m",null,null,"o","\\","o",null,"o","\\","o",null,null,"m",null,null,"o","\\","o",null,"o","\\","o",null,null,"m"]
[203,null,null,null,null,null,null,null,null,null,null,null,null,null,null,null,null,null,null,null,null,null,null,null,null,null,null,null,null,null,"o",null,null,null,null,null,null,null,null,null,null,null,null,null,null,null,null,null,null,null,null,null,null,null,null,null,null,null,null,null,null,null,null,null,null,null,null,null,null,null,null,null,null,null,null,3,null,null,null,null,null,null,null,null,null,null,null,null,null,null,null,null,null,null,"/",null,null,null,"o",null,null,null,"o",null,null,null,"m",null,null,null,"o",null,null,null,"o",null,null,null,"m",null,null,null,"o",null,null,null,"o",null,null,null,"m",null,null,null,"o",null,null,null,"o",null,null,null,"m",null,null,null,"o",null,null,null,"o",null,null,null,"m"]
[201,null,null,null,null,null,null,null,null,null,null,null,null,null,null,null,null,null,null,null,null,null,null,null,null,null,null,null,null,null,null,"o",null,null,null,"\\","o","\\","o",null,null,null,"o","/","o","/",null,null,null,"\\","o","\\","o",null,null,null,"o","/","o","/",null,null,null,"\\","o","\\","o",null,null,null,"o","/","o","/",null,1,2,3,4,5,6,7,8,9,null,11,12,13,14,15,16,17,18,null,"/",null,null,null,null,"o",null,"o",null,null,null,null,"m",null,null,null,null,"o",null,"o",null,null,null,null,"m",null,null,null,null,"o",null,"o",null,null,null,null,"m",null,null,null,null,"o",null,"o",null,null,null,null,"m",null,null,null,null,"o",null,"o",null,null,null,null,"m"]
[199,null,null,null,null,null,null,null,null,null,null,null,null,null,null,null,null,null,null,null,null,null,null,null,null,null,null,null,null,null,null,null,"o",null,null,null,"\\","o",null,"o","m","o",null,"o","/",null,null,null,null,null,"\\","o",null,"o","m","o",null,"o","/",null,null,null,null,null,"\\","o",null,"o","m","o",null,"o","/",null,null,null,null,null,null,null,null,null,null,null,null,null,null,null,null,null,null,null,null,null,null,null,null,null,null,null,null,null,null,null,null,null,null,null,null,null,null,null,null,"o","\\","o","\\","o","m","o","\\","o","\\","o",null,"o","\\","o","\\","o","m","o","\\","o","\\","o",null,"o","\\","o","\\","o","m","o","\\","o","\\","o",null,"o","\\","o","\\","o","m","o","\\"]
[197,null,null,null,null,null,null,null,null,null,null,null,null,null,null,null,null,null,null,null,null,null,null,null,null,null,null,null,null,null,null,null,null,"o",null,null,null,"\\","o",null,null,null,"o","/",null,null,null,null,null,null,null,"\\","o",null,null,null,"o","/",null,null,null,null,null,null,null,"\\","o",null,null,null,"o","/",null,null,null,null,null,null,null,null,null,null,null,null,null,null,null,null,null,27,null,null,null,null,null,null,null,null,null,null,null,null,null,null,null,null,null,null,null,null,null,null,null,null,"o","\\","o",null,"m",null,"o","\\","o",null,null,null,"o","\\","o",null,"m",null,"o","\\","o",null,null,null,"o","\\","o",null,"m",null,"o","\\","o",null,null,null,"o","\\","o",null,"m",null,"o"]
[195,null,null,null,null,null,null,null,null,null,null,null,null,null,null,null,null,null,null,null,null,null,null,null,null,null,null,null,null,null,null,null,null,null,"o",null,null,null,"\\","o",null,"o","/",null,null,null,null,null,null,null,null,null,"\\","o",null,"o","/",null,null,null,null,null,null,null,null,null,"\\","o",null,"o","/",null,null,null,null,null,null,null,null,null,null,null,null,null,null,null,null,null,null,25,null,null,null,null,null,null,null,null,null,null,null,null,null,null,null,null,null,null,null,null,null,null,null,"o","\\","o",null,null,"m",null,null,"o","\\","o",null,"o","\\","o",null,null,"m",null,null,"o","\\","o",null,"o","\\","o",null,null,"m",null,null,"o","\\","o",null,"o","\\","o",null,null,"m"]
[193,null,null,null,null,null,null,null,null,null,null,null,null,null,null,null,null,null,null,null,null,null,null,null,null,null,null,null,null,null,null,null,null,null,null,"o",null,null,null,null,"o","/",null,null,null,null,null,null,null,null,null,null,null,null,"o","/",null,null,null,null,null,null,null,null,null,null,null,null,"o","/",null,null,null,null,null,null,null,null,null,null,null,null,null,null,null,null,null,null,null,23,null,null,null,null,null,null,null,null,null,null,null,null,null,null,null,null,null,null,null,null,null,null,null,null,"o",null,null,null,"m",null,null,null,"o",null,null,null,"o",null,null,null,"m",null,null,null,"o",null,null,null,"o",null,null,null,"m",null,null,null,"o",null,null,null,"o",null,null,null,"m"]
[191,null,null,null,null,null,null,null,null,null,null,null,null,null,null,null,null,null,null,null,null,null,null,null,null,null,null,null,null,null,null,null,null,null,null,null,"o",null,null,null,null,null,null,null,null,null,null,null,null,null,null,null,null,null,null,null,null,null,null,null,null,null,null,null,null,null,null,null,null,null,null,null,null,null,null,null,null,null,null,null,null,null,null,null,null,null,null,null,null,21,null,null,null,null,null,null,null,null,null,null,null,null,null,null,null,null,null,null,null,null,null,null,null,"o",null,null,null,null,"m",null,null,null,null,"o",null,"o",null,null,null,null,"m",null,null,null,null,"o",null,"o",null,null,null,null,"m",null,null,null,null,"o",null,"o",null,null,null,null,"m"]
[189,null,null,null,null,null,null,null,null,null,null,null,null,null,null,null,null,null,null,null,null,null,null,null,null,null,null,null,null,null,null,null,null,null,null,null,null,"o",null,null,null,null,null,null,null,null,null,null,null,null,null,null,null,null,null,null,null,null,null,null,null,null,null,null,null,null,null,null,null,null,null,null,null,null,null,null,null,null,null,null,null,null,null,null,null,null,null,null,null,19,null,null,null,null,null,null,null,null,null,null,null,null,null,null,null,null,null,null,null,null,null,null,null,"o","\\","o","\\","o","m","o","\\","o","\\","o",null,"o","\\","o","\\","o","m","o","\\","o","\\","o",null,"o","\\","o","\\","o","m","o","\\","o","\\","o",null,"o","\\","o","\\","o","m","o","\\"]
[187,null,null,null,null,null,null,null,null,null,null,null,null,null,null,null,null,null,null,null,null,null,null,null,null,null,null,null,null,null,null,null,null,null,null,null,null,null,"o",null,null,null,"\\","o","\\","o",null,null,null,"o","/","o","/",null,null,null,"\\","o","\\","o",null,null,null,"o","/","o","/",null,null,null,"\\","o","\\","o",null,null,null,"o","/","o","/",null,null,null,null,null,null,null,null,17,null,null,null,null,null,null,null,null,null,null,null,null,null,null,null,null,null,null,null,null,null,null,null,null,"o","\\","o",null,"m",null,"o","\\","o",null,null,null,"o","\\","o",null,"m",null,"o","\\","o",null,null,null,"o","\\","o",null,"m",null,"o","\\","o",null,null,null,"o","\\","o",null,"m",null,"o"]
[185,null,null,null,null,null,null,null,null,null,null,null,null,null,null,null,null,null,null,null,null,null,null,null,null,null,null,null,null,null,null,null,null,null,null,null,null,null,null,"o",null,null,null,"\\","o",null,"o","m","o",null,"o","/",null,null,null,null,null,"\\","o",null,"o","m","o",null,"o","/",null,null,null,null,null,"\\","o",null,"o","m","o",null,"o","/",null,null,null,null,null,null,null,null,null,15,null,null,null,null,null,null,null,null,null,null,null,null,null,null,null,null,null,null,null,null,null,null,null,"o","\\","o",null,null,"m",null,null,"o","\\","o",null,"o","\\","o",null,null,"m",null,null,"o","\\","o",null,"o","\\","o",null,null,"m",null,null,"o","\\","o",null,"o","\\","o",null,null,"m"]
[183,null,null,null,null,null,null,null,null,null,null,null,null,null,null,null,null,null,null,null,null,null,null,null,null,null,null,null,null,null,null,null,null,null,null,null,null,null,null,null,"o",null,null,null,"\\","o",null,null,null,"o","/",null,null,null,null,null,null,null,"\\","o",null,null,null,"o","/",null,null,null,null,null,null,null,"\\","o",null,null,null,"o","/",null,null,null,null,null,null,null,null,null,null,13,null,null,null,null,null,null,null,null,null,null,null,null,null,null,null,null,null,null,null,null,null,null,null,null,"o",null,null,null,"m",null,null,null,"o",null,null,null,"o",null,null,null,"m",null,null,null,"o",null,null,null,"o",null,null,null,"m",null,null,null,"o",null,null,null,"o",null,null,null,"m"]
[181,null,null,null,null,null,null,null,null,null,null,null,null,null,null,null,null,null,null,null,null,null,null,null,null,null,null,null,null,null,null,null,null,null,null,null,null,null,null,null,null,"o",null,null,null,"\\","o",null,"o","/",null,null,null,null,null,null,null,null,null,"\\","o",null,"o","/",null,null,null,null,null,null,null,null,null,"\\","o",null,"o","/",null,null,null,null,null,null,null,null,null,null,null,11,null,null,null,null,null,null,null,null,null,null,null,null,null,null,null,null,null,null,null,null,null,null,null,"o",null,null,null,null,"m",null,null,null,null,"o",null,"o",null,null,null,null,"m",null,null,null,null,"o",null,"o",null,null,null,null,"m",null,null,null,null,"o",null,"o",null,null,null,null,"m"]
[179,null,null,null,null,null,null,null,null,null,null,null,null,null,null,null,null,null,null,null,null,null,null,null,null,null,null,null,null,null,null,null,null,null,null,null,null,null,null,null,null,null,"o",null,null,null,null,"o","/",null,null,null,null,null,null,null,null,null,null,null,null,"o","/",null,null,null,null,null,null,null,null,null,null,null,null,"o","/",null,null,null,null,null,null,null,null,null,null,null,null,9,null,null,null,null,null,null,null,null,null,null,null,null,null,null,null,null,null,null,null,null,null,null,null,"o","\\","o","\\","o","m","o","\\","o","\\","o",null,"o","\\","o","\\","o","m","o","\\","o","\\","o",null,"o","\\","o","\\","o","m","o","\\","o","\\","o",null,"o","\\","o","\\","o","m","o","\\"]
[177,null,null,null,null,null,null,null,null,null,null,null,null,null,null,null,null,null,null,null,null,null,null,null,null,null,null,null,null,null,null,null,null,null,null,null,null,null,null,null,null,null,null,"o",null,null,null,null,null,null,null,null,null,null,null,null,null,null,null,null,null,null,null,null,null,null,null,null,null,null,null,null,null,null,null,null,null,null,null,null,null,null,null,null,null,null,null,null,null,7,null,null,null,null,null,null,null,null,null,null,null,null,null,null,null,null,null,null,null,null,null,null,null,null,"o","\\","o",null,"m",null,"o","\\","o",null,null,null,"o","\\","o",null,"m",null,"o","\\","o",null,null,null,"o","\\","o",null,"m",null,"o","\\","o",null,null,null,"o","\\","o",null,"m",null,"o"]
[175,null,null,null,null,null,null,null,null,null,null,null,null,null,null,null,null,null,null,null,null,null,null,null,null,null,null,null,null,null,null,null,null,null,null,null,null,null,null,null,null,null,null,null,"o",null,null,null,null,null,null,null,null,null,null,null,null,null,null,null,null,null,null,null,null,null,null,null,null,null,null,null,null,null,null,null,null,null,null,null,null,null,null,null,null,null,null,null,null,5,null,null,null,null,null,null,null,null,null,null,null,null,null,null,null,null,null,null,null,null,null,null,null,"o","\\","o",null,null,"m",null,null,"o","\\","o",null,"o","\\","o",null,null,"m",null,null,"o","\\","o",null,"o","\\","o",null,null,"m",null,null,"o","\\","o",null,"o","\\","o",null,null,"m"]
[173,null,null,null,null,null,null,null,null,null,null,null,null,null,null,null,null,null,null,null,null,null,null,null,null,null,null,null,null,null,null,null,null,null,null,null,null,null,null,null,null,null,null,null,null,"o",null,null,null,"\\","o","\\","o",null,null,null,"o","/","o","/",null,null,null,"\\","o","\\","o",null,null,null,"o","/","o","/",null,null,null,"\\","o","\\","o",null,null,null,"o","/","o","/",null,3,null,null,null,null,null,null,null,null,null,null,null,null,null,null,null,null,null,null,null,null,null,null,null,null,"o",null,null,null,"m",null,null,null,"o",null,null,null,"o",null,null,null,"m",null,null,null,"o",null,null,null,"o",null,null,null,"m",null,null,null,"o",null,null,null,"o",null,null,null,"m"]
[171,null,null,null,null,null,null,null,null,null,null,null,null,null,null,null,null,null,null,null,null,null,null,null,null,null,null,null,null,null,null,null,null,null,null,null,null,null,null,null,null,null,null,null,null,null,"o",null,null,null,"\\","o",null,"o","m","o",null,"o","/",null,null,null,null,null,"\\","o",null,"o","m","o",null,"o","/",null,null,null,null,null,"\\","o",null,"o","m","o",null,"o","/",null,null,1,2,3,4,5,6,7,8,9,null,11,12,13,14,15,16,17,18,null,null,null,null,null,null,"o",null,null,null,null,"m",null,null,null,null,"o",null,"o",null,null,null,null,"m",null,null,null,null,"o",null,"o",null,null,null,null,"m",null,null,null,null,"o",null,"o",null,null,null,null,"m"]
[169,null,null,null,null,null,null,null,null,null,null,null,null,null,null,null,null,null,null,null,null,null,null,null,null,null,null,null,null,null,null,null,null,null,null,null,null,null,null,null,null,null,null,null,null,null,null,"o",null,null,null,"\\","o",null,null,null,"o","/",null,null,null,null,null,null,null,"\\","o",null,null,null,"o","/",null,null,null,null,null,null,null,"\\","o",null,null,null,"o","/",null,null,null,null,null,null,null,null,null,null,null,null,null,null,null,null,null,null,null,null,null,null,null,null,null,null,null,null,null,null,null,null,null,null,null,null,null,null,null,"o","\\","o","\\","o","m","o","\\","o","\\","o",null,"o","\\","o","\\","o","m","o","\\","o","\\","o",null,"o","\\","o","\\","o","m","o","\\"]
[167,null,null,null,null,null,null,null,null,null,null,null,null,null,null,null,null,null,null,null,null,null,null,null,null,null,null,null,null,null,null,null,null,null,null,null,null,null,null,null,null,null,null,null,null,null,null,null,"o",null,null,null,"\\","o",null,"o","/",null,null,null,null,null,null,null,null,null,"\\","o",null,"o","/",null,null,null,null,null,null,null,null,null,"\\","o",null,"o","/",null,null,null,null,null,null,null,null,null,null,null,null,null,null,null,null,null,null,27,null,null,null,null,null,null,null,null,null,null,null,null,null,null,null,null,null,null,null,null,null,null,"o","\\","o",null,"m",null,"o","\\","o",null,null,null,"o","\\","o",null,"m",null,"o","\\","o",null,null,null,"o","\\","o",null,"m",null,"o"]
[165,null,null,null,null,null,null,null,null,null,null,null,null,null,null,null,null,null,null,null,null,null,null,null,null,null,null,null,null,null,null,null,null,null,null,null,null,null,null,null,null,null,null,null,null,null,null,null,null,"o",null,null,null,null,"o","/",null,null,null,null,null,null,null,null,null,null,null,null,"o","/",null,null,null,null,null,null,null,null,null,null,null,null,"o","/",null,null,null,null,null,null,null,null,null,null,null,null,null,null,null,null,null,null,null,25,null,null,null,null,null,null,null,null,null,null,null,null,null,null,null,null,null,null,null,null,null,"o","\\","o",null,null,"m",null,null,"o","\\","o",null,"o","\\","o",null,null,"m",null,null,"o","\\","o",null,"o","\\","o",null,null,"m"]
[163,null,null,null,null,null,null,null,null,null,null,null,null,null,null,null,null,null,null,null,null,null,null,null,null,null,null,null,null,null,null,null,null,null,null,null,null,null,null,null,null,null,null,null,null,null,null,null,null,null,"o",null,null,null,null,null,null,null,null,null,null,null,null,null,null,null,null,null,null,null,null,null,null,null,null,null,null,null,null,null,null,null,null,null,null,null,null,null,null,null,null,null,null,null,null,null,null,null,null,null,null,null,null,23,null,null,null,null,null,null,null,null,null,null,null,null,null,null,null,null,null,null,null,null,null,null,"o",null,null,null,"m",null,null,null,"o",null,null,null,"o",null,null,null,"m",null,null,null,"o",null,null,null,"o",null,null,null,"m"]
[161,null,null,null,null,null,null,null,null,null,null,null,null,null,null,null,null,null,null,null,null,null,null,null,null,null,null,null,null,null,null,null,null,null,null,null,null,null,null,null,null,null,null,null,null,null,null,null,null,null,null,"o",null,null,null,null,null,null,null,null,null,null,null,null,null,null,null,null,null,null,null,null,null,null,null,null,null,null,null,null,null,null,null,null,null,null,null,null,null,null,null,null,null,null,null,null,null,null,null,null,null,null,null,21,null,null,null,null,null,null,null,null,null,null,null,null,null,null,null,null,null,null,null,null,null,"o",null,null,null,null,"m",null,null,null,null,"o",null,"o",null,null,null,null,"m",null,null,null,null,"o",null,"o",null,null,null,null,"m"]
[159,null,null,null,null,null,null,null,null,null,null,null,null,null,null,null,null,null,null,null,null,null,null,null,null,null,null,null,null,null,null,null,null,null,null,null,null,null,null,null,null,null,null,null,null,null,null,null,null,null,null,null,"o",null,null,null,"\\","o","\\","o",null,null,null,"o","/","o","/",null,null,null,"\\","o","\\","o",null,null,null,"o","/","o","/",null,null,null,"\\","o","\\","o",null,null,null,"o","/","o","/",null,null,null,null,null,null,null,null,19,null,null,null,null,null,null,null,null,null,null,null,null,null,null,null,null,null,null,null,null,null,"o","\\","o","\\","o","m","o","\\","o","\\","o",null,"o","\\","o","\\","o","m","o","\\","o","\\","o",null,"o","\\","o","\\","o","m","o","\\"]
[157,null,null,null,null,null,null,null,null,null,null,null,null,null,null,null,null,null,null,null,null,null,null,null,null,null,null,null,null,null,null,null,null,null,null,null,null,null,null,null,null,null,null,null,null,null,null,null,null,null,null,null,null,"o",null,null,null,"\\","o",null,"o","m","o",null,"o","/",null,null,null,null,null,"\\","o",null,"o","m","o",null,"o","/",null,null,null,null,null,"\\","o",null,"o","m","o",null,"o","/",null,null,null,null,null,null,null,null,null,17,null,null,null,null,null,null,null,null,null,null,null,null,null,null,null,null,null,null,null,null,null,null,"o","\\","o",null,"m",null,"o","\\","o",null,null,null,"o","\\","o",null,"m",null,"o","\\","o",null,null,null,"o","\\","o",null,"m",null,"o"]
[155,null,null,null,null,null,null,null,null,null,null,null,null,null,null,null,null,null,null,null,null,null,null,null,null,null,null,null,null,null,null,null,null,null,null,null,null,null,null,null,null,null,null,null,null,null,null,null,null,null,null,null,null,null,"o",null,null,null,"\\","o",null,null,null,"o","/",null,null,null,null,null,null,null,"\\","o",null,null,null,"o","/",null,null,null,null,null,null,null,"\\","o",null,null,null,"o","/",null,null,null,null,null,null,null,null,null,null,15,null,null,null,null,null,null,null,null,null,null,null,null,null,null,null,null,null,null,null,null,null,"o","\\","o",null,null,"m",null,null,"o","\\","o",null,"o","\\","o",null,null,"m",null,null,"o","\\","o",null,"o","\\","o",null,null,"m"]
[153,null,null,null,null,null,null,null,null,null,null,null,null,null,null,null,null,null,null,null,null,null,null,null,null,null,null,null,null,null,null,null,null,null,null,null,null,null,null,null,null,null,null,null,null,null,null,null,null,null,null,null,null,null,null,"o",null,null,null,"\\","o",null,"o","/",null,null,null,null,null,null,null,null,null,"\\","o",null,"o","/",null,null,null,null,null,null,null,null,null,"\\","o",null,"o","/",null,null,null,null,null,null,null,null,null,null,null,13,null,null,null,null,null,null,null,null,null,null,null,null,null,null,null,null,null,null,null,null,null,null,"o",null,null,null,"m",null,null,null,"o",null,null,null,"o",null,null,null,"m",null,null,null,"o",null,null,null,"o",null,null,null,"m"]
[151,null,null,null,null,null,null,null,null,null,null,null,null,null,null,null,null,null,null,null,null,null,null,null,null,null,null,null,null,null,null,null,null,null,null,null,null,null,null,null,null,null,null,null,null,null,null,null,null,null,null,null,null,null,null,null,"o",null,null,null,null,"o","/",null,null,null,null,null,null,null,null,null,null,null,null,"o","/",null,null,null,null,null,null,null,null,null,null,null,null,"o","/",null,null,null,null,null,null,null,null,null,null,null,null,11,null,null,null,null,null,null,null,null,null,null,null,null,null,null,null,null,null,null,null,null,null,"o",null,null,null,null,"m",null,null,null,null,"o",null,"o",null,null,null,null,"m",null,null,null,null,"o",null,"o",null,null,null,null,"m"]
[149,null,null,null,null,null,null,null,null,null,null,null,null,null,null,null,null,null,null,null,null,null,null,null,null,null,null,null,null,null,null,null,null,null,null,null,null,null,null,null,null,null,null,null,null,null,null,null,null,null,null,null,null,null,null,null,null,"o",null,null,null,null,null,null,null,null,null,null,null,null,null,null,null,null,null,null,null,null,null,null,null,null,null,null,null,null,null,null,null,null,null,null,null,null,null,null,null,null,null,null,null,null,null,9,null,null,null,null,null,null,null,null,null,null,null,null,null,null,null,null,null,null,null,null,null,"o","\\","o","\\","o","m","o","\\","o","\\","o",null,"o","\\","o","\\","o","m","o","\\","o","\\","o",null,"o","\\","o","\\","o","m","o","\\"]
[147,null,null,null,null,null,null,null,null,null,null,null,null,null,null,null,null,null,null,null,null,null,null,null,null,null,null,null,null,null,null,null,null,null,null,null,null,null,null,null,null,null,null,null,null,null,null,null,null,null,null,null,null,null,null,null,null,null,"o",null,null,null,null,null,null,null,null,null,null,null,null,null,null,null,null,null,null,null,null,null,null,null,null,null,null,null,null,null,null,null,null,null,null,null,null,null,null,null,null,null,null,null,null,7,null,null,null,null,null,null,null,null,null,null,null,null,null,null,null,null,null,null,null,null,null,null,"o","\\","o",null,"m",null,"o","\\","o",null,null,null,"o","\\","o",null,"m",null,"o","\\","o",null,null,null,"o","\\","o",null,"m",null,"o"]
[145,null,null,null,null,null,null,null,null,null,null,null,null,null,null,null,null,null,null,null,null,null,null,null,null,null,null,null,null,null,null,null,null,null,null,null,null,null,null,null,null,null,null,null,null,null,null,null,null,null,null,null,null,null,null,null,null,null,null,"o",null,null,null,"\\","o","\\","o",null,null,null,"o","/","o","/",null,null,null,"\\","o","\\","o",null,null,null,"o","/","o","/",null,null,null,"\\","o","\\","o",null,null,null,"o","/","o","/",null,5,null,null,null,null,null,null,null,null,null,null,null,null,null,null,null,null,null,null,null,null,null,"o","\\","o",null,null,"m",null,null,"o","\\","o",null,"o","\\","o",null,null,"m",null,null,"o","\\","o",null,"o","\\","o",null,null,"m"]
[143,null,null,null,null,null,null,null,null,null,null,null,null,null,null,null,null,null,null,null,null,null,null,null,null,null,null,null,null,null,null,null,null,null,null,null,null,null,null,null,null,null,null,null,null,null,null,null,null,null,null,null,null,null,null,null,null,null,null,null,"o",null,null,null,"\\","o",null,"o","m","o",null,"o","/",null,null,null,null,null,"\\","o",null,"o","m","o",null,"o","/",null,null,null,null,null,"\\","o",null,"o","m","o",null,"o","/",null,null,3,null,null,null,null,null,null,null,null,null,null,null,null,null,null,null,null,null,null,null,null,null,null,"o",null,null,null,"m",null,null,null,"o",null,null,null,"o",null,null,null,"m",null,null,null,"o",null,null,null,"o",null,null,null,"m"]
[141,null,null,null,null,null,null,null,null,null,null,null,null,null,null,null,null,null,null,null,null,null,null,null,null,null,null,null,null,null,null,null,null,null,null,null,null,null,null,null,null,null,null,null,null,null,null,null,null,null,null,null,null,null,null,null,null,null,null,null,null,"o",null,null,null,"\\","o",null,null,null,"o","/",null,null,null,null,null,null,null,"\\","o",null,null,null,"o","/",null,null,null,null,null,null,null,"\\","o",null,null,null,"o","/",null,null,null,1,2,3,4,5,6,7,8,9,null,11,12,13,14,15,16,17,18,null,null,null,null,"o",null,null,null,null,"m",null,null,null,null,"o",null,"o",null,null,null,null,"m",null,null,null,null,"o",null,"o",null,null,null,null,"m"]
[139,null,null,null,null,null,null,null,null,null,null,null,null,null,null,null,null,null,null,null,null,null,null,null,null,null,null,null,null,null,null,null,null,null,null,null,null,null,null,null,null,null,null,null,null,null,null,null,null,null,null,null,null,null,null,null,null,null,null,null,null,null,"o",null,null,null,"\\","o",null,"o","/",null,null,null,null,null,null,null,null,null,"\\","o",null,"o","/",null,null,null,null,null,null,null,null,null,"\\","o",null,"o","/",null,null,null,null,null,null,null,null,null,null,null,null,null,null,null,null,null,null,null,null,null,null,null,null,null,null,null,null,null,null,null,null,null,null,null,null,null,null,"o","\\","o","\\","o","m","o","\\","o","\\","o",null,"o","\\","o","\\","o","m","o","\\"]
[137,null,null,null,null,null,null,null,null,null,null,null,null,null,null,null,null,null,null,null,null,null,null,null,null,null,null,null,null,null,null,null,null,null,null,null,null,null,null,null,null,null,null,null,null,null,null,null,null,null,null,null,null,null,null,null,null,null,null,null,null,null,null,"o",null,null,null,null,"o","/",null,null,null,null,null,null,null,null,null,null,null,null,"o","/",null,null,null,null,null,null,null,null,null,null,null,null,"o","/",null,null,null,null,null,null,null,null,null,null,null,null,null,null,null,null,null,null,null,27,null,null,null,null,null,null,null,null,null,null,null,null,null,null,null,null,null,null,null,null,"o","\\","o",null,"m",null,"o","\\","o",null,null,null,"o","\\","o",null,"m",null,"o"]
[135,null,null,null,null,null,null,null,null,null,null,null,null,null,null,null,null,null,null,null,null,null,null,null,null,null,null,null,null,null,null,null,null,null,null,null,null,null,null,null,null,null,null,null,null,null,null,null,null,null,null,null,null,null,null,null,null,null,null,null,null,null,null,null,"o",null,null,null,null,null,null,null,null,null,null,null,null,null,null,null,null,null,null,null,null,null,null,null,null,null,null,null,null,null,null,null,null,null,null,null,null,null,null,null,null,null,null,null,null,null,null,null,null,null,null,null,null,25,null,null,null,null,null,null,null,null,null,null,null,null,null,null,null,null,null,null,null,"o","\\","o",null,null,"m",null,null,"o","\\","o",null,"o","\\","o",null,null,"m"]
[133,null,null,null,null,null,null,null,null,null,null,null,null,null,null,null,null,null,null,null,null,null,null,null,null,null,null,null,null,null,null,null,null,null,null,null,null,null,null,null,null,null,null,null,null,null,null,null,null,null,null,null,null,null,null,null,null,null,null,null,null,null,null,null,null,"o",null,null,null,null,null,null,null,null,null,null,null,null,null,null,null,null,null,null,null,null,null,null,null,null,null,null,null,null,null,null,null,null,null,null,null,null,null,null,null,null,null,null,null,null,null,null,null,null,null,null,null,23,null,null,null,null,null,null,null,null,null,null,null,null,null,null,null,null,null,null,null,null,"o",null,null,null,"m",null,null,null,"o",null,null,null,"o",null,null,null,"m"]
[131,null,null,null,null,null,null,null,null,null,null,null,null,null,null,null,null,null,null,null,null,null,null,null,null,null,null,null,null,null,null,null,null,null,null,null,null,null,null,null,null,null,null,null,null,null,null,null,null,null,null,null,null,null,null,null,null,null,null,null,null,null,null,null,null,null,"o",null,null,null,"\\","o","\\","o",null,null,null,"o","/","o","/",null,null,null,"\\","o","\\","o",null,null,null,"o","/","o","/",null,null,null,"\\","o","\\","o",null,null,null,"o","/","o","/",null,null,null,null,null,null,null,null,21,null,null,null,null,null,null,null,null,null,null,null,null,null,null,null,null,null,null,null,"o",null,null,null,null,"m",null,null,null,null,"o",null,"o",null,null,null,null,"m"]
[129,null,null,null,null,null,null,null,null,null,null,null,null,null,null,null,null,null,null,null,null,null,null,null,null,null,null,null,null,null,null,null,null,null,null,null,null,null,null,null,null,null,null,null,null,null,null,null,null,null,null,null,null,null,null,null,null,null,null,null,null,null,null,null,null,null,null,"o",null,null,null,"\\","o",null,"o","m","o",null,"o","/",null,null,null,null,null,"\\","o",null,"o","m","o",null,"o","/",null,null,null,null,null,"\\","o",null,"o","m","o",null,"o","/",null,null,null,null,null,null,null,null,null,19,null,null,null,null,null,null,null,null,null,null,null,null,null,null,null,null,null,null,null,"o","\\","o","\\","o","m","o","\\","o","\\","o",null,"o","\\","o","\\","o","m","o","\\"]
[127,null,null,null,null,null,null,null,null,null,null,null,null,null,null,null,null,null,null,null,null,null,null,null,null,null,null,null,null,null,null,null,null,null,null,null,null,null,null,null,null,null,null,null,null,null,null,null,null,null,null,null,null,null,null,null,null,null,null,null,null,null,null,null,null,null,null,null,"o",null,null,null,"\\","o",null,null,null,"o","/",null,null,null,null,null,null,null,"\\","o",null,null,null,"o","/",null,null,null,null,null,null,null,"\\","o",null,null,null,"o","/",null,null,null,null,null,null,null,null,null,null,17,null,null,null,null,null,null,null,null,null,null,null,null,null,null,null,null,null,null,null,null,"o","\\","o",null,"m",null,"o","\\","o",null,null,null,"o","\\","o",null,"m",null,"o"]
[125,null,null,null,null,null,null,null,null,null,null,null,null,null,null,null,null,null,null,null,null,null,null,null,null,null,null,null,null,null,null,null,null,null,null,null,null,null,null,null,null,null,null,null,null,null,null,null,null,null,null,null,null,null,null,null,null,null,null,null,null,null,null,null,null,null,null,null,null,"o",null,null,null,"\\","o",null,"o","/",null,null,null,null,null,null,null,null,null,"\\","o",null,"o","/",null,null,null,null,null,null,null,null,null,"\\","o",null,"o","/",null,null,null,null,null,null,null,null,null,null,null,15,null,null,null,null,null,null,null,null,null,null,null,null,null,null,null,null,null,null,null,"o","\\","o",null,null,"m",null,null,"o","\\","o",null,"o","\\","o",null,null,"m"]
[123,null,null,null,null,null,null,null,null,null,null,null,null,null,null,null,null,null,null,null,null,null,null,null,null,null,null,null,null,null,null,null,null,null,null,null,null,null,null,null,null,null,null,null,null,null,null,null,null,null,null,null,null,null,null,null,null,null,null,null,null,null,null,null,null,null,null,null,null,null,"o",null,null,null,null,"o","/",null,null,null,null,null,null,null,null,null,null,null,null,"o","/",null,null,null,null,null,null,null,null,null,null,null,null,"o","/",null,null,null,null,null,null,null,null,null,null,null,null,13,null,null,null,null,null,null,null,null,null,null,null,null,null,null,null,null,null,null,null,null,"o",null,null,null,"m",null,null,null,"o",null,null,null,"o",null,null,null,"m"]
[121,null,null,null,null,null,null,null,null,null,null,null,null,null,null,null,null,null,null,null,null,null,null,null,null,null,null,null,null,null,null,null,null,null,null,null,null,null,null,null,null,null,null,null,null,null,null,null,null,null,null,null,null,null,null,null,null,null,null,null,null,null,null,null,null,null,null,null,null,null,null,"o",null,null,null,null,null,null,null,null,null,null,null,null,null,null,null,null,null,null,null,null,null,null,null,null,null,null,null,null,null,null,null,null,null,null,null,null,null,null,null,null,null,null,null,null,null,11,null,null,null,null,null,null,null,null,null,null,null,null,null,null,null,null,null,null,null,"o",null,null,null,null,"m",null,null,null,null,"o",null,"o",null,null,null,null,"m"]
[119,null,null,null,null,null,null,null,null,null,null,null,null,null,null,null,null,null,null,null,null,null,null,null,null,null,null,null,null,null,null,null,null,null,null,null,null,null,null,null,null,null,null,null,null,null,null,null,null,null,null,null,null,null,null,null,null,null,null,null,null,null,null,null,null,null,null,null,null,null,null,null,"o",null,null,null,null,null,null,null,null,null,null,null,null,null,null,null,null,null,null,null,null,null,null,null,null,null,null,null,null,null,null,null,null,null,null,null,null,null,null,null,null,null,null,null,null,9,null,null,null,null,null,null,null,null,null,null,null,null,null,null,null,null,null,null,null,"o","\\","o","\\","o","m","o","\\","o","\\","o",null,"o","\\","o","\\","o","m","o","\\"]
[117,null,null,null,null,null,null,null,null,null,null,null,null,null,null,null,null,null,null,null,null,null,null,null,null,null,null,null,null,null,null,null,null,null,null,null,null,null,null,null,null,null,null,null,null,null,null,null,null,null,null,null,null,null,null,null,null,null,null,null,null,null,null,null,null,null,null,null,null,null,null,null,null,"o",null,null,null,"\\","o","\\","o",null,null,null,"o","/","o","/",null,null,null,"\\","o","\\","o",null,null,null,"o","/","o","/",null,null,null,"\\","o","\\","o",null,null,null,"o","/","o","/",null,7,null,null,null,null,null,null,null,null,null,null,null,null,null,null,null,null,null,null,null,null,"o","\\","o",null,"m",null,"o","\\","o",null,null,null,"o","\\","o",null,"m",null,"o"]
[115,null,null,null,null,null,null,null,null,null,null,null,null,null,null,null,null,null,null,null,null,null,null,null,null,null,null,null,null,null,null,null,null,null,null,null,null,null,null,null,null,null,null,null,null,null,null,null,null,null,null,null,null,null,null,null,null,null,null,null,null,null,null,null,null,null,null,null,null,null,null,null,null,null,"o",null,null,null,"\\","o",null,"o","m","o",null,"o","/",null,null,null,null,null,"\\","o",null,"o","m","o",null,"o","/",null,null,null,null,null,"\\","o",null,"o","m","o",null,"o","/",null,null,5,null,null,null,null,null,null,null,null,null,null,null,null,null,null,null,null,null,null,null,"o","\\","o",null,null,"m",null,null,"o","\\","o",null,"o","\\","o",null,null,"m"]
[113,null,null,null,null,null,null,null,null,null,null,null,null,null,null,null,null,null,null,null,null,null,null,null,null,null,null,null,null,null,null,null,null,null,null,null,null,null,"schuppen",null,null,null,null,null,null,null,null,null,null,null,null,null,"dreiecke",null,null,null,null,null,null,null,null,null,null,null,null,null,null,null,null,null,null,null,null,null,null,"o",null,null,null,"\\","o",null,null,null,"o","/",null,null,null,null,null,null,null,"\\","o",null,null,null,"o","/",null,null,null,null,null,null,null,"\\","o",null,null,null,"o","/",null,null,null,3,null,null,null,null,null,null,null,null,null,null,null,null,null,null,null,null,null,null,null,null,"o",null,null,null,"m",null,null,null,"o",null,null,null,"o",null,null,null,"m"]
[111,null,null,null,null,null,null,null,null,null,null,null,null,null,null,null,null,null,null,null,null,null,null,null,null,null,null,null,null,null,null,null,null,null,null,null,null,null,null,null,null,null,null,null,null,null,null,null,null,null,null,null,null,null,null,null,null,null,null,null,null,null,null,null,null,null,null,null,null,null,null,null,null,null,null,null,"o",null,null,null,"\\","o",null,"o","/",null,null,null,null,null,null,null,null,null,"\\","o",null,"o","/",null,null,null,null,null,null,null,null,null,"\\","o",null,"o","/",null,null,null,null,1,2,3,4,5,6,7,8,9,null,11,12,13,14,15,16,17,18,null,null,"o",null,null,null,null,"m",null,null,null,null,"o",null,"o",null,null,null,null,"m"]
[109,null,null,null,null,null,null,null,null,null,null,null,null,null,null,null,null,null,null,null,null,null,null,null,null,null,null,null,null,null,null,null,null,null,null,"o","\\","o","\\","o","m","o","\\","o","\\","o",null,null,null,null,"\\","o","\\","o",null,null,null,"o","/","o","/",null,null,null,null,null,null,null,null,null,null,null,null,null,null,null,null,"o",null,null,null,null,"o","/",null,null,null,null,null,null,null,null,null,null,null,null,"o","/",null,null,null,null,null,null,null,null,null,null,null,null,"o","/",null,null,null,null,null,null,null,null,null,null,null,null,null,null,null,null,null,null,null,null,null,null,null,null,null,null,null,null,null,null,null,null,null,null,null,null,null,"o","\\","o","\\","o","m","o","\\"]
[107,null,null,null,null,null,null,null,null,null,null,null,null,null,null,null,null,null,null,null,null,null,null,null,null,null,null,null,null,null,null,null,null,null,null,null,"o","\\","o",null,"m",null,"o","\\","o",null,null,null,null,null,null,"\\","o",null,"o","m","o",null,"o","/",null,null,null,null,null,null,null,null,null,null,null,null,null,null,null,null,null,null,"o",null,null,null,null,null,null,null,null,null,null,null,null,null,null,null,null,null,null,null,null,null,null,null,null,null,null,null,null,null,null,null,null,null,null,null,null,null,null,null,null,null,null,null,null,null,null,null,null,null,null,null,27,null,null,null,null,null,null,null,null,null,null,null,null,null,null,null,null,null,null,null,"o","\\","o",null,"m",null,"o"]
[105,null,null,null,null,null,null,null,null,null,null,null,null,null,null,null,null,null,null,null,null,null,null,null,null,null,null,null,null,null,null,null,null,null,null,"o","\\","o",null,null,"m",null,null,"o","\\","o",null,null,null,null,null,null,"\\","o",null,null,null,"o","/",null,null,null,null,null,null,null,null,null,null,null,null,null,null,null,null,null,null,null,null,"o",null,null,null,null,null,null,null,null,null,null,null,null,null,null,null,null,null,null,null,null,null,null,null,null,null,null,null,null,null,null,null,null,null,null,null,null,null,null,null,null,null,null,null,null,null,null,null,null,null,null,25,null,null,null,null,null,null,null,null,null,null,null,null,null,null,null,null,null,null,"o","\\","o",null,null,"m"]
[103,null,null,null,null,null,null,null,null,null,null,null,null,null,null,null,null,null,null,null,null,null,null,null,null,null,null,null,null,null,null,null,null,null,null,null,"o",null,null,null,"m",null,null,null,"o",null,null,null,null,null,null,null,null,"\\","o",null,"o","/",null,null,null,null,null,null,null,null,null,null,null,null,null,null,null,null,null,null,null,null,null,null,"o",null,null,null,"\\","o","\\","o",null,null,null,"o","/","o","/",null,null,null,"\\","o","\\","o",null,null,null,"o","/","o","/",null,null,null,"\\","o","\\","o",null,null,null,"o","/","o","/",null,null,null,null,null,null,null,23,null,null,null,null,null,null,null,null,null,null,null,null,null,null,null,null,null,null,null,"o",null,null,null,"m"]
[101,null,null,null,null,null,null,null,null,null,null,null,null,null,null,null,null,null,null,null,null,null,null,null,null,null,null,null,null,null,null,null,null,null,null,"o",null,null,null,null,"m",null,null,null,null,"o",null,null,null,null,null,null,null,null,null,"o","/",null,null,null,null,null,null,null,null,null,null,null,null,null,null,null,null,null,null,null,null,null,null,null,null,"o",null,null,null,"\\","o",null,"o","m","o",null,"o","/",null,null,null,null,null,"\\","o",null,"o","m","o",null,"o","/",null,null,null,null,null,"\\","o",null,"o","m","o",null,"o","/",null,null,null,null,null,null,null,null,21,null,null,null,null,null,null,null,null,null,null,null,null,null,null,null,null,null,null,"o",null,null,null,null,"m"]
[99,null,null,null,null,null,null,null,null,null,null,null,null,null,null,null,null,null,null,null,null,null,null,null,null,null,null,null,null,null,null,null,null,null,null,null,null,null,null,null,null,null,null,null,null,null,null,null,null,null,null,null,null,null,null,null,null,null,null,null,null,null,null,null,null,null,null,null,null,null,null,null,null,null,null,null,null,null,null,null,null,null,"o",null,null,null,"\\","o",null,null,null,"o","/",null,null,null,null,null,null,null,"\\","o",null,null,null,"o","/",null,null,null,null,null,null,null,"\\","o",null,null,null,"o","/",null,null,null,null,null,null,null,null,null,19,null,null,null,null,null,null,null,null,null,null,null,null,null,null,null,null,null,null,"o","\\","o","\\","o","m","o","\\"]
[97,null,null,null,null,null,null,null,null,null,null,null,null,null,null,null,null,null,null,null,null,null,null,null,null,null,null,null,null,null,null,null,null,null,null,null,null,null,null,null,null,null,null,null,null,null,null,null,null,null,null,null,null,null,null,null,null,null,null,null,null,null,null,null,null,null,null,null,null,null,null,null,null,null,null,null,null,null,null,null,null,null,null,"o",null,null,null,"\\","o",null,"o","/",null,null,null,null,null,null,null,null,null,"\\","o",null,"o","/",null,null,null,null,null,null,null,null,null,"\\","o",null,"o","/",null,null,null,null,null,null,null,null,null,null,17,null,null,null,null,null,null,null,null,null,null,null,null,null,null,null,null,null,null,null,"o","\\","o",null,"m",null,"o"]
[95,null,null,null,null,null,null,null,null,null,null,null,null,null,null,null,null,null,null,null,null,null,null,null,null,null,null,null,null,null,null,null,null,null,null,null,null,"Blüten",null,null,null,null,null,null,null,null,null,null,null,null,null,null,null,null,null,null,null,null,null,null,null,null,null,null,null,null,null,null,null,null,null,null,null,null,null,null,null,null,null,null,null,null,null,null,"o",null,null,null,null,"o","/",null,null,null,null,null,null,null,null,null,null,null,null,"o","/",null,null,null,null,null,null,null,null,null,null,null,null,"o","/",null,null,null,null,null,null,null,null,null,null,null,15,null,null,null,null,null,null,null,null,null,null,null,null,null,null,null,null,null,null,"o","\\","o",null,null,"m"]
[93,null,null,null,null,null,null,null,null,null,null,null,null,null,null,null,null,null,null,null,null,null,null,null,null,null,null,null,null,null,null,null,null,null,null,null,null,null,null,null,null,null,null,null,null,null,null,null,null,null,null,null,null,null,null,null,null,null,null,null,null,null,null,null,null,null,null,null,null,null,null,null,null,null,null,null,null,null,null,null,null,null,null,null,null,"o",null,null,null,null,null,null,null,null,null,null,null,null,null,null,null,null,null,null,null,null,null,null,null,null,null,null,null,null,null,null,null,null,null,null,null,null,null,null,null,null,null,null,null,null,13,null,null,null,null,null,null,null,null,null,null,null,null,null,null,null,null,null,null,null,"o",null,null,null,"m"]
[91,null,null,null,null,null,null,null,null,null,null,null,null,null,null,null,null,null,null,null,null,null,null,null,null,null,null,null,null,null,null,null,null,null,null,null,null,null,null,null,"o",null,null,null,null,"/","\\",null,null,null,null,"o",null,null,null,null,null,28,null,null,null,null,null,null,null,null,null,null,null,null,null,null,null,null,null,null,null,null,null,null,null,null,null,null,null,null,"o",null,null,null,null,null,null,null,null,null,null,null,null,null,null,null,null,null,null,null,null,null,null,null,null,null,null,null,null,null,null,null,null,null,null,null,null,null,null,null,null,null,null,null,11,null,null,null,null,null,null,null,null,null,null,null,null,null,null,null,null,null,null,"o",null,null,null,null,"m"]
[89,null,null,null,null,null,null,null,null,null,null,null,null,null,null,null,null,null,null,null,null,null,null,null,null,null,null,null,null,null,null,null,null,null,null,null,null,null,null,"o",null,null,null,null,"/",null,null,"\\",null,null,null,null,"o",null,null,null,null,27,null,null,null,null,null,null,null,null,null,null,null,null,null,null,null,null,null,null,null,null,null,null,null,null,null,null,null,null,null,"o",null,null,null,"\\","o","\\","o",null,null,null,"o","/","o","/",null,null,null,"\\","o","\\","o",null,null,null,"o","/","o","/",null,null,null,"\\","o","\\","o",null,null,null,"o","/","o","/",9,null,null,null,null,null,null,null,null,null,null,null,null,null,null,null,null,null,null,"o","\\","o","\\","o","m","o","\\"]
[87,null,null,null,null,null,null,null,null,null,null,null,null,null,null,null,null,null,null,null,null,null,null,null,null,null,null,null,null,null,null,null,null,null,null,null,null,null,"o",null,null,null,null,"/",null,null,null,null,"\\",null,null,null,null,"o",null,null,null,26,null,null,null,null,null,null,null,null,null,null,null,null,null,null,null,null,null,null,null,null,null,null,null,null,null,null,null,null,null,null,"o",null,null,null,"\\","o",null,"o","m","o",null,"o","/",null,null,null,null,null,"\\","o",null,"o","m","o",null,"o","/",null,null,null,null,null,"\\","o",null,"o","m","o",null,"o","/",null,7,null,null,null,null,null,null,null,null,null,null,null,null,null,null,null,null,null,null,null,"o","\\","o",null,"m",null,"o"]
[85,null,null,null,null,null,null,null,null,null,null,null,null,null,null,null,null,null,null,null,null,null,null,null,null,null,null,null,null,null,null,null,null,null,null,null,null,"o",null,null,null,null,"/",null,null,null,null,null,null,"\\",null,null,null,null,"o",null,null,25,null,null,null,null,null,null,null,null,null,null,null,null,null,null,null,null,null,null,null,null,null,null,null,null,null,null,null,null,null,null,null,"o",null,null,null,"\\","o",null,null,null,"o","/",null,null,null,null,null,null,null,"\\","o",null,null,null,"o","/",null,null,null,null,null,null,null,"\\","o",null,null,null,"o","/",null,null,5,null,null,null,null,null,null,null,null,null,null,null,null,null,null,null,null,null,null,"o","\\","o",null,null,"m"]
[83,null,null,null,null,null,null,null,null,null,null,null,null,null,null,null,null,null,null,null,null,null,null,null,null,null,null,null,null,null,null,null,null,null,null,null,null,null,null,null,"o",null,null,null,null,"/","\\",null,null,null,null,"o",null,null,null,null,null,24,null,null,null,null,null,null,null,null,null,null,null,null,null,null,null,null,null,null,null,null,null,null,null,null,null,null,null,null,null,null,null,null,"o",null,null,null,"\\","o",null,"o","/",null,null,null,null,null,null,null,null,null,"\\","o",null,"o","/",null,null,null,null,null,null,null,null,null,"\\","o",null,"o","/",null,null,null,3,null,null,null,null,null,null,null,null,null,null,null,null,null,null,null,null,null,null,null,"o",null,null,null,"m"]
[81,null,null,null,null,null,null,null,null,null,null,null,null,null,null,null,null,null,null,null,null,null,null,null,null,null,null,null,null,null,null,null,null,null,null,null,null,null,null,"o",null,null,null,null,"/",null,null,"\\",null,null,null,null,"o",null,null,null,null,23,null,null,null,null,null,null,null,null,null,null,null,null,null,null,null,null,null,null,null,null,null,null,null,null,null,null,null,null,null,null,null,null,null,"o",null,null,null,null,"o","/",null,null,null,null,null,null,null,null,null,null,null,null,"o","/",null,null,null,null,null,null,null,null,null,null,null,null,"o","/",null,null,null,null,1,2,3,4,5,6,7,8,9,10,11,12,13,14,15,16,17,18,null,"o",null,null,null,null,"m"]
[79,null,null,null,null,null,null,null,null,null,null,null,null,null,null,null,null,null,null,null,null,null,null,null,null,null,null,null,null,null,null,null,null,null,null,null,null,null,"o",null,null,null,null,"/",null,null,null,null,"\\",null,null,null,null,"o",null,null,null,22,null,null,null,null,null,null,null,null,null,null,null,null,null,null,null,null,null,null,null,null,null,null,null,null,null,null,null,null,null,null,null,null,null,null,"o"]
[77,null,null,null,null,null,null,null,null,null,null,null,null,null,null,null,null,null,null,null,null,null,null,null,null,null,null,null,null,null,null,null,null,null,null,null,null,"o",null,null,null,null,"/",null,null,null,null,null,null,"\\",null,null,null,null,"o",null,null,21,null,null,null,null,null,null,null,null,null,"Bordüre",null,null,null,null,null,null,null,null,null,null,null,null,null,null,null,null,null,null,null,null,null,null,null,null,null,"o",null,null,null,null,null,null,null,null,null,null,null,null,null,null,null,null,null,null,null,null,null,null,null,null,null,null,null,null,null,null,null,null,null,null,null,null,null,null,null,null,null,null,null,null,null,null,null,null,null,null,null,27]
[75,null,null,null,null,null,null,null,null,null,null,null,null,null,null,null,null,null,null,null,null,null,null,null,null,null,null,null,null,null,null,null,null,null,null,null,null,null,null,null,"o",null,null,null,null,"/","\\",null,null,null,null,"o",null,null,null,null,null,20,null,null,null,null,null,null,null,null,null,null,null,null,null,null,null,null,null,null,null,null,null,null,null,null,null,null,null,null,null,null,null,null,null,null,null,null,"o",null,null,null,"\\","o","\\","o",null,null,null,"o","/","o","/",null,null,null,"\\","o","\\","o",null,null,null,"o","/","o","/",null,null,null,"\\","o","\\","o",null,null,null,"o","/","o","/",null,null,null,null,null,null,null,null,25]
[73,null,null,null,null,null,null,null,null,null,null,null,null,null,null,null,null,null,null,null,null,null,null,null,null,null,null,null,null,null,null,null,null,null,null,null,null,null,null,"o",null,null,null,null,"/",null,null,"\\",null,null,null,null,"o",null,null,null,null,19,null,null,null,null,"\\","o","\\","o","\\","o","\\","o","\\","o","\\","o","@","o","/","o","/","o","/","o","/","o","/","o","/",null,null,null,null,null,null,null,null,"o",null,null,null,"\\","o",null,"o","m","o",null,"o","/",null,null,null,null,null,"\\","o",null,"o","m","o",null,"o","/",null,null,null,null,null,"\\","o",null,"o","m","o",null,"o","/",null,null,null,null,null,null,null,null,null,23]
[71,null,null,null,null,null,null,null,null,null,null,null,null,null,null,null,null,null,null,null,null,null,null,null,null,null,null,null,null,null,null,null,null,null,null,null,null,null,"o",null,null,null,null,"/",null,null,null,null,"\\",null,null,null,null,"o",null,null,null,18,null,null,null,null,null,"\\","o","\\","o","\\","o","\\","o","\\","o",null,null,null,"o","/","o","/","o","/","o","/","o","/",null,null,null,null,null,null,null,null,null,null,"o",null,null,null,"\\","o",null,null,null,"o","/",null,null,null,null,null,null,null,"\\","o",null,null,null,"o","/",null,null,null,null,null,null,null,"\\","o",null,null,null,"o","/",null,null,null,null,null,null,null,null,null,null,21]
[69,null,null,null,null,null,null,null,null,null,null,null,null,null,null,null,null,null,null,null,null,null,null,null,null,null,null,null,null,null,null,null,null,null,null,null,null,"o",null,null,null,null,"/",null,null,null,null,null,null,"\\",null,null,null,null,"o",null,null,17,null,null,null,null,null,null,"\\","o","\\","o","\\","o","\\","o","\\","o","@","o","/","o","/","o","/","o","/","o","/",null,null,null,null,null,null,null,null,null,null,null,null,"o",null,null,null,"\\","o",null,"o","/",null,null,null,null,null,null,null,null,null,"\\","o",null,"o","/",null,null,null,null,null,null,null,null,null,"\\","o",null,"o","/",null,null,null,null,null,null,null,null,null,null,null,19]
[67,null,null,null,null,null,null,null,null,null,null,null,null,null,null,null,null,null,null,null,null,null,null,null,null,null,null,null,null,null,null,null,null,null,null,null,null,null,null,null,"o",null,null,null,null,"/","\\",null,null,null,null,"o",null,null,null,null,null,16,null,null,null,null,null,null,null,"\\","o","\\","o","\\","o","\\","o",null,null,null,"o","/","o","/","o","/","o","/",null,null,null,null,null,null,null,null,null,null,null,null,null,null,"o",null,null,null,null,"o","/",null,null,null,null,null,null,null,null,null,null,null,null,"o","/",null,null,null,null,null,null,null,null,null,null,null,null,"o","/",null,null,null,null,null,null,null,null,null,null,null,null,17]
[65,null,null,null,null,null,null,null,null,null,null,null,null,null,null,null,null,null,null,null,null,null,null,null,null,null,null,null,null,null,null,null,null,null,null,null,null,null,null,"o",null,null,null,null,"/",null,null,"\\",null,null,null,null,"o",null,null,null,null,15,null,null,null,null,null,null,null,null,"\\","o","\\","o","\\","o","\\","o","@","o","/","o","/","o","/","o","/",null,null,null,null,null,null,null,null,null,null,null,null,null,null,null,null,"o",null,null,null,null,null,null,null,null,null,null,null,null,null,null,null,null,null,null,null,null,null,null,null,null,null,null,null,null,null,null,null,null,null,null,null,null,null,null,null,null,null,null,null,null,null,15]
[63,null,null,null,null,null,null,null,null,null,null,null,null,null,null,null,null,null,null,null,null,null,null,null,null,null,null,null,null,null,null,null,null,null,null,null,null,null,"o",null,null,null,null,"/",null,null,null,null,"\\",null,null,null,null,"o",null,null,null,14,null,null,null,null,null,null,null,null,null,"\\","o","\\","o","\\","o",null,null,null,"o","/","o","/","o","/",null,null,null,null,null,null,null,null,null,null,null,null,null,null,null,null,null,null,"o",null,null,null,null,null,null,null,null,null,null,null,null,null,null,null,null,null,null,null,null,null,null,null,null,null,null,null,null,null,null,null,null,null,null,null,null,null,null,null,null,null,null,null,null,13]
[61,null,null,null,null,null,null,null,null,null,null,null,null,null,null,null,null,null,null,null,null,null,null,null,null,null,null,null,null,null,null,null,null,null,null,null,null,"o","c",null,"c","m","/",null,null,null,null,null,null,"\\","m","c",null,"c","o",null,null,13,null,null,null,null,null,null,null,null,null,null,"\\","o","\\","o","\\","o","@","o","/","o","/","o","/",null,null,null,null,null,null,null,null,null,null,null,null,null,null,null,null,null,null,null,null,"o",null,null,null,"\\","o","\\","o",null,null,null,"o","/","o","/",null,null,null,"\\","o","\\","o",null,null,null,"o","/","o","/",null,null,null,"\\","o","\\","o",null,null,null,"o","/","o","/",null,11]
[59,null,null,null,null,null,null,null,null,null,null,null,null,null,null,null,null,null,null,null,null,null,null,null,null,null,null,null,null,null,null,null,null,null,null,null,null,null,null,null,null,null,"o","/",null,null,"o","/",null,null,"o","/",null,null,null,null,null,12,null,null,null,null,null,null,null,null,null,null,null,"\\","o","\\","o",null,null,null,"o","/","o","/",null,null,null,null,null,null,null,null,null,null,null,null,null,null,null,null,null,null,null,null,null,null,"o",null,null,null,"\\","o",null,"o","m","o",null,"o","/",null,null,null,null,null,"\\","o",null,"o","m","o",null,"o","/",null,null,null,null,null,"\\","o",null,"o","m","o",null,"o","/",null,null,9]
[57,null,null,null,null,null,null,null,null,null,null,null,null,null,null,null,null,null,null,null,null,null,null,null,null,null,null,null,null,null,null,null,null,null,null,null,null,null,null,null,"\\","o",null,null,"\\","o",null,null,"\\","o",null,null,null,null,null,null,null,11,null,null,null,null,null,null,null,null,null,null,null,null,"\\","o","\\","o","@","o","/","o","/",null,null,null,null,null,null,null,null,null,null,null,null,null,null,null,null,null,null,null,null,null,null,null,null,"o",null,null,null,"\\","o",null,null,null,"o","/",null,null,null,null,null,null,null,"\\","o",null,null,null,"o","/",null,null,null,null,null,null,null,"\\","o",null,null,null,"o","/",null,null,null,7]
[55,null,null,null,null,null,null,null,null,null,null,null,null,null,null,null,null,null,null,null,null,null,null,null,null,null,null,null,null,null,null,null,null,null,null,null,null,null,null,null,null,null,"o","/",null,null,"o","/",null,null,"o","/",null,null,null,null,null,10,null,null,null,null,null,null,null,null,null,null,null,null,null,"\\","o",null,null,null,"o","/",null,null,null,null,null,null,null,null,null,null,null,null,null,null,null,null,null,null,null,null,null,null,null,null,null,null,"o",null,null,null,"\\","o",null,"o","/",null,null,null,null,null,null,null,null,null,"\\","o",null,"o","/",null,null,null,null,null,null,null,null,null,"\\","o",null,"o","/",null,null,null,null,5]
[53,null,null,null,null,null,null,null,null,null,null,null,null,null,null,null,null,null,null,null,null,null,null,null,null,null,null,null,null,null,null,null,null,null,null,null,null,null,null,null,"\\","o",null,null,"\\","o",null,null,"\\","o",null,null,null,null,null,null,null,9,null,null,null,null,null,null,null,null,null,null,null,null,null,null,"\\","o","@","o","/",null,null,null,null,null,null,null,null,null,null,null,null,null,null,null,null,null,null,null,null,null,null,null,null,null,null,null,null,"o",null,null,null,null,"o","/",null,null,null,null,null,null,null,null,null,null,null,null,"o","/",null,null,null,null,null,null,null,null,null,null,null,null,"o","/",null,null,null,null,null,3]
[51,null,null,null,null,null,null,null,null,null,null,null,null,null,null,null,null,null,null,null,null,null,null,null,null,null,null,null,null,null,null,null,null,null,null,null,null,null,null,null,null,null,"o","/",null,null,"o","/",null,null,"o","/",null,null,null,null,null,8,null,null,null,null,25,24,23,22,21,20,19,18,17,16,15,14,13,12,11,10,9,8,7,6,5,4,3,2,1,null,null,null,null,null,null,null,null,null,null,null,null,null,null,null,null,null,null,null,"o",null,null,null,null,null,null,null,null,null,null,null,null,null,null,null,null,null,null,null,null,null,null,null,null,null,null,null,null,null,null,null,null,null,null,null,null,null,null,1,2,3,4,5,6,7,8,9,null,11,12]
[49,null,null,null,null,null,null,null,null,null,null,null,null,null,null,null,null,null,null,null,null,null,null,null,null,null,null,null,null,null,null,null,null,null,null,null,null,null,null,null,"\\","o",null,null,"\\","o",null,null,"\\","o",null,null,null,null,null,null,null,7,null,null,null,null,null,null,null,null,null,null,null,null,null,null,null,null,null,null,null,null,null,null,null,null,null,null,null,null,null,null,null,null,null,null,null,null,null,null,null,null,null,null,null,null,null,null,null,null,null,"o"]
[47,null,null,null,null,null,null,null,null,null,null,null,null,null,null,null,null,null,null,null,null,null,null,null,null,null,null,null,null,null,null,null,null,null,null,null,null,null,null,null,null,null,"o","/",null,null,"o","/",null,null,"o","/",null,null,null,null,null,6,null,null,null,null,null,null,null,null,null,null,null,null,null,null,null,null,null,null,null,null,null,null,null,null,null,null,null,null,null,null,null,null,null,null,null,null,null,null,null,null,null,null,null,null,null,null,null,null,null,null,"o",null,null,null,"\\","o","\\","o",null,null,null,"o","/","o","/",null,null,null,"\\","o","\\","o",null,null,null,"o","/","o","/",null,null,null,"\\","o","\\","o",null,null,null,"o","/","o","/"]
[45,null,null,null,null,null,null,null,null,null,null,null,null,null,null,null,null,null,null,null,null,null,null,null,null,null,null,null,null,null,null,null,null,null,null,null,null,null,null,null,"\\","o",null,null,"\\","o",null,null,"\\","o",null,null,null,null,null,null,null,5,null,null,null,null,null,null,null,null,null,null,null,null,null,null,null,null,null,null,null,null,null,null,null,null,null,null,null,null,null,null,null,null,null,null,null,null,null,null,null,null,null,null,null,null,null,null,null,null,null,null,null,"o",null,null,null,"\\","o",null,"o","m","o",null,"o","/",null,null,null,null,null,"\\","o",null,"o","m","o",null,"o","/",null,null,null,null,null,"\\","o",null,"o","m","o",null,"o","/",null,null,null,"o",null,"o"]
[43,null,null,null,null,null,null,null,null,null,null,null,null,null,null,null,null,null,null,null,null,null,null,null,null,null,null,null,null,null,null,null,null,null,null,null,null,null,null,null,null,null,null,null,null,null,"o","/",null,null,null,null,null,null,null,null,null,4,null,null,null,null,null,null,"Platzhalter für Blüten",null,null,null,null,null,null,null,null,null,null,null,null,null,null,null,null,null,null,null,null,null,null,null,null,null,null,null,null,null,null,null,null,null,null,null,null,null,null,null,null,null,null,null,null,null,"o",null,null,null,"\\","o",null,null,null,"o","/",null,null,null,null,null,null,null,"\\","o",null,null,null,"o","/",null,null,null,null,null,null,null,"\\","o",null,null,null,"o","/",null,null,null,"o",null,null,null,"o"]
[41,null,null,null,null,null,null,null,null,null,null,null,null,null,null,null,null,null,null,null,null,null,null,null,null,null,null,null,null,null,null,null,null,null,null,null,null,null,null,null,null,null,null,null,"\\","o",null,null,null,null,null,null,null,null,null,null,null,3,null,null,null,null,null,null,null,null,null,null,null,null,null,null,null,null,null,null,null,null,null,null,null,null,null,null,null,null,null,null,null,null,null,null,null,null,null,null,null,null,null,null,null,null,null,null,null,null,null,null,null,null,null,"o",null,null,null,"\\","o",null,"o","/",null,null,null,null,null,null,null,null,null,"\\","o",null,"o","/",null,null,null,null,null,null,null,null,null,"\\","o",null,"o","/",null,null,null,"o"]
[39,null,null,null,null,null,null,null,null,null,null,null,null,null,null,null,null,null,null,null,null,null,null,null,null,null,null,null,null,null,null,null,null,null,null,null,null,null,null,null,null,null,null,null,null,null,"o","/",null,null,null,null,null,null,null,null,null,2,null,null,null,null,1,2,3,4,5,6,7,8,9,10,11,12,13,14,15,16,17,18,null,null,null,null,null,null,null,null,null,null,null,null,null,null,null,null,null,null,null,null,null,null,null,null,null,null,null,null,null,null,null,null,"o",null,null,null,null,"o","/",null,null,null,null,null,null,null,null,null,null,null,null,"o","/",null,null,null,null,null,null,null,null,null,null,null,null,"o","/",null,null,null,"o"]
[37,null,null,null,null,null,null,null,null,null,null,null,null,null,null,null,null,null,null,null,null,null,null,null,null,null,null,null,null,null,null,null,null,null,null,null,null,null,null,null,null,null,null,null,"\\","o",null,null,null,null,null,null,null,null,null,null,null,1,null,null,null,null,null,null,null,null,null,null,null,null,null,null,null,null,null,null,null,null,null,null,null,null,null,null,null,null,null,null,null,null,null,null,null,null,null,null,null,null,null,null,null,null,null,null,null,null,null,null,null,null,null,null,null,"o",null,null,null,null,null,null,null,null,null,null,null,null,null,null,null,null,null,null,null,null,null,null,null,null,null,null,null,null,null,null,null,null,null,null,null,"o"]
[35,null,null,null,null,null,null,null,null,null,null,null,null,null,null,null,null,null,null,null,null,null,null,null,null,null,null,null,null,null,null,null,null,null,null,null,null,18,17,16,15,14,13,12,11,10,9,8,7,6,5,4,3,2,1,null,null,null,null,null,null,null,null,null,null,null,null,null,null,null,null,null,null,null,null,null,null,null,null,null,null,null,null,null,null,null,null,"\"@\" = verschränkt stricken",null,null,null,null,null,null,null,null,null,null,null,null,null,null,null,null,null,null,null,null,null,null,null,null,null,null,"o",null,null,null,null,null,null,null,null,null,null,null,null,null,null,null,null,null,null,null,null,null,null,null,null,null,null,null,null,null,null,null,null,null,"o"]
[33,null,null,null,null,null,null,null,null,null,null,null,null,null,null,null,null,null,null,null,null,null,null,null,null,null,null,null,null,null,null,null,null,null,null,null,null,null,null,null,null,null,null,null,null,null,null,null,null,null,null,null,null,null,null,null,null,null,null,null,null,null,null,null,null,null,null,null,null,null,null,null,null,null,null,null,null,null,null,null,null,null,null,null,null,null,null,"c = aus dem Querfaden zunehmen",null,null,null,null,null,null,null,null,null,null,null,null,null,null,null,null,null,null,null,null,null,null,null,null,null,null,null,"o",null,null,null,"\\","o","\\","o",null,null,null,"o","/","o","/",null,null,null,"\\","o","\\","o",null,null,null,"o","/","o","/",null,null,null,"o"]
[31,null,null,null,null,null,null,null,null,null,null,null,null,null,null,null,null,null,null,null,null,null,null,null,null,null,null,null,null,null,null,null,null,null,null,null,null,null,null,null,null,null,null,null,null,null,null,null,null,null,null,null,null,null,null,null,null,null,null,null,null,null,null,null,null,null,null,null,null,null,null,null,null,null,null,null,null,null,null,null,null,null,null,null,null,null,null,"o = Umschlag",null,null,null,null,null,null,null,null,null,null,null,null,null,null,null,null,null,null,null,null,null,null,null,null,null,null,null,null,"o",null,null,null,"\\","o",null,"o","m","o",null,"o","/",null,null,null,null,null,"\\","o",null,"o","m","o",null,"o","/",null,null,null,"o"]
[29,null,null,null,null,null,null,null,null,null,null,null,null,null,null,null,null,null,null,null,null,null,null,null,null,null,null,null,null,null,null,null,null,null,null,null,null,null,null,null,null,null,null,null,null,null,null,null,null,null,null,null,null,null,null,null,null,null,null,null,null,null,null,null,null,null,null,null,null,null,null,null,null,null,null,null,null,null,null,null,null,null,null,null,null,null,null,"/ = 2 Maschen zusammenstricken",null,null,null,null,null,null,null,null,null,null,null,null,null,null,null,null,null,null,null,null,null,null,null,null,null,null,null,null,null,"o",null,null,null,"\\","o",null,null,null,"o","/",null,null,null,null,null,null,null,"\\","o",null,null,null,"o","/",null,null,null,"o"]
[27,null,null,null,null,null,null,null,null,null,null,null,null,null,null,null,null,null,null,null,null,null,null,null,null,null,null,null,null,null,null,null,null,null,null,null,null,null,null,null,null,null,null,null,null,null,null,null,null,null,null,null,null,null,null,null,null,null,null,null,null,null,null,null,null,null,null,null,null,null,null,null,null,null,null,null,null,null,null,null,null,null,null,null,null,null,null,"\\ = 2 Maschen überzogen zusammenstricken",null,null,null,null,null,null,null,null,null,null,null,null,null,null,null,null,null,null,null,null,null,null,null,null,null,null,null,null,null,null,"o",null,null,null,"\\","o",null,"o","/",null,null,null,null,null,null,null,null,null,"\\","o",null,"o","/",null,null,null,"o"]
[25,null,null,null,null,null,null,null,null,null,null,null,null,null,null,null,null,null,null,null,null,null,null,null,null,null,null,null,null,null,null,null,null,null,null,null,null,null,null,null,null,null,null,null,null,null,null,null,null,null,null,null,null,null,null,null,null,null,null,null,null,null,null,null,null,null,null,null,null,null,null,null,null,null,null,null,null,null,null,null,null,null,null,null,null,null,null,"m = 3 Maschen zusammenstricken",null,null,null,null,null,null,null,null,null,null,null,null,null,null,null,null,null,null,null,null,null,null,null,null,null,null,null,null,null,null,null,"o",null,null,null,null,"o","/",null,null,null,null,null,null,null,null,null,null,null,null,"o","/",null,null,null,"o"]
[23,null,null,null,null,null,null,null,null,null,null,null,null,null,null,null,null,null,null,null,null,null,null,null,null,null,null,null,null,null,null,null,null,null,null,null,null,null,null,null,null,null,null,null,null,null,null,null,null,null,null,null,null,null,null,null,null,null,null,null,null,null,null,null,null,null,null,null,null,null,null,null,null,null,null,null,null,null,null,null,null,null,null,null,null,null,null,null,null,null,null,null,null,null,null,null,null,null,null,null,null,null,null,null,null,null,null,null,null,null,null,null,null,null,null,null,null,null,null,null,"o",null,null,null,null,null,null,null,null,null,null,null,null,null,null,null,null,null,null,null,null,null,"o"]
[21,null,null,null,null,null,null,null,null,null,null,null,null,null,null,null,null,null,null,null,null,null,null,null,null,null,null,null,null,null,null,null,null,null,null,null,null,null,null,null,null,null,null,null,null,null,null,null,null,null,null,null,null,null,null,null,null,null,null,null,null,null,null,null,null,null,null,null,null,null,null,null,null,null,null,null,null,null,null,null,null,null,null,null,null,null,null,null,null,null,null,null,null,null,null,null,null,null,null,null,null,null,null,null,null,null,null,null,null,null,null,null,null,null,null,null,null,null,null,null,null,"o",null,null,null,null,null,null,null,null,null,null,null,null,null,null,null,null,null,null,null,"o"]
[19,null,null,null,null,null,null,null,null,null,null,null,null,null,null,null,null,null,null,null,null,null,null,null,null,null,null,null,null,null,null,null,null,null,null,null,null,null,null,null,null,null,null,null,null,null,null,null,null,null,null,null,null,null,null,null,null,null,null,null,null,null,null,null,null,null,null,null,null,null,null,null,null,null,null,null,null,null,null,null,null,null,null,null,null,null,null,null,null,null,null,null,null,null,null,null,null,null,null,null,null,null,null,null,null,null,null,null,null,null,null,null,null,null,null,null,null,null,null,null,null,null,"o",null,null,null,"\\","o","\\","o",null,null,null,"o","/","o","/",null,null,null,"o"]
[17,null,null,null,null,null,null,null,null,null,null,null,null,null,null,null,null,null,null,null,null,null,null,null,null,null,null,null,null,null,null,null,null,null,null,null,null,null,null,null,null,null,null,null,null,null,null,null,null,null,null,null,null,null,null,null,null,null,null,null,null,null,null,null,null,null,null,null,null,null,null,null,null,null,null,null,null,null,null,null,null,null,null,null,null,null,null,null,null,null,null,null,null,null,null,null,null,null,null,null,null,null,null,null,null,null,null,null,null,null,null,null,null,null,null,null,null,null,null,null,null,null,null,"o",null,null,null,"\\","o",null,"o","m","o",null,"o","/",null,null,null,"o"]
[15,null,null,null,null,null,null,null,null,null,null,null,null,null,null,null,null,null,null,null,null,null,null,null,null,null,null,null,null,null,null,null,null,null,null,null,null,null,null,null,null,null,null,null,null,null,null,null,null,null,null,null,null,null,null,null,null,null,null,null,null,null,null,null,null,null,null,null,null,null,null,null,null,null,null,null,null,null,null,null,null,null,null,null,null,null,null,null,null,null,null,null,null,null,null,null,null,null,null,null,null,null,null,null,null,null,null,null,null,null,null,null,null,null,null,null,null,null,null,null,null,null,null,null,"o",null,null,null,"\\","o",null,null,null,"o","/",null,null,null,"o"]
[13,null,null,null,null,null,null,null,null,null,null,null,null,null,null,null,null,null,null,null,null,null,null,null,null,null,null,null,null,null,null,null,null,null,null,null,null,null,null,null,null,null,null,null,null,null,null,null,null,null,null,null,null,null,null,null,null,null,null,null,null,null,null,null,null,null,null,null,null,null,null,null,null,null,null,null,null,null,null,null,null,null,null,null,null,null,null,null,null,null,null,null,null,null,null,null,null,null,null,null,null,null,null,null,null,null,null,null,null,null,null,null,null,null,null,null,null,null,null,null,null,null,null,null,null,"o",null,null,null,"\\","o",null,"o","/",null,null,null,"o"]
[11,null,null,null,null,null,null,null,null,null,null,null,null,null,null,null,null,null,null,null,null,null,null,null,null,null,null,null,null,null,null,null,null,null,null,null,null,null,null,null,null,null,null,null,null,null,null,null,null,null,null,null,null,null,null,null,null,null,null,null,null,null,null,null,null,null,null,null,null,null,null,null,null,null,null,null,null,null,null,null,null,null,null,null,null,null,null,null,null,null,null,null,null,null,null,null,null,null,null,null,null,null,null,null,null,null,null,null,null,null,null,null,null,null,null,null,null,null,null,null,null,null,null,null,null,null,"o",null,null,null,null,"o","/",null,null,null,"o"]
[9,null,null,null,null,null,null,null,null,null,null,null,null,null,null,null,null,null,null,null,null,null,null,null,null,null,null,null,null,null,null,null,null,null,null,null,null,null,null,null,null,null,null,null,null,null,null,null,null,null,null,null,null,null,null,null,null,null,null,null,null,null,null,null,null,null,null,null,null,null,null,null,null,null,null,null,null,null,null,null,null,null,null,null,null,null,null,null,null,null,null,null,null,null,null,null,null,null,null,null,null,null,null,null,null,null,null,null,null,null,null,null,null,null,null,null,null,null,null,null,null,null,null,null,null,null,null,"o",null,null,null,null,null,null,null,"o"]
[7,null,null,null,null,null,null,null,null,null,null,null,null,null,null,null,null,null,null,null,null,null,null,null,null,null,null,null,null,null,null,null,null,null,null,null,null,null,null,null,null,null,null,null,null,null,null,null,null,null,null,null,null,null,null,null,null,null,null,null,null,null,null,null,null,null,null,null,null,null,null,null,null,null,null,null,null,null,null,null,null,null,null,null,null,null,null,null,null,null,null,null,null,null,null,null,null,null,null,null,null,null,null,null,null,null,null,null,null,null,null,null,null,null,null,null,null,null,null,null,null,null,null,null,null,null,null,null,"o",null,null,null,null,null,"o"]
[5,null,null,null,null,null,null,null,null,null,null,null,null,null,null,null,null,null,null,null,null,null,null,null,null,null,null,null,null,null,null,null,null,null,null,null,null,null,null,null,null,null,null,null,null,null,null,null,null,null,null,null,null,null,null,null,null,null,null,null,null,null,null,null,null,null,null,null,null,null,null,null,null,null,null,null,null,null,null,null,null,null,null,null,null,null,null,null,null,null,null,null,null,null,null,null,null,null,null,null,null,null,null,null,null,null,null,null,null,null,null,null,null,null,null,null,null,null,null,null,null,null,null,null,null,null,null,null,null,"o",null,null,null,"o"]
[3,null,null,null,null,null,null,null,null,null,null,null,null,null,null,null,null,null,null,null,null,null,null,null,null,null,null,null,null,null,null,null,null,null,null,null,null,null,null,null,null,null,null,null,null,null,null,null,null,null,null,null,null,null,null,null,null,null,null,null,null,null,null,null,null,null,null,null,null,null,null,null,null,null,null,null,null,null,null,null,null,null,null,null,null,null,null,null,null,null,null,null,null,null,null,null,null,null,null,null,null,null,null,null,null,null,null,null,null,null,null,null,null,null,null,null,null,null,null,null,null,null,null,null,null,null,null,null,null,null,"o",null,"o"]
[1]
[null,null,null,null,null,null,null,null,null,null,null,null,null,null,null,null,null,null,null,null,null,null,null,null,null,null,null,null,null,null,null,null,null,null,null,null,null,null,null,null,null,null,null,null,null,null,null,null,null,null,null,null,null,null,null,null,null,null,null,null,null,null,null,null,null,null,null,null,null,null,null,null,null,null,null,null,null,null,null,null,null,null,null,null,null,null,null,null,null,null,null,null,null,null,null,null,null,null,null,null,null,null,null,null,null,49,48,47,46,45,44,43,42,41,40,39,38,37,36,35,34,33,32,31,30,29,28,27,26,25,24,23,22,21,20,19,18,17,16,15,14,13,12,11,10,9,8,7,6,5,4,3,2,1,null,1,2]

{"sheet":"B Keil","index":4,"n_rows":145,"n_cols":58,"rows_kept":145,"cut":false,"hidden":false,"merged":[]}
[]
[]
[null,null,null,null,null,283,null,null,"\\","o","\\","o","\\","o","\\","o","\\","o","\\","o","@","o","/","o","/","o","/","o","/","o","/","o","/","\\","o","\\","o","\\","o","\\","o","\\","o","\\","o","@","o","/","o","/","o","/","o","/","o","/","o","/"]
[null,null,null,null,null,281,null,null,null,"\\","o","\\","o","\\","o","\\","o","\\","o",null,null,null,"o","/","o","/","o","/","o","/","o","/",null,null,"\\","o","\\","o","\\","o","\\","o","\\","o",null,null,null,"o","/","o","/","o","/","o","/","o","/"]
[null,null,null,null,null,279,null,null,null,null,"\\","o","\\","o","\\","o","\\","o","\\","o","@","o","/","o","/","o","/","o","/","o","/",null,null,null,null,"\\","o","\\","o","\\","o","\\","o","\\","o","@","o","/","o","/","o","/","o","/","o","/"]
[null,null,null,null,null,277,null,null,null,null,null,"\\","o","\\","o","\\","o","\\","o",null,null,null,"o","/","o","/","o","/","o","/",null,null,null,null,null,null,"\\","o","\\","o","\\","o","\\","o",null,null,null,"o","/","o","/","o","/","o","/"]
[null,null,null,null,null,275,null,null,null,null,null,null,"\\","o","\\","o","\\","o","\\","o","@","o","/","o","/","o","/","o","/",null,null,null,null,null,null,null,null,"\\","o","\\","o","\\","o","\\","o","@","o","/","o","/","o","/","o","/"]
[null,null,null,null,null,273,null,null,null,null,null,null,null,"\\","o","\\","o","\\","o",null,null,null,"o","/","o","/","o","/",null,null,null,null,null,null,null,null,null,null,"\\","o","\\","o","\\","o",null,null,null,"o","/","o","/","o","/"]
[null,null,null,null,null,271,null,null,null,null,null,null,null,null,"\\","o","\\","o","\\","o","@","o","/","o","/","o","/",null,null,null,null,null,null,null,null,null,null,null,null,"\\","o","\\","o","\\","o","@","o","/","o","/","o","/"]
[null,null,null,null,null,269,null,null,null,null,null,null,null,null,null,"\\","o","\\","o",null,null,null,"o","/","o","/",null,null,null,null,null,null,null,null,null,null,null,null,null,null,"\\","o","\\","o",null,null,null,"o","/","o","/"]
[null,null,null,null,null,267,null,null,null,null,null,null,null,null,null,null,"\\","o","\\","o","@","o","/","o","/",null,null,null,null,null,null,null,null,null,null,null,null,null,null,null,null,"\\","o","\\","o","@","o","/","o","/"]
[null,null,null,null,null,265,null,null,null,null,null,null,null,null,null,null,null,"\\","o",null,null,null,"o","/",null,null,null,null,null,null,null,null,null,null,null,null,null,null,null,null,null,null,"\\","o",null,null,null,"o","/"]
[null,null,null,null,null,263,null,null,null,null,null,null,null,null,null,null,null,null,"\\","o","@","o","/",null,null,null,null,null,null,null,null,null,null,null,null,null,null,null,null,null,null,null,null,"\\","o","@","o","/"]
[null,null,null,null,null,261]
[null,null,null,null,null,259]
[null,null,null,null,null,257,null,null,null,null,null,null,null,null,null,null,null,null,null,null,null,null,null,null,null,null,null,null,null,null,null,null,null,null,null,null,null,null,null,null,null,null,null,null,null,null,null,null,null,null,null,null,null,27]
[null,null,null,null,null,255,null,null,null,null,null,null,null,null,null,null,null,null,null,null,null,null,null,null,null,null,null,null,null,null,null,null,null,null,null,null,null,null,null,null,null,null,null,null,null,null,null,null,null,null,null,null,null,25]
[null,null,null,null,null,253,null,null,null,null,null,null,null,null,null,null,null,null,null,null,null,null,null,null,null,null,null,null,null,null,null,null,null,null,null,null,null,null,null,null,null,null,null,null,null,null,null,null,null,null,null,null,null,23]
[null,null,null,null,null,251,null,null,null,null,null,null,null,null,null,null,null,null,null,null,null,null,null,null,null,null,null,null,null,null,null,null,null,null,null,null,null,null,null,null,null,null,null,null,null,null,null,null,null,null,null,null,null,21]
[null,null,null,null,null,249,null,null,null,null,null,null,null,null,null,null,null,null,null,null,null,null,null,null,null,null,null,null,null,null,null,null,null,null,null,null,null,null,null,null,null,null,null,null,null,null,null,null,null,null,null,null,null,19]
[null,null,null,null,null,247,null,null,null,null,null,null,null,null,null,null,null,null,null,null,null,null,null,null,null,null,null,null,null,null,null,null,null,null,null,null,null,null,null,null,null,null,null,null,null,null,null,null,null,null,null,null,null,17]
[null,null,null,null,null,245,null,null,null,null,null,null,null,null,null,null,null,null,null,null,null,null,null,null,null,null,null,null,null,null,null,null,null,null,null,null,null,null,null,null,null,null,null,null,null,null,null,null,null,null,null,null,null,15]
[null,null,null,null,null,243,null,null,null,null,null,null,null,null,null,null,null,null,null,null,null,null,null,null,null,null,null,null,null,null,null,null,null,null,null,null,null,null,null,null,null,null,null,null,null,null,null,null,null,null,null,null,null,13]
[null,null,null,null,null,241,null,null,null,null,null,null,null,null,null,null,null,null,null,null,null,null,null,null,null,null,null,null,null,null,null,null,null,null,null,null,null,null,null,null,null,null,null,null,null,null,null,null,null,null,null,null,null,11]
[null,null,null,null,null,239,null,null,null,null,null,null,null,null,null,null,null,null,null,null,null,null,null,null,null,null,null,null,null,null,null,null,null,null,null,null,null,null,null,null,null,null,null,null,null,null,null,null,null,null,null,null,null,9]
[null,null,null,null,null,237,null,null,null,null,null,null,null,null,null,null,null,null,null,null,null,null,null,null,null,null,null,null,null,null,null,null,null,null,null,null,null,null,null,null,null,null,null,null,null,null,null,null,null,null,null,null,null,7]
[null,null,null,null,null,235,null,null,null,null,null,null,null,null,null,null,null,null,null,null,null,null,null,null,null,null,null,null,null,null,null,null,null,null,null,null,null,null,null,null,null,null,null,null,null,null,null,null,null,null,null,null,null,5]
[null,null,null,null,null,233,null,null,null,null,null,null,null,null,null,null,null,null,null,null,null,null,null,null,null,null,null,null,null,null,null,null,null,null,null,null,null,null,null,null,null,null,null,null,null,null,null,null,null,null,null,null,null,3]
[null,null,null,null,null,231,null,null,null,null,null,null,18,17,16,15,14,13,12,11,10,9,8,7,6,5,4,3,2,1,null,null,null,null,null,null,18,17,16,15,14,13,12,11,10,9,8,7,6,5,4,3,2,1]
[null,null,null,null,null,229]
[null,null,null,null,null,227,null,null,null,null,null,null,null,null,null,null,null,null,null,null,null,null,null,null,null,null,null,null,null,null,null,null,null,null,null,null,null,null,null,null,null,27]
[null,null,null,null,null,225,null,null,null,null,null,"\\","o","\\","o",null,null,null,"o","/","o","/",null,null,null,null,null,null,null,null,null,null,null,null,null,null,null,null,null,null,null,25,null,null,"\\","o","\\","o",null,null,null,"o","/","o","/"]
[null,null,null,null,null,223,null,null,null,null,null,null,"\\","o",null,"o","m","o",null,"o","/",null,null,null,null,null,null,null,null,null,null,null,null,null,null,null,null,null,null,null,null,23,null,null,null,"\\","o",null,"o","m","o",null,"o","/"]
[null,null,null,null,null,221,null,null,null,null,null,null,null,"\\","o",null,null,null,"o","/",null,null,null,null,null,null,null,null,null,null,null,null,null,null,null,null,null,null,null,null,null,21,null,null,null,null,"\\","o",null,null,null,"o","/"]
[null,null,null,null,null,219,null,null,null,null,null,null,null,null,"\\","o",null,"o","/",null,null,null,null,null,null,null,null,null,null,null,null,null,null,null,null,null,null,null,null,null,null,19,null,null,null,null,null,"\\","o",null,"o","/"]
[null,null,null,null,null,217,null,null,null,null,null,null,null,null,null,null,"o","/",null,null,null,null,null,null,null,null,null,null,null,null,null,null,null,null,null,null,null,null,null,null,null,17,null,null,null,null,null,null,null,"o","/"]
[null,null,null,null,null,215,null,null,null,null,null,null,null,null,null,null,null,null,null,null,null,null,null,null,null,null,null,null,null,null,null,null,null,null,null,null,null,null,null,null,null,15]
[null,null,null,null,null,213,null,null,null,null,null,null,null,null,null,null,null,null,null,null,null,null,null,null,null,null,null,null,null,null,null,null,null,null,null,null,null,null,null,null,null,13]
[null,null,null,null,null,211,null,null,null,null,null,"\\","o","\\","o",null,null,null,"o","/","o","/",null,null,null,null,null,null,null,null,null,null,null,null,null,null,null,null,null,null,null,11,null,null,"\\","o","\\","o",null,null,null,"o","/","o","/"]
[null,null,null,null,null,209,null,null,null,null,null,null,"\\","o",null,"o","m","o",null,"o","/",null,null,null,null,null,null,null,null,null,null,null,null,null,null,null,null,null,null,null,null,9,null,null,null,"\\","o",null,"o","m","o",null,"o","/"]
[null,null,null,null,null,207,null,null,null,null,null,null,null,"\\","o",null,null,null,"o","/",null,null,null,null,null,null,null,null,null,null,null,null,null,null,null,null,null,null,null,null,null,7,null,null,null,null,"\\","o",null,null,null,"o","/"]
[null,null,null,null,null,205,null,null,null,null,null,null,null,null,"\\","o",null,"o","/",null,null,null,null,null,null,null,null,null,null,null,null,null,null,null,null,null,null,null,null,null,null,5,null,null,null,null,null,"\\","o",null,"o","/"]
[null,null,null,null,null,203,null,null,null,null,null,null,null,null,null,null,"o","/",null,null,null,null,null,null,null,null,null,null,null,null,null,null,null,null,null,null,null,null,null,null,null,3,null,null,null,null,null,null,null,"o","/"]
[null,null,null,null,null,201,null,null,null,null,null,null,null,null,null,null,null,null,null,null,null,null,null,null,18,17,16,15,14,13,12,11,10,9,8,7,6,5,4,3,2,1]
[null,null,null,null,null,199]
[null,null,null,null,null,197,null,null,null,null,null,null,null,null,null,null,null,null,null,null,null,null,null,null,null,null,null,null,null,null,null,null,null,null,null,null,null,null,null,null,null,null,null,null,null,null,null,null,null,null,null,null,null,27]
[null,null,null,null,null,195,null,null,null,null,null,null,null,null,null,null,null,null,null,null,null,null,null,null,null,null,null,null,null,null,null,null,null,null,null,null,null,null,null,null,null,null,null,null,null,null,null,null,null,null,null,null,null,25]
[null,null,null,null,null,193,null,null,null,null,null,null,null,null,null,null,null,null,null,null,null,null,null,null,null,null,null,null,null,null,null,null,null,null,null,null,null,null,null,null,null,null,null,null,null,null,null,null,null,null,null,null,null,23]
[null,null,null,null,null,191,null,null,null,null,null,null,null,null,null,null,null,null,null,null,null,null,null,null,null,null,null,null,null,null,null,null,null,null,null,null,null,null,null,null,null,null,null,null,null,null,null,null,null,null,null,null,null,21]
[null,null,null,null,null,189,null,null,null,null,null,null,null,null,null,null,null,null,null,null,null,null,null,null,null,null,null,null,null,null,null,null,null,null,null,null,null,null,null,null,null,null,null,null,null,null,null,null,null,null,null,null,null,19]
[null,null,null,null,null,187,null,null,null,null,null,null,null,null,null,null,null,null,null,null,null,null,null,null,null,null,null,null,null,null,null,null,null,null,null,null,null,null,null,null,null,null,null,null,null,null,null,null,null,null,null,null,null,17]
[null,null,null,null,null,185,null,null,null,null,null,null,null,null,null,null,null,null,null,null,null,null,null,null,null,null,null,null,null,null,null,null,null,null,null,null,null,null,null,null,null,null,null,null,null,null,null,null,null,null,null,null,null,15]
[null,null,null,null,null,183,null,null,null,null,null,null,null,null,null,null,null,null,null,null,null,null,null,null,null,null,null,null,null,null,null,null,null,null,null,null,null,null,null,null,null,null,null,null,null,null,null,null,null,null,null,null,null,13]
[null,null,null,null,null,181,null,null,null,null,null,null,null,null,null,null,null,null,null,null,null,null,null,null,null,null,null,null,null,null,null,null,null,null,null,null,null,null,null,null,null,null,null,null,null,null,null,null,null,null,null,null,null,11]
[null,null,null,null,null,179,null,null,null,null,null,null,null,null,null,null,null,null,null,null,null,null,null,null,null,null,null,null,null,null,null,null,null,null,null,null,null,null,null,null,null,null,null,null,null,null,null,null,null,null,null,null,null,9]
[null,null,null,null,null,177,null,null,null,null,null,null,null,null,null,null,null,null,null,null,null,null,null,null,null,null,null,null,null,null,null,null,null,null,null,null,null,null,null,null,null,null,null,null,null,null,null,null,null,null,null,null,null,7]
[null,null,null,null,null,175,null,null,null,null,null,null,null,null,null,null,null,null,null,null,null,null,null,null,null,null,null,null,null,null,null,null,null,null,null,null,null,null,null,null,null,null,null,null,null,null,null,null,null,null,null,null,null,5]
[null,null,null,null,null,173,null,null,null,null,null,null,null,null,null,null,null,null,null,null,null,null,null,null,null,null,null,null,null,null,null,null,null,null,null,null,null,null,null,null,null,null,null,null,null,null,null,null,null,null,null,null,null,3]
[null,null,null,null,null,171,null,null,null,null,null,null,18,17,16,15,14,13,12,11,10,9,8,7,6,5,4,3,2,1,null,null,null,null,null,null,18,17,16,15,14,13,12,11,10,9,8,7,6,5,4,3,2,1]
[null,null,null,null,null,169]
[null,null,null,null,null,167,null,null,null,null,null,null,null,null,null,null,null,null,null,null,null,null,null,null,null,null,null,null,null,null,null,null,null,null,null,null,null,null,null,null,null,27]
[null,null,null,null,null,165,null,null,null,null,null,"\\","o","\\","o",null,null,null,"o","/","o","/",null,null,null,null,null,null,null,null,null,null,null,null,null,null,null,null,null,null,null,25,null,null,"\\","o","\\","o",null,null,null,"o","/","o","/"]
[null,null,null,null,null,163,null,null,null,null,null,null,"\\","o",null,"o","m","o",null,"o","/",null,null,null,null,null,null,null,null,null,null,null,null,null,null,null,null,null,null,null,null,23,null,null,null,"\\","o",null,"o","m","o",null,"o","/"]
[null,null,null,null,null,161,null,null,null,null,null,null,null,"\\","o",null,null,null,"o","/",null,null,null,null,null,null,null,null,null,null,null,null,null,null,null,null,null,null,null,null,null,21,null,null,null,null,"\\","o",null,null,null,"o","/"]
[null,null,null,null,null,159,null,null,null,null,null,null,null,null,"\\","o",null,"o","/",null,null,null,null,null,null,null,null,null,null,null,null,null,null,null,null,null,null,null,null,null,null,19,null,null,null,null,null,"\\","o",null,"o","/"]
[null,null,null,null,null,157,null,null,null,null,null,null,null,null,null,null,"o","/",null,null,null,null,null,null,null,null,null,null,null,null,null,null,null,null,null,null,null,null,null,null,null,17,null,null,null,null,null,null,null,"o","/"]
[null,null,null,null,null,155,null,null,null,null,null,null,null,null,null,null,null,null,null,null,null,null,null,null,null,null,null,null,null,null,null,null,null,null,null,null,null,null,null,null,null,15]
[null,null,null,null,null,153,null,null,null,null,null,null,null,null,null,null,null,null,null,null,null,null,null,null,null,null,null,null,null,null,null,null,null,null,null,null,null,null,null,null,null,13]
[null,null,null,null,null,151,null,null,null,null,null,"\\","o","\\","o",null,null,null,"o","/","o","/",null,null,null,null,null,null,null,null,null,null,null,null,null,null,null,null,null,null,null,11,null,null,"\\","o","\\","o",null,null,null,"o","/","o","/"]
[null,null,null,null,null,149,null,null,null,null,null,null,"\\","o",null,"o","m","o",null,"o","/",null,null,null,null,null,null,null,null,null,null,null,null,null,null,null,null,null,null,null,null,9,null,null,null,"\\","o",null,"o","m","o",null,"o","/"]
[null,null,null,null,null,147,null,null,null,null,null,null,null,"\\","o",null,null,null,"o","/",null,null,null,null,null,null,null,null,null,null,null,null,null,null,null,null,null,null,null,null,null,7,null,null,null,null,"\\","o",null,null,null,"o","/"]
[null,null,null,null,null,145,null,null,null,null,null,null,null,null,"\\","o",null,"o","/",null,null,null,null,null,null,null,null,null,null,null,null,null,null,null,null,null,null,null,null,null,null,5,null,null,null,null,null,"\\","o",null,"o","/"]
[null,null,null,null,null,143,null,null,null,null,null,null,null,null,null,null,"o","/",null,null,null,null,null,null,null,null,null,null,null,null,null,null,null,null,null,null,null,null,null,null,null,3,null,null,null,null,null,null,null,"o","/"]
[null,null,null,null,null,141,null,null,null,null,null,null,null,null,null,null,null,null,null,null,null,null,null,null,18,17,16,15,14,13,12,11,10,9,8,7,6,5,4,3,2,1]
[null,null,null,null,null,139]
[null,null,null,null,null,137,null,null,null,null,null,null,null,null,null,null,null,null,null,null,null,null,null,null,null,null,null,null,null,null,null,null,null,null,null,null,null,null,null,null,null,null,null,null,null,null,null,null,null,null,null,null,null,27]
[null,null,null,null,null,135,null,null,null,null,null,null,null,null,null,null,null,null,null,null,null,null,null,null,null,null,null,null,null,null,null,null,null,null,null,null,null,null,null,null,null,null,null,null,null,null,null,null,null,null,null,null,null,25]
[null,null,null,null,null,133,null,null,null,null,null,null,null,null,null,null,null,null,null,null,null,null,null,null,null,null,null,null,null,null,null,null,null,null,null,null,null,null,null,null,null,null,null,null,null,null,null,null,null,null,null,null,null,23]
[null,null,null,null,null,131,null,null,null,null,null,null,null,null,null,null,null,null,null,null,null,null,null,null,null,null,null,null,null,null,null,null,null,null,null,null,null,null,null,null,null,null,null,null,null,null,null,null,null,null,null,null,null,21]
[null,null,null,null,null,129,null,null,null,null,null,null,null,null,null,null,null,null,null,null,null,null,null,null,null,null,null,null,null,null,null,null,null,null,null,null,null,null,null,null,null,null,null,null,null,null,null,null,null,null,null,null,null,19]
[null,null,null,null,null,127,null,null,null,null,null,null,null,null,null,null,null,null,null,null,null,null,null,null,null,null,null,null,null,null,null,null,null,null,null,null,null,null,null,null,null,null,null,null,null,null,null,null,null,null,null,null,null,17]
[null,null,null,null,null,125,null,null,null,null,null,null,null,null,null,null,null,null,null,null,null,null,null,null,null,null,null,null,null,null,null,null,null,null,null,null,null,null,null,null,null,null,null,null,null,null,null,null,null,null,null,null,null,15]
[null,null,null,null,null,123,null,null,null,null,null,null,null,null,null,null,null,null,null,null,null,null,null,null,null,null,null,null,null,null,null,null,null,null,null,null,null,null,null,null,null,null,null,null,null,null,null,null,null,null,null,null,null,13]
[null,null,null,null,null,121,null,null,null,null,null,null,null,null,null,null,null,null,null,null,null,null,null,null,null,null,null,null,null,null,null,null,null,null,null,null,null,null,null,null,null,null,null,null,null,null,null,null,null,null,null,null,null,11]
[null,null,null,null,null,119,null,null,null,null,null,null,null,null,null,null,null,null,null,null,null,null,null,null,null,null,null,null,null,null,null,null,null,null,null,null,null,null,null,null,null,null,null,null,null,null,null,null,null,null,null,null,null,9]
[null,null,null,null,null,117,null,null,null,null,null,null,null,null,null,null,null,null,null,null,null,null,null,null,null,null,null,null,null,null,null,null,null,null,null,null,null,null,null,null,null,null,null,null,null,null,null,null,null,null,null,null,null,7]
[null,null,null,null,null,115,null,null,null,null,null,null,null,null,null,null,null,null,null,null,null,null,null,null,null,null,null,null,null,null,null,null,null,null,null,null,null,null,null,null,null,null,null,null,null,null,null,null,null,null,null,null,null,5]
[null,null,null,null,null,113,null,null,null,null,null,null,null,null,null,null,null,null,null,null,null,null,null,null,null,null,null,null,null,null,null,null,null,null,null,null,null,null,null,null,null,null,null,null,null,null,null,null,null,null,null,null,null,3]
[null,null,null,null,null,111,null,null,null,null,null,null,18,17,16,15,14,13,12,11,10,9,8,7,6,5,4,3,2,1,null,null,null,null,null,null,18,17,16,15,14,13,12,11,10,9,8,7,6,5,4,3,2,1]
[null,null,null,null,null,109]
[null,null,null,null,null,107,null,null,null,null,null,null,null,null,null,null,null,null,null,null,null,null,null,null,null,null,null,null,null,null,null,null,null,null,null,null,null,null,null,null,null,27]
[null,null,null,null,null,105,null,null,null,null,null,"\\","o","\\","o",null,null,null,"o","/","o","/",null,null,null,null,null,null,null,null,null,null,null,null,null,null,null,null,null,null,null,25,null,null,"\\","o","\\","o",null,null,null,"o","/","o","/"]
[null,null,null,null,null,103,null,null,null,null,null,null,"\\","o",null,"o","m","o",null,"o","/",null,null,null,null,null,null,null,null,null,null,null,null,null,null,null,null,null,null,null,null,23,null,null,null,"\\","o",null,"o","m","o",null,"o","/"]
[null,null,null,null,null,101,null,null,null,null,null,null,null,"\\","o",null,null,null,"o","/",null,null,null,null,null,null,null,null,null,null,null,null,null,null,null,null,null,null,null,null,null,21,null,null,null,null,"\\","o",null,null,null,"o","/"]
[null,null,null,null,null,99,null,null,null,null,null,null,null,null,"\\","o",null,"o","/",null,null,null,null,null,null,null,null,null,null,null,null,null,null,null,null,null,null,null,null,null,null,19,null,null,null,null,null,"\\","o",null,"o","/"]
[null,null,null,null,null,97,null,null,null,null,null,null,null,null,null,null,"o","/",null,null,null,null,null,null,null,null,null,null,null,null,null,null,null,null,null,null,null,null,null,null,null,17,null,null,null,null,null,null,null,"o","/"]
[null,null,null,null,null,95,null,null,null,null,null,null,null,null,null,null,null,null,null,null,null,null,null,null,null,null,null,null,null,null,null,null,null,null,null,null,null,null,null,null,null,15]
[null,null,null,null,null,93,null,null,null,null,null,null,null,null,null,null,null,null,null,null,null,null,null,null,null,null,null,null,null,null,null,null,null,null,null,null,null,null,null,null,null,13]
[null,null,null,null,null,91,null,null,null,null,null,"\\","o","\\","o",null,null,null,"o","/","o","/",null,null,null,null,null,null,null,null,null,null,null,null,null,null,null,null,null,null,null,11,null,null,"\\","o","\\","o",null,null,null,"o","/","o","/"]
[null,null,null,null,null,89,null,null,null,null,null,null,"\\","o",null,"o","m","o",null,"o","/",null,null,null,null,null,null,null,null,null,null,null,null,null,null,null,null,null,null,null,null,9,null,null,null,"\\","o",null,"o","m","o",null,"o","/"]
[null,null,null,null,null,87,null,null,null,null,null,null,null,"\\","o",null,null,null,"o","/",null,null,null,null,null,null,null,null,null,null,null,null,null,null,null,null,null,null,null,null,null,7,null,null,null,null,"\\","o",null,null,null,"o","/"]
[null,null,null,null,null,85,null,null,null,null,null,null,null,null,"\\","o",null,"o","/",null,null,null,null,null,null,null,null,null,null,null,null,null,null,null,null,null,null,null,null,null,null,5,null,null,null,null,null,"\\","o",null,"o","/"]
[null,null,null,null,null,83,null,null,null,null,null,null,null,null,null,null,"o","/",null,null,null,null,null,null,null,null,null,null,null,null,null,null,null,null,null,null,null,null,null,null,null,3,null,null,null,null,null,null,null,"o","/"]
[null,null,null,null,null,81,null,null,null,null,null,null,null,null,null,null,null,null,null,null,null,null,null,null,18,17,16,15,14,13,12,11,10,9,8,7,6,5,4,3,2,1]
[null,null,null,null,null,79]
[null,null,null,null,null,77,null,null,null,null,null,null,null,null,null,null,null,null,null,null,null,null,null,null,null,null,null,null,null,null,null,null,null,null,null,null,null,null,null,null,null,null,null,null,null,null,null,null,null,null,null,null,null,27]
[null,null,null,null,null,75,null,null,null,null,null,null,null,null,null,null,null,null,null,null,null,null,null,null,null,null,null,null,null,null,null,null,null,null,null,null,null,null,null,null,null,null,null,null,null,null,null,null,null,null,null,null,null,25]
[null,null,null,null,null,73,null,null,null,null,null,null,null,null,null,null,null,null,null,null,null,null,null,null,null,null,null,null,null,null,null,null,null,null,null,null,null,null,null,null,null,null,null,null,null,null,null,null,null,null,null,null,null,23]
[null,null,null,null,null,71,null,null,null,null,null,null,null,null,null,null,null,null,null,null,null,null,null,null,null,null,null,null,null,null,null,null,null,null,null,null,null,null,null,null,null,null,null,null,null,null,null,null,null,null,null,null,null,21]
[null,null,null,null,null,69,null,null,null,null,null,null,null,null,null,null,null,null,null,null,null,null,null,null,null,null,null,null,null,null,null,null,null,null,null,null,null,null,null,null,null,null,null,null,null,null,null,null,null,null,null,null,null,19]
[null,null,null,null,null,67,null,null,null,null,null,null,null,null,null,null,null,null,null,null,null,null,null,null,null,null,null,null,null,null,null,null,null,null,null,null,null,null,null,null,null,null,null,null,null,null,null,null,null,null,null,null,null,17]
[null,null,null,null,null,65,null,null,null,null,null,null,null,null,null,null,null,null,null,null,null,null,null,null,null,null,null,null,null,null,null,null,null,null,null,null,null,null,null,null,null,null,null,null,null,null,null,null,null,null,null,null,null,15]
[null,null,null,null,null,63,null,null,null,null,null,null,null,null,null,null,null,null,null,null,null,null,null,null,null,null,null,null,null,null,null,null,null,null,null,null,null,null,null,null,null,null,null,null,null,null,null,null,null,null,null,null,null,13]
[null,null,null,null,null,61,null,null,null,null,null,null,null,null,null,null,null,null,null,null,null,null,null,null,null,null,null,null,null,null,null,null,null,null,null,null,null,null,null,null,null,null,null,null,null,null,null,null,null,null,null,null,null,11]
[null,null,null,null,null,59,null,null,null,null,null,null,null,null,null,null,null,null,null,null,null,null,null,null,null,null,null,null,null,null,null,null,null,null,null,null,null,null,null,null,null,null,null,null,null,null,null,null,null,null,null,null,null,9]
[null,null,null,null,null,57,null,null,null,null,null,null,null,null,null,null,null,null,null,null,null,null,null,null,null,null,null,null,null,null,null,null,null,null,null,null,null,null,null,null,null,null,null,null,null,null,null,null,null,null,null,null,null,7]
[null,null,null,null,null,55,null,null,null,null,null,null,null,null,null,null,null,null,null,null,null,null,null,null,null,null,null,null,null,null,null,null,null,null,null,null,null,null,null,null,null,null,null,null,null,null,null,null,null,null,null,null,null,5]
[null,null,null,null,null,53,null,null,null,null,null,null,null,null,null,null,null,null,null,null,null,null,null,null,null,null,null,null,null,null,null,null,null,null,null,null,null,null,null,null,null,null,null,null,null,null,null,null,null,null,null,null,null,3]
[null,null,null,null,null,51,null,null,null,null,null,null,18,17,16,15,14,13,12,11,10,9,8,7,6,5,4,3,2,1,null,null,null,null,null,null,18,17,16,15,14,13,12,11,10,9,8,7,6,5,4,3,2,1]
[null,null,null,null,null,49]
[null,null,null,null,null,47]
[null,null,null,null,null,45,null,null,null,null,null,null,null,null,null,null,null,null,null,null,null,null,null,null,null,null,null,null,null,null,null,null,null,null,null,null,null,null,null,null,null,27]
[null,null,null,null,null,43,null,null,null,null,null,"\\","o","\\","o",null,null,null,"o","/","o","/",null,null,null,null,null,null,null,null,null,null,null,null,null,null,null,null,null,null,null,25,null,null,"\\","o","\\","o",null,null,null,"o","/","o","/"]
[null,null,null,null,null,41,null,null,null,null,null,null,"\\","o",null,"o","m","o",null,"o","/",null,null,null,null,null,null,null,null,null,null,null,null,null,null,null,null,null,null,null,null,23,null,null,null,"\\","o",null,"o","m","o",null,"o","/"]
[null,null,null,null,null,39,null,null,null,null,null,null,null,"\\","o",null,null,null,"o","/",null,null,null,null,null,null,null,null,null,null,null,null,null,null,null,null,null,null,null,null,null,21,null,null,null,null,"\\","o",null,null,null,"o","/"]
[null,null,null,null,null,37,null,null,null,null,null,null,null,null,"\\","o",null,"o","/",null,null,null,null,null,null,null,null,null,null,null,null,null,null,null,null,null,null,null,null,null,null,19,null,null,null,null,null,"\\","o",null,"o","/"]
[null,null,null,null,null,35,null,null,null,null,null,null,null,null,null,null,"o","/",null,null,null,null,null,null,null,null,null,null,null,null,null,null,null,null,null,null,null,null,null,null,null,17,null,null,null,null,null,null,null,"o","/"]
[null,null,null,null,null,33,null,null,null,null,null,null,null,null,null,null,null,null,null,null,null,null,null,null,null,null,null,null,null,null,null,null,null,null,null,null,null,null,null,null,null,15]
[null,null,null,null,null,31,null,null,null,null,null,null,null,null,null,null,null,null,null,null,null,null,null,null,null,null,null,null,null,null,null,null,null,null,null,null,null,null,null,null,null,13]
[null,null,null,null,null,29,null,null,null,null,null,"\\","o","\\","o",null,null,null,"o","/","o","/",null,null,null,null,null,null,null,null,null,null,null,null,null,null,null,null,null,null,null,11,null,null,"\\","o","\\","o",null,null,null,"o","/","o","/"]
[null,null,null,null,null,27,null,null,null,null,null,null,"\\","o",null,"o","m","o",null,"o","/",null,null,null,null,null,null,null,null,null,null,null,null,null,null,null,null,null,null,null,null,9,null,null,null,"\\","o",null,"o","m","o",null,"o","/"]
[null,null,null,null,null,25,null,null,null,null,null,null,null,"\\","o",null,null,null,"o","/",null,null,null,null,null,null,null,null,null,null,null,null,null,null,null,null,null,null,null,null,null,7,null,null,null,null,"\\","o",null,null,null,"o","/"]
[null,null,null,null,null,23,null,null,null,null,null,null,null,null,"\\","o",null,"o","/",null,null,null,null,null,null,null,null,null,null,null,null,null,null,null,null,null,null,null,null,null,null,5,null,null,null,null,null,"\\","o",null,"o","/"]
[null,null,null,null,null,21,null,null,null,"o",null,null,null,null,null,null,"o","/",null,null,null,null,null,null,null,null,null,null,null,null,null,null,null,null,null,null,null,null,null,null,null,3,null,null,null,null,null,null,null,"o","/",null,null,null,null,null,"o"]
[null,null,null,null,null,19,null,null,null,null,"o",null,null,null,null,null,null,null,null,null,null,null,null,null,18,17,16,15,14,13,12,11,10,9,8,7,6,5,4,3,2,1,null,null,null,null,null,null,null,null,null,null,null,null,null,"o"]
[null,null,null,null,null,17,null,null,null,null,null,"o",null,null,null,null,null,null,null,null,null,null,null,null,null,null,null,null,null,null,null,null,null,null,null,null,null,null,null,null,null,null,null,null,null,null,null,null,null,null,null,null,null,null,"o"]
[null,null,null,null,null,15,null,null,null,null,null,null,"o",null,null,null,null,null,null,null,null,null,null,null,null,null,null,null,null,null,null,null,null,null,null,null,null,null,null,null,null,null,null,null,null,null,null,null,null,null,null,null,null,"o"]
[null,null,null,null,null,13,null,null,null,null,null,null,null,"o",null,null,"\\","o","\\","o",null,null,null,"o","/","o","/",null,"\\","o","\\","o",null,null,null,"o","/","o","/",null,"\\","o","\\","o",null,null,null,"o","/","o","/",null,"o"]
[null,null,null,null,null,11,null,null,null,null,null,null,null,null,"o",null,null,"\\","o",null,"o","m","o",null,"o","/",null,null,null,"\\","o",null,"o","m","o",null,"o","/",null,null,null,"\\","o",null,"o","m","o",null,"o","/",null,"o"]
[null,null,null,null,null,9,null,null,null,null,null,null,null,null,null,"o",null,null,"\\","o",null,null,null,"o","/",null,null,null,null,null,"\\","o",null,null,null,"o","/",null,null,null,null,null,"\\","o",null,null,null,"o","/",null,"o"]
[null,null,null,null,null,7,null,null,null,null,null,null,null,null,null,null,"o",null,null,"\\","o",null,"o","/",null,null,null,null,null,null,null,"\\","o",null,"o","/",null,null,null,null,null,null,null,"\\","o",null,"o","/",null,"o"]
[null,null,null,null,null,5,null,null,null,null,null,null,null,null,null,null,null,"o",null,null,null,"o","/",null,null,null,null,null,null,null,null,null,null,"o","/",null,null,null,null,null,null,null,null,null,null,"o","/",null,"o"]
[null,null,null,null,null,3,null,null,null,null,null,null,null,null,null,null,null,null,"o",null,null,null,null,null,null,null,null,null,null,null,null,null,null,null,null,null,null,null,null,null,null,null,null,null,null,null,null,"o"]
[null,null,null,null,null,1]
[null,null,null,null,null,null,null,null,50,49,48,47,46,45,44,43,42,41,40,39,38,37,36,35,34,33,32,31,30,29,28,27,26,25,24,23,22,21,20,19,18,17,16,15,14,13,12,11,10,9,8,7,6,5,4,3,2,1]

{"sheet":"A Dreieck klein","index":5,"n_rows":115,"n_cols":253,"rows_kept":115,"cut":false,"hidden":false,"merged":[]}
[null,null,null,null,null,1,2,3,4,5,6,7,8,9,10,11,12,13,14,15,16,17,18,19,20,21,22,23,24,25,26,27,28,29,30,31,32,33,34,35,36,37,38,39,40,41,42,43,44,45,46,47,48,49,50,51,52,53,54,55,56,57,58,59,60,61,62,63,64,65,66,67,68,69,70,71,72,73,74,75,76,77,78,79,80,81,82,83,84,85,86,87,88,89,90,91,92,93,94,95,96,97,98,99,100,101,102,103,104,105,106,107,108,109,110,111,112,113,114,115,116,117,118,119,120,121,122,123,124,125,126,127,128,129,130,131,132,133,134,135,136,137,138,139,140,141,142,143,144,145,146,147,148,149,150,151,152,153,154,155,156,157,158,159,160,161,162,163,164,165,166,167,168,169,170,171,172,173,174,175,176,177,178,179,180,181,182,183,184,185,186,187,188,189,190,191,192,193,194,195,196,197,198,199,200,201,202,203,204,205,206,207,208,209,210,211,212,213,214,215,216,217,218,219,220,221,222,223,224,225,226,227,228,229,230,231,232,233,234,235,236,237,238,239,240,241,242,243,244,245,246,247]
[225,null,null,"\\","o","\\","o","\\","o","\\","o","\\","o","\\","o","@","o","/","o","/","o","/","o","/","o","/","o","/","\\","o","\\","o","\\","o","\\","o","\\","o","\\","o","@","o","/","o","/","o","/","o","/","o","/","o","/","\\","o","\\","o","\\","o","\\","o","\\","o","\\","o","@","o","/","o","/","o","/","o","/","o","/","o","/","\\","o","\\","o","\\","o","\\","o","\\","o","\\","o","@","o","/","o","/","o","/","o","/","o","/","o","/","\\","o","\\","o","\\","o","\\","o","\\","o","\\","o","@","o","/","o","/","o","/","o","/","o","/","o","/","\\","o","\\","o","\\","o","\\","o","\\","o","\\","o","@","o","/","o","/","o","/","o","/","o","/","o","/","\\","o","\\","o","\\","o","\\","o","\\","o","\\","o","@","o","/","o","/","o","/","o","/","o","/","o","/","\\","o","\\","o","\\","o","\\","o","\\","o","\\","o","@","o","/","o","/","o","/","o","/","o","/","o","/","\\","o","\\","o","\\","o","\\","o","\\","o","\\","o","@","o","/","o","/","o","/","o","/","o","/","o","/","\\","o","\\","o","\\","o","\\","o","\\","o","\\","o","@","o","/","o","/","o","/","o","/","o","/","o","/"]
[223,null,null,null,"\\","o","\\","o","\\","o","\\","o","\\","o",null,null,null,"o","/","o","/","o","/","o","/","o","/",null,null,"\\","o","\\","o","\\","o","\\","o","\\","o",null,null,null,"o","/","o","/","o","/","o","/","o","/",null,null,"\\","o","\\","o","\\","o","\\","o","\\","o",null,null,null,"o","/","o","/","o","/","o","/","o","/",null,null,"\\","o","\\","o","\\","o","\\","o","\\","o",null,null,null,"o","/","o","/","o","/","o","/","o","/",null,null,"\\","o","\\","o","\\","o","\\","o","\\","o",null,null,null,"o","/","o","/","o","/","o","/","o","/",null,null,"\\","o","\\","o","\\","o","\\","o","\\","o",null,null,null,"o","/","o","/","o","/","o","/","o","/",null,null,"\\","o","\\","o","\\","o","\\","o","\\","o",null,null,null,"o","/","o","/","o","/","o","/","o","/",null,null,"\\","o","\\","o","\\","o","\\","o","\\","o",null,null,null,"o","/","o","/","o","/","o","/","o","/",null,null,"\\","o","\\","o","\\","o","\\","o","\\","o",null,null,null,"o","/","o","/","o","/","o","/","o","/",null,null,"\\","o","\\","o","\\","o","\\","o","\\","o",null,null,null,"o","/","o","/","o","/","o","/","o","/"]
[221,null,null,null,null,"\\","o","\\","o","\\","o","\\","o","\\","o","@","o","/","o","/","o","/","o","/","o","/",null,null,null,null,"\\","o","\\","o","\\","o","\\","o","\\","o","@","o","/","o","/","o","/","o","/","o","/",null,null,null,null,"\\","o","\\","o","\\","o","\\","o","\\","o","@","o","/","o","/","o","/","o","/","o","/",null,null,null,null,"\\","o","\\","o","\\","o","\\","o","\\","o","@","o","/","o","/","o","/","o","/","o","/",null,null,null,null,"\\","o","\\","o","\\","o","\\","o","\\","o","@","o","/","o","/","o","/","o","/","o","/",null,null,null,null,"\\","o","\\","o","\\","o","\\","o","\\","o","@","o","/","o","/","o","/","o","/","o","/",null,null,null,null,"\\","o","\\","o","\\","o","\\","o","\\","o","@","o","/","o","/","o","/","o","/","o","/",null,null,null,null,"\\","o","\\","o","\\","o","\\","o","\\","o","@","o","/","o","/","o","/","o","/","o","/",null,null,null,null,"\\","o","\\","o","\\","o","\\","o","\\","o","@","o","/","o","/","o","/","o","/","o","/",null,null,null,null,"\\","o","\\","o","\\","o","\\","o","\\","o","@","o","/","o","/","o","/","o","/","o","/"]
[219,null,null,null,null,null,"\\","o","\\","o","\\","o","\\","o",null,null,null,"o","/","o","/","o","/","o","/",null,null,null,null,null,null,"\\","o","\\","o","\\","o","\\","o",null,null,null,"o","/","o","/","o","/","o","/",null,null,null,null,null,null,"\\","o","\\","o","\\","o","\\","o",null,null,null,"o","/","o","/","o","/","o","/",null,null,null,null,null,null,"\\","o","\\","o","\\","o","\\","o",null,null,null,"o","/","o","/","o","/","o","/",null,null,null,null,null,null,"\\","o","\\","o","\\","o","\\","o",null,null,null,"o","/","o","/","o","/","o","/",null,null,null,null,null,null,"\\","o","\\","o","\\","o","\\","o",null,null,null,"o","/","o","/","o","/","o","/",null,null,null,null,null,null,"\\","o","\\","o","\\","o","\\","o",null,null,null,"o","/","o","/","o","/","o","/",null,null,null,null,null,null,"\\","o","\\","o","\\","o","\\","o",null,null,null,"o","/","o","/","o","/","o","/",null,null,null,null,null,null,"\\","o","\\","o","\\","o","\\","o",null,null,null,"o","/","o","/","o","/","o","/",null,null,null,null,null,null,"\\","o","\\","o","\\","o","\\","o",null,null,null,"o","/","o","/","o","/","o","/"]
[217,null,null,null,null,null,null,"\\","o","\\","o","\\","o","\\","o","@","o","/","o","/","o","/","o","/",null,null,null,null,null,null,null,null,"\\","o","\\","o","\\","o","\\","o","@","o","/","o","/","o","/","o","/",null,null,null,null,null,null,null,null,"\\","o","\\","o","\\","o","\\","o","@","o","/","o","/","o","/","o","/",null,null,null,null,null,null,null,null,"\\","o","\\","o","\\","o","\\","o","@","o","/","o","/","o","/","o","/",null,null,null,null,null,null,null,null,"\\","o","\\","o","\\","o","\\","o","@","o","/","o","/","o","/","o","/",null,null,null,null,null,null,null,null,"\\","o","\\","o","\\","o","\\","o","@","o","/","o","/","o","/","o","/",null,null,null,null,null,null,null,null,"\\","o","\\","o","\\","o","\\","o","@","o","/","o","/","o","/","o","/",null,null,null,null,null,null,null,null,"\\","o","\\","o","\\","o","\\","o","@","o","/","o","/","o","/","o","/",null,null,null,null,null,null,null,null,"\\","o","\\","o","\\","o","\\","o","@","o","/","o","/","o","/","o","/",null,null,null,null,null,null,null,null,"\\","o","\\","o","\\","o","\\","o","@","o","/","o","/","o","/","o","/"]
[215,null,null,null,null,null,null,null,"\\","o","\\","o","\\","o",null,null,null,"o","/","o","/","o","/",null,null,null,null,null,null,null,null,null,null,"\\","o","\\","o","\\","o",null,null,null,"o","/","o","/","o","/",null,null,null,null,null,null,null,null,null,null,"\\","o","\\","o","\\","o",null,null,null,"o","/","o","/","o","/",null,null,null,null,null,null,null,null,null,null,"\\","o","\\","o","\\","o",null,null,null,"o","/","o","/","o","/",null,null,null,null,null,null,null,null,null,null,"\\","o","\\","o","\\","o",null,null,null,"o","/","o","/","o","/",null,null,null,null,null,null,null,null,null,null,"\\","o","\\","o","\\","o",null,null,null,"o","/","o","/","o","/",null,null,null,null,null,null,null,null,null,null,"\\","o","\\","o","\\","o",null,null,null,"o","/","o","/","o","/",null,null,null,null,null,null,null,null,null,null,"\\","o","\\","o","\\","o",null,null,null,"o","/","o","/","o","/",null,null,null,null,null,null,null,null,null,null,"\\","o","\\","o","\\","o",null,null,null,"o","/","o","/","o","/",null,null,null,null,null,null,null,null,null,null,"\\","o","\\","o","\\","o",null,null,null,"o","/","o","/","o","/"]
[213,null,null,null,null,null,null,null,null,"\\","o","\\","o","\\","o","@","o","/","o","/","o","/",null,null,null,null,null,null,null,null,null,null,null,null,"\\","o","\\","o","\\","o","@","o","/","o","/","o","/",null,null,null,null,null,null,null,null,null,null,null,null,"\\","o","\\","o","\\","o","@","o","/","o","/","o","/",null,null,null,null,null,null,null,null,null,null,null,null,"\\","o","\\","o","\\","o","@","o","/","o","/","o","/",null,null,null,null,null,null,null,null,null,null,null,null,"\\","o","\\","o","\\","o","@","o","/","o","/","o","/",null,null,null,null,null,null,null,null,null,null,null,null,"\\","o","\\","o","\\","o","@","o","/","o","/","o","/",null,null,null,null,null,null,null,null,null,null,null,null,"\\","o","\\","o","\\","o","@","o","/","o","/","o","/",null,null,null,null,null,null,null,null,null,null,null,null,"\\","o","\\","o","\\","o","@","o","/","o","/","o","/",null,null,null,null,null,null,null,null,null,null,null,null,"\\","o","\\","o","\\","o","@","o","/","o","/","o","/",null,null,null,null,null,null,null,null,null,null,null,null,"\\","o","\\","o","\\","o","@","o","/","o","/","o","/"]
[211,null,null,null,null,null,null,null,null,null,"\\","o","\\","o",null,null,null,"o","/","o","/",null,null,null,null,null,null,null,null,null,null,null,null,null,null,"\\","o","\\","o",null,null,null,"o","/","o","/",null,null,null,null,null,null,null,null,null,null,null,null,null,null,"\\","o","\\","o",null,null,null,"o","/","o","/",null,null,null,null,null,null,null,null,null,null,null,null,null,null,"\\","o","\\","o",null,null,null,"o","/","o","/",null,null,null,null,null,null,null,null,null,null,null,null,null,null,"\\","o","\\","o",null,null,null,"o","/","o","/",null,null,null,null,null,null,null,null,null,null,null,null,null,null,"\\","o","\\","o",null,null,null,"o","/","o","/",null,null,null,null,null,null,null,null,null,null,null,null,null,null,"\\","o","\\","o",null,null,null,"o","/","o","/",null,null,null,null,null,null,null,null,null,null,null,null,null,null,"\\","o","\\","o",null,null,null,"o","/","o","/",null,null,null,null,null,null,null,null,null,null,null,null,null,null,"\\","o","\\","o",null,null,null,"o","/","o","/",null,null,null,null,null,null,null,null,null,null,null,null,null,null,"\\","o","\\","o",null,null,null,"o","/","o","/"]
[209,null,null,null,null,null,null,null,null,null,null,"\\","o","\\","o","@","o","/","o","/",null,null,null,null,null,null,null,null,null,null,null,null,null,null,null,null,"\\","o","\\","o","@","o","/","o","/",null,null,null,null,null,null,null,null,null,null,null,null,null,null,null,null,"\\","o","\\","o","@","o","/","o","/",null,null,null,null,null,null,null,null,null,null,null,null,null,null,null,null,"\\","o","\\","o","@","o","/","o","/",null,null,null,null,null,null,null,null,null,null,null,null,null,null,null,null,"\\","o","\\","o","@","o","/","o","/",null,null,null,null,null,null,null,null,null,null,null,null,null,null,null,null,"\\","o","\\","o","@","o","/","o","/",null,null,null,null,null,null,null,null,null,null,null,null,null,null,null,null,"\\","o","\\","o","@","o","/","o","/",null,null,null,null,null,null,null,null,null,null,null,null,null,null,null,null,"\\","o","\\","o","@","o","/","o","/",null,null,null,null,null,null,null,null,null,null,null,null,null,null,null,null,"\\","o","\\","o","@","o","/","o","/",null,null,null,null,null,null,null,null,null,null,null,null,null,null,null,null,"\\","o","\\","o","@","o","/","o","/"]
[207,null,null,null,null,null,null,null,null,null,null,null,"\\","o",null,null,null,"o","/",null,null,null,null,null,null,null,null,null,null,null,null,null,null,null,null,null,null,"\\","o",null,null,null,"o","/",null,null,null,null,null,null,null,null,null,null,null,null,null,null,null,null,null,null,"\\","o",null,null,null,"o","/",null,null,null,null,null,null,null,null,null,null,null,null,null,null,null,null,null,null,"\\","o",null,null,null,"o","/",null,null,null,null,null,null,null,null,null,null,null,null,null,null,null,null,null,null,"\\","o",null,null,null,"o","/",null,null,null,null,null,null,null,null,null,null,null,null,null,null,null,null,null,null,"\\","o",null,null,null,"o","/",null,null,null,null,null,null,null,null,null,null,null,null,null,null,null,null,null,null,"\\","o",null,null,null,"o","/",null,null,null,null,null,null,null,null,null,null,null,null,null,null,null,null,null,null,"\\","o",null,null,null,"o","/",null,null,null,null,null,null,null,null,null,null,null,null,null,null,null,null,null,null,"\\","o",null,null,null,"o","/",null,null,null,null,null,null,null,null,null,null,null,null,null,null,null,null,null,null,"\\","o",null,null,null,"o","/"]
[205,null,null,null,null,null,null,null,null,null,null,null,null,"\\","o","@","o","/",null,null,null,null,null,null,null,null,null,null,null,null,null,null,null,null,null,null,null,null,"\\","o","@","o","/",null,null,null,null,null,null,null,null,null,null,null,null,null,null,null,null,null,null,null,null,"\\","o","@","o","/",null,null,null,null,null,null,null,null,null,null,null,null,null,null,null,null,null,null,null,null,"\\","o","@","o","/",null,null,null,null,null,null,null,null,null,null,null,null,null,null,null,null,null,null,null,null,"\\","o","@","o","/",null,null,null,null,null,null,null,null,null,null,null,null,null,null,null,null,null,null,null,null,"\\","o","@","o","/",null,null,null,null,null,null,null,null,null,null,null,null,null,null,null,null,null,null,null,null,"\\","o","@","o","/",null,null,null,null,null,null,null,null,null,null,null,null,null,null,null,null,null,null,null,null,"\\","o","@","o","/",null,null,null,null,null,null,null,null,null,null,null,null,null,null,null,null,null,null,null,null,"\\","o","@","o","/",null,null,null,null,null,null,null,null,null,null,null,null,null,null,null,null,null,null,null,null,"\\","o","@","o","/"]
[203,null,null,null,null,null,null,null,null,null,null,null,null,null,null,null,null,null,null,null,null,null,null,null,null,null,null,null,null,null,null,null,null,null,null,null,null,null,null,null,null,null,null,null,null,null,null,null,null,null,null,null,null,null,null,null,null,null,null,null,null,null,null,null,null,null,null,null,null,null,null,null,null,null,null,null,"c",null,null,null,null,null,null,null,null,null,null,null,null,null,null,null,null,null,null,null,null,null,null,null,null,null,null,null,null,null,null,null,null,null,null,null,null,null,null,null,null,null,null,null,null,null,null,null,null,null,null,null,"c",null,null,null,null,null,null,null,null,null,null,null,null,null,null,null,null,null,null,null,null,null,null,null,null,null,null,null,null,null,null,null,null,null,null,null,null,null,null,null,null,null,null,null,null,null,null,null,null,null,"c"]
[201,null,null,null,null,"o",null,null,null,"\\","o","\\","o",null,null,null,"o","/","o","/",null,null,null,"\\","o","\\","o",null,null,null,"o","/","o","/",null,null,null,"\\","o","\\","o",null,null,null,"o","/","o","/",null,null,null,null,null,null,null,null,null,null,null,null,null,null,null,null,null,null,null,null,null,null,null,null,null,null,null,null,null,null,null,null,null,null,null,null,null,null,null,null,null,null,null,null,null,null,null,null,null,null,null,null,null,null,null,null,null,null,null,null,null,null,null,null,null,null,null,null,null,null,null,null,null,null,null,null,null,null,null,null,null,null,null,null,null,null,null,null,null,null,null,null,null,null,null,null,null,null,null,null,null,null,null,null,null,null,null,null,null,null,null,null,null,null,null,null,null,null,null,null,null,null,null,null,null,null,null,null,null,null,null,null,null,null,null,null,null,null,null,null,null,null,null,null,null,null,null,null,null,null,null,null,null,null,null,null,null,null,null,null,null,"\\","o","\\","o",null,null,null,"o","/","o","/",null,null,null,"\\","o","\\","o",null,null,null,"o","/","o","/",null,null,null,"\\","o","\\","o",null,null,null,"o","/","o","/",null,null,null,"o"]
[199,null,null,null,null,null,"o",null,null,null,"\\","o",null,"o","m","o",null,"o","/",null,null,null,null,null,"\\","o",null,"o","m","o",null,"o","/",null,null,null,null,null,"\\","o",null,"o","m","o",null,"o","/",null,null,null,null,null,null,null,null,null,null,null,null,null,null,null,null,14,null,null,null,null,null,null,null,null,null,null,null,null,null,null,null,null,null,null,null,null,null,null,null,"o","\\","o","\\","o","m","o","\\","o","\\","o",null,"o","\\","o","\\","o","m","o","\\","o","\\","o",null,"o","\\","o","\\","o","m","o","\\","o","\\","o",null,"o","\\","o","\\","o","m","o","\\","o","\\","o",null,"o","\\","o","\\","o","m","o","\\","o","\\","o",null,"o","\\","o","\\","o","m","o","\\","o","\\","o",null,"o","\\","o","\\","o","m","o","\\","o","\\","o",null,null,null,null,null,null,14,null,null,null,null,null,null,null,null,null,null,null,null,null,null,null,null,null,null,null,null,null,null,null,null,null,null,null,null,null,null,null,null,null,"\\","o",null,"o","m","o",null,"o","/",null,null,null,null,null,"\\","o",null,"o","m","o",null,"o","/",null,null,null,null,null,"\\","o",null,"o","m","o",null,"o","/",null,null,null,"o"]
[197,null,null,null,null,null,null,"o",null,null,null,"\\","o",null,null,null,"o","/",null,null,null,null,null,null,null,"\\","o",null,null,null,"o","/",null,null,null,null,null,null,null,"\\","o",null,null,null,"o","/",null,null,null,null,null,null,null,null,null,null,null,null,null,null,null,null,null,13,null,null,null,null,null,null,null,null,null,null,null,null,null,null,null,null,null,null,null,null,null,null,null,null,"o","\\","o",null,"m",null,"o","\\","o",null,null,null,"o","\\","o",null,"m",null,"o","\\","o",null,null,null,"o","\\","o",null,"m",null,"o","\\","o",null,null,null,"o","\\","o",null,"m",null,"o","\\","o",null,null,null,"o","\\","o",null,"m",null,"o","\\","o",null,null,null,"o","\\","o",null,"m",null,"o","\\","o",null,null,null,"o","\\","o",null,"m",null,"o","\\","o",null,null,null,null,null,null,null,13,null,null,null,null,null,null,null,null,null,null,null,null,null,null,null,null,null,null,null,null,null,null,null,null,null,null,null,null,null,null,null,null,null,null,"\\","o",null,null,null,"o","/",null,null,null,null,null,null,null,"\\","o",null,null,null,"o","/",null,null,null,null,null,null,null,"\\","o",null,null,null,"o","/",null,null,null,"o"]
[195,null,null,null,null,null,null,null,"o",null,null,null,"\\","o",null,"o","/",null,null,null,null,null,null,null,null,null,"\\","o",null,"o","/",null,null,null,null,null,null,null,null,null,"\\","o",null,"o","/",null,null,null,null,null,null,null,null,null,null,null,null,null,null,null,null,null,null,12,null,null,null,null,null,null,null,null,null,null,null,null,null,null,null,null,null,null,null,null,null,null,null,"o","\\","o",null,null,"m",null,null,"o","\\","o",null,"o","\\","o",null,null,"m",null,null,"o","\\","o",null,"o","\\","o",null,null,"m",null,null,"o","\\","o",null,"o","\\","o",null,null,"m",null,null,"o","\\","o",null,"o","\\","o",null,null,"m",null,null,"o","\\","o",null,"o","\\","o",null,null,"m",null,null,"o","\\","o",null,"o","\\","o",null,null,"m",null,null,"o","\\","o",null,null,null,null,null,null,12,null,null,null,null,null,null,null,null,null,null,null,null,null,null,null,null,null,null,null,null,null,null,null,null,null,null,null,null,null,null,null,null,null,null,null,"\\","o",null,"o","/",null,null,null,null,null,null,null,null,null,"\\","o",null,"o","/",null,null,null,null,null,null,null,null,null,"\\","o",null,"o","/",null,null,null,"o"]
[193,null,null,null,null,null,null,null,null,"o",null,null,null,null,"o","/",null,null,null,null,null,null,null,null,null,null,null,null,"o","/",null,null,null,null,null,null,null,null,null,null,null,null,"o","/",null,null,null,null,null,null,null,null,null,null,null,null,null,null,null,null,null,null,null,11,null,null,null,null,null,null,null,null,null,null,null,null,null,null,null,null,null,null,null,null,null,null,null,null,"o",null,null,null,"m",null,null,null,"o",null,null,null,"o",null,null,null,"m",null,null,null,"o",null,null,null,"o",null,null,null,"m",null,null,null,"o",null,null,null,"o",null,null,null,"m",null,null,null,"o",null,null,null,"o",null,null,null,"m",null,null,null,"o",null,null,null,"o",null,null,null,"m",null,null,null,"o",null,null,null,"o",null,null,null,"m",null,null,null,"o",null,null,null,null,null,null,null,11,null,null,null,null,null,null,null,null,null,null,null,null,null,null,null,null,null,null,null,null,null,null,null,null,null,null,null,null,null,null,null,null,null,null,null,null,null,"o","/",null,null,null,null,null,null,null,null,null,null,null,null,"o","/",null,null,null,null,null,null,null,null,null,null,null,null,"o","/",null,null,null,"o"]
[191,null,null,null,null,null,null,null,null,null,"o",null,null,null,null,null,null,null,null,null,null,null,null,null,null,null,null,null,null,null,null,null,null,null,null,null,null,null,null,null,null,null,null,null,null,null,null,null,null,null,null,null,null,null,null,null,null,null,null,null,null,null,null,10,null,null,null,null,null,null,null,null,null,null,null,null,null,null,null,null,null,null,null,null,null,null,null,"o",null,null,null,null,"m",null,null,null,null,"o",null,"o",null,null,null,null,"m",null,null,null,null,"o",null,"o",null,null,null,null,"m",null,null,null,null,"o",null,"o",null,null,null,null,"m",null,null,null,null,"o",null,"o",null,null,null,null,"m",null,null,null,null,"o",null,"o",null,null,null,null,"m",null,null,null,null,"o",null,"o",null,null,null,null,"m",null,null,null,null,"o",null,null,null,null,null,null,10,null,null,null,null,null,null,null,null,null,null,null,null,null,null,null,null,null,null,null,null,null,null,null,null,null,null,null,null,null,null,null,null,null,null,null,null,null,null,null,null,null,null,null,null,null,null,null,null,null,null,null,null,null,null,null,null,null,null,null,null,null,null,null,null,null,null,null,null,null,"o"]
[189,null,null,null,null,null,null,null,null,null,null,"o",null,null,null,null,null,null,null,null,null,null,null,null,null,null,null,null,null,null,null,null,null,null,null,null,null,null,null,null,null,null,null,null,null,null,null,null,null,null,null,null,null,null,null,null,null,null,null,null,null,null,null,9,null,null,null,null,null,null,null,null,null,null,null,null,null,null,null,null,null,null,null,null,null,null,null,"o","\\","o","\\","o","m","o","\\","o","\\","o",null,"o","\\","o","\\","o","m","o","\\","o","\\","o",null,"o","\\","o","\\","o","m","o","\\","o","\\","o",null,"o","\\","o","\\","o","m","o","\\","o","\\","o",null,"o","\\","o","\\","o","m","o","\\","o","\\","o",null,"o","\\","o","\\","o","m","o","\\","o","\\","o",null,"o","\\","o","\\","o","m","o","\\","o","\\","o",null,null,null,null,null,null,9,null,null,null,null,null,null,null,null,null,null,null,null,null,null,null,null,null,null,null,null,null,null,null,null,null,null,null,null,null,null,null,null,null,null,null,null,null,null,null,null,null,null,null,null,null,null,null,null,null,null,null,null,null,null,null,null,null,null,null,null,null,null,null,null,null,null,null,null,"o"]
[187,null,null,null,null,null,null,null,null,null,null,null,"o",null,null,null,"\\","o","\\","o",null,null,null,"o","/","o","/",null,null,null,"\\","o","\\","o",null,null,null,"o","/","o","/",null,null,null,"\\","o","\\","o",null,null,null,"o","/","o","/",null,null,null,null,null,null,null,null,8,null,null,null,null,null,null,null,null,null,null,null,null,null,null,null,null,null,null,null,null,null,null,null,null,"o","\\","o",null,"m",null,"o","\\","o",null,null,null,"o","\\","o",null,"m",null,"o","\\","o",null,null,null,"o","\\","o",null,"m",null,"o","\\","o",null,null,null,"o","\\","o",null,"m",null,"o","\\","o",null,null,null,"o","\\","o",null,"m",null,"o","\\","o",null,null,null,"o","\\","o",null,"m",null,"o","\\","o",null,null,null,"o","\\","o",null,"m",null,"o","\\","o",null,null,null,null,null,null,null,8,null,null,null,null,null,null,null,null,null,null,null,null,null,null,null,null,null,null,null,null,null,null,null,null,null,"\\","o","\\","o",null,null,null,"o","/","o","/",null,null,null,"\\","o","\\","o",null,null,null,"o","/","o","/",null,null,null,"\\","o","\\","o",null,null,null,"o","/","o","/",null,null,null,"o"]
[185,null,null,null,null,null,null,null,null,null,null,null,null,"o",null,null,null,"\\","o",null,"o","m","o",null,"o","/",null,null,null,null,null,"\\","o",null,"o","m","o",null,"o","/",null,null,null,null,null,"\\","o",null,"o","m","o",null,"o","/",null,null,null,null,null,null,null,null,null,7,null,null,null,null,null,null,null,null,null,null,null,null,null,null,null,null,null,null,null,null,null,null,null,"o","\\","o",null,null,"m",null,null,"o","\\","o",null,"o","\\","o",null,null,"m",null,null,"o","\\","o",null,"o","\\","o",null,null,"m",null,null,"o","\\","o",null,"o","\\","o",null,null,"m",null,null,"o","\\","o",null,"o","\\","o",null,null,"m",null,null,"o","\\","o",null,"o","\\","o",null,null,"m",null,null,"o","\\","o",null,"o","\\","o",null,null,"m",null,null,"o","\\","o",null,null,null,null,null,null,7,null,null,null,null,null,null,null,null,null,null,null,null,null,null,null,null,null,null,null,null,null,null,null,null,null,null,"\\","o",null,"o","m","o",null,"o","/",null,null,null,null,null,"\\","o",null,"o","m","o",null,"o","/",null,null,null,null,null,"\\","o",null,"o","m","o",null,"o","/",null,null,null,"o"]
[183,null,null,null,null,null,null,null,null,null,null,null,null,null,"o",null,null,null,"\\","o",null,null,null,"o","/",null,null,null,null,null,null,null,"\\","o",null,null,null,"o","/",null,null,null,null,null,null,null,"\\","o",null,null,null,"o","/",null,null,null,null,null,null,null,null,null,null,6,null,null,null,null,null,null,null,null,null,null,null,null,null,null,null,null,null,null,null,null,null,null,null,null,"o",null,null,null,"m",null,null,null,"o",null,null,null,"o",null,null,null,"m",null,null,null,"o",null,null,null,"o",null,null,null,"m",null,null,null,"o",null,null,null,"o",null,null,null,"m",null,null,null,"o",null,null,null,"o",null,null,null,"m",null,null,null,"o",null,null,null,"o",null,null,null,"m",null,null,null,"o",null,null,null,"o",null,null,null,"m",null,null,null,"o",null,null,null,null,null,null,null,6,null,null,null,null,null,null,null,null,null,null,null,null,null,null,null,null,null,null,null,null,null,null,null,null,null,null,null,"\\","o",null,null,null,"o","/",null,null,null,null,null,null,null,"\\","o",null,null,null,"o","/",null,null,null,null,null,null,null,"\\","o",null,null,null,"o","/",null,null,null,"o"]
[181,null,null,null,null,null,null,null,null,null,null,null,null,null,null,"o",null,null,null,"\\","o",null,"o","/",null,null,null,null,null,null,null,null,null,"\\","o",null,"o","/",null,null,null,null,null,null,null,null,null,"\\","o",null,"o","/",null,null,null,null,null,null,null,null,null,null,null,5,null,null,null,null,null,null,null,null,null,null,null,null,null,null,null,null,null,null,null,null,null,null,null,"o",null,null,null,null,"m",null,null,null,null,"o",null,"o",null,null,null,null,"m",null,null,null,null,"o",null,"o",null,null,null,null,"m",null,null,null,null,"o",null,"o",null,null,null,null,"m",null,null,null,null,"o",null,"o",null,null,null,null,"m",null,null,null,null,"o",null,"o",null,null,null,null,"m",null,null,null,null,"o",null,"o",null,null,null,null,"m",null,null,null,null,"o",null,null,null,null,null,null,5,null,null,null,null,null,null,null,null,null,null,null,null,null,null,null,null,null,null,null,null,null,null,null,null,null,null,null,null,"\\","o",null,"o","/",null,null,null,null,null,null,null,null,null,"\\","o",null,"o","/",null,null,null,null,null,null,null,null,null,"\\","o",null,"o","/",null,null,null,"o"]
[179,null,null,null,null,null,null,null,null,null,null,null,null,null,null,null,"o",null,null,null,null,"o","/",null,null,null,null,null,null,null,null,null,null,null,null,"o","/",null,null,null,null,null,null,null,null,null,null,null,null,"o","/",null,null,null,null,null,null,null,null,null,null,null,null,4,null,null,null,null,null,null,null,null,null,null,null,null,null,null,null,null,null,null,null,null,null,null,null,"o","\\","o","\\","o","m","o","\\","o","\\","o",null,"o","\\","o","\\","o","m","o","\\","o","\\","o",null,"o","\\","o","\\","o","m","o","\\","o","\\","o",null,"o","\\","o","\\","o","m","o","\\","o","\\","o",null,"o","\\","o","\\","o","m","o","\\","o","\\","o",null,"o","\\","o","\\","o","m","o","\\","o","\\","o",null,"o","\\","o","\\","o","m","o","\\","o","\\","o",null,null,null,null,null,null,4,null,null,null,null,null,null,null,null,null,null,null,null,null,null,null,null,null,null,null,null,null,null,null,null,null,null,null,null,null,null,"o","/",null,null,null,null,null,null,null,null,null,null,null,null,"o","/",null,null,null,null,null,null,null,null,null,null,null,null,"o","/",null,null,null,"o"]
[177,null,null,null,null,null,null,null,null,null,null,null,null,null,null,null,null,"o",null,null,null,null,null,null,null,null,null,null,null,null,null,null,null,null,null,null,null,null,null,null,null,null,null,null,null,null,null,null,null,null,null,null,null,null,null,null,null,null,null,null,null,null,null,3,null,null,null,null,null,null,null,null,null,null,null,null,null,null,null,null,null,null,null,null,null,null,null,null,"o","\\","o",null,"m",null,"o","\\","o",null,null,null,"o","\\","o",null,"m",null,"o","\\","o",null,null,null,"o","\\","o",null,"m",null,"o","\\","o",null,null,null,"o","\\","o",null,"m",null,"o","\\","o",null,null,null,"o","\\","o",null,"m",null,"o","\\","o",null,null,null,"o","\\","o",null,"m",null,"o","\\","o",null,null,null,"o","\\","o",null,"m",null,"o","\\","o",null,null,null,null,null,null,null,3,null,null,null,null,null,null,null,null,null,null,null,null,null,null,null,null,null,null,null,null,null,null,null,null,null,null,null,null,null,null,null,null,null,null,null,null,null,null,null,null,null,null,null,null,null,null,null,null,null,null,null,null,null,null,null,null,null,null,null,null,null,null,"o"]
[175,null,null,null,null,null,null,null,null,null,null,null,null,null,null,null,null,null,"o",null,null,null,null,null,null,null,null,null,null,null,null,null,null,null,null,null,null,null,null,null,null,null,null,null,null,null,null,null,null,null,null,null,null,null,null,null,null,null,null,null,null,null,null,2,null,null,null,null,null,null,null,null,null,null,null,null,null,null,null,null,null,null,null,null,null,null,null,"o","\\","o",null,null,"m",null,null,"o","\\","o",null,"o","\\","o",null,null,"m",null,null,"o","\\","o",null,"o","\\","o",null,null,"m",null,null,"o","\\","o",null,"o","\\","o",null,null,"m",null,null,"o","\\","o",null,"o","\\","o",null,null,"m",null,null,"o","\\","o",null,"o","\\","o",null,null,"m",null,null,"o","\\","o",null,"o","\\","o",null,null,"m",null,null,"o","\\","o",null,null,null,null,null,null,2,null,null,null,null,null,null,null,null,null,null,null,null,null,null,null,null,null,null,null,null,null,null,null,null,null,null,null,null,null,null,null,null,null,null,null,null,null,null,null,null,null,null,null,null,null,null,null,null,null,null,null,null,null,null,null,null,null,null,null,null,null,"o"]
[173,null,null,null,null,null,null,null,null,null,null,null,null,null,null,null,null,null,null,"o",null,null,null,"\\","o","\\","o",null,null,null,"o","/","o","/",null,null,null,"\\","o","\\","o",null,null,null,"o","/","o","/",null,null,null,"\\","o","\\","o",null,null,null,"o","/","o","/",null,1,2,3,4,5,6,7,8,9,null,11,12,13,14,15,16,17,18,null,null,null,null,null,null,null,"o",null,null,null,"m",null,null,null,"o",null,null,null,"o",null,null,null,"m",null,null,null,"o",null,null,null,"o",null,null,null,"m",null,null,null,"o",null,null,null,"o",null,null,null,"m",null,null,null,"o",null,null,null,"o",null,null,null,"m",null,null,null,"o",null,null,null,"o",null,null,null,"m",null,null,null,"o",null,null,null,"o",null,null,null,"m",null,null,null,"o",null,null,null,null,null,null,null,1,2,3,4,5,6,7,8,9,null,11,12,13,14,15,16,17,18,null,"\\","o","\\","o",null,null,null,"o","/","o","/",null,null,null,"\\","o","\\","o",null,null,null,"o","/","o","/",null,null,null,"\\","o","\\","o",null,null,null,"o","/","o","/",null,null,null,"o"]
[171,null,null,null,null,null,null,null,null,null,null,null,null,null,null,null,null,null,null,null,"o",null,null,null,"\\","o",null,"o","m","o",null,"o","/",null,null,null,null,null,"\\","o",null,"o","m","o",null,"o","/",null,null,null,null,null,"\\","o",null,"o","m","o",null,"o","/",null,null,null,null,null,null,null,null,null,null,null,null,null,null,null,null,null,null,null,null,null,null,null,null,null,null,"o",null,null,null,null,"m",null,null,null,null,"o",null,"o",null,null,null,null,"m",null,null,null,null,"o",null,"o",null,null,null,null,"m",null,null,null,null,"o",null,"o",null,null,null,null,"m",null,null,null,null,"o",null,"o",null,null,null,null,"m",null,null,null,null,"o",null,"o",null,null,null,null,"m",null,null,null,null,"o",null,"o",null,null,null,null,"m",null,null,null,null,"o",null,null,null,null,null,null,4,null,null,null,null,null,null,null,null,null,null,null,null,null,null,null,null,null,null,null,"\\","o",null,"o","m","o",null,"o","/",null,null,null,null,null,"\\","o",null,"o","m","o",null,"o","/",null,null,null,null,null,"\\","o",null,"o","m","o",null,"o","/",null,null,null,"o"]
[169,null,null,null,null,null,null,null,null,null,null,null,null,null,null,null,null,null,null,null,null,"o",null,null,null,"\\","o",null,null,null,"o","/",null,null,null,null,null,null,null,"\\","o",null,null,null,"o","/",null,null,null,null,null,null,null,"\\","o",null,null,null,"o","/",null,null,null,null,null,null,null,null,null,null,null,null,null,null,null,null,null,null,null,null,null,null,null,null,null,null,null,null,null,null,null,null,null,null,null,null,null,null,null,"o","\\","o","\\","o","m","o","\\","o","\\","o",null,"o","\\","o","\\","o","m","o","\\","o","\\","o",null,"o","\\","o","\\","o","m","o","\\","o","\\","o",null,"o","\\","o","\\","o","m","o","\\","o","\\","o",null,"o","\\","o","\\","o","m","o","\\","o","\\","o",null,null,null,null,null,null,null,null,null,null,null,null,null,null,null,null,null,null,3,null,null,null,null,null,null,null,null,null,null,null,null,null,null,null,null,null,null,null,null,"\\","o",null,null,null,"o","/",null,null,null,null,null,null,null,"\\","o",null,null,null,"o","/",null,null,null,null,null,null,null,"\\","o",null,null,null,"o","/",null,null,null,"o"]
[167,null,null,null,null,null,null,null,null,null,null,null,null,null,null,null,null,null,null,null,null,null,"o",null,null,null,"\\","o",null,"o","/",null,null,null,null,null,null,null,null,null,"\\","o",null,"o","/",null,null,null,null,null,null,null,null,null,"\\","o",null,"o","/",null,null,null,null,null,null,null,null,null,null,null,null,null,null,null,null,null,null,14,null,null,null,null,null,null,null,null,null,null,null,null,null,null,null,null,null,null,null,null,null,null,"o","\\","o",null,"m",null,"o","\\","o",null,null,null,"o","\\","o",null,"m",null,"o","\\","o",null,null,null,"o","\\","o",null,"m",null,"o","\\","o",null,null,null,"o","\\","o",null,"m",null,"o","\\","o",null,null,null,"o","\\","o",null,"m",null,"o","\\","o",null,null,null,null,null,14,null,null,null,null,null,null,null,null,null,null,null,null,null,null,null,null,null,null,null,null,null,null,null,null,null,null,null,null,null,null,null,null,null,null,null,"\\","o",null,"o","/",null,null,null,null,null,null,null,null,null,"\\","o",null,"o","/",null,null,null,null,null,null,null,null,null,"\\","o",null,"o","/",null,null,null,"o"]
[165,null,null,null,null,null,null,null,null,null,null,null,null,null,null,null,null,null,null,null,null,null,null,"o",null,null,null,null,"o","/",null,null,null,null,null,null,null,null,null,null,null,null,"o","/",null,null,null,null,null,null,null,null,null,null,null,null,"o","/",null,null,null,null,null,null,null,null,null,null,null,null,null,null,null,null,null,null,null,13,null,null,null,null,null,null,null,null,null,null,null,null,null,null,null,null,null,null,null,null,null,"o","\\","o",null,null,"m",null,null,"o","\\","o",null,"o","\\","o",null,null,"m",null,null,"o","\\","o",null,"o","\\","o",null,null,"m",null,null,"o","\\","o",null,"o","\\","o",null,null,"m",null,null,"o","\\","o",null,"o","\\","o",null,null,"m",null,null,"o","\\","o",null,null,null,null,13,null,null,null,null,null,null,null,null,null,null,null,null,null,null,null,null,null,5,6,7,8,9,null,11,12,13,14,15,16,17,18,null,null,null,null,null,null,"o","/",null,null,null,null,null,null,null,null,null,null,null,null,"o","/",null,null,null,null,null,null,null,null,null,null,null,null,"o","/",null,null,null,"o"]
[163,null,null,null,null,null,null,null,null,null,null,null,null,null,null,null,null,null,null,null,null,null,null,null,"o",null,null,null,null,null,null,null,null,null,null,null,null,null,null,null,null,null,null,null,null,null,null,null,null,null,null,null,null,null,null,null,null,null,null,null,null,null,null,null,null,null,null,null,null,null,null,null,null,null,null,null,null,12,null,null,null,null,null,null,null,null,null,null,null,null,null,null,null,null,null,null,null,null,null,null,"o",null,null,null,"m",null,null,null,"o",null,null,null,"o",null,null,null,"m",null,null,null,"o",null,null,null,"o",null,null,null,"m",null,null,null,"o",null,null,null,"o",null,null,null,"m",null,null,null,"o",null,null,null,"o",null,null,null,"m",null,null,null,"o",null,null,null,null,null,12,null,null,null,null,null,null,null,null,null,null,null,null,null,null,null,null,null,null,null,null,null,null,null,null,null,null,null,null,null,null,null,null,null,null,null,null,null,null,null,null,null,null,null,null,null,null,null,null,null,null,null,null,null,null,null,null,null,null,null,null,null,null,null,null,null,null,null,null,null,"o"]
[161,null,null,null,null,null,null,null,null,null,null,null,null,null,null,null,null,null,null,null,null,null,null,null,null,"o",null,null,null,null,null,null,null,null,null,null,null,null,null,null,null,null,null,null,null,null,null,null,null,null,null,null,null,null,null,null,null,null,null,null,null,null,null,null,null,null,null,null,null,null,null,null,null,null,null,null,null,11,null,null,null,null,null,null,null,null,null,null,null,null,null,null,null,null,null,null,null,null,null,"o",null,null,null,null,"m",null,null,null,null,"o",null,"o",null,null,null,null,"m",null,null,null,null,"o",null,"o",null,null,null,null,"m",null,null,null,null,"o",null,"o",null,null,null,null,"m",null,null,null,null,"o",null,"o",null,null,null,null,"m",null,null,null,null,"o",null,null,null,null,11,null,null,null,null,null,null,null,null,null,null,null,null,null,null,null,null,null,null,null,null,null,null,null,null,null,null,null,null,null,null,null,null,null,null,null,null,null,null,null,null,null,null,null,null,null,null,null,null,null,null,null,null,null,null,null,null,null,null,null,null,null,null,null,null,null,null,null,null,"o"]
[159,null,null,null,null,null,null,null,null,null,null,null,null,null,null,null,null,null,null,null,null,null,null,null,null,null,"o",null,null,null,"\\","o","\\","o",null,null,null,"o","/","o","/",null,null,null,"\\","o","\\","o",null,null,null,"o","/","o","/",null,null,null,"\\","o","\\","o",null,null,null,"o","/","o","/",null,null,null,null,null,null,null,null,10,null,null,null,null,null,null,null,null,null,null,null,null,null,null,null,null,null,null,null,null,null,"o","\\","o","\\","o","m","o","\\","o","\\","o",null,"o","\\","o","\\","o","m","o","\\","o","\\","o",null,"o","\\","o","\\","o","m","o","\\","o","\\","o",null,"o","\\","o","\\","o","m","o","\\","o","\\","o",null,"o","\\","o","\\","o","m","o","\\","o","\\","o",null,null,null,null,10,null,null,null,null,null,null,null,null,null,null,null,null,null,null,null,null,null,null,null,null,null,null,null,null,null,"\\","o","\\","o",null,null,null,"o","/","o","/",null,null,null,"\\","o","\\","o",null,null,null,"o","/","o","/",null,null,null,"\\","o","\\","o",null,null,null,"o","/","o","/",null,null,null,"o"]
[157,null,null,null,null,null,null,null,null,null,null,null,null,null,null,null,null,null,null,null,null,null,null,null,null,null,null,"o",null,null,null,"\\","o",null,"o","m","o",null,"o","/",null,null,null,null,null,"\\","o",null,"o","m","o",null,"o","/",null,null,null,null,null,"\\","o",null,"o","m","o",null,"o","/",null,null,null,null,null,null,null,null,null,9,null,null,null,null,null,null,null,null,null,null,null,null,null,null,null,null,null,null,null,null,null,null,"o","\\","o",null,"m",null,"o","\\","o",null,null,null,"o","\\","o",null,"m",null,"o","\\","o",null,null,null,"o","\\","o",null,"m",null,"o","\\","o",null,null,null,"o","\\","o",null,"m",null,"o","\\","o",null,null,null,"o","\\","o",null,"m",null,"o","\\","o",null,null,null,null,null,9,null,null,null,null,null,null,null,null,null,null,null,null,null,null,null,null,null,null,null,null,null,null,null,null,null,null,"\\","o",null,"o","m","o",null,"o","/",null,null,null,null,null,"\\","o",null,"o","m","o",null,"o","/",null,null,null,null,null,"\\","o",null,"o","m","o",null,"o","/",null,null,null,"o"]
[155,null,null,null,null,null,null,null,null,null,null,null,null,null,null,null,null,null,null,null,null,null,null,null,null,null,null,null,"o",null,null,null,"\\","o",null,null,null,"o","/",null,null,null,null,null,null,null,"\\","o",null,null,null,"o","/",null,null,null,null,null,null,null,"\\","o",null,null,null,"o","/",null,null,null,null,null,null,null,null,null,null,8,null,null,null,null,null,null,null,null,null,null,null,null,null,null,null,null,null,null,null,null,null,"o","\\","o",null,null,"m",null,null,"o","\\","o",null,"o","\\","o",null,null,"m",null,null,"o","\\","o",null,"o","\\","o",null,null,"m",null,null,"o","\\","o",null,"o","\\","o",null,null,"m",null,null,"o","\\","o",null,"o","\\","o",null,null,"m",null,null,"o","\\","o",null,null,null,null,8,null,null,null,null,null,null,null,null,null,null,null,null,null,null,null,null,null,null,null,null,null,null,null,null,null,null,null,"\\","o",null,null,null,"o","/",null,null,null,null,null,null,null,"\\","o",null,null,null,"o","/",null,null,null,null,null,null,null,"\\","o",null,null,null,"o","/",null,null,null,"o"]
[153,null,null,null,null,null,null,null,null,null,null,null,null,null,null,null,null,null,null,null,null,null,null,null,null,null,null,null,null,"o",null,null,null,"\\","o",null,"o","/",null,null,null,null,null,null,null,null,null,"\\","o",null,"o","/",null,null,null,null,null,null,null,null,null,"\\","o",null,"o","/",null,null,null,null,null,null,null,null,null,null,null,7,null,null,null,null,null,null,null,null,null,null,null,null,null,null,null,null,null,null,null,null,null,null,"o",null,null,null,"m",null,null,null,"o",null,null,null,"o",null,null,null,"m",null,null,null,"o",null,null,null,"o",null,null,null,"m",null,null,null,"o",null,null,null,"o",null,null,null,"m",null,null,null,"o",null,null,null,"o",null,null,null,"m",null,null,null,"o",null,null,null,null,null,7,null,null,null,null,null,null,null,null,null,null,null,null,null,null,null,null,null,null,null,null,null,null,null,null,null,null,null,null,"\\","o",null,"o","/",null,null,null,null,null,null,null,null,null,"\\","o",null,"o","/",null,null,null,null,null,null,null,null,null,"\\","o",null,"o","/",null,null,null,"o"]
[151,null,null,null,null,null,null,null,null,null,null,null,null,null,null,null,null,null,null,null,null,null,null,null,null,null,null,null,null,null,"o",null,null,null,null,"o","/",null,null,null,null,null,null,null,null,null,null,null,null,"o","/",null,null,null,null,null,null,null,null,null,null,null,null,"o","/",null,null,null,null,null,null,null,null,null,null,null,null,6,null,null,null,null,null,null,null,null,null,null,null,null,null,null,null,null,null,null,null,null,null,"o",null,null,null,null,"m",null,null,null,null,"o",null,"o",null,null,null,null,"m",null,null,null,null,"o",null,"o",null,null,null,null,"m",null,null,null,null,"o",null,"o",null,null,null,null,"m",null,null,null,null,"o",null,"o",null,null,null,null,"m",null,null,null,null,"o",null,null,null,null,6,null,null,null,null,null,null,null,null,null,null,null,null,null,null,null,null,null,null,null,null,null,null,null,null,null,null,null,null,null,null,"o","/",null,null,null,null,null,null,null,null,null,null,null,null,"o","/",null,null,null,null,null,null,null,null,null,null,null,null,"o","/",null,null,null,"o"]
[149,null,null,null,null,null,null,null,null,null,null,null,null,null,null,null,null,null,null,null,null,null,null,null,null,null,null,null,null,null,null,"o",null,null,null,null,null,null,null,null,null,null,null,null,null,null,null,null,null,null,null,null,null,null,null,null,null,null,null,null,null,null,null,null,null,null,null,null,null,null,null,null,null,null,null,null,null,5,null,null,null,null,null,null,null,null,null,null,null,null,null,null,null,null,null,null,null,null,null,"o","\\","o","\\","o","m","o","\\","o","\\","o",null,"o","\\","o","\\","o","m","o","\\","o","\\","o",null,"o","\\","o","\\","o","m","o","\\","o","\\","o",null,"o","\\","o","\\","o","m","o","\\","o","\\","o",null,"o","\\","o","\\","o","m","o","\\","o","\\","o",null,null,null,null,5,null,null,null,null,null,null,null,null,null,null,null,null,null,null,null,null,null,null,null,null,null,null,null,null,null,null,null,null,null,null,null,null,null,null,null,null,null,null,null,null,null,null,null,null,null,null,null,null,null,null,null,null,null,null,null,null,null,null,null,null,null,null,"o"]
[147,null,null,null,null,null,null,null,null,null,null,null,null,null,null,null,null,null,null,null,null,null,null,null,null,null,null,null,null,null,null,null,"o",null,null,null,null,null,null,null,null,null,null,null,null,null,null,null,null,null,null,null,null,null,null,null,null,null,null,null,null,null,null,null,null,null,null,null,null,null,null,null,null,null,null,null,null,4,null,null,null,null,null,null,null,null,null,null,null,null,null,null,null,null,null,null,null,null,null,null,"o","\\","o",null,"m",null,"o","\\","o",null,null,null,"o","\\","o",null,"m",null,"o","\\","o",null,null,null,"o","\\","o",null,"m",null,"o","\\","o",null,null,null,"o","\\","o",null,"m",null,"o","\\","o",null,null,null,"o","\\","o",null,"m",null,"o","\\","o",null,null,null,null,null,4,null,null,null,null,null,null,null,null,null,null,null,null,null,null,null,null,null,null,null,null,null,null,null,null,null,null,null,null,null,null,null,null,null,null,null,null,null,null,null,null,null,null,null,null,null,null,null,null,null,null,null,null,null,null,null,null,null,null,null,null,null,"o"]
[145,null,null,null,null,null,null,null,null,null,null,null,null,null,null,null,null,null,null,null,null,null,null,null,null,null,null,null,null,null,null,null,null,"o",null,null,null,"\\","o","\\","o",null,null,null,"o","/","o","/",null,null,null,"\\","o","\\","o",null,null,null,"o","/","o","/",null,null,null,"\\","o","\\","o",null,null,null,"o","/","o","/",null,3,null,null,null,null,null,null,null,null,null,null,null,null,null,null,null,null,null,null,null,null,null,"o","\\","o",null,null,"m",null,null,"o","\\","o",null,"o","\\","o",null,null,"m",null,null,"o","\\","o",null,"o","\\","o",null,null,"m",null,null,"o","\\","o",null,"o","\\","o",null,null,"m",null,null,"o","\\","o",null,"o","\\","o",null,null,"m",null,null,"o","\\","o",null,null,null,null,3,null,null,null,null,null,null,null,null,null,null,null,null,null,null,null,null,null,null,"\\","o","\\","o",null,null,null,"o","/","o","/",null,null,null,"\\","o","\\","o",null,null,null,"o","/","o","/",null,null,null,"\\","o","\\","o",null,null,null,"o","/","o","/",null,null,null,"o"]
[143,null,null,null,null,null,null,null,null,null,null,null,null,null,null,null,null,null,null,null,null,null,null,null,null,null,null,null,null,null,null,null,null,null,"o",null,null,null,"\\","o",null,"o","m","o",null,"o","/",null,null,null,null,null,"\\","o",null,"o","m","o",null,"o","/",null,null,null,null,null,"\\","o",null,"o","m","o",null,"o","/",null,null,2,null,null,null,null,null,null,null,null,null,null,null,null,null,null,null,null,null,null,null,null,null,null,"o",null,null,null,"m",null,null,null,"o",null,null,null,"o",null,null,null,"m",null,null,null,"o",null,null,null,"o",null,null,null,"m",null,null,null,"o",null,null,null,"o",null,null,null,"m",null,null,null,"o",null,null,null,"o",null,null,null,"m",null,null,null,"o",null,null,null,null,null,2,null,null,null,null,null,null,null,null,null,null,null,null,null,null,null,null,null,null,null,"\\","o",null,"o","m","o",null,"o","/",null,null,null,null,null,"\\","o",null,"o","m","o",null,"o","/",null,null,null,null,null,"\\","o",null,"o","m","o",null,"o","/",null,null,null,"o"]
[141,null,null,null,null,null,null,null,null,null,null,null,null,null,null,null,null,null,null,null,null,null,null,null,null,null,null,null,null,null,null,null,null,null,null,"o",null,null,null,"\\","o",null,null,null,"o","/",null,null,null,null,null,null,null,"\\","o",null,null,null,"o","/",null,null,null,null,null,null,null,"\\","o",null,null,null,"o","/",null,null,null,1,2,3,4,5,6,7,8,9,null,11,12,13,14,15,16,17,18,null,null,null,null,"o",null,null,null,null,"m",null,null,null,null,"o",null,"o",null,null,null,null,"m",null,null,null,null,"o",null,"o",null,null,null,null,"m",null,null,null,null,"o",null,"o",null,null,null,null,"m",null,null,null,null,"o",null,"o",null,null,null,null,"m",null,null,null,null,"o",null,null,null,null,1,2,3,4,5,6,7,8,9,null,11,12,13,14,15,16,17,18,null,null,null,"\\","o",null,null,null,"o","/",null,null,null,null,null,null,null,"\\","o",null,null,null,"o","/",null,null,null,null,null,null,null,"\\","o",null,null,null,"o","/",null,null,null,"o"]
[139,null,null,null,null,null,null,null,null,null,null,null,null,null,null,null,null,null,null,null,null,null,null,null,null,null,null,null,null,null,null,null,null,null,null,null,"o",null,null,null,"\\","o",null,"o","/",null,null,null,null,null,null,null,null,null,"\\","o",null,"o","/",null,null,null,null,null,null,null,null,null,"\\","o",null,"o","/",null,null,null,null,null,null,null,null,null,null,null,null,null,null,null,null,null,null,null,null,null,null,null,null,null,null,null,null,null,null,null,null,null,null,null,null,null,null,"o","\\","o","\\","o","m","o","\\","o","\\","o",null,"o","\\","o","\\","o","m","o","\\","o","\\","o",null,"o","\\","o","\\","o","m","o","\\","o","\\","o",null,null,null,null,null,null,null,null,null,null,null,null,null,null,null,null,2,null,null,null,null,null,null,null,null,null,null,null,null,null,null,null,null,null,null,null,null,null,"\\","o",null,"o","/",null,null,null,null,null,null,null,null,null,"\\","o",null,"o","/",null,null,null,null,null,null,null,null,null,"\\","o",null,"o","/",null,null,null,"o"]
[137,null,null,null,null,null,null,null,null,null,null,null,null,null,null,null,null,null,null,null,null,null,null,null,null,null,null,null,null,null,null,null,null,null,null,null,null,"o",null,null,null,null,"o","/",null,null,null,null,null,null,null,null,null,null,null,null,"o","/",null,null,null,null,null,null,null,null,null,null,null,null,"o","/",null,null,null,null,null,null,null,null,null,null,null,null,null,null,null,null,null,null,null,14,null,null,null,null,null,null,null,null,null,null,null,null,null,null,null,null,null,null,null,null,"o","\\","o",null,"m",null,"o","\\","o",null,null,null,"o","\\","o",null,"m",null,"o","\\","o",null,null,null,"o","\\","o",null,"m",null,"o","\\","o",null,null,null,14,null,null,null,null,null,null,null,null,null,null,null,null,null,null,null,null,null,5,6,7,8,9,null,11,12,13,14,15,16,17,18,null,null,null,null,null,null,"o","/",null,null,null,null,null,null,null,null,null,null,null,null,"o","/",null,null,null,null,null,null,null,null,null,null,null,null,"o","/",null,null,null,"o"]
[135,null,null,null,null,null,null,null,null,null,null,null,null,null,null,null,null,null,null,null,null,null,null,null,null,null,null,null,null,null,null,null,null,null,null,null,null,null,"o",null,null,null,null,null,null,null,null,null,null,null,null,null,null,null,null,null,null,null,null,null,null,null,null,null,null,null,null,null,null,null,null,null,null,null,null,null,null,null,null,null,null,null,null,null,null,null,null,null,null,null,null,13,null,null,null,null,null,null,null,null,null,null,null,null,null,null,null,null,null,null,null,"o","\\","o",null,null,"m",null,null,"o","\\","o",null,"o","\\","o",null,null,"m",null,null,"o","\\","o",null,"o","\\","o",null,null,"m",null,null,"o","\\","o",null,null,13,null,null,null,null,null,null,null,null,null,null,null,null,null,null,null,null,null,null,null,null,null,null,null,null,null,null,null,null,null,null,null,null,null,null,null,null,null,null,null,null,null,null,null,null,null,null,null,null,null,null,null,null,null,null,null,null,null,null,null,null,null,null,null,null,null,null,null,null,null,"o"]
[133,null,null,null,null,null,null,null,null,null,null,null,null,null,null,null,null,null,null,null,null,null,null,null,null,null,null,null,null,null,null,null,null,null,null,null,null,null,null,"o",null,null,null,null,null,null,null,null,null,null,null,null,null,null,null,null,null,null,null,null,null,null,null,null,null,null,null,null,null,null,null,null,null,null,null,null,null,null,null,null,null,null,null,null,null,null,null,null,null,null,null,12,null,null,null,null,null,null,null,null,null,null,null,null,null,null,null,null,null,null,null,null,"o",null,null,null,"m",null,null,null,"o",null,null,null,"o",null,null,null,"m",null,null,null,"o",null,null,null,"o",null,null,null,"m",null,null,null,"o",null,null,null,12,null,null,null,null,null,null,null,null,null,null,null,null,null,null,null,null,null,null,null,null,null,null,null,null,null,null,null,null,null,null,null,null,null,null,null,null,null,null,null,null,null,null,null,null,null,null,null,null,null,null,null,null,null,null,null,null,null,null,null,null,null,null,null,null,null,null,null,null,"o"]
[131,null,null,null,null,null,null,null,null,null,null,null,null,null,null,null,null,null,null,null,null,null,null,null,null,null,null,null,null,null,null,null,null,null,null,null,null,null,null,null,"o",null,null,null,"\\","o","\\","o",null,null,null,"o","/","o","/",null,null,null,"\\","o","\\","o",null,null,null,"o","/","o","/",null,null,null,"\\","o","\\","o",null,null,null,"o","/","o","/",null,null,null,null,null,null,null,null,11,null,null,null,null,null,null,null,null,null,null,null,null,null,null,null,null,null,null,null,"o",null,null,null,null,"m",null,null,null,null,"o",null,"o",null,null,null,null,"m",null,null,null,null,"o",null,"o",null,null,null,null,"m",null,null,null,null,"o",null,null,11,null,null,null,null,null,null,null,null,null,null,null,null,null,null,null,null,null,null,null,null,null,null,null,null,null,"\\","o","\\","o",null,null,null,"o","/","o","/",null,null,null,"\\","o","\\","o",null,null,null,"o","/","o","/",null,null,null,"\\","o","\\","o",null,null,null,"o","/","o","/",null,null,null,"o"]
[129,null,null,null,null,null,null,null,null,null,null,null,null,null,null,null,null,null,null,null,null,null,null,null,null,null,null,null,null,null,null,null,null,null,null,null,null,null,null,null,null,"o",null,null,null,"\\","o",null,"o","m","o",null,"o","/",null,null,null,null,null,"\\","o",null,"o","m","o",null,"o","/",null,null,null,null,null,"\\","o",null,"o","m","o",null,"o","/",null,null,null,null,null,null,null,null,null,10,null,null,null,null,null,null,null,null,null,null,null,null,null,null,null,null,null,null,null,"o","\\","o","\\","o","m","o","\\","o","\\","o",null,"o","\\","o","\\","o","m","o","\\","o","\\","o",null,"o","\\","o","\\","o","m","o","\\","o","\\","o",null,null,10,null,null,null,null,null,null,null,null,null,null,null,null,null,null,null,null,null,null,null,null,null,null,null,null,null,null,"\\","o",null,"o","m","o",null,"o","/",null,null,null,null,null,"\\","o",null,"o","m","o",null,"o","/",null,null,null,null,null,"\\","o",null,"o","m","o",null,"o","/",null,null,null,"o"]
[127,null,null,null,null,null,null,null,null,null,null,null,null,null,null,null,null,null,null,null,null,null,null,null,null,null,null,null,null,null,null,null,null,null,null,null,null,null,null,null,null,null,"o",null,null,null,"\\","o",null,null,null,"o","/",null,null,null,null,null,null,null,"\\","o",null,null,null,"o","/",null,null,null,null,null,null,null,"\\","o",null,null,null,"o","/",null,null,null,null,null,null,null,null,null,null,9,null,null,null,null,null,null,null,null,null,null,null,null,null,null,null,null,null,null,null,null,"o","\\","o",null,"m",null,"o","\\","o",null,null,null,"o","\\","o",null,"m",null,"o","\\","o",null,null,null,"o","\\","o",null,"m",null,"o","\\","o",null,null,null,9,null,null,null,null,null,null,null,null,null,null,null,null,null,null,null,null,null,null,null,null,null,null,null,null,null,null,null,"\\","o",null,null,null,"o","/",null,null,null,null,null,null,null,"\\","o",null,null,null,"o","/",null,null,null,null,null,null,null,"\\","o",null,null,null,"o","/",null,null,null,"o"]
[125,null,null,null,null,null,null,null,null,null,null,null,null,null,null,null,null,null,null,null,null,null,null,null,null,null,null,null,null,null,null,null,null,null,null,null,null,null,null,null,null,null,null,"o",null,null,null,"\\","o",null,"o","/",null,null,null,null,null,null,null,null,null,"\\","o",null,"o","/",null,null,null,null,null,null,null,null,null,"\\","o",null,"o","/",null,null,null,null,null,null,null,null,null,null,null,8,null,null,null,null,null,null,null,null,null,null,null,null,null,null,null,null,null,null,null,"o","\\","o",null,null,"m",null,null,"o","\\","o",null,"o","\\","o",null,null,"m",null,null,"o","\\","o",null,"o","\\","o",null,null,"m",null,null,"o","\\","o",null,null,8,null,null,null,null,null,null,null,null,null,null,null,null,null,null,null,null,null,null,null,null,null,null,null,null,null,null,null,null,"\\","o",null,"o","/",null,null,null,null,null,null,null,null,null,"\\","o",null,"o","/",null,null,null,null,null,null,null,null,null,"\\","o",null,"o","/",null,null,null,"o"]
[123,null,null,null,null,null,null,null,null,null,null,null,null,null,null,null,null,null,null,null,null,null,null,null,null,null,null,null,null,null,null,null,null,null,null,null,null,null,null,null,null,null,null,null,"o",null,null,null,null,"o","/",null,null,null,null,null,null,null,null,null,null,null,null,"o","/",null,null,null,null,null,null,null,null,null,null,null,null,"o","/",null,null,null,null,null,null,null,null,null,null,null,null,7,null,null,null,null,null,null,null,null,null,null,null,null,null,null,null,null,null,null,null,null,"o",null,null,null,"m",null,null,null,"o",null,null,null,"o",null,null,null,"m",null,null,null,"o",null,null,null,"o",null,null,null,"m",null,null,null,"o",null,null,null,7,null,null,null,null,null,null,null,null,null,null,null,null,null,null,null,null,null,null,null,null,null,null,null,null,null,null,null,null,null,null,"o","/",null,null,null,null,null,null,null,null,null,null,null,null,"o","/",null,null,null,null,null,null,null,null,null,null,null,null,"o","/",null,null,null,"o"]
[121,null,null,null,null,null,null,null,null,null,null,null,null,null,null,null,null,null,null,null,null,null,null,null,null,null,null,null,null,null,null,null,null,null,null,null,null,null,null,null,null,null,null,null,null,"o",null,null,null,null,null,null,null,null,null,null,null,null,null,null,null,null,null,null,null,null,null,null,null,null,null,null,null,null,null,null,null,null,null,null,null,null,null,null,null,null,null,null,null,null,null,6,null,null,null,null,null,null,null,null,null,null,null,null,null,null,null,null,null,null,null,"o",null,null,null,null,"m",null,null,null,null,"o",null,"o",null,null,null,null,"m",null,null,null,null,"o",null,"o",null,null,null,null,"m",null,null,null,null,"o",null,null,6,null,null,null,null,null,null,null,null,null,null,null,null,null,null,null,null,null,null,null,null,null,null,null,null,null,null,null,null,null,null,null,null,null,null,null,null,null,null,null,null,null,null,null,null,null,null,null,null,null,null,null,null,null,null,null,null,null,null,null,null,null,null,"o"]
[119,null,null,null,null,null,null,null,null,null,null,null,null,null,null,null,null,null,null,null,null,null,null,null,null,null,null,null,null,null,null,null,null,null,null,null,null,null,null,null,null,null,null,null,null,null,"o",null,null,null,null,null,null,null,null,null,null,null,null,null,null,null,null,null,null,null,null,null,null,null,null,null,null,null,null,null,null,null,null,null,null,null,null,null,null,null,null,null,null,null,null,5,null,null,null,null,null,null,null,null,null,null,null,null,null,null,null,null,null,null,null,"o","\\","o","\\","o","m","o","\\","o","\\","o",null,"o","\\","o","\\","o","m","o","\\","o","\\","o",null,"o","\\","o","\\","o","m","o","\\","o","\\","o",null,null,5,null,null,null,null,null,null,null,null,null,null,null,null,null,null,null,null,null,null,null,null,null,null,null,null,null,null,null,null,null,null,null,null,null,null,null,null,null,null,null,null,null,null,null,null,null,null,null,null,null,null,null,null,null,null,null,null,null,null,null,null,null,"o"]
[117,null,null,null,null,null,null,null,null,null,null,null,null,null,null,null,null,null,null,null,null,null,null,null,null,null,null,null,null,null,null,null,null,null,null,null,null,null,null,null,null,null,null,null,null,null,null,"o",null,null,null,"\\","o","\\","o",null,null,null,"o","/","o","/",null,null,null,"\\","o","\\","o",null,null,null,"o","/","o","/",null,null,null,"\\","o","\\","o",null,null,null,"o","/","o","/",null,4,null,null,null,null,null,null,null,null,null,null,null,null,null,null,null,null,null,null,null,null,"o","\\","o",null,"m",null,"o","\\","o",null,null,null,"o","\\","o",null,"m",null,"o","\\","o",null,null,null,"o","\\","o",null,"m",null,"o","\\","o",null,null,null,4,null,null,null,null,null,null,null,null,null,null,null,null,null,null,null,null,null,null,"\\","o","\\","o",null,null,null,"o","/","o","/",null,null,null,"\\","o","\\","o",null,null,null,"o","/","o","/",null,null,null,"\\","o","\\","o",null,null,null,"o","/","o","/",null,null,null,"o"]
[115,null,null,null,null,null,null,null,null,null,null,null,null,null,null,null,null,null,null,null,null,null,null,null,null,null,null,null,null,null,null,null,null,null,null,null,null,null,null,null,null,null,null,null,null,null,null,null,"o",null,null,null,"\\","o",null,"o","m","o",null,"o","/",null,null,null,null,null,"\\","o",null,"o","m","o",null,"o","/",null,null,null,null,null,"\\","o",null,"o","m","o",null,"o","/",null,null,3,null,null,null,null,null,null,null,null,null,null,null,null,null,null,null,null,null,null,null,"o","\\","o",null,null,"m",null,null,"o","\\","o",null,"o","\\","o",null,null,"m",null,null,"o","\\","o",null,"o","\\","o",null,null,"m",null,null,"o","\\","o",null,null,3,null,null,null,null,null,null,null,null,null,null,null,null,null,null,null,null,null,null,null,"\\","o",null,"o","m","o",null,"o","/",null,null,null,null,null,"\\","o",null,"o","m","o",null,"o","/",null,null,null,null,null,"\\","o",null,"o","m","o",null,"o","/",null,null,null,"o"]
[113,null,null,null,null,null,null,null,null,null,null,null,"schuppen",null,null,null,null,null,null,null,null,null,null,null,null,null,"dreiecke",null,null,null,null,null,null,null,null,null,null,null,null,null,null,null,null,null,null,null,null,null,null,"o",null,null,null,"\\","o",null,null,null,"o","/",null,null,null,null,null,null,null,"\\","o",null,null,null,"o","/",null,null,null,null,null,null,null,"\\","o",null,null,null,"o","/",null,null,null,2,null,null,null,null,null,null,null,null,null,null,null,null,null,null,null,null,null,null,null,null,"o",null,null,null,"m",null,null,null,"o",null,null,null,"o",null,null,null,"m",null,null,null,"o",null,null,null,"o",null,null,null,"m",null,null,null,"o",null,null,null,2,null,null,null,null,null,null,null,null,null,null,null,null,null,null,null,null,null,null,null,null,"\\","o",null,null,null,"o","/",null,null,null,null,null,null,null,"\\","o",null,null,null,"o","/",null,null,null,null,null,null,null,"\\","o",null,null,null,"o","/",null,null,null,"o"]
[111,null,null,null,null,null,null,null,null,null,null,null,null,null,null,null,null,null,null,null,null,null,null,null,null,null,null,null,null,null,null,null,null,null,null,null,null,null,null,null,null,null,null,null,null,null,null,null,null,null,"o",null,null,null,"\\","o",null,"o","/",null,null,null,null,null,null,null,null,null,"\\","o",null,"o","/",null,null,null,null,null,null,null,null,null,"\\","o",null,"o","/",null,null,null,null,1,2,3,4,5,6,7,8,9,null,11,12,13,14,15,16,17,18,null,null,"o",null,null,null,null,"m",null,null,null,null,"o",null,"o",null,null,null,null,"m",null,null,null,null,"o",null,"o",null,null,null,null,"m",null,null,null,null,"o",null,null,1,2,3,4,5,6,7,8,9,null,11,12,13,14,15,16,17,18,null,null,null,null,"\\","o",null,"o","/",null,null,null,null,null,null,null,null,null,"\\","o",null,"o","/",null,null,null,null,null,null,null,null,null,"\\","o",null,"o","/",null,null,null,"o"]
[109,null,null,null,null,null,null,null,null,"o","\\","o","\\","o","m","o","\\","o","\\","o",null,null,null,null,"\\","o","\\","o",null,null,null,"o","/","o","/",null,null,null,null,null,null,null,null,null,null,null,null,null,null,null,null,"o",null,null,null,null,"o","/",null,null,null,null,null,null,null,null,null,null,null,null,"o","/",null,null,null,null,null,null,null,null,null,null,null,null,"o","/",null,null,null,null,null,null,null,null,null,null,null,null,null,null,null,null,null,null,null,null,null,null,null,null,null,null,null,null,null,null,null,null,null,null,null,null,null,"o","\\","o","\\","o","m","o","\\","o","\\","o",null,null,null,null,null,null,null,null,null,null,null,null,null,null,null,null,null,null,null,null,null,null,null,null,null,null,null,null,null,null,null,null,null,null,null,null,null,null,"o","/",null,null,null,null,null,null,null,null,null,null,null,null,"o","/",null,null,null,null,null,null,null,null,null,null,null,null,"o","/",null,null,null,"o"]
[107,null,null,null,null,null,null,null,null,null,"o","\\","o",null,"m",null,"o","\\","o",null,null,null,null,null,null,"\\","o",null,"o","m","o",null,"o","/",null,null,null,null,null,null,null,null,null,null,null,null,null,null,null,null,null,null,"o",null,null,null,null,null,null,null,null,null,null,null,null,null,null,null,null,null,null,null,null,null,null,null,null,null,null,null,null,null,null,null,null,null,null,null,null,null,null,null,null,null,null,null,null,null,null,null,null,null,null,null,null,27,null,null,null,null,null,null,null,null,null,null,null,null,null,null,null,null,null,null,"o","\\","o",null,"m",null,"o","\\","o",null,14,null,null,null,null,null,null,null,null,null,null,null,null,null,null,null,null,null,null,null,null,null,null,null,null,null,null,null,null,null,null,null,null,null,null,null,null,null,null,null,null,null,null,null,null,null,null,null,null,null,null,null,null,null,null,null,null,null,null,null,null,null,null,null,null,null,null,null,null,null,"o"]
[105,null,null,null,null,null,null,null,null,"o","\\","o",null,null,"m",null,null,"o","\\","o",null,null,null,null,null,null,"\\","o",null,null,null,"o","/",null,null,null,null,null,null,null,null,null,null,null,null,null,null,null,null,null,null,null,null,"o",null,null,null,null,null,null,null,null,null,null,null,null,null,null,null,null,null,null,null,null,null,null,null,null,null,null,null,null,null,null,null,null,null,null,null,null,null,null,null,null,null,null,null,null,null,null,null,null,null,null,null,25,null,null,null,null,null,null,null,null,null,null,null,null,null,null,null,null,null,"o","\\","o",null,null,"m",null,null,"o","\\","o",13,null,null,null,null,null,null,null,null,null,null,null,null,null,null,null,null,null,null,null,null,null,null,null,null,null,null,null,null,null,null,null,null,null,null,null,null,null,null,null,null,null,null,null,null,null,null,null,null,null,null,null,null,null,null,null,null,null,null,null,null,null,null,null,null,null,null,null,null,"o"]
[103,null,null,null,null,null,null,null,null,null,"o",null,null,null,"m",null,null,null,"o",null,null,null,null,null,null,null,null,"\\","o",null,"o","/",null,null,null,null,null,null,null,null,null,null,null,null,null,null,null,null,null,null,null,null,null,null,"o",null,null,null,"\\","o","\\","o",null,null,null,"o","/","o","/",null,null,null,"\\","o","\\","o",null,null,null,"o","/","o","/",null,null,null,"\\","o","\\","o",null,null,null,"o","/","o","/",null,null,null,null,null,null,null,null,23,null,null,null,null,null,null,null,null,null,null,null,null,null,null,null,null,null,null,"o",null,null,null,"m",null,null,null,"o",null,12,null,null,null,null,null,null,null,null,null,null,null,null,null,null,null,null,null,null,null,null,null,null,null,null,null,"\\","o","\\","o",null,null,null,"o","/","o","/",null,null,null,"\\","o","\\","o",null,null,null,"o","/","o","/",null,null,null,"\\","o","\\","o",null,null,null,"o","/","o","/",null,null,null,"o"]
[101,null,null,null,null,null,null,null,null,"o",null,null,null,null,"m",null,null,null,null,"o",null,null,null,null,null,null,null,null,null,"o","/",null,null,null,null,null,null,null,null,null,null,null,null,null,null,null,null,null,null,null,null,null,null,null,null,"o",null,null,null,"\\","o",null,"o","m","o",null,"o","/",null,null,null,null,null,"\\","o",null,"o","m","o",null,"o","/",null,null,null,null,null,"\\","o",null,"o","m","o",null,"o","/",null,null,null,null,null,null,null,null,null,21,null,null,null,null,null,null,null,null,null,null,null,null,null,null,null,null,null,"o",null,null,null,null,"m",null,null,null,null,"o",11,null,null,null,null,null,null,null,null,null,null,null,null,null,null,null,null,null,null,null,null,null,null,null,null,null,null,"\\","o",null,"o","m","o",null,"o","/",null,null,null,null,null,"\\","o",null,"o","m","o",null,"o","/",null,null,null,null,null,"\\","o",null,"o","m","o",null,"o","/",null,null,null,"o"]
[99,null,null,null,null,null,null,null,null,null,null,null,null,null,null,null,null,null,null,null,null,null,null,null,null,null,null,null,null,null,null,null,null,null,null,null,null,null,null,null,null,null,null,null,null,null,null,null,null,null,null,null,null,null,null,null,"o",null,null,null,"\\","o",null,null,null,"o","/",null,null,null,null,null,null,null,"\\","o",null,null,null,"o","/",null,null,null,null,null,null,null,"\\","o",null,null,null,"o","/",null,null,null,null,null,null,null,null,null,null,19,null,null,null,null,null,null,null,null,null,null,null,null,null,null,null,null,null,"o","\\","o","\\","o","m","o","\\","o","\\","o",10,null,null,null,null,null,null,null,null,null,null,null,null,null,null,null,null,null,null,null,null,null,null,null,null,null,null,null,"\\","o",null,null,null,"o","/",null,null,null,null,null,null,null,"\\","o",null,null,null,"o","/",null,null,null,null,null,null,null,"\\","o",null,null,null,"o","/",null,null,null,"o"]
[97,null,null,null,null,null,null,null,null,null,null,null,null,null,null,null,null,null,null,null,null,null,null,null,null,null,null,null,null,null,null,null,null,null,null,null,null,null,null,null,null,null,null,null,null,null,null,null,null,null,null,null,null,null,null,null,null,"o",null,null,null,"\\","o",null,"o","/",null,null,null,null,null,null,null,null,null,"\\","o",null,"o","/",null,null,null,null,null,null,null,null,null,"\\","o",null,"o","/",null,null,null,null,null,null,null,null,null,null,null,17,null,null,null,null,null,null,null,null,null,null,null,null,null,null,null,null,null,null,"o","\\","o",null,"m",null,"o","\\","o",null,9,null,null,null,null,null,null,null,null,null,null,null,null,null,null,null,null,null,null,null,null,null,null,null,null,null,null,null,null,"\\","o",null,"o","/",null,null,null,null,null,null,null,null,null,"\\","o",null,"o","/",null,null,null,null,null,null,null,null,null,"\\","o",null,"o","/",null,null,null,"o"]
[95,null,null,null,null,null,null,null,null,null,null,"Blüten",null,null,null,null,null,null,null,null,null,null,null,null,null,null,null,null,null,null,null,null,null,null,null,null,null,null,null,null,null,null,null,null,null,null,null,null,null,null,null,null,null,null,null,null,null,null,"o",null,null,null,null,"o","/",null,null,null,null,null,null,null,null,null,null,null,null,"o","/",null,null,null,null,null,null,null,null,null,null,null,null,"o","/",null,null,null,null,null,null,null,null,null,null,null,null,15,null,null,null,null,null,null,null,null,null,null,null,null,null,null,null,null,null,"o","\\","o",null,null,"m",null,null,"o","\\","o",8,null,null,null,null,null,null,null,null,null,null,null,null,null,null,null,null,null,null,null,null,null,null,null,null,null,null,null,null,null,null,"o","/",null,null,null,null,null,null,null,null,null,null,null,null,"o","/",null,null,null,null,null,null,null,null,null,null,null,null,"o","/",null,null,null,"o"]
[93,null,null,null,null,null,null,null,null,null,null,null,null,null,null,null,null,null,null,null,null,null,null,null,null,null,null,null,null,null,null,null,null,null,null,null,null,null,null,null,null,null,null,null,null,null,null,null,null,null,null,null,null,null,null,null,null,null,null,"o",null,null,null,null,null,null,null,null,null,null,null,null,null,null,null,null,null,null,null,null,null,null,null,null,null,null,null,null,null,null,null,null,null,null,null,null,null,null,null,null,null,null,null,null,null,13,null,null,null,null,null,null,null,null,null,null,null,null,null,null,null,null,null,null,"o",null,null,null,"m",null,null,null,"o",null,7,null,null,null,null,null,null,null,null,null,null,null,null,null,null,null,null,null,null,null,null,null,null,null,null,null,null,null,null,null,null,null,null,null,null,null,null,null,null,null,null,null,null,null,null,null,null,null,null,null,null,null,null,null,null,null,null,null,null,null,null,null,null,"o"]
[91,null,null,null,null,null,null,null,null,null,null,null,null,null,"o",null,null,null,null,"/","\\",null,null,null,null,"o",null,null,null,null,null,28,null,null,null,null,null,null,null,null,null,null,null,null,null,null,null,null,null,null,null,null,null,null,null,null,null,null,null,null,"o",null,null,null,null,null,null,null,null,null,null,null,null,null,null,null,null,null,null,null,null,null,null,null,null,null,null,null,null,null,null,null,null,null,null,null,null,null,null,null,null,null,null,null,null,11,null,null,null,null,null,null,null,null,null,null,null,null,null,null,null,null,null,"o",null,null,null,null,"m",null,null,null,null,"o",6,null,null,null,null,null,null,null,null,null,null,null,null,null,null,null,null,null,null,null,null,null,null,null,null,null,null,null,null,null,null,null,null,null,null,null,null,null,null,null,null,null,null,null,null,null,null,null,null,null,null,null,null,null,null,null,null,null,null,null,null,null,"o"]
[89,null,null,null,null,null,null,null,null,null,null,null,null,"o",null,null,null,null,"/",null,null,"\\",null,null,null,null,"o",null,null,null,null,27,null,null,null,null,null,null,null,null,null,null,null,null,null,null,null,null,null,null,null,null,null,null,null,null,null,null,null,null,null,"o",null,null,null,"\\","o","\\","o",null,null,null,"o","/","o","/",null,null,null,"\\","o","\\","o",null,null,null,"o","/","o","/",null,null,null,"\\","o","\\","o",null,null,null,"o","/","o","/",null,9,null,null,null,null,null,null,null,null,null,null,null,null,null,null,null,null,null,"o","\\","o","\\","o","m","o","\\","o","\\","o",5,null,null,null,null,null,null,null,null,null,null,null,null,null,null,null,null,null,null,"\\","o","\\","o",null,null,null,"o","/","o","/",null,null,null,"\\","o","\\","o",null,null,null,"o","/","o","/",null,null,null,"\\","o","\\","o",null,null,null,"o","/","o","/",null,null,null,"o"]
[87,null,null,null,null,null,null,null,null,null,null,null,"o",null,null,null,null,"/",null,null,null,null,"\\",null,null,null,null,"o",null,null,null,26,null,null,null,null,null,null,null,null,null,null,null,null,null,null,null,null,null,null,null,null,null,null,null,null,null,null,null,null,null,null,"o",null,null,null,"\\","o",null,"o","m","o",null,"o","/",null,null,null,null,null,"\\","o",null,"o","m","o",null,"o","/",null,null,null,null,null,"\\","o",null,"o","m","o",null,"o","/",null,null,7,null,null,null,null,null,null,null,null,null,null,null,null,null,null,null,null,null,null,"o","\\","o",null,"m",null,"o","\\","o",null,4,null,null,null,null,null,null,null,null,null,null,null,null,null,null,null,null,null,null,null,"\\","o",null,"o","m","o",null,"o","/",null,null,null,null,null,"\\","o",null,"o","m","o",null,"o","/",null,null,null,null,null,"\\","o",null,"o","m","o",null,"o","/",null,null,null,"o"]
[85,null,null,null,null,null,null,null,null,null,null,"o",null,null,null,null,"/",null,null,null,null,null,null,"\\",null,null,null,null,"o",null,null,25,null,null,null,null,null,null,null,null,null,null,null,null,null,null,null,null,null,null,null,null,null,null,null,null,null,null,null,null,null,null,null,"o",null,null,null,"\\","o",null,null,null,"o","/",null,null,null,null,null,null,null,"\\","o",null,null,null,"o","/",null,null,null,null,null,null,null,"\\","o",null,null,null,"o","/",null,null,null,5,null,null,null,null,null,null,null,null,null,null,null,null,null,null,null,null,null,"o","\\","o",null,null,"m",null,null,"o","\\","o",3,null,null,null,null,null,null,null,null,null,null,null,null,null,null,null,null,null,null,null,null,"\\","o",null,null,null,"o","/",null,null,null,null,null,null,null,"\\","o",null,null,null,"o","/",null,null,null,null,null,null,null,"\\","o",null,null,null,"o","/",null,null,null,"o"]
[83,null,null,null,null,null,null,null,null,null,null,null,null,null,"o",null,null,null,null,"/","\\",null,null,null,null,"o",null,null,null,null,null,24,null,null,null,null,null,null,null,null,null,null,null,null,null,null,null,null,null,null,null,null,null,null,null,null,null,null,null,null,null,null,null,null,"o",null,null,null,"\\","o",null,"o","/",null,null,null,null,null,null,null,null,null,"\\","o",null,"o","/",null,null,null,null,null,null,null,null,null,"\\","o",null,"o","/",null,null,null,null,3,null,null,null,null,null,null,null,null,null,null,null,null,null,null,null,null,null,null,"o",null,null,null,"m",null,null,null,"o",null,2,null,null,null,null,null,null,null,null,null,null,null,null,null,null,null,null,null,null,null,null,null,"\\","o",null,"o","/",null,null,null,null,null,null,null,null,null,"\\","o",null,"o","/",null,null,null,null,null,null,null,null,null,"\\","o",null,"o","/",null,null,null,"o"]
[81,null,null,null,null,null,null,null,null,null,null,null,null,"o",null,null,null,null,"/",null,null,"\\",null,null,null,null,"o",null,null,null,null,23,null,null,null,null,null,null,null,null,null,null,null,null,null,null,null,null,null,null,null,null,null,null,null,null,null,null,null,null,null,null,null,null,null,"o",null,null,null,null,"o","/",null,null,null,null,null,null,null,null,null,null,null,null,"o","/",null,null,null,null,null,null,null,null,null,null,null,null,"o","/",null,null,null,null,null,1,2,3,4,5,6,7,8,9,null,11,12,13,14,15,16,17,18,"o",null,null,null,null,"m",null,null,null,null,"o",1,2,3,4,5,6,7,8,9,null,11,12,13,14,15,16,17,18,null,null,null,null,null,null,"o","/",null,null,null,null,null,null,null,null,null,null,null,null,"o","/",null,null,null,null,null,null,null,null,null,null,null,null,"o","/",null,null,null,"o"]
[79,null,null,null,null,null,null,null,null,null,null,null,"o",null,null,null,null,"/",null,null,null,null,"\\",null,null,null,null,"o",null,null,null,22,null,null,null,null,null,null,null,null,null,null,null,null,null,null,null,null,null,null,null,null,null,null,null,null,null,null,null,null,null,null,null,null,null,null,"o",null,null,null,null,null,null,null,null,null,null,null,null,null,null,null,null,null,null,null,null,null,null,null,null,null,null,null,null,null,null,null,null,null,null,null,null,null,null,null,null,null,null,null,null,null,null,null,null,null,null,null,null,null,null,null,null,null,null,null,null,null,null,null,null,null,null,null,null,null,null,null,null,null,null,null,null,null,null,null,null,null,null,null,null,null,null,null,null,null,null,null,null,null,null,null,null,null,null,null,null,null,null,null,null,null,null,null,null,null,null,null,null,null,null,null,null,null,null,null,null,null,null,null,"o"]
[77,null,null,null,null,null,null,null,null,null,null,"o",null,null,null,null,"/",null,null,null,null,null,null,"\\",null,null,null,null,"o",null,null,21,null,null,null,null,null,null,null,null,null,"Bordüre",null,null,null,null,null,null,null,null,null,null,null,null,null,null,null,null,null,null,null,null,null,null,null,null,null,"o",null,null,null,null,null,null,null,null,null,null,null,null,null,null,null,null,null,null,null,null,null,null,null,null,null,null,null,null,null,null,null,null,null,null,null,null,null,null,null,null,null,null,null,null,null,null,null,null,null,null,null,27,null,null,null,null,null,null,null,null,null,null,null,null,null,null,null,null,null,null,null,null,null,null,null,null,null,null,null,null,null,null,null,null,null,null,null,null,null,null,null,null,null,null,null,null,null,null,null,null,null,null,null,null,null,null,null,null,null,null,null,null,null,null,null,null,null,null,null,null,null,"o"]
[75,null,null,null,null,null,null,null,null,null,null,null,null,null,"o",null,null,null,null,"/","\\",null,null,null,null,"o",null,null,null,null,null,20,null,null,null,null,null,null,null,null,null,null,null,null,null,null,null,null,null,null,null,null,null,null,null,null,null,null,null,null,null,null,null,null,null,null,null,null,"o",null,null,null,"\\","o","\\","o",null,null,null,"o","/","o","/",null,null,null,"\\","o","\\","o",null,null,null,"o","/","o","/",null,null,null,"\\","o","\\","o",null,null,null,"o","/","o","/",null,null,null,null,null,null,null,null,25,null,null,null,null,null,null,null,null,null,null,null,null,null,null,null,null,null,null,null,null,null,null,null,null,null,null,"\\","o","\\","o",null,null,null,"o","/","o","/",null,null,null,"\\","o","\\","o",null,null,null,"o","/","o","/",null,null,null,"\\","o","\\","o",null,null,null,"o","/","o","/",null,null,null,"o"]
[73,null,null,null,null,null,null,null,null,null,null,null,null,"o",null,null,null,null,"/",null,null,"\\",null,null,null,null,"o",null,null,null,null,19,null,null,null,null,"\\","o","\\","o","\\","o","\\","o","\\","o","\\","o","@","o","/","o","/","o","/","o","/","o","/","o","/",null,null,null,null,null,null,null,null,"o",null,null,null,"\\","o",null,"o","m","o",null,"o","/",null,null,null,null,null,"\\","o",null,"o","m","o",null,"o","/",null,null,null,null,null,"\\","o",null,"o","m","o",null,"o","/",null,null,null,null,null,null,null,null,null,23,null,null,null,null,null,null,null,null,null,null,null,null,null,null,null,null,null,null,null,null,null,null,null,null,null,null,null,"\\","o",null,"o","m","o",null,"o","/",null,null,null,null,null,"\\","o",null,"o","m","o",null,"o","/",null,null,null,null,null,"\\","o",null,"o","m","o",null,"o","/",null,null,null,"o"]
[71,null,null,null,null,null,null,null,null,null,null,null,"o",null,null,null,null,"/",null,null,null,null,"\\",null,null,null,null,"o",null,null,null,18,null,null,null,null,null,"\\","o","\\","o","\\","o","\\","o","\\","o",null,null,null,"o","/","o","/","o","/","o","/","o","/",null,null,null,null,null,null,null,null,null,null,"o",null,null,null,"\\","o",null,null,null,"o","/",null,null,null,null,null,null,null,"\\","o",null,null,null,"o","/",null,null,null,null,null,null,null,"\\","o",null,null,null,"o","/",null,null,null,null,null,null,null,null,null,null,21,null,null,null,null,null,null,null,null,null,null,null,null,null,null,null,null,null,null,null,null,null,null,null,null,null,null,null,null,"\\","o",null,null,null,"o","/",null,null,null,null,null,null,null,"\\","o",null,null,null,"o","/",null,null,null,null,null,null,null,"\\","o",null,null,null,"o","/",null,null,null,"o"]
[69,null,null,null,null,null,null,null,null,null,null,"o",null,null,null,null,"/",null,null,null,null,null,null,"\\",null,null,null,null,"o",null,null,17,null,null,null,null,null,null,"\\","o","\\","o","\\","o","\\","o","\\","o","@","o","/","o","/","o","/","o","/","o","/",null,null,null,null,null,null,null,null,null,null,null,null,"o",null,null,null,"\\","o",null,"o","/",null,null,null,null,null,null,null,null,null,"\\","o",null,"o","/",null,null,null,null,null,null,null,null,null,"\\","o",null,"o","/",null,null,null,null,null,null,null,null,null,null,null,19,null,null,null,null,null,null,null,null,null,null,null,null,null,null,null,null,null,null,null,null,null,null,null,null,null,null,null,null,null,"\\","o",null,"o","/",null,null,null,null,null,null,null,null,null,"\\","o",null,"o","/",null,null,null,null,null,null,null,null,null,"\\","o",null,"o","/",null,null,null,"o"]
[67,null,null,null,null,null,null,null,null,null,null,null,null,null,"o",null,null,null,null,"/","\\",null,null,null,null,"o",null,null,null,null,null,16,null,null,null,null,null,null,null,"\\","o","\\","o","\\","o","\\","o",null,null,null,"o","/","o","/","o","/","o","/",null,null,null,null,null,null,null,null,null,null,null,null,null,null,"o",null,null,null,null,"o","/",null,null,null,null,null,null,null,null,null,null,null,null,"o","/",null,null,null,null,null,null,null,null,null,null,null,null,"o","/",null,null,null,null,null,null,null,null,null,null,null,null,17,null,null,null,null,null,null,null,null,null,null,null,null,null,null,null,null,null,null,null,null,null,null,null,null,null,null,null,null,null,null,null,"o","/",null,null,null,null,null,null,null,null,null,null,null,null,"o","/",null,null,null,null,null,null,null,null,null,null,null,null,"o","/",null,null,null,"o"]
[65,null,null,null,null,null,null,null,null,null,null,null,null,"o",null,null,null,null,"/",null,null,"\\",null,null,null,null,"o",null,null,null,null,15,null,null,null,null,null,null,null,null,"\\","o","\\","o","\\","o","\\","o","@","o","/","o","/","o","/","o","/",null,null,null,null,null,null,null,null,null,null,null,null,null,null,null,null,"o",null,null,null,null,null,null,null,null,null,null,null,null,null,null,null,null,null,null,null,null,null,null,null,null,null,null,null,null,null,null,null,null,null,null,null,null,null,null,null,null,null,null,null,null,null,15,null,null,null,null,null,null,null,null,null,null,null,null,null,null,null,null,null,null,null,null,null,null,null,null,null,null,null,null,null,null,null,null,null,null,null,null,null,null,null,null,null,null,null,null,null,null,null,null,null,null,null,null,null,null,null,null,null,null,null,null,null,null,null,"o"]
[63,null,null,null,null,null,null,null,null,null,null,null,"o",null,null,null,null,"/",null,null,null,null,"\\",null,null,null,null,"o",null,null,null,14,null,null,null,null,null,null,null,null,null,"\\","o","\\","o","\\","o",null,null,null,"o","/","o","/","o","/",null,null,null,null,null,null,null,null,null,null,null,null,null,null,null,null,null,null,"o",null,null,null,null,null,null,null,null,null,null,null,null,null,null,null,null,null,null,null,null,null,null,null,null,null,null,null,null,null,null,null,null,null,null,null,null,null,null,null,null,null,null,null,null,13,null,null,null,null,null,null,null,null,null,null,null,null,null,null,null,null,null,null,null,null,null,null,null,null,null,null,null,null,null,null,null,null,null,null,null,null,null,null,null,null,null,null,null,null,null,null,null,null,null,null,null,null,null,null,null,null,null,null,null,null,null,null,"o"]
[61,null,null,null,null,null,null,null,null,null,null,"o","c",null,"c","m","/",null,null,null,null,null,null,"\\","m","c",null,"c","o",null,null,13,null,null,null,null,null,null,null,null,null,null,"\\","o","\\","o","\\","o","@","o","/","o","/","o","/",null,null,null,null,null,null,null,null,null,null,null,null,null,null,null,null,null,null,null,null,"o",null,null,null,"\\","o","\\","o",null,null,null,"o","/","o","/",null,null,null,"\\","o","\\","o",null,null,null,"o","/","o","/",null,null,null,"\\","o","\\","o",null,null,null,"o","/","o","/",null,11,null,null,null,null,null,null,null,null,null,null,null,null,null,null,null,null,null,null,null,"\\","o","\\","o",null,null,null,"o","/","o","/",null,null,null,"\\","o","\\","o",null,null,null,"o","/","o","/",null,null,null,"\\","o","\\","o",null,null,null,"o","/","o","/",null,null,null,"o"]
[59,null,null,null,null,null,null,null,null,null,null,null,null,null,null,null,"o","/",null,null,"o","/",null,null,"o","/",null,null,null,null,null,12,null,null,null,null,null,null,null,null,null,null,null,"\\","o","\\","o",null,null,null,"o","/","o","/",null,null,null,null,null,null,null,null,null,null,null,null,null,null,null,null,null,null,null,null,null,null,"o",null,null,null,"\\","o",null,"o","m","o",null,"o","/",null,null,null,null,null,"\\","o",null,"o","m","o",null,"o","/",null,null,null,null,null,"\\","o",null,"o","m","o",null,"o","/",null,null,9,null,null,null,null,null,null,null,null,null,null,null,null,null,null,null,null,null,null,null,null,"\\","o",null,"o","m","o",null,"o","/",null,null,null,null,null,"\\","o",null,"o","m","o",null,"o","/",null,null,null,null,null,"\\","o",null,"o","m","o",null,"o","/",null,null,null,"o"]
[57,null,null,null,null,null,null,null,null,null,null,null,null,null,"\\","o",null,null,"\\","o",null,null,"\\","o",null,null,null,null,null,null,null,11,null,null,null,null,null,null,null,null,null,null,null,null,"\\","o","\\","o","@","o","/","o","/",null,null,null,null,null,null,null,null,null,null,null,null,null,null,null,null,null,null,null,null,null,null,null,null,"o",null,null,null,"\\","o",null,null,null,"o","/",null,null,null,null,null,null,null,"\\","o",null,null,null,"o","/",null,null,null,null,null,null,null,"\\","o",null,null,null,"o","/",null,null,null,7,null,null,null,null,null,null,null,null,null,null,null,null,null,null,null,null,null,null,null,null,null,"\\","o",null,null,null,"o","/",null,null,null,null,null,null,null,"\\","o",null,null,null,"o","/",null,null,null,null,null,null,null,"\\","o",null,null,null,"o","/",null,null,null,"o"]
[55,null,null,null,null,null,null,null,null,null,null,null,null,null,null,null,"o","/",null,null,"o","/",null,null,"o","/",null,null,null,null,null,10,null,null,null,null,null,null,null,null,null,null,null,null,null,"\\","o",null,null,null,"o","/",null,null,null,null,null,null,null,null,null,null,null,null,null,null,null,null,null,null,null,null,null,null,null,null,null,null,"o",null,null,null,"\\","o",null,"o","/",null,null,null,null,null,null,null,null,null,"\\","o",null,"o","/",null,null,null,null,null,null,null,null,null,"\\","o",null,"o","/",null,null,null,null,5,null,null,null,null,null,null,null,null,null,null,null,null,null,null,null,null,null,null,null,null,null,null,"\\","o",null,"o","/",null,null,null,null,null,null,null,null,null,"\\","o",null,"o","/",null,null,null,null,null,null,null,null,null,"\\","o",null,"o","/",null,null,null,"o"]
[53,null,null,null,null,null,null,null,null,null,null,null,null,null,"\\","o",null,null,"\\","o",null,null,"\\","o",null,null,null,null,null,null,null,9,null,null,null,null,null,null,null,null,null,null,null,null,null,null,"\\","o","@","o","/",null,null,null,null,null,null,null,null,null,null,null,null,null,null,null,null,null,null,null,null,null,null,null,null,null,null,null,null,"o",null,null,null,null,"o","/",null,null,null,null,null,null,null,null,null,null,null,null,"o","/",null,null,null,null,null,null,null,null,null,null,null,null,"o","/",null,null,null,null,null,3,null,null,null,null,null,null,null,null,null,null,null,null,null,null,null,null,null,null,null,null,null,null,null,null,"o","/",null,null,null,null,null,null,null,null,null,null,null,null,"o","/",null,null,null,null,null,null,null,null,null,null,null,null,"o","/",null,null,null,"o"]
[51,null,null,null,null,null,null,null,null,null,null,null,null,null,null,null,"o","/",null,null,"o","/",null,null,"o","/",null,null,null,null,null,8,null,null,null,null,25,24,23,22,21,20,19,18,17,16,15,14,13,12,11,10,9,8,7,6,5,4,3,2,1,null,null,null,null,null,null,null,null,null,null,null,null,null,null,null,null,null,null,null,"o",null,null,null,null,null,null,null,null,null,null,null,null,null,null,null,null,null,null,null,null,null,null,null,null,null,null,null,null,null,null,null,null,null,null,null,null,null,null,1,2,3,4,5,6,7,8,9,null,11,12,13,14,15,16,17,18,null,null,null,null,null,null,null,null,null,null,null,null,null,null,null,null,null,null,null,null,null,null,null,null,null,null,null,null,null,null,null,null,null,null,null,null,null,null,null,"o"]
[49,null,null,null,null,null,null,null,null,null,null,null,null,null,"\\","o",null,null,"\\","o",null,null,"\\","o",null,null,null,null,null,null,null,7,null,null,null,null,null,null,null,null,null,null,null,null,null,null,null,null,null,null,null,null,null,null,null,null,null,null,null,null,null,null,null,null,null,null,null,null,null,null,null,null,null,null,null,null,null,null,null,null,null,"o",null,null,null,null,null,null,null,null,null,null,null,null,null,null,null,null,null,null,null,null,null,null,null,null,null,null,null,null,null,null,null,null,null,null,null,null,null,null,null,null,null,null,null,null,null,null,null,null,null,null,null,null,null,null,null,null,null,null,null,null,null,null,null,null,null,null,null,null,null,null,null,null,null,null,null,null,null,null,null,null,null,null,null,null,null,null,null,null,null,null,null,null,null,"o"]
[47,null,null,null,null,null,null,null,null,null,null,null,null,null,null,null,"o","/",null,null,"o","/",null,null,"o","/",null,null,null,null,null,6,null,null,null,null,null,null,null,null,null,null,null,null,null,null,null,null,null,null,null,null,null,null,null,null,null,null,null,null,null,null,null,null,null,null,null,null,null,null,null,null,null,null,null,null,null,null,null,null,null,null,"o",null,null,null,"\\","o","\\","o",null,null,null,"o","/","o","/",null,null,null,"\\","o","\\","o",null,null,null,"o","/","o","/",null,null,null,"\\","o","\\","o",null,null,null,"o","/","o","/",null,null,null,null,null,null,null,"\\","o","\\","o",null,null,null,"o","/","o","/",null,null,null,"\\","o","\\","o",null,null,null,"o","/","o","/",null,null,null,"\\","o","\\","o",null,null,null,"o","/","o","/",null,null,null,"o"]
[45,null,null,null,null,null,null,null,null,null,null,null,null,null,"\\","o",null,null,"\\","o",null,null,"\\","o",null,null,null,null,null,null,null,5,null,null,null,null,null,null,null,null,null,null,null,null,null,null,null,null,null,null,null,null,null,null,null,null,null,null,null,null,null,null,null,null,null,null,null,null,null,null,null,null,null,null,null,null,null,null,null,null,null,null,null,"o",null,null,null,"\\","o",null,"o","m","o",null,"o","/",null,null,null,null,null,"\\","o",null,"o","m","o",null,"o","/",null,null,null,null,null,"\\","o",null,"o","m","o",null,"o","/",null,null,null,"o",null,"o",null,null,null,"\\","o",null,"o","m","o",null,"o","/",null,null,null,null,null,"\\","o",null,"o","m","o",null,"o","/",null,null,null,null,null,"\\","o",null,"o","m","o",null,"o","/",null,null,null,"o"]
[43,null,null,null,null,null,null,null,null,null,null,null,null,null,null,null,null,null,null,null,"o","/",null,null,null,null,null,null,null,null,null,4,null,null,null,null,null,null,"Platzhalter für Blüten",null,null,null,null,null,null,null,null,null,null,null,null,null,null,null,null,null,null,null,null,null,null,null,null,null,null,null,null,null,null,null,null,null,null,null,null,null,null,null,null,null,null,null,null,null,"o",null,null,null,"\\","o",null,null,null,"o","/",null,null,null,null,null,null,null,"\\","o",null,null,null,"o","/",null,null,null,null,null,null,null,"\\","o",null,null,null,"o","/",null,null,null,"o",null,null,null,"o",null,null,null,"\\","o",null,null,null,"o","/",null,null,null,null,null,null,null,"\\","o",null,null,null,"o","/",null,null,null,null,null,null,null,"\\","o",null,null,null,"o","/",null,null,null,"o"]
[41,null,null,null,null,null,null,null,null,null,null,null,null,null,null,null,null,null,"\\","o",null,null,null,null,null,null,null,null,null,null,null,3,null,null,null,null,null,null,null,null,null,null,null,null,null,null,null,null,null,null,null,null,null,null,null,null,null,null,null,null,null,null,null,null,null,null,null,null,null,null,null,null,null,null,null,null,null,null,null,null,null,null,null,null,null,"o",null,null,null,"\\","o",null,"o","/",null,null,null,null,null,null,null,null,null,"\\","o",null,"o","/",null,null,null,null,null,null,null,null,null,"\\","o",null,"o","/",null,null,null,"o",null,null,null,null,null,"o",null,null,null,"\\","o",null,"o","/",null,null,null,null,null,null,null,null,null,"\\","o",null,"o","/",null,null,null,null,null,null,null,null,null,"\\","o",null,"o","/",null,null,null,"o"]
[39,null,null,null,null,null,null,null,null,null,null,null,null,null,null,null,null,null,null,null,"o","/",null,null,null,null,null,null,null,null,null,2,null,null,null,null,1,2,3,4,5,6,7,8,9,10,11,12,13,14,15,16,17,18,null,null,null,null,null,null,null,null,null,null,null,null,null,null,null,null,null,null,null,null,null,null,null,null,null,null,null,null,null,null,null,null,"o",null,null,null,null,"o","/",null,null,null,null,null,null,null,null,null,null,null,null,"o","/",null,null,null,null,null,null,null,null,null,null,null,null,"o","/",null,null,null,"o",null,null,null,null,null,null,null,"o",null,null,null,null,"o","/",null,null,null,null,null,null,null,null,null,null,null,null,"o","/",null,null,null,null,null,null,null,null,null,null,null,null,"o","/",null,null,null,"o"]
[37,null,null,null,null,null,null,null,null,null,null,null,null,null,null,null,null,null,"\\","o",null,null,null,null,null,null,null,null,null,null,null,1,null,null,null,null,null,null,null,null,null,null,null,null,null,null,null,null,null,null,null,null,null,null,null,null,null,null,null,null,null,null,null,null,null,null,null,null,null,null,null,null,null,null,null,null,null,null,null,null,null,null,null,null,null,null,null,"o",null,null,null,null,null,null,null,null,null,null,null,null,null,null,null,null,null,null,null,null,null,null,null,null,null,null,null,null,null,null,null,null,null,null,null,"o",null,null,null,null,null,null,null,null,null,"o",null,null,null,null,null,null,null,null,null,null,null,null,null,null,null,null,null,null,null,null,null,null,null,null,null,null,null,null,null,null,null,null,null,null,null,"o"]
[35,null,null,null,null,null,null,null,null,null,null,18,17,16,15,14,13,12,11,10,9,8,7,6,5,4,3,2,1,null,null,null,null,null,null,null,null,null,null,null,null,null,null,null,null,null,null,null,null,null,null,null,null,null,null,null,null,null,null,null,null,"\"@\" = verschränkt stricken",null,null,null,null,null,null,null,null,null,null,null,null,null,null,null,null,null,null,null,null,null,null,null,null,null,null,"o",null,null,null,null,null,null,null,null,null,null,null,null,null,null,null,null,null,null,null,null,null,null,null,null,null,null,null,null,null,null,null,null,null,"o",null,null,null,null,null,null,null,null,null,null,null,"o",null,null,null,null,null,null,null,null,null,null,null,null,null,null,null,null,null,null,null,null,null,null,null,null,null,null,null,null,null,null,null,null,null,"o"]
[33,null,null,null,null,null,null,null,null,null,null,null,null,null,null,null,null,null,null,null,null,null,null,null,null,null,null,null,null,null,null,null,null,null,null,null,null,null,null,null,null,null,null,null,null,null,null,null,null,null,null,null,null,null,null,null,null,null,null,null,null,"c = aus dem Querfaden zunehmen",null,null,null,null,null,null,null,null,null,null,null,null,null,null,null,null,null,null,null,null,null,null,null,null,null,null,null,"o",null,null,null,"\\","o","\\","o",null,null,null,"o","/","o","/",null,null,null,"\\","o","\\","o",null,null,null,"o","/","o","/",null,null,null,"o",null,null,null,null,null,null,null,null,null,null,null,null,null,"o",null,null,null,"\\","o","\\","o",null,null,null,"o","/","o","/",null,null,null,"\\","o","\\","o",null,null,null,"o","/","o","/",null,null,null,"o"]
[31,null,null,null,null,null,null,null,null,null,null,null,null,null,null,null,null,null,null,null,null,null,null,null,null,null,null,null,null,null,null,null,null,null,null,null,null,null,null,null,null,null,null,null,null,null,null,null,null,null,null,null,null,null,null,null,null,null,null,null,null,"o = Umschlag",null,null,null,null,null,null,null,null,null,null,null,null,null,null,null,null,null,null,null,null,null,null,null,null,null,null,null,null,"o",null,null,null,"\\","o",null,"o","m","o",null,"o","/",null,null,null,null,null,"\\","o",null,"o","m","o",null,"o","/",null,null,null,"o",null,null,null,null,null,null,null,null,null,null,null,null,null,null,null,"o",null,null,null,"\\","o",null,"o","m","o",null,"o","/",null,null,null,null,null,"\\","o",null,"o","m","o",null,"o","/",null,null,null,"o"]
[29,null,null,null,null,null,null,null,null,null,null,null,null,null,null,null,null,null,null,null,null,null,null,null,null,null,null,null,null,null,null,null,null,null,null,null,null,null,null,null,null,null,null,null,null,null,null,null,null,null,null,null,null,null,null,null,null,null,null,null,null,"/ = 2 Maschen zusammenstricken",null,null,null,null,null,null,null,null,null,null,null,null,null,null,null,null,null,null,null,null,null,null,null,null,null,null,null,null,null,"o",null,null,null,"\\","o",null,null,null,"o","/",null,null,null,null,null,null,null,"\\","o",null,null,null,"o","/",null,null,null,"o",null,null,null,null,null,null,null,null,null,null,null,null,null,null,null,null,null,"o",null,null,null,"\\","o",null,null,null,"o","/",null,null,null,null,null,null,null,"\\","o",null,null,null,"o","/",null,null,null,"o"]
[27,null,null,null,null,null,null,null,null,null,null,null,null,null,null,null,null,null,null,null,null,null,null,null,null,null,null,null,null,null,null,null,null,null,null,null,null,null,null,null,null,null,null,null,null,null,null,null,null,null,null,null,null,null,null,null,null,null,null,null,null,"\\ = 2 Maschen überzogen zusammenstricken",null,null,null,null,null,null,null,null,null,null,null,null,null,null,null,null,null,null,null,null,null,null,null,null,null,null,null,null,null,null,"o",null,null,null,"\\","o",null,"o","/",null,null,null,null,null,null,null,null,null,"\\","o",null,"o","/",null,null,null,"o",null,null,null,null,null,null,null,null,null,null,null,null,null,null,null,null,null,null,null,"o",null,null,null,"\\","o",null,"o","/",null,null,null,null,null,null,null,null,null,"\\","o",null,"o","/",null,null,null,"o"]
[25,null,null,null,null,null,null,null,null,null,null,null,null,null,null,null,null,null,null,null,null,null,null,null,null,null,null,null,null,null,null,null,null,null,null,null,null,null,null,null,null,null,null,null,null,null,null,null,null,null,null,null,null,null,null,null,null,null,null,null,null,"m = 3 Maschen zusammenstricken",null,null,null,null,null,null,null,null,null,null,null,null,null,null,null,null,null,null,null,null,null,null,null,null,null,null,null,null,null,null,null,"o",null,null,null,null,"o","/",null,null,null,null,null,null,null,null,null,null,null,null,"o","/",null,null,null,"o",null,null,null,null,null,null,null,null,null,null,null,null,null,null,null,null,null,null,null,null,null,"o",null,null,null,null,"o","/",null,null,null,null,null,null,null,null,null,null,null,null,"o","/",null,null,null,"o"]
[23,null,null,null,null,null,null,null,null,null,null,null,null,null,null,null,null,null,null,null,null,null,null,null,null,null,null,null,null,null,null,null,null,null,null,null,null,null,null,null,null,null,null,null,null,null,null,null,null,null,null,null,null,null,null,null,null,null,null,null,null,null,null,null,null,null,null,null,null,null,null,null,null,null,null,null,null,null,null,null,null,null,null,null,null,null,null,null,null,null,null,null,null,null,"o",null,null,null,null,null,null,null,null,null,null,null,null,null,null,null,null,null,null,null,null,null,"o",null,null,null,null,null,null,null,null,null,null,null,null,null,null,null,null,null,null,null,null,null,null,null,"o",null,null,null,null,null,null,null,null,null,null,null,null,null,null,null,null,null,null,null,null,null,"o"]
[21,null,null,null,null,null,null,null,null,null,null,null,null,null,null,null,null,null,null,null,null,null,null,null,null,null,null,null,null,null,null,null,null,null,null,null,null,null,null,null,null,null,null,null,null,null,null,null,null,null,null,null,null,null,null,null,null,null,null,null,null,null,null,null,null,null,null,null,null,null,null,null,null,null,null,null,null,null,null,null,null,null,null,null,null,null,null,null,null,null,null,null,null,null,null,"o",null,null,null,null,null,null,null,null,null,null,null,null,null,null,null,null,null,null,null,"o",null,null,null,null,null,null,null,null,null,null,null,null,null,null,null,null,null,null,null,null,null,null,null,null,null,"o",null,null,null,null,null,null,null,null,null,null,null,null,null,null,null,null,null,null,null,"o"]
[19,null,null,null,null,null,null,null,null,null,null,null,null,null,null,null,null,null,null,null,null,null,null,null,null,null,null,null,null,null,null,null,null,null,null,null,null,null,null,null,null,null,null,null,null,null,null,null,null,null,null,null,null,null,null,null,null,null,null,null,null,null,null,null,null,null,null,null,null,null,null,null,null,null,null,null,null,null,null,null,null,null,null,null,null,null,null,null,null,null,null,null,null,null,null,null,"o",null,null,null,"\\","o","\\","o",null,null,null,"o","/","o","/",null,null,null,"o",null,null,null,null,null,null,null,null,null,null,null,null,null,null,null,null,null,null,null,null,null,null,null,null,null,null,null,"o",null,null,null,"\\","o","\\","o",null,null,null,"o","/","o","/",null,null,null,"o"]
[17,null,null,null,null,null,null,null,null,null,null,null,null,null,null,null,null,null,null,null,null,null,null,null,null,null,null,null,null,null,null,null,null,null,null,null,null,null,null,null,null,null,null,null,null,null,null,null,null,null,null,null,null,null,null,null,null,null,null,null,null,null,null,null,null,null,null,null,null,null,null,null,null,null,null,null,null,null,null,null,null,null,null,null,null,null,null,null,null,null,null,null,null,null,null,null,null,"o",null,null,null,"\\","o",null,"o","m","o",null,"o","/",null,null,null,"o",null,null,null,null,null,null,null,null,null,null,null,null,null,null,null,null,null,null,null,null,null,null,null,null,null,null,null,null,null,"o",null,null,null,"\\","o",null,"o","m","o",null,"o","/",null,null,null,"o"]
[15,null,null,null,null,null,null,null,null,null,null,null,null,null,null,null,null,null,null,null,null,null,null,null,null,null,null,null,null,null,null,null,null,null,null,null,null,null,null,null,null,null,null,null,null,null,null,null,null,null,null,null,null,null,null,null,null,null,null,null,null,null,null,null,null,null,null,null,null,null,null,null,null,null,null,null,null,null,null,null,null,null,null,null,null,null,null,null,null,null,null,null,null,null,null,null,null,null,"o",null,null,null,"\\","o",null,null,null,"o","/",null,null,null,"o",null,null,null,null,null,null,null,null,null,null,null,null,null,null,null,null,null,null,null,null,null,null,null,null,null,null,null,null,null,null,null,"o",null,null,null,"\\","o",null,null,null,"o","/",null,null,null,"o"]
[13,null,null,null,null,null,null,null,null,null,null,null,null,null,null,null,null,null,null,null,null,null,null,null,null,null,null,null,null,null,null,null,null,null,null,null,null,null,null,null,null,null,null,null,null,null,null,null,null,null,null,null,null,null,null,null,null,null,null,null,null,null,null,null,null,null,null,null,null,null,null,null,null,null,null,null,null,null,null,null,null,null,null,null,null,null,null,null,null,null,null,null,null,null,null,null,null,null,null,"o",null,null,null,"\\","o",null,"o","/",null,null,null,"o",null,null,null,null,null,null,null,null,null,null,null,null,null,null,null,null,null,null,null,null,null,null,null,null,null,null,null,null,null,null,null,null,null,"o",null,null,null,"\\","o",null,"o","/",null,null,null,"o"]
[11,null,null,null,null,null,null,null,null,null,null,null,null,null,null,null,null,null,null,null,null,null,null,null,null,null,null,null,null,null,null,null,null,null,null,null,null,null,null,null,null,null,null,null,null,null,null,null,null,null,null,null,null,null,null,null,null,null,null,null,null,null,null,null,null,null,null,null,null,null,null,null,null,null,null,null,null,null,null,null,null,null,null,null,null,null,null,null,null,null,null,null,null,null,null,null,null,null,null,null,"o",null,null,null,null,"o","/",null,null,null,"o",null,null,null,null,null,null,null,null,null,null,null,null,null,null,null,null,null,null,null,null,null,null,null,null,null,null,null,null,null,null,null,null,null,null,null,"o",null,null,null,null,"o","/",null,null,null,"o"]
[9,null,null,null,null,null,null,null,null,null,null,null,null,null,null,null,null,null,null,null,null,null,null,null,null,null,null,null,null,null,null,null,null,null,null,null,null,null,null,null,null,null,null,null,null,null,null,null,null,null,null,null,null,null,null,null,null,null,null,null,null,null,null,null,null,null,null,null,null,null,null,null,null,null,null,null,null,null,null,null,null,null,null,null,null,null,null,null,null,null,null,null,null,null,null,null,null,null,null,null,null,"o",null,null,null,null,null,null,null,"o",null,null,null,null,null,null,null,null,null,null,null,null,null,null,null,null,null,null,null,null,null,null,null,null,null,null,null,null,null,null,null,null,null,null,null,null,null,"o",null,null,null,null,null,null,null,"o"]
[7,null,null,null,null,null,null,null,null,null,null,null,null,null,null,null,null,null,null,null,null,null,null,null,null,null,null,null,null,null,null,null,null,null,null,null,null,null,null,null,null,null,null,null,null,null,null,null,null,null,null,null,null,null,null,null,null,null,null,null,null,null,null,null,null,null,null,null,null,null,null,null,null,null,null,null,null,null,null,null,null,null,null,null,null,null,null,null,null,null,null,null,null,null,null,null,null,null,null,null,null,null,"o",null,null,null,null,null,"o",null,null,null,null,null,null,null,null,null,null,null,null,null,null,null,null,null,null,null,null,null,null,null,null,null,null,null,null,null,null,null,null,null,null,null,null,null,null,null,"o",null,null,null,null,null,"o"]
[5,null,null,null,null,null,null,null,null,null,null,null,null,null,null,null,null,null,null,null,null,null,null,null,null,null,null,null,null,null,null,null,null,null,null,null,null,null,null,null,null,null,null,null,null,null,null,null,null,null,null,null,null,null,null,null,null,null,null,null,null,null,null,null,null,null,null,null,null,null,null,null,null,null,null,null,null,null,null,null,null,null,null,null,null,null,null,null,null,null,null,null,null,null,null,null,null,null,null,null,null,null,null,"o",null,null,null,"o",null,null,null,null,null,null,null,null,null,null,null,null,null,null,null,null,null,null,null,null,null,null,null,null,null,null,null,null,null,null,null,null,null,null,null,null,null,null,null,null,null,"o",null,null,null,"o"]
[3,null,null,null,null,null,null,null,null,null,null,null,null,null,null,null,null,null,null,null,null,null,null,null,null,null,null,null,null,null,null,null,null,null,null,null,null,null,null,null,null,null,null,null,null,null,null,null,null,null,null,null,null,null,null,null,null,null,null,null,null,null,null,null,null,null,null,null,null,null,null,null,null,null,null,null,null,null,null,null,null,null,null,null,null,null,null,null,null,null,null,null,null,null,null,null,null,null,null,null,null,null,null,null,"o",null,"o",null,null,null,null,null,null,null,null,null,null,null,null,null,null,null,null,null,null,null,null,null,null,null,null,null,null,null,null,null,null,null,null,null,null,null,null,null,null,null,null,null,null,null,"o",null,"o"]
[1]
[null,null,null,null,null,null,null,null,null,null,null,null,null,null,null,null,null,null,null,null,null,null,null,null,null,null,null,null,null,null,null,null,null,null,null,null,null,null,null,null,null,null,null,null,null,null,null,null,null,null,null,null,null,null,null,null,null,null,null,null,null,null,null,null,null,null,null,null,null,null,null,null,null,null,null,null,null,null,null,49,48,47,46,45,44,43,42,41,40,39,38,37,36,35,34,33,32,31,30,29,28,27,26,25,24,23,22,21,20,19,18,17,16,15,14,13,12,11,10,9,8,7,6,5,4,3,2,1,null,1,2,3,4,5,6,7,8,9,10,11,12,13,14,15,16,17,18,19,20,21,22,23,24,25,26,27,28,29,30,31,32,33,34,35,36,37,38,39,40,41,42,43,44,45]

{"sheet":"B Keil klein","index":6,"n_rows":115,"n_cols":58,"rows_kept":115,"cut":false,"hidden":false,"merged":[]}
[]
[]
[null,null,null,null,null,223,null,null,"\\","o","\\","o","\\","o","\\","o","\\","o","\\","o","@","o","/","o","/","o","/","o","/","o","/","o","/","\\","o","\\","o","\\","o","\\","o","\\","o","\\","o","@","o","/","o","/","o","/","o","/","o","/","o","/"]
[null,null,null,null,null,221,null,null,null,"\\","o","\\","o","\\","o","\\","o","\\","o",null,null,null,"o","/","o","/","o","/","o","/","o","/",null,null,"\\","o","\\","o","\\","o","\\","o","\\","o",null,null,null,"o","/","o","/","o","/","o","/","o","/"]
[null,null,null,null,null,219,null,null,null,null,"\\","o","\\","o","\\","o","\\","o","\\","o","@","o","/","o","/","o","/","o","/","o","/",null,null,null,null,"\\","o","\\","o","\\","o","\\","o","\\","o","@","o","/","o","/","o","/","o","/","o","/"]
[null,null,null,null,null,217,null,null,null,null,null,"\\","o","\\","o","\\","o","\\","o",null,null,null,"o","/","o","/","o","/","o","/",null,null,null,null,null,null,"\\","o","\\","o","\\","o","\\","o",null,null,null,"o","/","o","/","o","/","o","/"]
[null,null,null,null,null,215,null,null,null,null,null,null,"\\","o","\\","o","\\","o","\\","o","@","o","/","o","/","o","/","o","/",null,null,null,null,null,null,null,null,"\\","o","\\","o","\\","o","\\","o","@","o","/","o","/","o","/","o","/"]
[null,null,null,null,null,213,null,null,null,null,null,null,null,"\\","o","\\","o","\\","o",null,null,null,"o","/","o","/","o","/",null,null,null,null,null,null,null,null,null,null,"\\","o","\\","o","\\","o",null,null,null,"o","/","o","/","o","/"]
[null,null,null,null,null,211,null,null,null,null,null,null,null,null,"\\","o","\\","o","\\","o","@","o","/","o","/","o","/",null,null,null,null,null,null,null,null,null,null,null,null,"\\","o","\\","o","\\","o","@","o","/","o","/","o","/"]
[null,null,null,null,null,209,null,null,null,null,null,null,null,null,null,"\\","o","\\","o",null,null,null,"o","/","o","/",null,null,null,null,null,null,null,null,null,null,null,null,null,null,"\\","o","\\","o",null,null,null,"o","/","o","/"]
[null,null,null,null,null,207,null,null,null,null,null,null,null,null,null,null,"\\","o","\\","o","@","o","/","o","/",null,null,null,null,null,null,null,null,null,null,null,null,null,null,null,null,"\\","o","\\","o","@","o","/","o","/"]
[null,null,null,null,null,205,null,null,null,null,null,null,null,null,null,null,null,"\\","o",null,null,null,"o","/",null,null,null,null,null,null,null,null,null,null,null,null,null,null,null,null,null,null,"\\","o",null,null,null,"o","/"]
[null,null,null,null,null,203,null,null,null,null,null,null,null,null,null,null,null,null,"\\","o","@","o","/",null,null,null,null,null,null,null,null,null,null,null,null,null,null,null,null,null,null,null,null,"\\","o","@","o","/"]
[null,null,null,null,null,201]
[null,null,null,null,null,199,null,null,null,null,null,null,null,null,null,null,null,null,null,null,null,null,null,null,null,null,null,null,null,null,null,null,null,null,null,null,null,null,null,null,null,null,null,null,null,null,null,null,null,null,null,null,null,27]
[null,null,null,null,null,197,null,null,null,null,null,null,null,null,null,null,null,null,null,null,null,null,null,null,null,null,null,null,null,null,null,null,null,null,null,null,null,null,null,null,null,null,null,null,null,null,null,null,null,null,null,null,null,25]
[null,null,null,null,null,195,null,null,null,null,null,null,null,null,null,null,null,null,null,null,null,null,null,null,null,null,null,null,null,null,null,null,null,null,null,null,null,null,null,null,null,null,null,null,null,null,null,null,null,null,null,null,null,23]
[null,null,null,null,null,193,null,null,null,null,null,null,null,null,null,null,null,null,null,null,null,null,null,null,null,null,null,null,null,null,null,null,null,null,null,null,null,null,null,null,null,null,null,null,null,null,null,null,null,null,null,null,null,21]
[null,null,null,null,null,191,null,null,null,null,null,null,null,null,null,null,null,null,null,null,null,null,null,null,null,null,null,null,null,null,null,null,null,null,null,null,null,null,null,null,null,null,null,null,null,null,null,null,null,null,null,null,null,19]
[null,null,null,null,null,189,null,null,null,null,null,null,null,null,null,null,null,null,null,null,null,null,null,null,null,null,null,null,null,null,null,null,null,null,null,null,null,null,null,null,null,null,null,null,null,null,null,null,null,null,null,null,null,17]
[null,null,null,null,null,187,null,null,null,null,null,null,null,null,null,null,null,null,null,null,null,null,null,null,null,null,null,null,null,null,null,null,null,null,null,null,null,null,null,null,null,null,null,null,null,null,null,null,null,null,null,null,null,15]
[null,null,null,null,null,185,null,null,null,null,null,null,null,null,null,null,null,null,null,null,null,null,null,null,null,null,null,null,null,null,null,null,null,null,null,null,null,null,null,null,null,null,null,null,null,null,null,null,null,null,null,null,null,13]
[null,null,null,null,null,183,null,null,null,null,null,null,null,null,null,null,null,null,null,null,null,null,null,null,null,null,null,null,null,null,null,null,null,null,null,null,null,null,null,null,null,null,null,null,null,null,null,null,null,null,null,null,null,11]
[null,null,null,null,null,181,null,null,null,null,null,null,null,null,null,null,null,null,null,null,null,null,null,null,null,null,null,null,null,null,null,null,null,null,null,null,null,null,null,null,null,null,null,null,null,null,null,null,null,null,null,null,null,9]
[null,null,null,null,null,179,null,null,null,null,null,null,null,null,null,null,null,null,null,null,null,null,null,null,null,null,null,null,null,null,null,null,null,null,null,null,null,null,null,null,null,null,null,null,null,null,null,null,null,null,null,null,null,7]
[null,null,null,null,null,177,null,null,null,null,null,null,null,null,null,null,null,null,null,null,null,null,null,null,null,null,null,null,null,null,null,null,null,null,null,null,null,null,null,null,null,null,null,null,null,null,null,null,null,null,null,null,null,5]
[null,null,null,null,null,175,null,null,null,null,null,null,null,null,null,null,null,null,null,null,null,null,null,null,null,null,null,null,null,null,null,null,null,null,null,null,null,null,null,null,null,null,null,null,null,null,null,null,null,null,null,null,null,3]
[null,null,null,null,null,173,null,null,null,null,null,null,18,17,16,15,14,13,12,11,10,9,8,7,6,5,4,3,2,1,null,null,null,null,null,null,18,17,16,15,14,13,12,11,10,9,8,7,6,5,4,3,2,1]
[null,null,null,null,null,171]
[null,null,null,null,null,169]
[null,null,null,null,null,167,null,null,null,null,null,null,null,null,null,null,null,null,null,null,null,null,null,null,null,null,null,null,null,null,null,null,null,null,null,null,null,null,null,null,null,27]
[null,null,null,null,null,165,null,null,null,null,null,"\\","o","\\","o",null,null,null,"o","/","o","/",null,null,null,null,null,null,null,null,null,null,null,null,null,null,null,null,null,null,null,25,null,null,"\\","o","\\","o",null,null,null,"o","/","o","/"]
[null,null,null,null,null,163,null,null,null,null,null,null,"\\","o",null,"o","m","o",null,"o","/",null,null,null,null,null,null,null,null,null,null,null,null,null,null,null,null,null,null,null,null,23,null,null,null,"\\","o",null,"o","m","o",null,"o","/"]
[null,null,null,null,null,161,null,null,null,null,null,null,null,"\\","o",null,null,null,"o","/",null,null,null,null,null,null,null,null,null,null,null,null,null,null,null,null,null,null,null,null,null,21,null,null,null,null,"\\","o",null,null,null,"o","/"]
[null,null,null,null,null,159,null,null,null,null,null,null,null,null,"\\","o",null,"o","/",null,null,null,null,null,null,null,null,null,null,null,null,null,null,null,null,null,null,null,null,null,null,19,null,null,null,null,null,"\\","o",null,"o","/"]
[null,null,null,null,null,157,null,null,null,null,null,null,null,null,null,null,"o","/",null,null,null,null,null,null,null,null,null,null,null,null,null,null,null,null,null,null,null,null,null,null,null,17,null,null,null,null,null,null,null,"o","/"]
[null,null,null,null,null,155,null,null,null,null,null,null,null,null,null,null,null,null,null,null,null,null,null,null,null,null,null,null,null,null,null,null,null,null,null,null,null,null,null,null,null,15]
[null,null,null,null,null,153,null,null,null,null,null,null,null,null,null,null,null,null,null,null,null,null,null,null,null,null,null,null,null,null,null,null,null,null,null,null,null,null,null,null,null,13]
[null,null,null,null,null,151,null,null,null,null,null,"\\","o","\\","o",null,null,null,"o","/","o","/",null,null,null,null,null,null,null,null,null,null,null,null,null,null,null,null,null,null,null,11,null,null,"\\","o","\\","o",null,null,null,"o","/","o","/"]
[null,null,null,null,null,149,null,null,null,null,null,null,"\\","o",null,"o","m","o",null,"o","/",null,null,null,null,null,null,null,null,null,null,null,null,null,null,null,null,null,null,null,null,9,null,null,null,"\\","o",null,"o","m","o",null,"o","/"]
[null,null,null,null,null,147,null,null,null,null,null,null,null,"\\","o",null,null,null,"o","/",null,null,null,null,null,null,null,null,null,null,null,null,null,null,null,null,null,null,null,null,null,7,null,null,null,null,"\\","o",null,null,null,"o","/"]
[null,null,null,null,null,145,null,null,null,null,null,null,null,null,"\\","o",null,"o","/",null,null,null,null,null,null,null,null,null,null,null,null,null,null,null,null,null,null,null,null,null,null,5,null,null,null,null,null,"\\","o",null,"o","/"]
[null,null,null,null,null,143,null,null,null,null,null,null,null,null,null,null,"o","/",null,null,null,null,null,null,null,null,null,null,null,null,null,null,null,null,null,null,null,null,null,null,null,3,null,null,null,null,null,null,null,"o","/"]
[null,null,null,null,null,141,null,null,null,null,null,null,null,null,null,null,null,null,null,null,null,null,null,null,18,17,16,15,14,13,12,11,10,9,8,7,6,5,4,3,2,1]
[null,null,null,null,null,139]
[null,null,null,null,null,137,null,null,null,null,null,null,null,null,null,null,null,null,null,null,null,null,null,null,null,null,null,null,null,null,null,null,null,null,null,null,null,null,null,null,null,null,null,null,null,null,null,null,null,null,null,null,null,27]
[null,null,null,null,null,135,null,null,null,null,null,null,null,null,null,null,null,null,null,null,null,null,null,null,null,null,null,null,null,null,null,null,null,null,null,null,null,null,null,null,null,null,null,null,null,null,null,null,null,null,null,null,null,25]
[null,null,null,null,null,133,null,null,null,null,null,null,null,null,null,null,null,null,null,null,null,null,null,null,null,null,null,null,null,null,null,null,null,null,null,null,null,null,null,null,null,null,null,null,null,null,null,null,null,null,null,null,null,23]
[null,null,null,null,null,131,null,null,null,null,null,null,null,null,null,null,null,null,null,null,null,null,null,null,null,null,null,null,null,null,null,null,null,null,null,null,null,null,null,null,null,null,null,null,null,null,null,null,null,null,null,null,null,21]
[null,null,null,null,null,129,null,null,null,null,null,null,null,null,null,null,null,null,null,null,null,null,null,null,null,null,null,null,null,null,null,null,null,null,null,null,null,null,null,null,null,null,null,null,null,null,null,null,null,null,null,null,null,19]
[null,null,null,null,null,127,null,null,null,null,null,null,null,null,null,null,null,null,null,null,null,null,null,null,null,null,null,null,null,null,null,null,null,null,null,null,null,null,null,null,null,null,null,null,null,null,null,null,null,null,null,null,null,17]
[null,null,null,null,null,125,null,null,null,null,null,null,null,null,null,null,null,null,null,null,null,null,null,null,null,null,null,null,null,null,null,null,null,null,null,null,null,null,null,null,null,null,null,null,null,null,null,null,null,null,null,null,null,15]
[null,null,null,null,null,123,null,null,null,null,null,null,null,null,null,null,null,null,null,null,null,null,null,null,null,null,null,null,null,null,null,null,null,null,null,null,null,null,null,null,null,null,null,null,null,null,null,null,null,null,null,null,null,13]
[null,null,null,null,null,121,null,null,null,null,null,null,null,null,null,null,null,null,null,null,null,null,null,null,null,null,null,null,null,null,null,null,null,null,null,null,null,null,null,null,null,null,null,null,null,null,null,null,null,null,null,null,null,11]
[null,null,null,null,null,119,null,null,null,null,null,null,null,null,null,null,null,null,null,null,null,null,null,null,null,null,null,null,null,null,null,null,null,null,null,null,null,null,null,null,null,null,null,null,null,null,null,null,null,null,null,null,null,9]
[null,null,null,null,null,117,null,null,null,null,null,null,null,null,null,null,null,null,null,null,null,null,null,null,null,null,null,null,null,null,null,null,null,null,null,null,null,null,null,null,null,null,null,null,null,null,null,null,null,null,null,null,null,7]
[null,null,null,null,null,115,null,null,null,null,null,null,null,null,null,null,null,null,null,null,null,null,null,null,null,null,null,null,null,null,null,null,null,null,null,null,null,null,null,null,null,null,null,null,null,null,null,null,null,null,null,null,null,5]
[null,null,null,null,null,113,null,null,null,null,null,null,null,null,null,null,null,null,null,null,null,null,null,null,null,null,null,null,null,null,null,null,null,null,null,null,null,null,null,null,null,null,null,null,null,null,null,null,null,null,null,null,null,3]
[null,null,null,null,null,111,null,null,null,null,null,null,18,17,16,15,14,13,12,11,10,9,8,7,6,5,4,3,2,1,null,null,null,null,null,null,18,17,16,15,14,13,12,11,10,9,8,7,6,5,4,3,2,1]
[null,null,null,null,null,109]
[null,null,null,null,null,107,null,null,null,null,null,null,null,null,null,null,null,null,null,null,null,null,null,null,null,null,null,null,null,null,null,null,null,null,null,null,null,null,null,null,null,27]
[null,null,null,null,null,105,null,null,null,null,null,"\\","o","\\","o",null,null,null,"o","/","o","/",null,null,null,null,null,null,null,null,null,null,null,null,null,null,null,null,null,null,null,25,null,null,"\\","o","\\","o",null,null,null,"o","/","o","/"]
[null,null,null,null,null,103,null,null,null,null,null,null,"\\","o",null,"o","m","o",null,"o","/",null,null,null,null,null,null,null,null,null,null,null,null,null,null,null,null,null,null,null,null,23,null,null,null,"\\","o",null,"o","m","o",null,"o","/"]
[null,null,null,null,null,101,null,null,null,null,null,null,null,"\\","o",null,null,null,"o","/",null,null,null,null,null,null,null,null,null,null,null,null,null,null,null,null,null,null,null,null,null,21,null,null,null,null,"\\","o",null,null,null,"o","/"]
[null,null,null,null,null,99,null,null,null,null,null,null,null,null,"\\","o",null,"o","/",null,null,null,null,null,null,null,null,null,null,null,null,null,null,null,null,null,null,null,null,null,null,19,null,null,null,null,null,"\\","o",null,"o","/"]
[null,null,null,null,null,97,null,null,null,null,null,null,null,null,null,null,"o","/",null,null,null,null,null,null,null,null,null,null,null,null,null,null,null,null,null,null,null,null,null,null,null,17,null,null,null,null,null,null,null,"o","/"]
[null,null,null,null,null,95,null,null,null,null,null,null,null,null,null,null,null,null,null,null,null,null,null,null,null,null,null,null,null,null,null,null,null,null,null,null,null,null,null,null,null,15]
[null,null,null,null,null,93,null,null,null,null,null,null,null,null,null,null,null,null,null,null,null,null,null,null,null,null,null,null,null,null,null,null,null,null,null,null,null,null,null,null,null,13]
[null,null,null,null,null,91,null,null,null,null,null,"\\","o","\\","o",null,null,null,"o","/","o","/",null,null,null,null,null,null,null,null,null,null,null,null,null,null,null,null,null,null,null,11,null,null,"\\","o","\\","o",null,null,null,"o","/","o","/"]
[null,null,null,null,null,89,null,null,null,null,null,null,"\\","o",null,"o","m","o",null,"o","/",null,null,null,null,null,null,null,null,null,null,null,null,null,null,null,null,null,null,null,null,9,null,null,null,"\\","o",null,"o","m","o",null,"o","/"]
[null,null,null,null,null,87,null,null,null,null,null,null,null,"\\","o",null,null,null,"o","/",null,null,null,null,null,null,null,null,null,null,null,null,null,null,null,null,null,null,null,null,null,7,null,null,null,null,"\\","o",null,null,null,"o","/"]
[null,null,null,null,null,85,null,null,null,null,null,null,null,null,"\\","o",null,"o","/",null,null,null,null,null,null,null,null,null,null,null,null,null,null,null,null,null,null,null,null,null,null,5,null,null,null,null,null,"\\","o",null,"o","/"]
[null,null,null,null,null,83,null,null,null,null,null,null,null,null,null,null,"o","/",null,null,null,null,null,null,null,null,null,null,null,null,null,null,null,null,null,null,null,null,null,null,null,3,null,null,null,null,null,null,null,"o","/"]
[null,null,null,null,null,81,null,null,null,null,null,null,null,null,null,null,null,null,null,null,null,null,null,null,18,17,16,15,14,13,12,11,10,9,8,7,6,5,4,3,2,1]
[null,null,null,null,null,79]
[null,null,null,null,null,77,null,null,null,null,null,null,null,null,null,null,null,null,null,null,null,null,null,null,null,null,null,null,null,null,null,null,null,null,null,null,null,null,null,null,null,null,null,null,null,null,null,null,null,null,null,null,null,27]
[null,null,null,null,null,75,null,null,null,null,null,null,null,null,null,null,null,null,null,null,null,null,null,null,null,null,null,null,null,null,null,null,null,null,null,null,null,null,null,null,null,null,null,null,null,null,null,null,null,null,null,null,null,25]
[null,null,null,null,null,73,null,null,null,null,null,null,null,null,null,null,null,null,null,null,null,null,null,null,null,null,null,null,null,null,null,null,null,null,null,null,null,null,null,null,null,null,null,null,null,null,null,null,null,null,null,null,null,23]
[null,null,null,null,null,71,null,null,null,null,null,null,null,null,null,null,null,null,null,null,null,null,null,null,null,null,null,null,null,null,null,null,null,null,null,null,null,null,null,null,null,null,null,null,null,null,null,null,null,null,null,null,null,21]
[null,null,null,null,null,69,null,null,null,null,null,null,null,null,null,null,null,null,null,null,null,null,null,null,null,null,null,null,null,null,null,null,null,null,null,null,null,null,null,null,null,null,null,null,null,null,null,null,null,null,null,null,null,19]
[null,null,null,null,null,67,null,null,null,null,null,null,null,null,null,null,null,null,null,null,null,null,null,null,null,null,null,null,null,null,null,null,null,null,null,null,null,null,null,null,null,null,null,null,null,null,null,null,null,null,null,null,null,17]
[null,null,null,null,null,65,null,null,null,null,null,null,null,null,null,null,null,null,null,null,null,null,null,null,null,null,null,null,null,null,null,null,null,null,null,null,null,null,null,null,null,null,null,null,null,null,null,null,null,null,null,null,null,15]
[null,null,null,null,null,63,null,null,null,null,null,null,null,null,null,null,null,null,null,null,null,null,null,null,null,null,null,null,null,null,null,null,null,null,null,null,null,null,null,null,null,null,null,null,null,null,null,null,null,null,null,null,null,13]
[null,null,null,null,null,61,null,null,null,null,null,null,null,null,null,null,null,null,null,null,null,null,null,null,null,null,null,null,null,null,null,null,null,null,null,null,null,null,null,null,null,null,null,null,null,null,null,null,null,null,null,null,null,11]
[null,null,null,null,null,59,null,null,null,null,null,null,null,null,null,null,null,null,null,null,null,null,null,null,null,null,null,null,null,null,null,null,null,null,null,null,null,null,null,null,null,null,null,null,null,null,null,null,null,null,null,null,null,9]
[null,null,null,null,null,57,null,null,null,null,null,null,null,null,null,null,null,null,null,null,null,null,null,null,null,null,null,null,null,null,null,null,null,null,null,null,null,null,null,null,null,null,null,null,null,null,null,null,null,null,null,null,null,7]
[null,null,null,null,null,55,null,null,null,null,null,null,null,null,null,null,null,null,null,null,null,null,null,null,null,null,null,null,null,null,null,null,null,null,null,null,null,null,null,null,null,null,null,null,null,null,null,null,null,null,null,null,null,5]
[null,null,null,null,null,53,null,null,null,null,null,null,null,null,null,null,null,null,null,null,null,null,null,null,null,null,null,null,null,null,null,null,null,null,null,null,null,null,null,null,null,null,null,null,null,null,null,null,null,null,null,null,null,3]
[null,null,null,null,null,51,null,null,null,null,null,null,18,17,16,15,14,13,12,11,10,9,8,7,6,5,4,3,2,1,null,null,null,null,null,null,18,17,16,15,14,13,12,11,10,9,8,7,6,5,4,3,2,1]
[null,null,null,null,null,49]
[null,null,null,null,null,47]
[null,null,null,null,null,45,null,null,null,null,null,null,null,null,null,null,null,null,null,null,null,null,null,null,null,null,null,null,null,null,null,null,null,null,null,null,null,null,null,null,null,27]
[null,null,null,null,null,43,null,null,null,null,null,"\\","o","\\","o",null,null,null,"o","/","o","/",null,null,null,null,null,null,null,null,null,null,null,null,null,null,null,null,null,null,null,25,null,null,"\\","o","\\","o",null,null,null,"o","/","o","/"]
[null,null,null,null,null,41,null,null,null,null,null,null,"\\","o",null,"o","m","o",null,"o","/",null,null,null,null,null,null,null,null,null,null,null,null,null,null,null,null,null,null,null,null,23,null,null,null,"\\","o",null,"o","m","o",null,"o","/"]
[null,null,null,null,null,39,null,null,null,null,null,null,null,"\\","o",null,null,null,"o","/",null,null,null,null,null,null,null,null,null,null,null,null,null,null,null,null,null,null,null,null,null,21,null,null,null,null,"\\","o",null,null,null,"o","/"]
[null,null,null,null,null,37,null,null,null,null,null,null,null,null,"\\","o",null,"o","/",null,null,null,null,null,null,null,null,null,null,null,null,null,null,null,null,null,null,null,null,null,null,19,null,null,null,null,null,"\\","o",null,"o","/"]
[null,null,null,null,null,35,null,null,null,null,null,null,null,null,null,null,"o","/",null,null,null,null,null,null,null,null,null,null,null,null,null,null,null,null,null,null,null,null,null,null,null,17,null,null,null,null,null,null,null,"o","/"]
[null,null,null,null,null,33,null,null,null,null,null,null,null,null,null,null,null,null,null,null,null,null,null,null,null,null,null,null,null,null,null,null,null,null,null,null,null,null,null,null,null,15]
[null,null,null,null,null,31,null,null,null,null,null,null,null,null,null,null,null,null,null,null,null,null,null,null,null,null,null,null,null,null,null,null,null,null,null,null,null,null,null,null,null,13]
[null,null,null,null,null,29,null,null,null,null,null,"\\","o","\\","o",null,null,null,"o","/","o","/",null,null,null,null,null,null,null,null,null,null,null,null,null,null,null,null,null,null,null,11,null,null,"\\","o","\\","o",null,null,null,"o","/","o","/"]
[null,null,null,null,null,27,null,null,null,null,null,null,"\\","o",null,"o","m","o",null,"o","/",null,null,null,null,null,null,null,null,null,null,null,null,null,null,null,null,null,null,null,null,9,null,null,null,"\\","o",null,"o","m","o",null,"o","/"]
[null,null,null,null,null,25,null,null,null,null,null,null,null,"\\","o",null,null,null,"o","/",null,null,null,null,null,null,null,null,null,null,null,null,null,null,null,null,null,null,null,null,null,7,null,null,null,null,"\\","o",null,null,null,"o","/"]
[null,null,null,null,null,23,null,null,null,null,null,null,null,null,"\\","o",null,"o","/",null,null,null,null,null,null,null,null,null,null,null,null,null,null,null,null,null,null,null,null,null,null,5,null,null,null,null,null,"\\","o",null,"o","/"]
[null,null,null,null,null,21,null,null,null,"o",null,null,null,null,null,null,"o","/",null,null,null,null,null,null,null,null,null,null,null,null,null,null,null,null,null,null,null,null,null,null,null,3,null,null,null,null,null,null,null,"o","/",null,null,null,null,null,"o"]
[null,null,null,null,null,19,null,null,null,null,"o",null,null,null,null,null,null,null,null,null,null,null,null,null,18,17,16,15,14,13,12,11,10,9,8,7,6,5,4,3,2,1,null,null,null,null,null,null,null,null,null,null,null,null,null,"o"]
[null,null,null,null,null,17,null,null,null,null,null,"o",null,null,null,null,null,null,null,null,null,null,null,null,null,null,null,null,null,null,null,null,null,null,null,null,null,null,null,null,null,null,null,null,null,null,null,null,null,null,null,null,null,null,"o"]
[null,null,null,null,null,15,null,null,null,null,null,null,"o",null,null,null,null,null,null,null,null,null,null,null,null,null,null,null,null,null,null,null,null,null,null,null,null,null,null,null,null,null,null,null,null,null,null,null,null,null,null,null,null,"o"]
[null,null,null,null,null,13,null,null,null,null,null,null,null,"o",null,null,"\\","o","\\","o",null,null,null,"o","/","o","/",null,"\\","o","\\","o",null,null,null,"o","/","o","/",null,"\\","o","\\","o",null,null,null,"o","/","o","/",null,"o"]
[null,null,null,null,null,11,null,null,null,null,null,null,null,null,"o",null,null,"\\","o",null,"o","m","o",null,"o","/",null,null,null,"\\","o",null,"o","m","o",null,"o","/",null,null,null,"\\","o",null,"o","m","o",null,"o","/",null,"o"]
[null,null,null,null,null,9,null,null,null,null,null,null,null,null,null,"o",null,null,"\\","o",null,null,null,"o","/",null,null,null,null,null,"\\","o",null,null,null,"o","/",null,null,null,null,null,"\\","o",null,null,null,"o","/",null,"o"]
[null,null,null,null,null,7,null,null,null,null,null,null,null,null,null,null,"o",null,null,"\\","o",null,"o","/",null,null,null,null,null,null,null,"\\","o",null,"o","/",null,null,null,null,null,null,null,"\\","o",null,"o","/",null,"o"]
[null,null,null,null,null,5,null,null,null,null,null,null,null,null,null,null,null,"o",null,null,null,"o","/",null,null,null,null,null,null,null,null,null,null,"o","/",null,null,null,null,null,null,null,null,null,null,"o","/",null,"o"]
[null,null,null,null,null,3,null,null,null,null,null,null,null,null,null,null,null,null,"o",null,null,null,null,null,null,null,null,null,null,null,null,null,null,null,null,null,null,null,null,null,null,null,null,null,null,null,null,"o"]
[null,null,null,null,null,1]
[null,null,null,null,null,null,null,null,50,49,48,47,46,45,44,43,42,41,40,39,38,37,36,35,34,33,32,31,30,29,28,27,26,25,24,23,22,21,20,19,18,17,16,15,14,13,12,11,10,9,8,7,6,5,4,3,2,1]

{"sheet":"Dreieck leer","index":7,"n_rows":112,"n_cols":255,"rows_kept":112,"cut":false,"hidden":false,"merged":[]}
[null,null,null,null,null,null,null,null,1,2,3,4,5,6,7,8,9,10,11,12,13,14,15,16,17,18,19,20,21,22,23,24,25,26,27,28,29,30,31,32,33,34,35,36,37,38,39,40,41,42,43,44,45,46,47,48,49,50,51,52,53,54,55,56,57,58,59,60,61,62,63,64,65,66,67,68,69,70,71,72,73,74,75,76,77,78,79,80,81,82,83,84,85,86,87,88,89,90,91,92,93,94,95,96,97,98,99,100,101,102,103,104,105,106,107,108,109,110,111,112,113,114,115,116,117,118,119,120,121,122,123,124,125,126,127,128,129,130,131,132,133,134,135,136,137,138,139,140,141,142,143,144,145,146,147,148,149,150,151,152,153,154,155,156,157,158,159,160,161,162,163,164,165,166,167,168,169,170,171,172,173,174,175,176,177,178,179,180,181,182,183,184,185,186,187,188,189,190,191,192,193,194,195,196,197,198,199,200,201,202,203,204,205,206,207,208,209,210,211,212,213,214,215,216,217,218,219,220,221,222,223,224,225,226,227,228,229,230,231,232,233,234,235,236,237,238,239,240,241,242,243,244,244,244,244]
[]
[]
[]
[]
[]
[]
[]
[]
[]
[199,null,null,null,null,null,null,null,"o",null,null,null,null,null,null,null,null,null,null,null,null,null,null,null,null,null,null,null,null,null,null,null,null,null,null,null,null,null,null,null,null,null,null,null,null,null,null,null,null,null,null,null,null,null,null,null,null,null,null,null,null,null,null,null,null,null,null,null,null,null,null,null,null,null,null,null,null,null,null,null,null,null,null,null,null,null,null,null,null,null,null,null,null,null,null,null,null,null,null,null,null,null,null,null,null,null,null,null,null,null,null,null,null,null,null,null,null,null,null,null,null,null,null,null,null,null,null,null,null,null,null,null,null,null,null,null,null,null,null,null,null,null,null,null,null,null,null,null,null,null,null,null,null,null,null,null,null,null,null,null,null,null,null,null,null,null,null,null,null,null,null,null,null,null,null,null,null,null,null,null,null,null,null,null,null,null,null,null,null,null,null,null,null,null,null,null,null,null,null,null,null,null,null,null,null,null,null,null,null,null,null,null,null,null,null,null,null,null,null,null,null,null,null,null,null,null,null,null,null,null,null,null,null,null,null,null,null,null,null,null,null,null,null,null,null,null,null,null,null,null,null,null,null,null,"o"]
[197,null,null,null,null,null,null,null,null,"o",null,null,null,null,null,null,null,null,null,null,null,null,null,null,null,null,null,null,null,null,null,null,null,null,null,null,null,null,null,null,null,null,null,null,null,null,null,null,null,null,null,null,null,null,null,null,null,null,null,null,null,null,null,null,null,null,null,null,null,null,null,null,null,null,null,null,null,null,null,null,null,null,null,null,null,null,null,null,null,null,null,null,null,null,null,null,null,null,null,null,null,null,null,null,null,null,null,null,null,null,null,null,null,null,null,null,null,null,null,null,null,null,null,null,null,null,null,null,null,null,null,null,null,null,null,null,null,null,null,null,null,null,null,null,null,null,null,null,null,null,null,null,null,null,null,null,null,null,null,null,null,null,null,null,null,null,null,null,null,null,null,null,null,null,null,null,null,null,null,null,null,null,null,null,null,null,null,null,null,null,null,null,null,null,null,null,null,null,null,null,null,null,null,null,null,null,null,null,null,null,null,null,null,null,null,null,null,null,null,null,null,null,null,null,null,null,null,null,null,null,null,null,null,null,null,null,null,null,null,null,null,null,null,null,null,null,null,null,null,null,null,null,null,"o"]
[195,null,null,null,null,null,null,null,null,null,"o",null,null,null,null,null,null,null,null,null,null,null,null,null,null,null,null,null,null,null,null,null,null,null,null,null,null,null,null,null,null,null,null,null,null,null,null,null,null,null,null,null,null,null,null,null,null,null,null,null,null,null,null,null,null,null,null,null,null,null,null,null,null,null,null,null,null,null,null,null,null,null,null,null,null,null,null,null,null,null,null,null,null,null,null,null,null,null,null,null,null,null,null,null,null,null,null,null,null,null,null,null,null,null,null,null,null,null,null,null,null,null,null,null,null,null,null,null,null,null,null,null,null,null,null,null,null,null,null,null,null,null,null,null,null,null,null,null,null,null,null,null,null,null,null,null,null,null,null,null,null,null,null,null,null,null,null,null,null,null,null,null,null,null,null,null,null,null,null,null,null,null,null,null,null,null,null,null,null,null,null,null,null,null,null,null,null,null,null,null,null,null,null,null,null,null,null,null,null,null,null,null,null,null,null,null,null,null,null,null,null,null,null,null,null,null,null,null,null,null,null,null,null,null,null,null,null,null,null,null,null,null,null,null,null,null,null,null,null,null,null,null,"o"]
[193,null,null,null,null,null,null,null,null,null,null,"o",null,null,null,null,null,null,null,null,null,null,null,null,null,null,null,null,null,null,null,null,null,null,null,null,null,null,null,null,null,null,null,null,null,null,null,null,null,null,null,null,null,null,null,null,null,null,null,null,null,null,null,null,null,null,null,null,null,null,null,null,null,null,null,null,null,null,null,null,null,null,null,null,null,null,null,null,null,null,null,null,null,null,null,null,null,null,null,null,null,null,null,null,null,null,null,null,null,null,null,null,null,null,null,null,null,null,null,null,null,null,null,null,null,null,null,null,null,null,null,null,null,null,null,null,null,null,null,null,null,null,null,null,null,null,null,null,null,null,null,null,null,null,null,null,null,null,null,null,null,null,null,null,null,null,null,null,null,null,null,null,null,null,null,null,null,null,null,null,null,null,null,null,null,null,null,null,null,null,null,null,null,null,null,null,null,null,null,null,null,null,null,null,null,null,null,null,null,null,null,null,null,null,null,null,null,null,null,null,null,null,null,null,null,null,null,null,null,null,null,null,null,null,null,null,null,null,null,null,null,null,null,null,null,null,null,null,null,null,null,"o"]
[191,null,null,null,null,null,null,null,null,null,null,null,"o",null,null,null,null,null,null,null,null,null,null,null,null,null,null,null,null,null,null,null,null,null,null,null,null,null,null,null,null,null,null,null,null,null,null,null,null,null,null,null,null,null,null,null,null,null,null,null,null,null,null,null,null,null,null,null,null,null,null,null,null,null,null,null,null,null,null,null,null,null,null,null,null,null,null,null,null,null,null,null,null,null,null,null,null,null,null,null,null,null,null,null,null,null,null,null,null,null,null,null,null,null,null,null,null,null,null,null,null,null,null,null,null,null,null,null,null,null,null,null,null,null,null,null,null,null,null,null,null,null,null,null,null,null,null,null,null,null,null,null,null,null,null,null,null,null,null,null,null,null,null,null,null,null,null,null,null,null,null,null,null,null,null,null,null,null,null,null,null,null,null,null,null,null,null,null,null,null,null,null,null,null,null,null,null,null,null,null,null,null,null,null,null,null,null,null,null,null,null,null,null,null,null,null,null,null,null,null,null,null,null,null,null,null,null,null,null,null,null,null,null,null,null,null,null,null,null,null,null,null,null,null,null,null,null,null,null,null,"o"]
[189,null,null,null,null,null,null,null,null,null,null,null,null,"o",null,null,null,null,null,null,null,null,null,null,null,null,null,null,null,null,null,null,null,null,null,null,null,null,null,null,null,null,null,null,null,null,null,null,null,null,null,null,null,null,null,null,null,null,null,null,null,null,null,null,null,null,null,null,null,null,null,null,null,null,null,null,null,null,null,null,null,null,null,null,null,null,null,null,null,null,null,null,null,null,null,null,null,null,null,null,null,null,null,null,null,null,null,null,null,null,null,null,null,null,null,null,null,null,null,null,null,null,null,null,null,null,null,null,null,null,null,null,null,null,null,null,null,null,null,null,null,null,null,null,null,null,null,null,null,null,null,null,null,null,null,null,null,null,null,null,null,null,null,null,null,null,null,null,null,null,null,null,null,null,null,null,null,null,null,null,null,null,null,null,null,null,null,null,null,null,null,null,null,null,null,null,null,null,null,null,null,null,null,null,null,null,null,null,null,null,null,null,null,null,null,null,null,null,null,null,null,null,null,null,null,null,null,null,null,null,null,null,null,null,null,null,null,null,null,null,null,null,null,null,null,null,null,null,null,"o"]
[187,null,null,null,null,null,null,null,null,null,null,null,null,null,"o",null,null,null,null,null,null,null,null,null,null,null,null,null,null,null,null,null,null,null,null,null,null,null,null,null,null,null,null,null,null,null,null,null,null,null,null,null,null,null,null,null,null,null,null,null,null,null,null,null,null,null,null,null,null,null,null,null,null,null,null,null,null,null,null,null,null,null,null,null,null,null,null,null,null,null,null,null,null,null,null,null,null,null,null,null,null,null,null,null,null,null,null,null,null,null,null,null,null,null,null,null,null,null,null,null,null,null,null,null,null,null,null,null,null,null,null,null,null,null,null,null,null,null,null,null,null,null,null,null,null,null,null,null,null,null,null,null,null,null,null,null,null,null,null,null,null,null,null,null,null,null,null,null,null,null,null,null,null,null,null,null,null,null,null,null,null,null,null,null,null,null,null,null,null,null,null,null,null,null,null,null,null,null,null,null,null,null,null,null,null,null,null,null,null,null,null,null,null,null,null,null,null,null,null,null,null,null,null,null,null,null,null,null,null,null,null,null,null,null,null,null,null,null,null,null,null,null,null,null,null,null,null,null,"o"]
[185,null,null,null,null,null,null,null,null,null,null,null,null,null,null,"o",null,null,null,null,null,null,null,null,null,null,null,null,null,null,null,null,null,null,null,null,null,null,null,null,null,null,null,null,null,null,null,null,null,null,null,null,null,null,null,null,null,null,null,null,null,null,null,null,null,null,null,null,null,null,null,null,null,null,null,null,null,null,null,null,null,null,null,null,null,null,null,null,null,null,null,null,null,null,null,null,null,null,null,null,null,null,null,null,null,null,null,null,null,null,null,null,null,null,null,null,null,null,null,null,null,null,null,null,null,null,null,null,null,null,null,null,null,null,null,null,null,null,null,null,null,null,null,null,null,null,null,null,null,null,null,null,null,null,null,null,null,null,null,null,null,null,null,null,null,null,null,null,null,null,null,null,null,null,null,null,null,null,null,null,null,null,null,null,null,null,null,null,null,null,null,null,null,null,null,null,null,null,null,null,null,null,null,null,null,null,null,null,null,null,null,null,null,null,null,null,null,null,null,null,null,null,null,null,null,null,null,null,null,null,null,null,null,null,null,null,null,null,null,null,null,null,null,null,null,null,null,"o"]
[183,null,null,null,null,null,null,null,null,null,null,null,null,null,null,null,"o",null,null,null,null,null,null,null,null,null,null,null,null,null,null,null,null,null,null,null,null,null,null,null,null,null,null,null,null,null,null,null,null,null,null,null,null,null,null,null,null,null,null,null,null,null,null,null,null,null,null,null,null,null,null,null,null,null,null,null,null,null,null,null,null,null,null,null,null,null,null,null,null,null,null,null,null,null,null,null,null,null,null,null,null,null,null,null,null,null,null,null,null,null,null,null,null,null,null,null,null,null,null,null,null,null,null,null,null,null,null,null,null,null,null,null,null,null,null,null,null,null,null,null,null,null,null,null,null,null,null,null,null,null,null,null,null,null,null,null,null,null,null,null,null,null,null,null,null,null,null,null,null,null,null,null,null,null,null,null,null,null,null,null,null,null,null,null,null,null,null,null,null,null,null,null,null,null,null,null,null,null,null,null,null,null,null,null,null,null,null,null,null,null,null,null,null,null,null,null,null,null,null,null,null,null,null,null,null,null,null,null,null,null,null,null,null,null,null,null,null,null,null,null,null,null,null,null,null,null,"o"]
[181,null,null,null,null,null,null,null,null,null,null,null,null,null,null,null,null,"o",null,null,null,null,null,null,null,null,null,null,null,null,null,null,null,null,null,null,null,null,null,null,null,null,null,null,null,null,null,null,null,null,null,null,null,null,null,null,null,null,null,null,null,null,null,null,null,null,null,null,null,null,null,null,null,null,null,null,null,null,null,null,null,null,null,null,null,null,null,null,null,null,null,null,null,null,null,null,null,null,null,null,null,null,null,null,null,null,null,null,null,null,null,null,null,null,null,null,null,null,null,null,null,null,null,null,null,null,null,null,null,null,null,null,null,null,null,null,null,null,null,null,null,null,null,null,null,null,null,null,null,null,null,null,null,null,null,null,null,null,null,null,null,null,null,null,null,null,null,null,null,null,null,null,null,null,null,null,null,null,null,null,null,null,null,null,null,null,null,null,null,null,null,null,null,null,null,null,null,null,null,null,null,null,null,null,null,null,null,null,null,null,null,null,null,null,null,null,null,null,null,null,null,null,null,null,null,null,null,null,null,null,null,null,null,null,null,null,null,null,null,null,null,null,null,null,null,"o"]
[179,null,null,null,null,null,null,null,null,null,null,null,null,null,null,null,null,null,"o",null,null,null,null,null,null,null,null,null,null,null,null,null,null,null,null,null,null,null,null,null,null,null,null,null,null,null,null,null,null,null,null,null,null,null,null,null,null,null,null,null,null,null,null,null,null,null,null,null,null,null,null,null,null,null,null,null,null,null,null,null,null,null,null,null,null,null,null,null,null,null,null,null,null,null,null,null,null,null,null,null,null,null,null,null,null,null,null,null,null,null,null,null,null,null,null,null,null,null,null,null,null,null,null,null,null,null,null,null,null,null,null,null,null,null,null,null,null,null,null,null,null,null,null,null,null,null,null,null,null,null,null,null,null,null,null,null,null,null,null,null,null,null,null,null,null,null,null,null,null,null,null,null,null,null,null,null,null,null,null,null,null,null,null,null,null,null,null,null,null,null,null,null,null,null,null,null,null,null,null,null,null,null,null,null,null,null,null,null,null,null,null,null,null,null,null,null,null,null,null,null,null,null,null,null,null,null,null,null,null,null,null,null,null,null,null,null,null,null,null,null,null,null,null,null,"o"]
[177,null,null,null,null,null,null,null,null,null,null,null,null,null,null,null,null,null,null,"o",null,null,null,null,null,null,null,null,null,null,null,null,null,null,null,null,null,null,null,null,null,null,null,null,null,null,null,null,null,null,null,null,null,null,null,null,null,null,null,null,null,null,null,null,null,null,null,null,null,null,null,null,null,null,null,null,null,null,null,null,null,null,null,null,null,null,null,null,null,null,null,null,null,null,null,null,null,null,null,null,null,null,null,null,null,null,null,null,null,null,null,null,null,null,null,null,null,null,null,null,null,null,null,null,null,null,null,null,null,null,null,null,null,null,null,null,null,null,null,null,null,null,null,null,null,null,null,null,null,null,null,null,null,null,null,null,null,null,null,null,null,null,null,null,null,null,null,null,null,null,null,null,null,null,null,null,null,null,null,null,null,null,null,null,null,null,null,null,null,null,null,null,null,null,null,null,null,null,null,null,null,null,null,null,null,null,null,null,null,null,null,null,null,null,null,null,null,null,null,null,null,null,null,null,null,null,null,null,null,null,null,null,null,null,null,null,null,null,null,null,null,null,null,"o"]
[175,null,null,null,null,null,null,null,null,null,null,null,null,null,null,null,null,null,null,null,"o",null,null,null,null,null,null,null,null,null,null,null,null,null,null,null,null,null,null,null,null,null,null,null,null,null,null,null,null,null,null,null,null,null,null,null,null,null,null,null,null,null,null,null,null,null,null,null,null,null,null,null,null,null,null,null,null,null,null,null,null,null,null,null,null,null,null,null,null,null,null,null,null,null,null,null,null,null,null,null,null,null,null,null,null,null,null,null,null,null,null,null,null,null,null,null,null,null,null,null,null,null,null,null,null,null,null,null,null,null,null,null,null,null,null,null,null,null,null,null,null,null,null,null,null,null,null,null,null,null,null,null,null,null,null,null,null,null,null,null,null,null,null,null,null,null,null,null,null,null,null,null,null,null,null,null,null,null,null,null,null,null,null,null,null,null,null,null,null,null,null,null,null,null,null,null,null,null,null,null,null,null,null,null,null,null,null,null,null,null,null,null,null,null,null,null,null,null,null,null,null,null,null,null,null,null,null,null,null,null,null,null,null,null,null,null,null,null,null,null,null,null,"o"]
[173,null,null,null,null,null,null,null,null,null,null,null,null,null,null,null,null,null,null,null,null,"o",null,null,null,null,null,null,null,null,null,null,null,null,null,null,null,null,null,null,null,null,null,null,null,null,null,null,null,null,null,null,null,null,null,null,null,null,null,null,null,null,null,null,null,null,null,null,null,null,null,null,null,null,null,null,null,null,null,null,null,null,null,null,null,null,null,null,null,null,null,null,null,null,null,null,null,null,null,null,null,null,null,null,null,null,null,null,null,null,null,null,null,null,null,null,null,null,null,null,null,null,null,null,null,null,null,null,null,null,null,null,null,null,null,null,null,null,null,null,null,null,null,null,null,null,null,null,null,null,null,null,null,null,null,null,null,null,null,null,null,null,null,null,null,null,null,null,null,null,null,null,null,null,null,null,null,null,null,null,null,null,null,null,null,null,null,null,null,null,null,null,null,null,null,null,null,null,null,null,null,null,null,null,null,null,null,null,null,null,null,null,null,null,null,null,null,null,null,null,null,null,null,null,null,null,null,null,null,null,null,null,null,null,null,null,null,null,null,null,null,"o"]
[171,null,null,null,null,null,null,null,null,null,null,null,null,null,null,null,null,null,null,null,null,null,"o",null,null,null,null,null,null,null,null,null,null,null,null,null,null,null,null,null,null,null,null,null,null,null,null,null,null,null,null,null,null,null,null,null,null,null,null,null,null,null,null,null,null,null,null,null,null,null,null,null,null,null,null,null,null,null,null,null,null,null,null,null,null,null,null,null,null,null,null,null,null,null,null,null,null,null,null,null,null,null,null,null,null,null,null,null,null,null,null,null,null,null,null,null,null,null,null,null,null,null,null,null,null,null,null,null,null,null,null,null,null,null,null,null,null,null,null,null,null,null,null,null,null,null,null,null,null,null,null,null,null,null,null,null,null,null,null,null,null,null,null,null,null,null,null,null,null,null,null,null,null,null,null,null,null,null,null,null,null,null,null,null,null,null,null,null,null,null,null,null,null,null,null,null,null,null,null,null,null,null,null,null,null,null,null,null,null,null,null,null,null,null,null,null,null,null,null,null,null,null,null,null,null,null,null,null,null,null,null,null,null,null,null,null,null,null,null,null,"o"]
[169,null,null,null,null,null,null,null,null,null,null,null,null,null,null,null,null,null,null,null,null,null,null,"o",null,null,null,null,null,null,null,null,null,null,null,null,null,null,null,null,null,null,null,null,null,null,null,null,null,null,null,null,null,null,null,null,null,null,null,null,null,null,null,null,null,null,null,null,null,null,null,null,null,null,null,null,null,null,null,null,null,null,null,null,null,null,null,null,null,null,null,null,null,null,null,null,null,null,null,null,null,null,null,null,null,null,null,null,null,null,null,null,null,null,null,null,null,null,null,null,null,null,null,null,null,null,null,null,null,null,null,null,null,null,null,null,null,null,null,null,null,null,null,null,null,null,null,null,null,null,null,null,null,null,null,null,null,null,null,null,null,null,null,null,null,null,null,null,null,null,null,null,null,null,null,null,null,null,null,null,null,null,null,null,null,null,null,null,null,null,null,null,null,null,null,null,null,null,null,null,null,null,null,null,null,null,null,null,null,null,null,null,null,null,null,null,null,null,null,null,null,null,null,null,null,null,null,null,null,null,null,null,null,null,null,null,null,null,null,"o"]
[167,null,null,null,null,null,null,null,null,null,null,null,null,null,null,null,null,null,null,null,null,null,null,null,"o",null,null,null,null,null,null,null,null,null,null,null,null,null,null,null,null,null,null,null,null,null,null,null,null,null,null,null,null,null,null,null,null,null,null,null,null,null,null,null,null,null,null,null,null,null,null,null,null,null,null,null,null,null,null,null,null,null,null,null,null,null,null,null,null,null,null,null,null,null,null,null,null,null,null,null,null,null,null,null,null,null,null,null,null,null,null,null,null,null,null,null,null,null,null,null,null,null,null,null,null,null,null,null,null,null,null,null,null,null,null,null,null,null,null,null,null,null,null,null,null,null,null,null,null,null,null,null,null,null,null,null,null,null,null,null,null,null,null,null,null,null,null,null,null,null,null,null,null,null,null,null,null,null,null,null,null,null,null,null,null,null,null,null,null,null,null,null,null,null,null,null,null,null,null,null,null,null,null,null,null,null,null,null,null,null,null,null,null,null,null,null,null,null,null,null,null,null,null,null,null,null,null,null,null,null,null,null,null,null,null,null,null,null,"o"]
[165,null,null,null,null,null,null,null,null,null,null,null,null,null,null,null,null,null,null,null,null,null,null,null,null,"o",null,null,null,null,null,null,null,null,null,null,null,null,null,null,null,null,null,null,null,null,null,null,null,null,null,null,null,null,null,null,null,null,null,null,null,null,null,null,null,null,null,null,null,null,null,null,null,null,null,null,null,null,null,null,null,null,null,null,null,null,null,null,null,null,null,null,null,null,null,null,null,null,null,null,null,null,null,null,null,null,null,null,null,null,null,null,null,null,null,null,null,null,null,null,null,null,null,null,null,null,null,null,null,null,null,null,null,null,null,null,null,null,null,null,null,null,null,null,null,null,null,null,null,null,null,null,null,null,null,null,null,null,null,null,null,null,null,null,null,null,null,null,null,null,null,null,null,null,null,null,null,null,null,null,null,null,null,null,null,null,null,null,null,null,null,null,null,null,null,null,null,null,null,null,null,null,null,null,null,null,null,null,null,null,null,null,null,null,null,null,null,null,null,null,null,null,null,null,null,null,null,null,null,null,null,null,null,null,null,null,null,"o"]
[163,null,null,null,null,null,null,null,null,null,null,null,null,null,null,null,null,null,null,null,null,null,null,null,null,null,"o",null,null,null,null,null,null,null,null,null,null,null,null,null,null,null,null,null,null,null,null,null,null,null,null,null,null,null,null,null,null,null,null,null,null,null,null,null,null,null,null,null,null,null,null,null,null,null,null,null,null,null,null,null,null,null,null,null,null,null,null,null,null,null,null,null,null,null,null,null,null,null,null,null,null,null,null,null,null,null,null,null,null,null,null,null,null,null,null,null,null,null,null,null,null,null,null,null,null,null,null,null,null,null,null,null,null,null,null,null,null,null,null,null,null,null,null,null,null,null,null,null,null,null,null,null,null,null,null,null,null,null,null,null,null,null,null,null,null,null,null,null,null,null,null,null,null,null,null,null,null,null,null,null,null,null,null,null,null,null,null,null,null,null,null,null,null,null,null,null,null,null,null,null,null,null,null,null,null,null,null,null,null,null,null,null,null,null,null,null,null,null,null,null,null,null,null,null,null,null,null,null,null,null,null,null,null,null,null,null,"o"]
[161,null,null,null,null,null,null,null,null,null,null,null,null,null,null,null,null,null,null,null,null,null,null,null,null,null,null,"o",null,null,null,null,null,null,null,null,null,null,null,null,null,null,null,null,null,null,null,null,null,null,null,null,null,null,null,null,null,null,null,null,null,null,null,null,null,null,null,null,null,null,null,null,null,null,null,null,null,null,null,null,null,null,null,null,null,null,null,null,null,null,null,null,null,null,null,null,null,null,null,null,null,null,null,null,null,null,null,null,null,null,null,null,null,null,null,null,null,null,null,null,null,null,null,null,null,null,null,null,null,null,null,null,null,null,null,null,null,null,null,null,null,null,null,null,null,null,null,null,null,null,null,null,null,null,null,null,null,null,null,null,null,null,null,null,null,null,null,null,null,null,null,null,null,null,null,null,null,null,null,null,null,null,null,null,null,null,null,null,null,null,null,null,null,null,null,null,null,null,null,null,null,null,null,null,null,null,null,null,null,null,null,null,null,null,null,null,null,null,null,null,null,null,null,null,null,null,null,null,null,null,null,null,null,null,null,"o"]
[159,null,null,null,null,null,null,null,null,null,null,null,null,null,null,null,null,null,null,null,null,null,null,null,null,null,null,null,"o",null,null,null,null,null,null,null,null,null,null,null,null,null,null,null,null,null,null,null,null,null,null,null,null,null,null,null,null,null,null,null,null,null,null,null,null,null,null,null,null,null,null,null,null,null,null,null,null,null,null,null,null,null,null,null,null,null,null,null,null,null,null,null,null,null,null,null,null,null,null,null,null,null,null,null,null,null,null,null,null,null,null,null,null,null,null,null,null,null,null,null,null,null,null,null,null,null,null,null,null,null,null,null,null,null,null,null,null,null,null,null,null,null,null,null,null,null,null,null,null,null,null,null,null,null,null,null,null,null,null,null,null,null,null,null,null,null,null,null,null,null,null,null,null,null,null,null,null,null,null,null,null,null,null,null,null,null,null,null,null,null,null,null,null,null,null,null,null,null,null,null,null,null,null,null,null,null,null,null,null,null,null,null,null,null,null,null,null,null,null,null,null,null,null,null,null,null,null,null,null,null,null,null,null,null,"o"]
[157,null,null,null,null,null,null,null,null,null,null,null,null,null,null,null,null,null,null,null,null,null,null,null,null,null,null,null,null,"o",null,null,null,null,null,null,null,null,null,null,null,null,null,null,null,null,null,null,null,null,null,null,null,null,null,null,null,null,null,null,null,null,null,null,null,null,null,null,null,null,null,null,null,null,null,null,null,null,null,null,null,null,null,null,null,null,null,null,null,null,null,null,null,null,null,null,null,null,null,null,null,null,null,null,null,null,null,null,null,null,null,null,null,null,null,null,null,null,null,null,null,null,null,null,null,null,null,null,null,null,null,null,null,null,null,null,null,null,null,null,null,null,null,null,null,null,null,null,null,null,null,null,null,null,null,null,null,null,null,null,null,null,null,null,null,null,null,null,null,null,null,null,null,null,null,null,null,null,null,null,null,null,null,null,null,null,null,null,null,null,null,null,null,null,null,null,null,null,null,null,null,null,null,null,null,null,null,null,null,null,null,null,null,null,null,null,null,null,null,null,null,null,null,null,null,null,null,null,null,null,null,null,null,"o"]
[155,null,null,null,null,null,null,null,null,null,null,null,null,null,null,null,null,null,null,null,null,null,null,null,null,null,null,null,null,null,"o",null,null,null,null,null,null,null,null,null,null,null,null,null,null,null,null,null,null,null,null,null,null,null,null,null,null,null,null,null,null,null,null,null,null,null,null,null,null,null,null,null,null,null,null,null,null,null,null,null,null,null,null,null,null,null,null,null,null,null,null,null,null,null,null,null,null,null,null,null,null,null,null,null,null,null,null,null,null,null,null,null,null,null,null,null,null,null,null,null,null,null,null,null,null,null,null,null,null,null,null,null,null,null,null,null,null,null,null,null,null,null,null,null,null,null,null,null,null,null,null,null,null,null,null,null,null,null,null,null,null,null,null,null,null,null,null,null,null,null,null,null,null,null,null,null,null,null,null,null,null,null,null,null,null,null,null,null,null,null,null,null,null,null,null,null,null,null,null,null,null,null,null,null,null,null,null,null,null,null,null,null,null,null,null,null,null,null,null,null,null,null,null,null,null,null,null,null,null,null,null,null,"o"]
[153,"o",null,null,null,null,null,null,null,null,null,null,null,null,null,null,null,null,null,null,null,null,null,null,null,null,null,null,null,null,null,"o",null,null,null,null,null,null,null,null,null,null,null,null,null,null,null,null,null,null,null,null,null,null,null,null,null,null,null,null,null,null,null,null,null,null,null,null,null,null,null,null,null,null,null,null,null,null,null,null,null,null,null,null,null,null,null,null,null,null,null,null,null,null,null,null,null,null,null,null,null,null,null,null,null,null,null,null,null,null,null,null,null,null,null,null,null,null,null,null,null,null,null,null,null,null,null,null,null,null,null,null,null,null,null,null,null,null,null,null,null,null,null,null,null,null,null,null,null,null,null,null,null,null,null,null,null,null,null,null,null,null,null,null,null,null,null,null,null,null,null,null,null,null,null,null,null,null,null,null,null,null,null,null,null,null,null,null,null,null,null,null,null,null,null,null,null,null,null,null,null,null,null,null,null,null,null,null,null,null,null,null,null,null,null,null,null,null,null,null,null,null,null,null,null,null,null,null,null,null,null,"o"]
[151,null,null,null,null,null,null,null,null,null,null,null,null,null,null,null,null,null,null,null,null,null,null,null,null,null,null,null,null,null,null,null,"o",null,null,null,null,null,null,null,null,null,null,null,null,null,null,null,null,null,null,null,null,null,null,null,null,null,null,null,null,null,null,null,null,null,null,null,null,null,null,null,null,null,null,null,null,null,null,null,null,null,null,null,null,null,null,null,null,null,null,null,null,null,null,null,null,null,null,null,null,null,null,null,null,null,null,null,null,null,null,null,null,null,null,null,null,null,null,null,null,null,null,null,null,null,null,null,null,null,null,null,null,null,null,null,null,null,null,null,null,null,null,null,null,null,null,null,null,null,null,null,null,null,null,null,null,null,null,null,null,null,null,null,null,null,null,null,null,null,null,null,null,null,null,null,null,null,null,null,null,null,null,null,null,null,null,null,null,null,null,null,null,null,null,null,null,null,null,null,null,null,null,null,null,null,null,null,null,null,null,null,null,null,null,null,null,null,null,null,null,null,null,null,null,null,null,null,null,null,"o"]
[149,null,null,null,null,null,null,null,null,null,null,null,null,null,null,null,null,null,null,null,null,null,null,null,null,null,null,null,null,null,null,null,null,"o",null,null,null,null,null,null,null,null,null,null,null,null,null,null,null,null,null,null,null,null,null,null,null,null,null,null,null,null,null,null,null,null,null,null,null,null,null,null,null,null,null,null,null,null,null,null,null,null,null,null,null,null,null,null,null,null,null,null,null,null,null,null,null,null,null,null,null,null,null,null,null,null,null,null,null,null,null,null,null,null,null,null,null,null,null,null,null,null,null,null,null,null,null,null,null,null,null,null,null,null,null,null,null,null,null,null,null,null,null,null,null,null,null,null,null,null,null,null,null,null,null,null,null,null,null,null,null,null,null,null,null,null,null,null,null,null,null,null,null,null,null,null,null,null,null,null,null,null,null,null,null,null,null,null,null,null,null,null,null,null,null,null,null,null,null,null,null,null,null,null,null,null,null,null,null,null,null,null,null,null,null,null,null,null,null,null,null,null,null,null,null,null,null,null,null,"o"]
[147,null,null,null,null,null,null,null,null,null,null,null,null,null,null,null,null,null,null,null,null,null,null,null,null,null,null,null,null,null,null,null,null,null,"o",null,null,null,null,null,null,null,null,null,null,null,null,null,null,null,null,null,null,null,null,null,null,null,null,null,null,null,null,null,null,null,null,null,null,null,null,null,null,null,null,null,null,null,null,null,null,null,null,null,null,null,null,null,null,null,null,null,null,null,null,null,null,null,null,null,null,null,null,null,null,null,null,null,null,null,null,null,null,null,null,null,null,null,null,null,null,null,null,null,null,null,null,null,null,null,null,null,null,null,null,null,null,null,null,null,null,null,null,null,null,null,null,null,null,null,null,null,null,null,null,null,null,null,null,null,null,null,null,null,null,null,null,null,null,null,null,null,null,null,null,null,null,null,null,null,null,null,null,null,null,null,null,null,null,null,null,null,null,null,null,null,null,null,null,null,null,null,null,null,null,null,null,null,null,null,null,null,null,null,null,null,null,null,null,null,null,null,null,null,null,null,null,null,"o"]
[145,null,null,null,null,null,null,null,null,null,null,null,null,null,null,null,null,null,null,null,null,null,null,null,null,null,null,null,null,null,null,null,null,null,null,"o",null,null,null,null,null,null,null,null,null,null,null,null,null,null,null,null,null,null,null,null,null,null,null,null,null,null,null,null,null,null,null,null,null,null,null,null,null,null,null,null,null,null,null,null,null,null,null,null,null,null,null,null,null,null,null,null,null,null,null,null,null,null,null,null,null,null,null,null,null,null,null,null,null,null,null,null,null,null,null,null,null,null,null,null,null,null,null,null,null,null,null,null,null,null,null,null,null,null,null,null,null,null,null,null,null,null,null,null,null,null,null,null,null,null,null,null,null,null,null,null,null,null,null,null,null,null,null,null,null,null,null,null,null,null,null,null,null,null,null,null,null,null,null,null,null,null,null,null,null,null,null,null,null,null,null,null,null,null,null,null,null,null,null,null,null,null,null,null,null,null,null,null,null,null,null,null,null,null,null,null,null,null,null,null,null,null,null,null,null,null,null,"o"]
[143,null,null,null,null,null,null,null,null,null,null,null,null,null,null,null,null,null,null,null,null,null,null,null,null,null,null,null,null,null,null,null,null,null,null,null,"o",null,null,null,null,null,null,null,null,null,null,null,null,null,null,null,null,null,null,null,null,null,null,null,null,null,null,null,null,null,null,null,null,null,null,null,null,null,null,null,null,null,null,null,null,null,null,null,null,null,null,null,null,null,null,null,null,null,null,null,null,null,null,null,null,null,null,null,null,null,null,null,null,null,null,null,null,null,null,null,null,null,null,null,null,null,null,null,null,null,null,null,null,null,null,null,null,null,null,null,null,null,null,null,null,null,null,null,null,null,null,null,null,null,null,null,null,null,null,null,null,null,null,null,null,null,null,null,null,null,null,null,null,null,null,null,null,null,null,null,null,null,null,null,null,null,null,null,null,null,null,null,null,null,null,null,null,null,null,null,null,null,null,null,null,null,null,null,null,null,null,null,null,null,null,null,null,null,null,null,null,null,null,null,null,null,null,null,null,null,"o"]
[141,null,null,null,null,null,null,null,null,null,null,null,null,null,null,null,null,null,null,null,null,null,null,null,null,null,null,null,null,null,null,null,null,null,null,null,null,"o",null,null,null,null,null,null,null,null,null,null,null,null,null,null,null,null,null,null,null,null,null,null,null,null,null,null,null,null,null,null,null,null,null,null,null,null,null,null,null,null,null,null,null,null,null,null,null,null,null,null,null,null,null,null,null,null,null,null,null,null,null,null,null,null,null,null,null,null,null,null,null,null,null,null,null,null,null,null,null,null,null,null,null,null,null,null,null,null,null,null,null,null,null,null,null,null,null,null,null,null,null,null,null,null,null,null,null,null,null,null,null,null,null,null,null,null,null,null,null,null,null,null,null,null,null,null,null,null,null,null,null,null,null,null,null,null,null,null,null,null,null,null,null,null,null,null,null,null,null,null,null,null,null,null,null,null,null,null,null,null,null,null,null,null,null,null,null,null,null,null,null,null,null,null,null,null,null,null,null,null,null,null,null,null,null,null,null,"o"]
[139,null,null,null,null,null,null,null,null,null,null,null,null,null,null,null,null,null,null,null,null,null,null,null,null,null,null,null,null,null,null,null,null,null,null,null,null,null,"o",null,null,null,null,null,null,null,null,null,null,null,null,null,null,null,null,null,null,null,null,null,null,null,null,null,null,null,null,null,null,null,null,null,null,null,null,null,null,null,null,null,null,null,null,null,null,null,null,null,null,null,null,null,null,null,null,null,null,null,null,null,null,null,null,null,null,null,null,null,null,null,null,null,null,null,null,null,null,null,null,null,null,null,null,null,null,null,null,null,null,null,null,null,null,null,null,null,null,null,null,null,null,null,null,null,null,null,null,null,null,null,null,null,null,null,null,null,null,null,null,null,null,null,null,null,null,null,null,null,null,null,null,null,null,null,null,null,null,null,null,null,null,null,null,null,null,null,null,null,null,null,null,null,null,null,null,null,null,null,null,null,null,null,null,null,null,null,null,null,null,null,null,null,null,null,null,null,null,null,null,null,null,null,null,null,"o"]
[137,null,null,null,null,null,null,null,null,null,null,null,null,null,null,null,null,null,null,null,null,null,null,null,null,null,null,null,null,null,null,null,null,null,null,null,null,null,null,"o",null,null,null,null,null,null,null,null,null,null,null,null,null,null,null,null,null,null,null,null,null,null,null,null,null,null,null,null,null,null,null,null,null,null,null,null,null,null,null,null,null,null,null,null,null,null,null,null,null,null,null,null,null,null,null,null,null,null,null,null,null,null,null,null,null,null,null,null,null,null,null,null,null,null,null,null,null,null,null,null,null,null,null,null,null,null,null,null,null,null,null,null,null,null,null,null,null,null,null,null,null,null,null,null,null,null,null,null,null,null,null,null,null,null,null,null,null,null,null,null,null,null,null,null,null,null,null,null,null,null,null,null,null,null,null,null,null,null,null,null,null,null,null,null,null,null,null,null,null,null,null,null,null,null,null,null,null,null,null,null,null,null,null,null,null,null,null,null,null,null,null,null,null,null,null,null,null,null,null,null,null,null,null,"o"]
[135,null,null,null,null,null,null,null,null,null,null,null,null,null,null,null,null,null,null,null,null,null,null,null,null,null,null,null,null,null,null,null,null,null,null,null,null,null,null,null,"o",null,null,null,null,null,null,null,null,null,null,null,null,null,null,null,null,null,null,null,null,null,null,null,null,null,null,null,null,null,null,null,null,null,null,null,null,null,null,null,null,null,null,null,null,null,null,null,null,null,null,null,null,null,null,null,null,null,null,null,null,null,null,null,null,null,null,null,null,null,null,null,null,null,null,null,null,null,null,null,null,null,null,null,null,null,null,null,null,null,null,null,null,null,null,null,null,null,null,null,null,null,null,null,null,null,null,null,null,null,null,null,null,null,null,null,null,null,null,null,null,null,null,null,null,null,null,null,null,null,null,null,null,null,null,null,null,null,null,null,null,null,null,null,null,null,null,null,null,null,null,null,null,null,null,null,null,null,null,null,null,null,null,null,null,null,null,null,null,null,null,null,null,null,null,null,null,null,null,null,null,null,"o"]
[133,null,null,null,null,null,null,null,null,null,null,null,null,null,null,null,null,null,null,null,null,null,null,null,null,null,null,null,null,null,null,null,null,null,null,null,null,null,null,null,null,"o",null,null,null,null,null,null,null,null,null,null,null,null,null,null,null,null,null,null,null,null,null,null,null,null,null,null,null,null,null,null,null,null,null,null,null,null,null,null,null,null,null,null,null,null,null,null,null,null,null,null,null,null,null,null,null,null,null,null,null,null,null,null,null,null,null,null,null,null,null,null,null,null,null,null,null,null,null,null,null,null,null,null,null,null,null,null,null,null,null,null,null,null,null,null,null,null,null,null,null,null,null,null,null,null,null,null,null,null,null,null,null,null,null,null,null,null,null,null,null,null,null,null,null,null,null,null,null,null,null,null,null,null,null,null,null,null,null,null,null,null,null,null,null,null,null,null,null,null,null,null,null,null,null,null,null,null,null,null,null,null,null,null,null,null,null,null,null,null,null,null,null,null,null,null,null,null,null,null,null,"o"]
[131,null,null,null,null,null,null,null,null,null,null,null,null,null,null,null,null,null,null,null,null,null,null,null,null,null,null,null,null,null,null,null,null,null,null,null,null,null,null,null,null,null,"o",null,null,null,null,null,null,null,null,null,null,null,null,null,null,null,null,null,null,null,null,null,null,null,null,null,null,null,null,null,null,null,null,null,null,null,null,null,null,null,null,null,null,null,null,null,null,null,null,null,null,null,null,null,null,null,null,null,null,null,null,null,null,null,null,null,null,null,null,null,null,null,null,null,null,null,null,null,null,null,null,null,null,null,null,null,null,null,null,null,null,null,null,null,null,null,null,null,null,null,null,null,null,null,null,null,null,null,null,null,null,null,null,null,null,null,null,null,null,null,null,null,null,null,null,null,null,null,null,null,null,null,null,null,null,null,null,null,null,null,null,null,null,null,null,null,null,null,null,null,null,null,null,null,null,null,null,null,null,null,null,null,null,null,null,null,null,null,null,null,null,null,null,null,null,null,null,null,"o"]
[129,null,null,null,null,null,null,null,null,null,null,null,null,null,null,null,null,null,null,null,null,null,null,null,null,null,null,null,null,null,null,null,null,null,null,null,null,null,null,null,null,null,null,"o",null,null,null,null,null,null,null,null,null,null,null,null,null,null,null,null,null,null,null,null,null,null,null,null,null,null,null,null,null,null,null,null,null,null,null,null,null,null,null,null,null,null,null,null,null,null,null,null,null,null,null,null,null,null,null,null,null,null,null,null,null,null,null,null,null,null,null,null,null,null,null,null,null,null,null,null,null,null,null,null,null,null,null,null,null,null,null,null,null,null,null,null,null,null,null,null,null,null,null,null,null,null,null,null,null,null,null,null,null,null,null,null,null,null,null,null,null,null,null,null,null,null,null,null,null,null,null,null,null,null,null,null,null,null,null,null,null,null,null,null,null,null,null,null,null,null,null,null,null,null,null,null,null,null,null,null,null,null,null,null,null,null,null,null,null,null,null,null,null,null,null,null,null,null,null,"o"]
[127,null,null,null,null,null,null,null,null,null,null,null,null,null,null,null,null,null,null,null,null,null,null,null,null,null,null,null,null,null,null,null,null,null,null,null,null,null,null,null,null,null,null,null,"o",null,null,null,null,null,null,null,null,null,null,null,null,null,null,null,null,null,null,null,null,null,null,null,null,null,null,null,null,null,null,null,null,null,null,null,null,null,null,null,null,null,null,null,null,null,null,null,null,null,null,null,null,null,null,null,null,null,null,null,null,null,null,null,null,null,null,null,null,null,null,null,null,null,null,null,null,null,null,null,null,null,null,null,null,null,null,null,null,null,null,null,null,null,null,null,null,null,null,null,null,null,null,null,null,null,null,null,null,null,null,null,null,null,null,null,null,null,null,null,null,null,null,null,null,null,null,null,null,null,null,null,null,null,null,null,null,null,null,null,null,null,null,null,null,null,null,null,null,null,null,null,null,null,null,null,null,null,null,null,null,null,null,null,null,null,null,null,null,null,null,null,null,null,"o"]
[125,null,null,null,null,null,null,null,null,null,null,null,null,null,null,null,null,null,null,null,null,null,null,null,null,null,null,null,null,null,null,null,null,null,null,null,null,null,null,null,null,null,null,null,null,"o",null,null,null,null,null,null,null,null,null,null,null,null,null,null,null,null,null,null,null,null,null,null,null,null,null,null,null,null,null,null,null,null,null,null,null,null,null,null,null,null,null,null,null,null,null,null,null,null,null,null,null,null,null,null,null,null,null,null,null,null,null,null,null,null,null,null,null,null,null,null,null,null,null,null,null,null,null,null,null,null,null,null,null,null,null,null,null,null,null,null,null,null,null,null,null,null,null,null,null,null,null,null,null,null,null,null,null,null,null,null,null,null,null,null,null,null,null,null,null,null,null,null,null,null,null,null,null,null,null,null,null,null,null,null,null,null,null,null,null,null,null,null,null,null,null,null,null,null,null,null,null,null,null,null,null,null,null,null,null,null,null,null,null,null,null,null,null,null,null,null,null,"o"]
[123,null,null,null,null,null,null,null,null,null,null,null,null,null,null,null,null,null,null,null,null,null,null,null,null,null,null,null,null,null,null,null,null,null,null,null,null,null,null,null,null,null,null,null,null,null,"o",null,null,null,null,null,null,null,null,null,null,null,null,null,null,null,null,null,null,null,null,null,null,null,null,null,null,null,null,null,null,null,null,null,null,null,null,null,null,null,null,null,null,null,null,null,null,null,null,null,null,null,null,null,null,null,null,null,null,null,null,null,null,null,null,null,null,null,null,null,null,null,null,null,null,null,null,null,null,null,null,null,null,null,null,null,null,null,null,null,null,null,null,null,null,null,null,null,null,null,null,null,null,null,null,null,null,null,null,null,null,null,null,null,null,null,null,null,null,null,null,null,null,null,null,null,null,null,null,null,null,null,null,null,null,null,null,null,null,null,null,null,null,null,null,null,null,null,null,null,null,null,null,null,null,null,null,null,null,null,null,null,null,null,null,null,null,null,null,null,"o"]
[121,null,null,null,null,null,null,null,null,null,null,null,null,null,null,null,null,null,null,null,null,null,null,null,null,null,null,null,null,null,null,null,null,null,null,null,null,null,null,null,null,null,null,null,null,null,null,"o",null,null,null,null,null,null,null,null,null,null,null,null,null,null,null,null,null,null,null,null,null,null,null,null,null,null,null,null,null,null,null,null,null,null,null,null,null,null,null,null,null,null,null,null,null,null,null,null,null,null,null,null,null,null,null,null,null,null,null,null,null,null,null,null,null,null,null,null,null,null,null,null,null,null,null,null,null,null,null,null,null,null,null,null,null,null,null,null,null,null,null,null,null,null,null,null,null,null,null,null,null,null,null,null,null,null,null,null,null,null,null,null,null,null,null,null,null,null,null,null,null,null,null,null,null,null,null,null,null,null,null,null,null,null,null,null,null,null,null,null,null,null,null,null,null,null,null,null,null,null,null,null,null,null,null,null,null,null,null,null,null,null,null,null,null,null,null,"o"]
[119,null,null,null,null,null,null,null,null,null,null,null,null,null,null,null,null,null,null,null,null,null,null,null,null,null,null,null,null,null,null,null,null,null,null,null,null,null,null,null,null,null,null,null,null,null,null,null,"o",null,null,null,null,null,null,null,null,null,null,null,null,null,null,null,null,null,null,null,null,null,null,null,null,null,null,null,null,null,null,null,null,null,null,null,null,null,null,null,null,null,null,null,null,null,null,null,null,null,null,null,null,null,null,null,null,null,null,null,null,null,null,null,null,null,null,null,null,null,null,null,null,null,null,null,null,null,null,null,null,null,null,null,null,null,null,null,null,null,null,null,null,null,null,null,null,null,null,null,null,null,null,null,null,null,null,null,null,null,null,null,null,null,null,null,null,null,null,null,null,null,null,null,null,null,null,null,null,null,null,null,null,null,null,null,null,null,null,null,null,null,null,null,null,null,null,null,null,null,null,null,null,null,null,null,null,null,null,null,null,null,null,null,null,null,"o"]
[117,null,null,null,null,null,null,null,null,null,null,null,null,null,null,null,null,null,null,null,null,null,null,null,null,null,null,null,null,null,null,null,null,null,null,null,null,null,null,null,null,null,null,null,null,null,null,null,null,"o",null,null,null,null,null,null,null,null,null,null,null,null,null,null,null,null,null,null,null,null,null,null,null,null,null,null,null,null,null,null,null,null,null,null,null,null,null,null,null,null,null,null,null,null,null,null,null,null,null,null,null,null,null,null,null,null,null,null,null,null,null,null,null,null,null,null,null,null,null,null,null,null,null,null,null,null,null,null,null,null,null,null,null,null,null,null,null,null,null,null,null,null,null,null,null,null,null,null,null,null,null,null,null,null,null,null,null,null,null,null,null,null,null,null,null,null,null,null,null,null,null,null,null,null,null,null,null,null,null,null,null,null,null,null,null,null,null,null,null,null,null,null,null,null,null,null,null,null,null,null,null,null,null,null,null,null,null,null,null,null,null,null,null,"o"]
[115,null,null,null,null,null,null,null,null,null,null,null,null,null,null,null,null,null,null,null,null,null,null,null,null,null,null,null,null,null,null,null,null,null,null,null,null,null,null,null,null,null,null,null,null,null,null,null,null,null,"o",null,null,null,null,null,null,null,null,null,null,null,null,null,null,null,null,null,null,null,null,null,null,null,null,null,null,null,null,null,null,null,null,null,null,null,null,null,null,null,null,null,null,null,null,null,null,null,null,null,null,null,null,null,null,null,null,null,null,null,null,null,null,null,null,null,null,null,null,null,null,null,null,null,null,null,null,null,null,null,null,null,null,null,null,null,null,null,null,null,null,null,null,null,null,null,null,null,null,null,null,null,null,null,null,null,null,null,null,null,null,null,null,null,null,null,null,null,null,null,null,null,null,null,null,null,null,null,null,null,null,null,null,null,null,null,null,null,null,null,null,null,null,null,null,null,null,null,null,null,null,null,null,null,null,null,null,null,null,null,null,null,"o"]
[113,null,null,null,null,null,null,null,null,null,null,null,null,null,null,null,null,null,null,null,null,null,null,null,null,null,null,null,null,null,null,null,null,null,null,null,null,null,null,null,null,null,null,null,null,null,null,null,null,null,null,"o",null,null,null,null,null,null,null,null,null,null,null,null,null,null,null,null,null,null,null,null,null,null,null,null,null,null,null,null,null,null,null,null,null,null,null,null,null,null,null,null,null,null,null,null,null,null,null,null,null,null,null,null,null,null,null,null,null,null,null,null,null,null,null,null,null,null,null,null,null,null,null,null,null,null,null,null,null,null,null,null,null,null,null,null,null,null,null,null,null,null,null,null,null,null,null,null,null,null,null,null,null,null,null,null,null,null,null,null,null,null,null,null,null,null,null,null,null,null,null,null,null,null,null,null,null,null,null,null,null,null,null,null,null,null,null,null,null,null,null,null,null,null,null,null,null,null,null,null,null,null,null,null,null,null,null,null,null,null,null,"o"]
[111,null,null,null,null,null,null,null,null,null,null,null,null,null,null,null,null,null,null,null,null,null,null,null,null,null,null,null,null,null,null,null,null,null,null,null,null,null,null,null,null,null,null,null,null,null,null,null,null,null,null,null,"o",null,null,null,null,null,null,null,null,null,null,null,null,null,null,null,null,null,null,null,null,null,null,null,null,null,null,null,null,null,null,null,null,null,null,null,null,null,null,null,null,null,null,null,null,null,null,null,null,null,null,null,null,null,null,null,null,null,null,null,null,null,null,null,null,null,null,null,null,null,null,null,null,null,null,null,null,null,null,null,null,null,null,null,null,null,null,null,null,null,null,null,null,null,null,null,null,null,null,null,null,null,null,null,null,null,null,null,null,null,null,null,null,null,null,null,null,null,null,null,null,null,null,null,null,null,null,null,null,null,null,null,null,null,null,null,null,null,null,null,null,null,null,null,null,null,null,null,null,null,null,null,null,null,null,null,null,null,"o"]
[109,null,null,null,null,null,null,null,null,null,null,null,null,null,null,null,null,null,null,null,null,null,null,null,null,null,null,null,null,null,null,null,null,null,null,null,null,null,null,null,null,null,null,null,null,null,null,null,null,null,null,null,null,"o",null,null,null,null,null,null,null,null,null,null,null,null,null,null,null,null,null,null,null,null,null,null,null,null,null,null,null,null,null,null,null,null,null,null,null,null,null,null,null,null,null,null,null,null,null,null,null,null,null,null,null,null,null,null,null,null,null,null,null,null,null,null,null,null,null,null,null,null,null,null,null,null,null,null,null,null,null,null,null,null,null,null,null,null,null,null,null,null,null,null,null,null,null,null,null,null,null,null,null,null,null,null,null,null,null,null,null,null,null,null,null,null,null,null,null,null,null,null,null,null,null,null,null,null,null,null,null,null,null,null,null,null,null,null,null,null,null,null,null,null,null,null,null,null,null,null,null,null,null,null,null,null,null,null,null,"o"]
[107,null,null,null,null,null,null,null,null,null,null,null,null,null,null,null,null,null,null,null,null,null,null,null,null,null,null,null,null,null,null,null,null,null,null,null,null,null,null,null,null,null,null,null,null,null,null,null,null,null,null,null,null,null,"o",null,null,null,null,null,null,null,null,null,null,null,null,null,null,null,null,null,null,null,null,null,null,null,null,null,null,null,null,null,null,null,null,null,null,null,null,null,null,null,null,null,null,null,null,null,null,null,null,null,null,null,null,null,null,null,null,null,null,null,null,null,null,null,null,null,null,null,null,null,null,null,null,null,null,null,null,null,null,null,null,null,null,null,null,null,null,null,null,null,null,null,null,null,null,null,null,null,null,null,null,null,null,null,null,null,null,null,null,null,null,null,null,null,null,null,null,null,null,null,null,null,null,null,null,null,null,null,null,null,null,null,null,null,null,null,null,null,null,null,null,null,null,null,null,null,null,null,null,null,null,null,null,null,"o"]
[105,null,null,null,null,null,null,null,null,null,null,null,null,null,null,null,null,null,null,null,null,null,null,null,null,null,null,null,null,null,null,null,null,null,null,null,null,null,null,null,null,null,null,null,null,null,null,null,null,null,null,null,null,null,null,"o",null,null,null,null,null,null,null,null,null,null,null,null,null,null,null,null,null,null,null,null,null,null,null,null,null,null,null,null,null,null,null,null,null,null,null,null,null,null,null,null,null,null,null,null,null,null,null,null,null,null,null,null,null,null,null,null,null,null,null,null,null,null,null,null,null,null,null,null,null,null,null,null,null,null,null,null,null,null,null,null,null,null,null,null,null,null,null,null,null,null,null,null,null,null,null,null,null,null,null,null,null,null,null,null,null,null,null,null,null,null,null,null,null,null,null,null,null,null,null,null,null,null,null,null,null,null,null,null,null,null,null,null,null,null,null,null,null,null,null,null,null,null,null,null,null,null,null,null,null,null,null,"o"]
[103,null,null,null,null,null,null,null,null,null,null,null,null,null,null,null,null,null,null,null,null,null,null,null,null,null,null,null,null,null,null,null,null,null,null,null,null,null,null,null,null,null,null,null,null,null,null,null,null,null,null,null,null,null,null,null,"o",null,null,null,null,null,null,null,null,null,null,null,null,null,null,null,null,null,null,null,null,null,null,null,null,null,null,null,null,null,null,null,null,null,null,null,null,null,null,null,null,null,null,null,null,null,null,null,null,null,null,null,null,null,null,null,null,null,null,null,null,null,null,null,null,null,null,null,null,null,null,null,null,null,null,null,null,null,null,null,null,null,null,null,null,null,null,null,null,null,null,null,null,null,null,null,null,null,null,null,null,null,null,null,null,null,null,null,null,null,null,null,null,null,null,null,null,null,null,null,null,null,null,null,null,null,null,null,null,null,null,null,null,null,null,null,null,null,null,null,null,null,null,null,null,null,null,null,null,null,"o"]
[101,null,null,null,null,null,null,null,null,null,null,null,null,null,null,null,null,null,null,null,null,null,null,null,null,null,null,null,null,null,null,null,null,null,null,null,null,null,null,null,null,null,null,null,null,null,null,null,null,null,null,null,null,null,null,null,null,"o",null,null,null,null,null,null,null,null,null,null,null,null,null,null,null,null,null,null,null,null,null,null,null,null,null,null,null,null,null,null,null,null,null,null,null,null,null,null,null,null,null,null,null,null,null,null,null,null,null,null,null,null,null,null,null,null,null,null,null,null,null,null,null,null,null,null,null,null,null,null,null,null,null,null,null,null,null,null,null,null,null,null,null,null,null,null,null,null,null,null,null,null,null,null,null,null,null,null,null,null,null,null,null,null,null,null,null,null,null,null,null,null,null,null,null,null,null,null,null,null,null,null,null,null,null,null,null,null,null,null,null,null,null,null,null,null,null,null,null,null,null,null,null,null,null,null,null,"o"]
[99,null,null,null,null,null,null,null,null,null,null,null,null,null,null,null,null,null,null,null,null,null,null,null,null,null,null,null,null,null,null,null,null,null,null,null,null,null,null,null,null,null,null,null,null,null,null,null,null,null,null,null,null,null,null,null,null,null,"o",null,null,null,null,null,null,null,null,null,null,null,null,null,null,null,null,null,null,null,null,null,null,null,null,null,null,null,null,null,null,null,null,null,null,null,null,null,null,null,null,null,null,null,null,null,null,null,null,null,null,null,null,null,null,null,null,null,null,null,null,null,null,null,null,null,null,null,null,null,null,null,null,null,null,null,null,null,null,null,null,null,null,null,null,null,null,null,null,null,null,null,null,null,null,null,null,null,null,null,null,null,null,null,null,null,null,null,null,null,null,null,null,null,null,null,null,null,null,null,null,null,null,null,null,null,null,null,null,null,null,null,null,null,null,null,null,null,null,null,null,null,null,null,null,null,"o"]
[97,null,null,null,null,null,null,null,null,null,null,null,null,null,null,null,null,null,null,null,null,null,null,null,null,null,null,null,null,null,null,null,null,null,null,null,null,null,null,null,null,null,null,null,null,null,null,null,null,null,null,null,null,null,null,null,null,null,null,"o",null,null,null,null,null,null,null,null,null,null,null,null,null,null,null,null,null,null,null,null,null,null,null,null,null,null,null,null,null,null,null,null,null,null,null,null,null,null,null,null,null,null,null,null,null,null,null,null,null,null,null,null,null,null,null,null,null,null,null,null,null,null,null,null,null,null,null,null,null,null,null,null,null,null,null,null,null,null,null,null,null,null,null,null,null,null,null,null,null,null,null,null,null,null,null,null,null,null,null,null,null,null,null,null,null,null,null,null,null,null,null,null,null,null,null,null,null,null,null,null,null,null,null,null,null,null,null,null,null,null,null,null,null,null,null,null,null,null,null,null,null,null,null,"o"]
[95,null,null,null,null,null,null,null,null,null,null,null,null,null,null,null,null,null,null,null,null,null,null,null,null,null,null,null,null,null,null,null,null,null,null,null,null,null,null,null,null,null,null,null,null,null,null,null,null,null,null,null,null,null,null,null,null,null,null,null,"o",null,null,null,null,null,null,null,null,null,null,null,null,null,null,null,null,null,null,null,null,null,null,null,null,null,null,null,null,null,null,null,null,null,null,null,null,null,null,null,null,null,null,null,null,null,null,null,null,null,null,null,null,null,null,null,null,null,null,null,null,null,null,null,null,null,null,null,null,null,null,null,null,null,null,null,null,null,null,null,null,null,null,null,null,null,null,null,null,null,null,null,null,null,null,null,null,null,null,null,null,null,null,null,null,null,null,null,null,null,null,null,null,null,null,null,null,null,null,null,null,null,null,null,null,null,null,null,null,null,null,null,null,null,null,null,null,null,null,null,null,null,"o"]
[93,null,null,null,null,null,null,null,null,null,null,null,null,null,null,null,null,null,null,null,null,null,null,null,null,null,null,null,null,null,null,null,null,null,null,null,null,null,null,null,null,null,null,null,null,null,null,null,null,null,null,null,null,null,null,null,null,null,null,null,null,"o",null,null,null,null,null,null,null,null,null,null,null,null,null,null,null,null,null,null,null,null,null,null,null,null,null,null,null,null,null,null,null,null,null,null,null,null,null,null,null,null,null,null,null,null,null,null,null,null,null,null,null,null,null,null,null,null,null,null,null,null,null,null,null,null,null,null,null,null,null,null,null,null,null,null,null,null,null,null,null,null,null,null,null,null,null,null,null,null,null,null,null,null,null,null,null,null,null,null,null,null,null,null,null,null,null,null,null,null,null,null,null,null,null,null,null,null,null,null,null,null,null,null,null,null,null,null,null,null,null,null,null,null,null,null,null,null,null,null,null,"o"]
[91,null,null,null,null,null,null,null,null,null,null,null,null,null,null,null,null,null,null,null,null,null,null,null,null,null,null,null,null,null,null,null,null,null,null,null,null,null,null,null,null,null,null,null,null,null,null,null,null,null,null,null,null,null,null,null,null,null,null,null,null,null,"o",null,null,null,null,null,null,null,null,null,null,null,null,null,null,null,null,null,null,null,null,null,null,null,null,null,null,null,null,null,null,null,null,null,null,null,null,null,null,null,null,null,null,null,null,null,null,null,null,null,null,null,null,null,null,null,null,null,null,null,null,null,null,null,null,null,null,null,null,null,null,null,null,null,null,null,null,null,null,null,null,null,null,null,null,null,null,null,null,null,null,null,null,null,null,null,null,null,null,null,null,null,null,null,null,null,null,null,null,null,null,null,null,null,null,null,null,null,null,null,null,null,null,null,null,null,null,null,null,null,null,null,null,null,null,null,null,null,"o"]
[89,null,null,null,null,null,null,null,null,null,null,null,null,null,null,null,null,null,null,null,null,null,null,null,null,null,null,null,null,null,null,null,null,null,null,null,null,null,null,null,null,null,null,null,null,null,null,null,null,null,null,null,null,null,null,null,null,null,null,null,null,null,null,"o",null,null,null,null,null,null,null,null,null,null,null,null,null,null,null,null,null,null,null,null,null,null,null,null,null,null,null,null,null,null,null,null,null,null,null,null,null,null,null,null,null,null,null,null,null,null,null,null,null,null,null,null,null,null,null,null,null,null,null,null,null,null,null,null,null,null,null,null,null,null,null,null,null,null,null,null,null,null,null,null,null,null,null,null,null,null,null,null,null,null,null,null,null,null,null,null,null,null,null,null,null,null,null,null,null,null,null,null,null,null,null,null,null,null,null,null,null,null,null,null,null,null,null,null,null,null,null,null,null,null,null,null,null,null,null,"o"]
[87,null,null,null,null,null,null,null,null,null,null,null,null,null,null,null,null,null,null,null,null,null,null,null,null,null,null,null,null,null,null,null,null,null,null,null,null,null,null,null,null,null,null,null,null,null,null,null,null,null,null,null,null,null,null,null,null,null,null,null,null,null,null,null,"o",null,null,null,null,null,null,null,null,null,null,null,null,null,null,null,null,null,null,null,null,null,null,null,null,null,null,null,null,null,null,null,null,null,null,null,null,null,null,null,null,null,null,null,null,null,null,null,null,null,null,null,null,null,null,null,null,null,null,null,null,null,null,null,null,null,null,null,null,null,null,null,null,null,null,null,null,null,null,null,null,null,null,null,null,null,null,null,null,null,null,null,null,null,null,null,null,null,null,null,null,null,null,null,null,null,null,null,null,null,null,null,null,null,null,null,null,null,null,null,null,null,null,null,null,null,null,null,null,null,null,null,null,null,"o"]
[85,null,null,null,null,null,null,null,null,null,null,null,null,null,null,null,null,null,null,null,null,null,null,null,null,null,null,null,null,null,null,null,null,null,null,null,null,null,null,null,null,null,null,null,null,null,null,null,null,null,null,null,null,null,null,null,null,null,null,null,null,null,null,null,null,"o",null,null,null,null,null,null,null,null,null,null,null,null,null,null,null,null,null,null,null,null,null,null,null,null,null,null,null,null,null,null,null,null,null,null,null,null,null,null,null,null,null,null,null,null,null,null,null,null,null,null,null,null,null,null,null,null,null,null,null,null,null,null,null,null,null,null,null,null,null,null,null,null,null,null,null,null,null,null,null,null,null,null,null,null,null,null,null,null,null,null,null,null,null,null,null,null,null,null,null,null,null,null,null,null,null,null,null,null,null,null,null,null,null,null,null,null,null,null,null,null,null,null,null,null,null,null,null,null,null,null,null,"o"]
[83,null,null,null,null,null,null,null,null,null,null,null,null,null,null,null,null,null,null,null,null,null,null,null,null,null,null,null,null,null,null,null,null,null,null,null,null,null,null,null,null,null,null,null,null,null,null,null,null,null,null,null,null,null,null,null,null,null,null,null,null,null,null,null,null,null,"o",null,null,null,null,null,null,null,null,null,null,null,null,null,null,null,null,null,null,null,null,null,null,null,null,null,null,null,null,null,null,null,null,null,null,null,null,null,null,null,null,null,null,null,null,null,null,null,null,null,null,null,null,null,null,null,null,null,null,null,null,null,null,null,null,null,null,null,null,null,null,null,null,null,null,null,null,null,null,null,null,null,null,null,null,null,null,null,null,null,null,null,null,null,null,null,null,null,null,null,null,null,null,null,null,null,null,null,null,null,null,null,null,null,null,null,null,null,null,null,null,null,null,null,null,null,null,null,null,null,"o"]
[81,null,null,null,null,null,null,null,null,null,null,null,null,null,null,null,null,null,null,null,null,null,null,null,null,null,null,null,null,null,null,null,null,null,null,null,null,null,null,null,null,null,null,null,null,null,null,null,null,null,null,null,null,null,null,null,null,null,null,null,null,null,null,null,null,null,null,"o",null,null,null,null,null,null,null,null,null,null,null,null,null,null,null,null,null,null,null,null,null,null,null,null,null,null,null,null,null,null,null,null,null,null,null,null,null,null,null,null,null,null,null,null,null,null,null,null,null,null,null,null,null,null,null,null,null,null,null,null,null,null,null,null,null,null,null,null,null,null,null,null,null,null,null,null,null,null,null,null,null,null,null,null,null,null,null,null,null,null,null,null,null,null,null,null,null,null,null,null,null,null,null,null,null,null,null,null,null,null,null,null,null,null,null,null,null,null,null,null,null,null,null,null,null,null,null,"o"]
[79,null,null,null,null,null,null,null,null,null,null,null,null,null,null,null,null,null,null,null,null,null,null,null,null,null,null,null,null,null,null,null,null,null,null,null,null,null,null,null,null,null,null,null,null,null,null,null,null,null,null,null,null,null,null,null,null,null,null,null,null,null,null,null,null,null,null,null,"o",null,null,null,null,null,null,null,null,null,null,null,null,null,null,null,null,null,null,null,null,null,null,null,null,null,null,null,null,null,null,null,null,null,null,null,null,null,null,null,null,null,null,null,null,null,null,null,null,null,null,null,null,null,null,null,null,null,null,null,null,null,null,null,null,null,null,null,null,null,null,null,null,null,null,null,null,null,null,null,null,null,null,null,null,null,null,null,null,null,null,null,null,null,null,null,null,null,null,null,null,null,null,null,null,null,null,null,null,null,null,null,null,null,null,null,null,null,null,null,null,null,null,null,null,null,"o"]
[77,null,null,null,null,null,null,null,null,null,null,null,null,null,null,null,null,null,null,null,null,null,null,null,null,null,null,null,null,null,null,null,null,null,null,null,null,null,null,null,null,null,null,null,null,null,null,null,null,null,null,null,null,null,null,null,null,null,null,null,null,null,null,null,null,null,null,null,null,"o",null,null,null,null,null,null,null,null,null,null,null,null,null,null,null,null,null,null,null,null,null,null,null,null,null,null,null,null,null,null,null,null,null,null,null,null,null,null,null,null,null,null,null,null,null,null,null,null,null,null,null,null,null,null,null,null,null,null,null,null,null,null,null,null,null,null,null,null,null,null,null,null,null,null,null,null,null,null,null,null,null,null,null,null,null,null,null,null,null,null,null,null,null,null,null,null,null,null,null,null,null,null,null,null,null,null,null,null,null,null,null,null,null,null,null,null,null,null,null,null,null,null,null,"o"]
[75,null,null,null,null,null,null,null,null,null,null,null,null,null,null,null,null,null,null,null,null,null,null,null,null,null,null,null,null,null,null,null,null,null,null,null,null,null,null,null,null,null,null,null,null,null,null,null,null,null,null,null,null,null,null,null,null,null,null,null,null,null,null,null,null,null,null,null,null,null,"o",null,null,null,null,null,null,null,null,null,null,null,null,null,null,null,null,null,null,null,null,null,null,null,null,null,null,null,null,null,null,null,null,null,null,null,null,null,null,null,null,null,null,null,null,null,null,null,null,null,null,null,null,null,null,null,null,null,null,null,null,null,null,null,null,null,null,null,null,null,null,null,null,null,null,null,null,null,null,null,null,null,null,null,null,null,null,null,null,null,null,null,null,null,null,null,null,null,null,null,null,null,null,null,null,null,null,null,null,null,null,null,null,null,null,null,null,null,null,null,null,null,"o"]
[73,null,null,null,null,null,null,null,null,null,null,null,null,null,null,null,null,null,null,null,null,null,null,null,null,null,null,null,null,null,null,null,null,null,null,null,null,null,null,null,null,null,null,null,null,null,null,null,null,null,null,null,null,null,null,null,null,null,null,null,null,null,null,null,null,null,null,null,null,null,null,"o",null,null,null,null,null,null,null,null,null,null,null,null,null,null,null,null,null,null,null,null,null,null,null,null,null,null,null,null,null,null,null,null,null,null,null,null,null,null,null,null,null,null,null,null,null,null,null,null,null,null,null,null,null,null,null,null,null,null,null,null,null,null,null,null,null,null,null,null,null,null,null,null,null,null,null,null,null,null,null,null,null,null,null,null,null,null,null,null,null,null,null,null,null,null,null,null,null,null,null,null,null,null,null,null,null,null,null,null,null,null,null,null,null,null,null,null,null,null,null,"o"]
[71,null,null,null,null,null,null,null,null,null,null,null,null,null,null,null,null,null,null,null,null,null,null,null,null,null,null,null,null,null,null,null,null,null,null,null,null,null,null,null,null,null,null,null,null,null,null,null,null,null,null,null,null,null,null,null,null,null,null,null,null,null,null,null,null,null,null,null,null,null,null,null,"o",null,null,null,null,null,null,null,null,null,null,null,null,null,null,null,null,null,null,null,null,null,null,null,null,null,null,null,null,null,null,null,null,null,null,null,null,null,null,null,null,null,null,null,null,null,null,null,null,null,null,null,null,null,null,null,null,null,null,null,null,null,null,null,null,null,null,null,null,null,null,null,null,null,null,null,null,null,null,null,null,null,null,null,null,null,null,null,null,null,null,null,null,null,null,null,null,null,null,null,null,null,null,null,null,null,null,null,null,null,null,null,null,null,null,null,null,null,"o"]
[69,null,null,null,null,null,null,null,null,null,null,null,null,null,null,null,null,null,null,null,null,null,null,null,null,null,null,null,null,null,null,null,null,null,null,null,null,null,null,null,null,null,null,null,null,null,null,null,null,null,null,null,null,null,null,null,null,null,null,null,null,null,null,null,null,null,null,null,null,null,null,null,null,"o",null,null,null,null,null,null,null,null,null,null,null,null,null,null,null,null,null,null,null,null,null,null,null,null,null,null,null,null,null,null,null,null,null,null,null,null,null,null,null,null,null,null,null,null,null,null,null,null,null,null,null,null,null,null,null,null,null,null,null,null,null,null,null,null,null,null,null,null,null,null,null,null,null,null,null,null,null,null,null,null,null,null,null,null,null,null,null,null,null,null,null,null,null,null,null,null,null,null,null,null,null,null,null,null,null,null,null,null,null,null,null,null,null,null,null,"o"]
[67,null,null,null,null,null,null,null,null,null,null,null,null,null,null,null,null,null,null,null,null,null,null,null,null,null,null,null,null,null,null,null,null,null,null,null,null,null,null,null,null,null,null,null,null,null,null,null,null,null,null,null,null,null,null,null,null,null,null,null,null,null,null,null,null,null,null,null,null,null,null,null,null,null,"o",null,null,null,null,null,null,null,null,null,null,null,null,null,null,null,null,null,null,null,null,null,null,null,null,null,null,null,null,null,null,null,null,null,null,null,null,null,null,null,null,null,null,null,null,null,null,null,null,null,null,null,null,null,null,null,null,null,null,null,null,null,null,null,null,null,null,null,null,null,null,null,null,null,null,null,null,null,null,null,null,null,null,null,null,null,null,null,null,null,null,null,null,null,null,null,null,null,null,null,null,null,null,null,null,null,null,null,null,null,null,null,null,null,"o"]
[65,null,null,null,null,null,null,null,null,null,null,null,null,null,null,null,null,null,null,null,null,null,null,null,null,null,null,null,null,null,null,null,null,null,null,null,null,null,null,null,null,null,null,null,null,null,null,null,null,null,null,null,null,null,null,null,null,null,null,null,null,null,null,null,null,null,null,null,null,null,null,null,null,null,null,"o",null,null,null,null,null,null,null,null,null,null,null,null,null,null,null,null,null,null,null,null,null,null,null,null,null,null,null,null,null,null,null,null,null,null,null,null,null,null,null,null,null,null,null,null,null,null,null,null,null,null,null,null,null,null,null,null,null,null,null,null,null,null,null,null,null,null,null,null,null,null,null,null,null,null,null,null,null,null,null,null,null,null,null,null,null,null,null,null,null,null,null,null,null,null,null,null,null,null,null,null,null,null,null,null,null,null,null,null,null,null,null,"o"]
[63,null,null,null,null,null,null,null,null,null,null,null,null,null,null,null,null,null,null,null,null,null,null,null,null,null,null,null,null,null,null,null,null,null,null,null,null,null,null,null,null,null,null,null,null,null,null,null,null,null,null,null,null,null,null,null,null,null,null,null,null,null,null,null,null,null,null,null,null,null,null,null,null,null,null,null,"o",null,null,null,null,null,null,null,null,null,null,null,null,null,null,null,null,null,null,null,null,null,null,null,null,null,null,null,null,null,null,null,null,null,null,null,null,null,null,null,null,null,null,null,null,null,null,null,null,null,null,null,null,null,null,null,null,null,null,null,null,null,null,null,null,null,null,null,null,null,null,null,null,null,null,null,null,null,null,null,null,null,null,null,null,null,null,null,null,null,null,null,null,null,null,null,null,null,null,null,null,null,null,null,null,null,null,null,null,null,"o"]
[61,null,null,null,null,null,null,null,null,null,null,null,null,null,null,null,null,null,null,null,null,null,null,null,null,null,null,null,null,null,null,null,null,null,null,null,null,null,null,null,null,null,null,null,null,null,null,null,null,null,null,null,null,null,null,null,null,null,null,null,null,null,null,null,null,null,null,null,null,null,null,null,null,null,null,null,null,"o",null,null,null,null,null,null,null,null,null,null,null,null,null,null,null,null,null,null,null,null,null,null,null,null,null,null,null,null,null,null,null,null,null,null,null,null,null,null,null,null,null,null,null,null,null,null,null,null,null,null,null,null,null,null,null,null,null,null,null,null,null,null,null,null,null,null,null,null,null,null,null,null,null,null,null,null,null,null,null,null,null,null,null,null,null,null,null,null,null,null,null,null,null,null,null,null,null,null,null,null,null,null,null,null,null,null,null,"o"]
[59,null,null,null,null,null,null,null,null,null,null,null,null,null,null,null,null,null,null,null,null,null,null,null,null,null,null,null,null,null,null,null,null,null,null,null,null,null,null,null,null,null,null,null,null,null,null,null,null,null,null,null,null,null,null,null,null,null,null,null,null,null,null,null,null,null,null,null,null,null,null,null,null,null,null,null,null,null,"o",null,null,null,null,null,null,null,null,null,null,null,null,null,null,null,null,null,null,null,null,null,null,null,null,null,null,null,null,null,null,null,null,null,null,null,null,null,null,null,null,null,null,null,null,null,null,null,null,null,null,null,null,null,null,null,null,null,null,null,null,null,null,null,null,null,null,null,null,null,null,null,null,null,null,null,null,null,null,null,null,null,null,null,null,null,null,null,null,null,null,null,null,null,null,null,null,null,null,null,null,null,null,null,null,null,"o"]
[57,null,null,null,null,null,null,null,null,null,null,null,null,null,null,null,null,null,null,null,null,null,null,null,null,null,null,null,null,null,null,null,null,null,null,null,null,null,null,null,null,null,null,null,null,null,null,null,null,null,null,null,null,null,null,null,null,null,null,null,null,null,null,null,null,null,null,null,null,null,null,null,null,null,null,null,null,null,null,"o",null,null,null,null,null,null,null,null,null,null,null,null,null,null,null,null,null,null,null,null,null,null,null,null,null,null,null,null,null,null,null,null,null,null,null,null,null,null,null,null,null,null,null,null,null,null,null,null,null,null,null,null,null,null,null,null,null,null,null,null,null,null,null,null,null,null,null,null,null,null,null,null,null,null,null,null,null,null,null,null,null,null,null,null,null,null,null,null,null,null,null,null,null,null,null,null,null,null,null,null,null,null,null,"o"]
[55,null,null,null,null,null,null,null,null,null,null,null,null,null,null,null,null,null,null,null,null,null,null,null,null,null,null,null,null,null,null,null,null,null,null,null,null,null,null,null,null,null,null,null,null,null,null,null,null,null,null,null,null,null,null,null,null,null,null,null,null,null,null,null,null,null,null,null,null,null,null,null,null,null,null,null,null,null,null,null,"o",null,null,null,null,null,null,null,null,null,null,null,null,null,null,null,null,null,null,null,null,null,null,null,null,null,null,null,null,null,null,null,null,null,null,null,null,null,null,null,null,null,null,null,null,null,null,null,null,null,null,null,null,null,null,null,null,null,null,null,null,null,null,null,null,null,null,null,null,null,null,null,null,null,null,null,null,null,null,null,null,null,null,null,null,null,null,null,null,null,null,null,null,null,null,null,null,null,null,null,null,null,"o"]
[53,null,null,null,null,null,null,null,null,null,null,null,null,null,null,null,null,null,null,null,null,null,null,null,null,null,null,null,null,null,null,null,null,null,null,null,null,null,null,null,null,null,null,null,null,null,null,null,null,null,null,null,null,null,null,null,null,null,null,null,null,null,null,null,null,null,null,null,null,null,null,null,null,null,null,null,null,null,null,null,null,"o",null,null,null,null,null,null,null,null,null,null,null,null,null,null,null,null,null,null,null,null,null,null,null,null,null,null,null,null,null,null,null,null,null,null,null,null,null,null,null,null,null,null,null,null,null,null,null,null,null,null,null,null,null,null,null,null,null,null,null,null,null,null,null,null,null,null,null,null,null,null,null,null,null,null,null,null,null,null,null,null,null,null,null,null,null,null,null,null,null,null,null,null,null,null,null,null,null,null,null,"o"]
[51,null,null,null,null,null,null,null,null,null,null,null,null,null,null,null,null,null,null,null,null,null,null,null,null,null,null,null,null,null,null,null,null,null,null,null,null,null,null,null,null,null,null,null,null,null,null,null,null,null,null,null,null,null,null,null,null,null,null,null,null,null,null,null,null,null,null,null,null,null,null,null,null,null,null,null,null,null,null,null,null,null,"o",null,null,null,null,null,null,null,null,null,null,null,null,null,null,null,null,null,null,null,null,null,null,null,null,null,null,null,null,null,null,null,null,null,null,null,null,null,null,null,null,null,null,null,null,null,null,null,null,null,null,null,null,null,null,null,null,null,null,null,null,null,null,null,null,null,null,null,null,null,null,null,null,null,null,null,null,null,null,null,null,null,null,null,null,null,null,null,null,null,null,null,null,null,null,null,null,null,"o"]
[49,null,null,null,null,null,null,null,null,null,null,null,null,null,null,null,null,null,null,null,null,null,null,null,null,null,null,null,null,null,null,null,null,null,null,null,null,null,null,null,null,null,null,null,null,null,null,null,null,null,null,null,null,null,null,null,null,null,null,null,null,null,null,null,null,null,null,null,null,null,null,null,null,null,null,null,null,null,null,null,null,null,null,"o",null,null,null,null,null,null,null,null,null,null,null,null,null,null,null,null,null,null,null,null,null,null,null,null,null,null,null,null,null,null,null,null,null,null,null,null,null,null,null,null,null,null,null,null,null,null,null,null,null,null,null,null,null,null,null,null,null,null,null,null,null,null,null,null,null,null,null,null,null,null,null,null,null,null,null,null,null,null,null,null,null,null,null,null,null,null,null,null,null,null,null,null,null,null,null,"o"]
[47,null,null,null,null,null,null,null,null,null,null,null,null,null,null,null,null,null,null,null,null,null,null,null,null,null,null,null,null,null,null,null,null,null,null,null,null,null,null,null,null,null,null,null,null,null,null,null,null,null,null,null,null,null,null,null,null,null,null,null,null,null,null,null,null,null,null,null,null,null,null,null,null,null,null,null,null,null,null,null,null,null,null,null,"o",null,null,null,null,null,null,null,null,null,null,null,null,null,null,null,null,null,null,null,null,null,null,null,null,null,null,null,null,null,null,null,null,null,null,null,null,null,null,null,null,null,null,null,null,null,null,null,null,null,null,null,null,null,null,null,null,null,null,null,null,null,null,null,null,null,null,null,null,null,null,null,null,null,null,null,null,null,null,null,null,null,null,null,null,null,null,null,null,null,null,null,null,null,"o"]
[45,null,null,null,null,null,null,null,null,null,null,null,null,null,null,null,null,null,null,null,null,null,null,null,null,null,null,null,null,null,null,null,null,null,null,null,null,null,null,null,null,null,null,null,null,null,null,null,null,null,null,null,null,null,null,null,null,null,null,null,null,null,null,null,null,null,null,null,null,null,null,null,null,null,null,null,null,null,null,null,null,null,null,null,null,"o",null,null,null,null,null,null,null,null,null,null,null,null,null,null,null,null,null,null,null,null,null,null,null,null,null,null,null,null,null,null,null,null,null,null,null,null,null,null,null,null,null,null,null,null,null,null,null,null,null,null,null,null,null,null,null,null,null,null,null,null,null,null,null,null,null,null,null,null,null,null,null,null,null,null,null,null,null,null,null,null,null,null,null,null,null,null,null,null,null,null,null,"o"]
[43,null,null,null,null,null,null,null,null,null,null,null,null,null,null,null,null,null,null,null,null,null,null,null,null,null,null,null,null,null,null,null,null,null,null,null,null,null,null,null,null,null,null,null,null,null,null,null,null,null,null,null,null,null,null,null,null,null,null,null,null,null,null,null,null,null,null,null,null,null,null,null,null,null,null,null,null,null,null,null,null,null,null,null,null,null,"o",null,null,null,null,null,null,null,null,null,null,null,null,null,null,null,null,null,null,null,null,null,null,null,null,null,null,null,null,null,null,null,null,null,null,null,null,null,null,null,null,null,null,null,"o",null,"o",null,null,null,null,null,null,null,null,null,null,null,null,null,null,null,null,null,null,null,null,null,null,null,null,null,null,null,null,null,null,null,null,null,null,null,null,null,null,null,null,null,null,null,"o"]
[41,null,null,null,null,null,null,null,null,null,null,null,null,null,null,null,null,null,null,null,null,null,null,null,null,null,null,null,null,null,null,null,null,null,null,null,null,null,null,null,null,null,null,null,null,null,null,null,null,null,null,null,null,null,null,null,null,null,null,null,null,null,null,null,null,null,null,null,null,null,null,null,null,null,null,null,null,null,null,null,null,null,null,null,null,null,null,"o",null,null,null,null,null,null,null,null,null,null,null,null,null,null,null,null,null,null,null,null,null,null,null,null,null,null,null,null,null,null,null,null,null,null,null,null,null,null,null,null,null,"o",null,null,null,"o",null,null,null,null,null,null,null,null,null,null,null,null,null,null,null,null,null,null,null,null,null,null,null,null,null,null,null,null,null,null,null,null,null,null,null,null,null,null,null,null,null,"o"]
[39,null,null,null,null,null,null,null,null,null,null,null,null,null,null,null,null,null,null,null,null,null,null,null,null,null,null,null,null,null,null,null,null,null,null,null,null,null,null,null,null,null,null,null,null,null,null,null,null,null,null,null,null,null,null,null,null,null,null,null,null,null,null,null,null,null,null,null,null,null,null,null,null,null,null,null,null,null,null,null,null,null,null,null,null,null,null,null,"o",null,null,null,null,null,null,null,null,null,null,null,null,null,null,null,null,null,null,null,null,null,null,null,null,null,null,null,null,null,null,null,null,null,null,null,null,null,null,null,"o",null,null,null,null,null,"o",null,null,null,null,null,null,null,null,null,null,null,null,null,null,null,null,null,null,null,null,null,null,null,null,null,null,null,null,null,null,null,null,null,null,null,null,null,null,null,"o"]
[37,null,null,null,null,null,null,null,null,null,null,null,null,null,null,null,null,null,null,null,null,null,null,null,null,null,null,null,null,null,null,null,null,null,null,null,null,null,null,null,null,null,null,null,null,null,null,null,null,null,null,null,null,null,null,null,null,null,null,null,null,null,null,null,null,null,null,null,null,null,null,null,null,null,null,null,null,null,null,null,null,null,null,null,null,null,null,null,null,"o",null,null,null,null,null,null,null,null,null,null,null,null,null,null,null,null,null,null,null,null,null,null,null,null,null,null,null,null,null,null,null,null,null,null,null,null,null,"o",null,null,null,null,null,null,null,"o",null,null,null,null,null,null,null,null,null,null,null,null,null,null,null,null,null,null,null,null,null,null,null,null,null,null,null,null,null,null,null,null,null,null,null,null,null,"o"]
[35,null,null,null,null,null,null,null,null,null,null,null,null,null,null,null,null,null,null,null,null,null,null,null,null,null,null,null,null,null,null,null,null,null,null,null,null,null,null,null,null,null,null,null,null,null,null,null,null,null,null,null,null,null,null,null,null,null,null,null,null,null,null,null,null,null,null,null,null,null,null,null,null,null,null,null,null,null,null,null,null,null,null,null,null,null,null,null,null,null,"o",null,null,null,null,null,null,null,null,null,null,null,null,null,null,null,null,null,null,null,null,null,null,null,null,null,null,null,null,null,null,null,null,null,null,null,"o",null,null,null,null,null,null,null,null,null,"o",null,null,null,null,null,null,null,null,null,null,null,null,null,null,null,null,null,null,null,null,null,null,null,null,null,null,null,null,null,null,null,null,null,null,null,"o"]
[33,null,null,null,null,null,null,null,null,null,null,null,null,null,null,null,null,null,null,null,null,null,null,null,null,null,null,null,null,null,null,null,null,null,null,null,null,null,null,null,null,null,null,null,null,null,null,null,null,null,null,null,null,null,null,null,null,null,null,null,null,null,null,null,null,null,null,null,null,null,null,null,null,null,null,null,null,null,null,null,null,null,null,null,null,null,null,null,null,null,null,"o",null,null,null,null,null,null,null,null,null,null,null,null,null,null,null,null,null,null,null,null,null,null,null,null,null,null,null,null,null,null,null,null,null,"o",null,null,null,null,null,null,null,null,null,null,null,"o",null,null,null,null,null,null,null,null,null,null,null,null,null,null,null,null,null,null,null,null,null,null,null,null,null,null,null,null,null,null,null,null,null,"o"]
[31,null,null,null,null,null,null,null,null,null,null,null,null,null,null,null,null,null,null,null,null,null,null,null,null,null,null,null,null,null,null,null,null,null,null,null,null,null,null,null,null,null,null,null,null,null,null,null,null,null,null,null,null,null,null,null,null,null,null,null,null,null,null,null,null,null,null,null,null,null,null,null,null,null,null,null,null,null,null,null,null,null,null,null,null,null,null,null,null,null,null,null,"o",null,null,null,null,null,null,null,null,null,null,null,null,null,null,null,null,null,null,null,null,null,null,null,null,null,null,null,null,null,null,null,"o",null,null,null,null,null,null,null,null,null,null,null,null,null,"o",null,null,null,null,null,null,null,null,null,null,null,null,null,null,null,null,null,null,null,null,null,null,null,null,null,null,null,null,null,null,null,"o"]
[29,null,null,null,null,null,null,null,null,null,null,null,null,null,null,null,null,null,null,null,null,null,null,null,null,null,null,null,null,null,null,null,null,null,null,null,null,null,null,null,null,null,null,null,null,null,null,null,null,null,null,null,null,null,null,null,null,null,null,null,null,null,null,null,null,null,null,null,null,null,null,null,null,null,null,null,null,null,null,null,null,null,null,null,null,null,null,null,null,null,null,null,null,"o",null,null,null,null,null,null,null,null,null,null,null,null,null,null,null,null,null,null,null,null,null,null,null,null,null,null,null,null,null,"o",null,null,null,null,null,null,null,null,null,null,null,null,null,null,null,"o",null,null,null,null,null,null,null,null,null,null,null,null,null,null,null,null,null,null,null,null,null,null,null,null,null,null,null,null,null,"o"]
[27,null,null,null,null,null,null,null,null,null,null,null,null,null,null,null,null,null,null,null,null,null,null,null,null,null,null,null,null,null,null,null,null,null,null,null,null,null,null,null,null,null,null,null,null,null,null,null,null,null,null,null,null,null,null,null,null,null,null,null,null,null,null,null,null,null,null,null,null,null,null,null,null,null,null,null,null,null,null,null,null,null,null,null,null,null,null,null,null,null,null,null,null,null,"o",null,null,null,null,null,null,null,null,null,null,null,null,null,null,null,null,null,null,null,null,null,null,null,null,null,null,null,"o",null,null,null,null,null,null,null,null,null,null,null,null,null,null,null,null,null,"o",null,null,null,null,null,null,null,null,null,null,null,null,null,null,null,null,null,null,null,null,null,null,null,null,null,null,null,"o"]
[25,null,null,null,null,null,null,null,null,null,null,null,null,null,null,null,null,null,null,null,null,null,null,null,null,null,null,null,null,null,null,null,null,null,null,null,null,null,null,null,null,null,null,null,null,null,null,null,null,null,null,null,null,null,null,null,null,null,null,null,null,null,null,null,null,null,null,null,null,null,null,null,null,null,null,null,null,null,null,null,null,null,null,null,null,null,null,null,null,null,null,null,null,null,null,"o",null,null,null,null,null,null,null,null,null,null,null,null,null,null,null,null,null,null,null,null,null,null,null,null,null,"o",null,null,null,null,null,null,null,null,null,null,null,null,null,null,null,null,null,null,null,"o",null,null,null,null,null,null,null,null,null,null,null,null,null,null,null,null,null,null,null,null,null,null,null,null,null,"o"]
[23,null,null,null,null,null,null,null,null,null,null,null,null,null,null,null,null,null,null,null,null,null,null,null,null,null,null,null,null,null,null,null,null,null,null,null,null,null,null,null,null,null,null,null,null,null,null,null,null,null,null,null,null,null,null,null,null,null,null,null,null,null,null,null,null,null,null,null,null,null,null,null,null,null,null,null,null,null,null,null,null,null,null,null,null,null,null,null,null,null,null,null,null,null,null,null,"o",null,null,null,null,null,null,null,null,null,null,null,null,null,null,null,null,null,null,null,null,null,null,null,"o",null,null,null,null,null,null,null,null,null,null,null,null,null,null,null,null,null,null,null,null,null,"o",null,null,null,null,null,null,null,null,null,null,null,null,null,null,null,null,null,null,null,null,null,null,null,"o"]
[21,null,null,null,null,null,null,null,null,null,null,null,null,null,null,null,null,null,null,null,null,null,null,null,null,null,null,null,null,null,null,null,null,null,null,null,null,null,null,null,null,null,null,null,null,null,null,null,null,null,null,null,null,null,null,null,null,null,null,null,null,null,null,null,null,null,null,null,null,null,null,null,null,null,null,null,null,null,null,null,null,null,null,null,null,null,null,null,null,null,null,null,null,null,null,null,null,"o",null,null,null,null,null,null,null,null,null,null,null,null,null,null,null,null,null,null,null,null,null,"o",null,null,null,null,null,null,null,null,null,null,null,null,null,null,null,null,null,null,null,null,null,null,null,"o",null,null,null,null,null,null,null,null,null,null,null,null,null,null,null,null,null,null,null,null,null,"o"]
[19,null,null,null,null,null,null,null,null,null,null,null,null,null,null,null,null,null,null,null,null,null,null,null,null,null,null,null,null,null,null,null,null,null,null,null,null,null,null,null,null,null,null,null,null,null,null,null,null,null,null,null,null,null,null,null,null,null,null,null,null,null,null,null,null,null,null,null,null,null,null,null,null,null,null,null,null,null,null,null,null,null,null,null,null,null,null,null,null,null,null,null,null,null,null,null,null,null,"o",null,null,null,null,null,null,null,null,null,null,null,null,null,null,null,null,null,null,null,"o",null,null,null,null,null,null,null,null,null,null,null,null,null,null,null,null,null,null,null,null,null,null,null,null,null,"o",null,null,null,null,null,null,null,null,null,null,null,null,null,null,null,null,null,null,null,"o"]
[17,null,null,null,null,null,null,null,null,null,null,null,null,null,null,null,null,null,null,null,null,null,null,null,null,null,null,null,null,null,null,null,null,null,null,null,null,null,null,null,null,null,null,null,null,null,null,null,null,null,null,null,null,null,null,null,null,null,null,null,null,null,null,null,null,null,null,null,null,null,null,null,null,null,null,null,null,null,null,null,null,null,null,null,null,null,null,null,null,null,null,null,null,null,null,null,null,null,null,"o",null,null,null,null,null,null,null,null,null,null,null,null,null,null,null,null,null,"o",null,null,null,null,null,null,null,null,null,null,null,null,null,null,null,null,null,null,null,null,null,null,null,null,null,null,null,"o",null,null,null,null,null,null,null,null,null,null,null,null,null,null,null,null,null,"o"]
[15,null,null,null,null,null,null,null,null,null,null,null,null,null,null,null,null,null,null,null,null,null,null,null,null,null,null,null,null,null,null,null,null,null,null,null,null,null,null,null,null,null,null,null,null,null,null,null,null,null,null,null,null,null,null,null,null,null,null,null,null,null,null,null,null,null,null,null,null,null,null,null,null,null,null,null,null,null,null,null,null,null,null,null,null,null,null,null,null,null,null,null,null,null,null,null,null,null,null,null,"o",null,null,null,null,null,null,null,null,null,null,null,null,null,null,null,"o",null,null,null,null,null,null,null,null,null,null,null,null,null,null,null,null,null,null,null,null,null,null,null,null,null,null,null,null,null,"o",null,null,null,null,null,null,null,null,null,null,null,null,null,null,null,"o"]
[13,null,null,null,null,null,null,null,null,null,null,null,null,null,null,null,null,null,null,null,null,null,null,null,null,null,null,null,null,null,null,null,null,null,null,null,null,null,null,null,null,null,null,null,null,null,null,null,null,null,null,null,null,null,null,null,null,null,null,null,null,null,null,null,null,null,null,null,null,null,null,null,null,null,null,null,null,null,null,null,null,null,null,null,null,null,null,null,null,null,null,null,null,null,null,null,null,null,null,null,null,"o",null,null,null,null,null,null,null,null,null,null,null,null,null,"o",null,null,null,null,null,null,null,null,null,null,null,null,null,null,null,null,null,null,null,null,null,null,null,null,null,null,null,null,null,null,null,"o",null,null,null,null,null,null,null,null,null,null,null,null,null,"o"]
[11,null,null,null,null,null,null,null,null,null,null,null,null,null,null,null,null,null,null,null,null,null,null,null,null,null,null,null,null,null,null,null,null,null,null,null,null,null,null,null,null,null,null,null,null,null,null,null,null,null,null,null,null,null,null,null,null,null,null,null,null,null,null,null,null,null,null,null,null,null,null,null,null,null,null,null,null,null,null,null,null,null,null,null,null,null,null,null,null,null,null,null,null,null,null,null,null,null,null,null,null,null,"o",null,null,null,null,null,null,null,null,null,null,null,"o",null,null,null,null,null,null,null,null,null,null,null,null,null,null,null,null,null,null,null,null,null,null,null,null,null,null,null,null,null,null,null,null,null,"o",null,null,null,null,null,null,null,null,null,null,null,"o"]
[9,null,null,null,null,null,null,null,null,null,null,null,null,null,null,null,null,null,null,null,null,null,null,null,null,null,null,null,null,null,null,null,null,null,null,null,null,null,null,null,null,null,null,null,null,null,null,null,null,null,null,null,null,null,null,null,null,null,null,null,null,null,null,null,null,null,null,null,null,null,null,null,null,null,null,null,null,null,null,null,null,null,null,null,null,null,null,null,null,null,null,null,null,null,null,null,null,null,null,null,null,null,null,"o",null,null,null,null,null,null,null,null,null,"o",null,null,null,null,null,null,null,null,null,null,null,null,null,null,null,null,null,null,null,null,null,null,null,null,null,null,null,null,null,null,null,null,null,null,null,"o",null,null,null,null,null,null,null,null,null,"o"]
[7,null,null,null,null,null,null,null,null,null,null,null,null,null,null,null,null,null,null,null,null,null,null,null,null,null,null,null,null,null,null,null,null,null,null,null,null,null,null,null,null,null,null,null,null,null,null,null,null,null,null,null,null,null,null,null,null,null,null,null,null,null,null,null,null,null,null,null,null,null,null,null,null,null,null,null,null,null,null,null,null,null,null,null,null,null,null,null,null,null,null,null,null,null,null,null,null,null,null,null,null,null,null,null,"o",null,null,null,null,null,null,null,"o",null,null,null,null,null,null,null,null,null,null,null,null,null,null,null,null,null,null,null,null,null,null,null,null,null,null,null,null,null,null,null,null,null,null,null,null,null,"o",null,null,null,null,null,null,null,"o"]
[5,null,null,null,null,null,null,null,null,null,null,null,null,null,null,null,null,null,null,null,null,null,null,null,null,null,null,null,null,null,null,null,null,null,null,null,null,null,null,null,null,null,null,null,null,null,null,null,null,null,null,null,null,null,null,null,null,null,null,null,null,null,null,null,null,null,null,null,null,null,null,null,null,null,null,null,null,null,null,null,null,null,null,null,null,null,null,null,null,null,null,null,null,null,null,null,null,null,null,null,null,null,null,null,null,"o",null,null,null,null,null,"o",null,null,null,null,null,null,null,null,null,null,null,null,null,null,null,null,null,null,null,null,null,null,null,null,null,null,null,null,null,null,null,null,null,null,null,null,null,null,null,"o",null,null,null,null,null,"o"]
[3,null,null,null,null,null,null,null,null,null,null,null,null,null,null,null,null,null,null,null,null,null,null,null,null,null,null,null,null,null,null,null,null,null,null,null,null,null,null,null,null,null,null,null,null,null,null,null,null,null,null,null,null,null,null,null,null,null,null,null,null,null,null,null,null,null,null,null,null,null,null,null,null,null,null,null,null,null,null,null,null,null,null,null,null,null,null,null,null,null,null,null,null,null,null,null,null,null,null,null,null,null,null,null,null,null,"o",null,null,null,"o",null,null,null,null,null,null,null,null,null,null,null,null,null,null,null,null,null,null,null,null,null,null,null,null,null,null,null,null,null,null,null,null,null,null,null,null,null,null,null,null,null,"o",null,null,null,"o"]
[1,null,null,null,null,null,null,null,null,null,null,null,null,null,null,null,null,null,null,null,null,null,null,null,null,null,null,null,null,null,null,null,null,null,null,null,null,null,null,null,null,null,null,null,null,null,null,null,null,null,null,null,null,null,null,null,null,null,null,null,null,null,null,null,null,null,null,null,null,null,null,null,null,null,null,null,null,null,null,null,null,null,null,null,null,null,null,null,null,null,null,null,null,null,null,null,null,null,null,null,null,null,null,null,null,null,null,"o",null,"o",null,null,null,null,null,null,null,null,null,null,null,null,null,null,null,null,null,null,null,null,null,null,null,null,null,null,null,null,null,null,null,null,null,null,null,null,null,null,null,null,null,null,null,"o",null,"o"]
[]
[null,null,null,null,null,null,null,null,null,null,null,null,null,null,null,null,null,null,null,null,null,null,null,null,null,null,null,null,null,null,null,null,null,null,null,null,null,null,null,null,null,null,null,null,null,null,null,null,null,null,null,null,null,null,null,null,null,null,null,null,null,null,null,null,null,null,null,null,null,null,null,null,null,null,null,null,null,null,null,null,null,null,49,48,47,46,45,44,43,42,41,40,39,38,37,36,35,34,33,32,31,30,29,28,27,26,25,24,23,22,21,20,19,18,17,16,15,14,13,12,11,10,9,8,7,6,5,4,3,2,1,null,1,2,3,4,5,6,7,8,9,10,11,12,13,14,15,16,17,18,19,20,21,22,23,24,25,26,27,28,29,30,31,32,33,34,35,36,37,38,39,40,41,42,43,44,45]

{"sheet":"Keil leer","index":8,"n_rows":102,"n_cols":58,"rows_kept":102,"cut":false,"hidden":false,"merged":[]}
[]
[null,null,null,null,null,199]
[null,null,null,null,null,197]
[null,null,null,null,null,195]
[null,null,null,null,null,193]
[null,null,null,null,null,191]
[null,null,null,null,null,189]
[null,null,null,null,null,187]
[null,null,null,null,null,185]
[null,null,null,null,null,183]
[null,null,null,null,null,181]
[null,null,null,null,null,179]
[null,null,null,null,null,177]
[null,null,null,null,null,175]
[null,null,null,null,null,173]
[null,null,null,null,null,171]
[null,null,null,null,null,169]
[null,null,null,null,null,167]
[null,null,null,null,null,165]
[null,null,null,null,null,163]
[null,null,null,null,null,161]
[null,null,null,null,null,159]
[null,null,null,null,null,157]
[null,null,null,null,null,155]
[null,null,null,null,null,153]
[null,null,null,null,null,151]
[null,null,null,null,null,149]
[null,null,null,null,null,147]
[null,null,null,null,null,145]
[null,null,null,null,null,143]
[null,null,null,null,null,141]
[null,null,null,null,null,139]
[null,null,null,null,null,137]
[null,null,null,null,null,135]
[null,null,null,null,null,133]
[null,null,null,null,null,131]
[null,null,null,null,null,129]
[null,null,null,null,null,127]
[null,null,null,null,null,125]
[null,null,null,null,null,123]
[null,null,null,null,null,121]
[null,null,null,null,null,119]
[null,null,null,null,null,117]
[null,null,null,null,null,115]
[null,null,null,null,null,113]
[null,null,null,null,null,111]
[null,null,null,null,null,109]
[null,null,null,null,null,107]
[null,null,null,null,null,105]
[null,null,null,null,null,103]
[null,null,null,null,null,101]
[null,null,null,null,null,99]
[null,null,null,null,null,97]
[null,null,null,null,null,95]
[null,null,null,null,null,93]
[null,null,null,null,null,91]
[null,null,null,null,null,89]
[null,null,null,null,null,87]
[null,null,null,null,null,85]
[null,null,null,null,null,83]
[null,null,null,null,null,81]
[null,null,null,null,null,79]
[null,null,null,null,null,77]
[null,null,null,null,null,75]
[null,null,null,null,null,73]
[null,null,null,null,null,71]
[null,null,null,null,null,69]
[null,null,null,null,null,67]
[null,null,null,null,null,65]
[null,null,null,null,null,63]
[null,null,null,null,null,61]
[null,null,null,null,null,59]
[null,null,null,null,null,57]
[null,null,null,null,null,55]
[null,null,null,null,null,53]
[null,null,null,null,null,51]
[null,null,null,null,null,49]
[null,null,null,null,null,47]
[null,null,null,null,null,45]
[null,null,null,null,null,43,null,null,null,null,null,"\\"]
[null,null,null,null,null,41]
[null,null,null,null,null,39]
[null,null,null,null,null,37]
[null,null,null,null,null,35]
[null,null,null,null,null,33]
[null,null,null,null,null,31]
[null,null,null,null,null,29,null,null,null,null,null,"\\"]
[null,null,null,null,null,27]
[null,null,null,null,null,25]
[null,null,null,null,null,23]
[null,null,null,null,null,21,null,null,null,"o",null,null,null,null,null,null,null,null,null,null,null,null,null,null,null,null,null,null,null,null,null,null,null,null,null,null,null,null,null,null,null,null,null,null,null,null,null,null,null,null,null,null,null,null,null,null,"o"]
[null,null,null,null,null,19,null,null,null,null,"o",null,null,null,null,null,null,null,null,null,null,null,null,null,null,null,null,null,null,null,null,null,null,null,null,null,null,null,null,null,null,null,null,null,null,null,null,null,null,null,null,null,null,null,null,"o"]
[null,null,null,null,null,17,null,null,null,null,null,"o",null,null,null,null,null,null,null,null,null,null,null,null,null,null,null,null,null,null,null,null,null,null,null,null,null,null,null,null,null,null,null,null,null,null,null,null,null,null,null,null,null,null,"o"]
[null,null,null,null,null,15,null,null,null,null,null,null,"o",null,null,null,null,null,null,null,null,null,null,null,null,null,null,null,null,null,null,null,null,null,null,null,null,null,null,null,null,null,null,null,null,null,null,null,null,null,null,null,null,"o"]
[null,null,null,null,null,13,null,null,null,null,null,null,null,"o",null,null,null,null,null,null,null,null,null,null,null,null,null,null,null,null,null,null,null,null,null,null,null,null,null,null,null,null,null,null,null,null,null,null,null,null,null,null,"o"]
[null,null,null,null,null,11,null,null,null,null,null,null,null,null,"o",null,null,null,null,null,null,null,null,null,null,null,null,null,null,null,null,null,null,null,null,null,null,null,null,null,null,null,null,null,null,null,null,null,null,null,null,"o"]
[null,null,null,null,null,9,null,null,null,null,null,null,null,null,null,"o",null,null,null,null,null,null,null,null,null,null,null,null,null,null,null,null,null,null,null,null,null,null,null,null,null,null,null,null,null,null,null,null,null,null,"o"]
[null,null,null,null,null,7,null,null,null,null,null,null,null,null,null,null,"o",null,null,null,null,null,null,null,null,null,null,null,null,null,null,null,null,null,null,null,null,null,null,null,null,null,null,null,null,null,null,null,null,"o"]
[null,null,null,null,null,5,null,null,null,null,null,null,null,null,null,null,null,"o",null,null,null,null,null,null,null,null,null,null,null,null,null,null,null,null,null,null,null,null,null,null,null,null,null,null,null,null,null,null,"o"]
[null,null,null,null,null,3,null,null,null,null,null,null,null,null,null,null,null,null,"o",null,null,null,null,null,null,null,null,null,null,null,null,null,null,null,null,null,null,null,null,null,null,null,null,null,null,null,null,"o"]
[null,null,null,null,null,1]
[null,null,null,null,null,null,null,null,50,49,48,47,46,45,44,43,42,41,40,39,38,37,36,35,34,33,32,31,30,29,28,27,26,25,24,23,22,21,20,19,18,17,16,15,14,13,12,11,10,9,8,7,6,5,4,3,2,1]

{"sheet":"Einzelmuster","index":9,"n_rows":45,"n_cols":85,"rows_kept":45,"cut":false,"hidden":false,"merged":[]}
[]
[]
[null,null,null,null,null,null,null,null,null,null,null,null,null,null,null,null,null,null,"dreiecke",null,null,null,null,null,null,null,null,null,null,null,null,null,null,null,"schuppen"]
[]
[null,null,null,null,null,null,null,null,null,null,null,null,null,null,null,null,"\\","o","\\","o",null,null,null,"o","/","o","/",9,null,null,null,"o","\\","o","\\","o","m","o","\\","o","\\","o"]
[null,null,null,null,null,null,null,null,null,null,null,null,null,null,null,null,null,"\\","o",null,"o","m","o",null,"o","/",null,7,null,null,null,null,"o","\\","o",null,"m",null,"o","\\","o"]
[null,null,null,null,null,null,null,null,null,null,null,null,null,null,null,null,null,null,"\\","o",null,null,null,"o","/",null,null,5,null,null,null,"o","\\","o",null,null,"m",null,null,"o","\\","o"]
[null,null,null,null,null,null,null,null,null,null,null,null,null,null,null,null,null,null,null,"\\","o",null,"o","/",null,null,null,3,null,null,null,null,"o",null,null,null,"m",null,null,null,"o"]
[null,null,null,null,null,null,null,null,null,null,null,null,null,null,null,null,null,null,null,null,null,"o","/",null,null,null,null,1,null,null,null,"o",null,null,null,null,"m",null,null,null,null,"o"]
[]
[null,null,null,null,null,null,null,null,null,null,null,null,null,"o",null,null,null,null,"/","\\",null,null,null,null,"o",null,null,null,null,null,28]
[null,null,null,null,null,null,null,null,null,null,null,null,"o",null,null,null,null,"/",null,null,"\\",null,null,null,null,"o",null,null,null,null,27]
[null,null,null,null,null,null,null,null,null,null,null,"o",null,null,null,null,"/",null,null,null,null,"\\",null,null,null,null,"o",null,null,null,26]
[null,null,null,null,null,null,null,null,null,null,"o",null,null,null,null,"/",null,null,null,null,null,null,"\\",null,null,null,null,"o",null,null,25,null,null,null,null,null,null,"\\","o","\\","o","\\","o","\\","o","\\","o","\\","o","@","o","/","o","/","o","/","o","/","o","/","o","/",null,null,null,null,null,null,null,null,null,null,null,null,null,"o","m","o"]
[null,null,null,null,null,null,null,null,null,null,null,null,null,"o",null,null,null,null,"/","\\",null,null,null,null,"o",null,null,null,null,null,24,null,null,null,null,null,null,null,"\\","o","\\","o","\\","o","\\","o","\\","o",null,null,null,"o","/","o","/","o","/","o","/","o","/",null,null,null,null,null,null,null,null,null,null,null,null,null,null,"o","m","o"]
[null,null,null,null,null,null,null,null,null,null,null,null,"o",null,null,null,null,"/",null,null,"\\",null,null,null,null,"o",null,null,null,null,23,null,null,null,null,null,null,null,null,"\\","o","\\","o","\\","o","\\","o","\\","o","@","o","/","o","/","o","/","o","/","o","/",null,null,null,null,null,null,null,null,null,null,null,null,null,null,null,"o","m","o"]
[null,null,null,null,null,null,null,null,null,null,null,"o",null,null,null,null,"/",null,null,null,null,"\\",null,null,null,null,"o",null,null,null,22,null,null,null,null,null,null,null,null,null,"\\","o","\\","o","\\","o","\\","o",null,null,null,"o","/","o","/","o","/","o","/",null,null,null,null,null,null,null,null,null,null,null,null,null,null,null,null,"o","m","o"]
[null,null,null,null,null,null,null,null,null,null,"o",null,null,null,null,"/",null,null,null,null,null,null,"\\",null,null,null,null,"o",null,null,21,null,null,null,null,null,null,null,null,null,null,"\\","o","\\","o","\\","o","\\","o","@","o","/","o","/","o","/","o","/",null,null,null,null,null,null,null,null,null,null,null,null,"/",null,null,"o",null,"o","m","o",null,"o",null,null,"\\"]
[null,null,null,null,null,null,null,null,null,null,null,null,null,"o",null,null,null,null,"/","\\",null,null,null,null,"o",null,null,null,null,null,20,null,null,null,null,null,null,null,null,null,null,null,"\\","o","\\","o","\\","o",null,null,null,"o","/","o","/","o","/",null,null,null,null,null,null,null,null,null,null,null,null,"/",null,null,"o",null,null,"o","m","o",null,null,"o",null,null,"\\"]
[null,null,null,null,null,null,null,null,null,null,null,null,"o",null,null,null,null,"/",null,null,"\\",null,null,null,null,"o",null,null,null,null,19,null,null,null,null,null,null,null,null,null,null,null,null,"\\","o","\\","o","\\","o","@","o","/","o","/","o","/",null,null,null,null,null,null,null,null,null,null,null,null,"/",null,null,"o",null,null,null,"o","m","o",null,null,null,"o",null,null,"\\"]
[null,null,null,null,null,null,null,null,null,null,null,"o",null,null,null,null,"/",null,null,null,null,"\\",null,null,null,null,"o",null,null,null,18,null,null,null,null,null,null,null,null,null,null,null,null,null,"\\","o","\\","o",null,null,null,"o","/","o","/",null,null,null,null,null,null,null,null,null,null,null,null,null,"o","/",null,null,"o","/",null,null,null,null,null,"\\","o",null,null,"\\","o"]
[null,null,null,null,null,null,null,null,null,null,"o",null,null,null,null,"/",null,null,null,null,null,null,"\\",null,null,null,null,"o",null,null,17,null,null,null,null,null,null,null,null,null,null,null,null,null,null,"\\","o","\\","o","@","o","/","o","/",null,null,null,null,null,null,null,null,null,null,null,null,null,null,null,"o","/",null,null,"o","/",null,null,null,"\\","o",null,null,"\\","o"]
[null,null,null,null,null,null,null,null,null,null,null,null,null,"o",null,null,null,null,"/","\\",null,null,null,null,"o",null,null,null,null,null,16,null,null,null,null,null,null,null,null,null,null,null,null,null,null,null,"\\","o",null,null,null,"o","/",null,null,null,null,null,null,null,null,null,null,null,null,null,null,null,null,null,"o","/",null,null,"o","/",null,"\\","o",null,null,"\\","o"]
[null,null,null,null,null,null,null,null,null,null,null,null,"o",null,null,null,null,"/",null,null,"\\",null,null,null,null,"o",null,null,null,null,15,null,null,null,null,null,null,null,null,null,null,null,null,null,null,null,null,"\\","o","@","o","/",null,null,null,null,null,null,null,null,null,null,null,null,null,null,null,null,null,null,null,"o","/",null,null,"o","m","o",null,null,"\\","o"]
[null,null,null,null,null,null,null,null,null,null,null,"o",null,null,null,null,"/",null,null,null,null,"\\",null,null,null,null,"o",null,null,null,14,null,null,null,null,null,null,25,24,23,22,21,20,19,18,17,16,15,14,13,12,11,10,9,8,7,6,5,4,3,2,1,null,null,null,null,null,null,null,null,null,null,"o","/",null,null,null,null,null,"\\","o"]
[null,null,null,null,null,null,null,null,null,null,"o","c","m","o",null,"/",null,null,null,null,null,null,"\\",null,"o","m","c","o",null,null,13,null,null,null,null,null,null,null,null,null,null,null,null,null,null,null,null,null,null,null,null,null,null,null,null,null,null,null,null,null,null,null,null,null,null,null,null,null,null,null,null,null,null,"o","/",null,null,null,"\\","o"]
[null,null,null,null,null,null,null,null,null,null,null,null,null,null,null,"o","/",null,null,"o","/",null,null,"o","/",null,null,null,null,null,12,null,null,null,null,null,null,null,null,null,null,null,null,null,"Bordüre",null,null,null,null,null,null,null,null,null,null,null,null,null,null,null,null,null,null,null,null,null,null,null,null,null,null,null,null,null,"o","/",null,"\\","o"]
[null,null,null,null,null,null,null,null,null,null,null,null,null,"\\","o",null,null,"\\","o",null,null,"\\","o",null,null,null,null,null,null,null,11,null,null,null,null,null,null,null,null,null,null,null,null,null,null,null,null,null,null,null,null,null,null,null,null,null,null,null,null,null,null,null,null,null,null,null,null,null,null,null,null,null,null,null,null,"o","m","o"]
[null,null,null,null,null,null,null,null,null,null,null,null,null,null,null,"o","/",null,null,"o","/",null,null,"o","/",null,null,null,null,null,10]
[null,null,null,null,null,null,null,null,null,null,null,null,null,"\\","o",null,null,"\\","o",null,null,"\\","o",null,null,null,null,null,null,null,9,null,null,null,null,null,null,"\"@\" = verschränkt stricken"]
[null,null,null,null,null,null,null,null,null,null,null,null,null,null,null,"o","/",null,null,"o","/",null,null,"o","/",null,null,null,null,null,8,null,null,null,null,null,null,"c = aus dem Querfaden zunehmen",null,null,null,null,null,null,null,null,null,null,null,null,null,null,null,null,null,null,null,null,null,null,null,null,null,null,null,null,null,null,null,null,null,null,null,null,null,"o","m","o"]
[null,null,null,null,null,null,null,null,null,null,null,null,null,"\\","o",null,null,"\\","o",null,null,"\\","o",null,null,null,null,null,null,null,7,null,null,null,null,null,null,"o = Umschlag",null,null,null,null,null,null,null,null,null,null,null,null,null,null,null,null,null,null,null,null,null,null,null,null,null,null,null,null,null,null,null,null,null,null,null,null,"o","/",null,"\\","o"]
[null,null,null,null,null,null,null,null,null,null,null,null,null,null,null,"o","/",null,null,"o","/",null,null,"o","/",null,null,null,null,null,6,null,null,null,null,null,null,"/ = 2 Maschen zusammenstricken",null,null,null,null,null,null,null,null,null,null,null,null,null,null,null,null,null,null,null,null,null,null,null,null,null,null,null,null,null,null,null,null,null,null,null,"o","/",null,null,null,"\\","o"]
[null,null,null,null,null,null,null,null,null,null,null,null,null,"\\","o",null,null,"\\","o",null,null,"\\","o",null,null,null,null,null,null,null,5,null,null,null,null,null,null,"\\ = 2 Maschen überzogen zusammenstricken",null,null,null,null,null,null,null,null,null,null,null,null,null,null,null,null,null,null,null,null,null,null,null,null,null,null,null,null,null,null,null,null,null,null,"o","/",null,null,null,null,null,"\\","o"]
[null,null,null,null,null,null,null,null,null,null,null,null,null,null,null,null,null,null,null,"o","/",null,null,null,null,null,null,null,null,null,4,null,null,null,null,null,null,"m = 3 Maschen zusammenstricken",null,null,null,null,null,null,null,null,null,null,null,null,null,null,null,null,null,null,null,null,null,null,null,null,null,null,null,null,null,null,null,null,null,"o","/",null,null,"o","m","o",null,null,"\\","o"]
[null,null,null,null,null,null,null,null,null,null,null,null,null,null,null,null,null,"\\","o",null,null,null,null,null,null,null,null,null,null,null,3,null,null,null,null,null,null,null,null,null,null,null,null,null,null,null,null,null,null,null,null,null,null,null,null,null,null,null,null,null,null,null,null,null,null,null,null,null,null,null,"o","/",null,null,"o","/",null,"\\","o",null,null,"\\","o"]
[null,null,null,null,null,null,null,null,null,null,null,null,null,null,null,null,null,null,null,"o","/",null,null,null,null,null,null,null,null,null,2,null,null,null,null,null,null,null,null,null,null,null,null,null,null,null,null,null,null,null,null,null,null,null,null,null,null,null,null,null,null,null,null,null,null,null,null,null,null,"o","/",null,null,"o","/",null,null,null,"\\","o",null,null,"\\","o"]
[null,null,null,null,null,null,null,null,null,null,null,null,null,null,null,null,null,"\\","o",null,null,null,null,null,null,null,null,null,null,null,1,null,null,null,null,null,null,null,null,null,null,null,null,null,null,null,null,null,null,null,null,null,null,null,null,null,null,null,null,null,null,null,null,null,null,null,null,null,"o","/",null,null,"o","/",null,null,null,null,null,"\\","o",null,null,"\\","o"]
[null,null,null,null,null,null,null,null,null,null,18,17,16,15,14,13,12,11,10,9,8,7,6,5,4,3,2,1,null,null,null,null,null,null,null,null,null,null,null,null,null,null,null,null,null,null,null,null,null,null,null,null,null,null,null,null,null,null,null,null,null,null,null,null,null,null,null,null,"/",null,null,"o",null,null,null,"o","m","o",null,null,null,"o",null,null,"\\"]
[null,null,null,null,null,null,null,null,null,null,null,null,null,null,null,null,null,null,null,null,null,null,null,null,null,null,null,null,null,null,null,null,null,null,null,null,null,null,null,null,null,null,null,null,null,null,null,null,null,null,null,null,null,null,null,null,null,null,null,null,null,null,null,null,null,null,null,null,null,"/",null,null,"o",null,null,"o","m","o",null,null,"o",null,null,"\\"]
[null,null,null,null,null,null,null,null,null,null,null,null,null,null,null,null,"Blüten",null,null,null,null,null,null,null,null,null,null,null,null,null,null,null,null,null,null,null,null,null,null,null,null,null,null,null,null,null,null,null,null,null,null,null,null,null,null,null,null,null,null,null,null,null,null,null,null,null,null,null,null,null,"/",null,null,"o",null,"o","m","o",null,"o",null,null,"\\"]
[null,null,null,null,null,null,null,null,null,null,null,null,null,null,null,null,null,null,null,null,null,null,null,null,null,null,null,null,null,null,null,null,null,null,null,null,null,null,null,null,null,null,null,null,null,null,null,null,null,null,null,null,null,null,null,null,null,null,null,null,null,null,null,null,null,null,null,null,null,null,null,null,null,null,null,"o","m","o"]
[null,null,null,null,null,null,null,null,null,null,null,null,null,null,null,null,null,null,null,null,null,null,null,null,null,null,null,null,null,null,null,null,null,null,null,null,null,null,null,null,null,null,null,null,null,null,null,null,null,null,null,null,null,null,null,null,null,null,null,null,null,null,null,null,null,null,null,null,null,null,null,null,null,null,null,"o","m","o"]
[null,null,null,null,null,null,null,null,null,null,null,null,null,null,null,null,null,null,null,null,null,null,null,null,null,null,null,null,null,null,null,null,null,null,null,null,null,null,null,null,null,null,null,null,null,null,null,null,null,null,null,null,null,null,null,null,null,null,null,null,null,null,null,null,null,null,null,null,null,null,null,null,null,null,null,"o","m","o"]
[null,null,null,null,null,null,null,null,null,null,null,null,null,null,null,null,null,null,null,null,null,null,null,null,null,null,null,null,null,null,null,null,null,null,null,null,null,null,null,null,null,null,null,null,null,null,null,null,null,null,null,null,null,null,null,null,null,null,null,null,null,null,null,null,null,null,null,null,null,null,null,null,null,null,null,"o","m","o"]

{"sheet":"leer","index":10,"n_rows":0,"n_cols":0,"rows_kept":0,"cut":false,"hidden":false,"merged":[]}